{"text_format":"3","workbook":"xlsx","n_sheets":3,"sheets":["ORÇAMENTO","MEMORIAL DE CALCULO","CRONOGRAMA"],"not_rendered":{"images":3,"defined_names":26},"read":"whole","date_system":"1900"}

{"sheet":"ORÇAMENTO","index":0,"n_rows":670,"n_cols":12,"rows_kept":670,"merged":[[0,0,0,11],[7,6,7,7],[7,8,7,9],[7,10,7,11],[18,4,18,5],[34,4,34,5],[51,2,51,5],[59,2,59,5],[67,2,67,5],[73,2,73,5],[79,4,79,5],[119,4,119,5],[132,4,132,5],[185,4,185,5],[194,4,194,5],[198,4,198,5],[213,4,213,5],[238,4,238,5],[247,4,247,5],[331,4,331,5],[345,4,345,5],[388,4,388,5],[421,4,421,5],[444,4,444,5],[476,4,476,5],[566,4,566,5],[573,4,573,5],[605,4,605,5],[609,4,609,5],[625,4,625,5],[636,4,636,5],[640,4,640,5],[645,4,645,5],[649,4,649,5],[653,8,653,9],[653,10,653,11],[656,0,656,11],[657,0,657,11],[658,0,658,11],[660,0,660,11],[661,0,661,11],[662,0,662,11]]}
["BOLETIM DE MEDIÇÃO - BM4"]
["Obra: Proinfância - Tipo  1"]
["Município: Ipameri - Goiás"]
["Elaborado em: 21/09/2020"]
["EMPRESA: VIVA Engenharia LTDA                                                            CNPJ: 03.188.338/0001-07  "]
["Edificação principal do Proinfância 1"]
[]
["ITEM","DESCRIÇÃO DOS SERVIÇOS","UNID.","QUANT.","PR. UNIT.(R$) COM BDI","PR. TOTAL (R$) COM BDI","QUANTIDADE ",null,"FINACEIRO",null,"(%)"]
[{"$nulls":6},"Medido no Período","Acumulado incluindo o Período","Medido no Período","Acumulado incluindo o Período","Medido no Período","Acumulado incluindo o Período"]
[1,"SERVIÇOS PRELIMINARES "]
["1.1","Placa de obra na chapa 26 pintada"," m²",{"v":6,"d":"6.00"},{"v":112.44375,"d":"R$ 112.44"},{"v":674.6624999999999,"d":"R$ 674.66"},{"$f":"K11*D11","v":0},{"$f":"D11*L11","v":{"v":6,"d":"6.00"}},{"$f":"F11*K11","v":{"v":0,"d":"R$ 0.00"}},{"$f":"F11*L11","v":{"v":674.6624999999999,"d":"R$ 674.66"}},null,{"v":1,"d":"100%"}]
["1.2","Instalação provisória de água ","un",{"v":1,"d":"1.00"},{"v":1126.4115125,"d":"R$ 1,126.41"},{"v":1126.4115125,"d":"R$ 1,126.41"},{"$f":"K12*D12","v":0},{"$f":"D12*L11","v":{"v":1,"d":"1.00"}},{"$f":"F12*K12","v":{"v":0,"d":"R$ 0.00"}},{"$f":"F12*L11","v":{"v":1126.4115125,"d":"R$ 1,126.41"}},null,{"v":1,"d":"100%"}]
["1.3","Instalação provisória de energia elétrica em baixa tensão","un",{"v":1,"d":"1.00"},{"v":1887.6806875000002,"d":"R$ 1,887.68"},{"v":1887.6806875000002,"d":"R$ 1,887.68"},0,{"v":1,"d":"1.00"},{"v":0,"d":"R$ 0.00"},{"v":1887.6806875000002,"d":"R$ 1,887.68"},null,{"v":1,"d":"100%"}]
["1.4","Instalações provisórias de esgoto","un",{"v":1,"d":"1.00"},{"v":257.37125000000003,"d":"R$ 257.37"},{"v":257.37125000000003,"d":"R$ 257.37"},0,{"v":1,"d":"1.00"},{"v":0,"d":"R$ 0.00"},{"v":257.37125000000003,"d":"R$ 257.37"},null,{"v":1,"d":"100%"}]
["1.5","Barracão para obras de médio porte reaproveitamento 2 vezes "," m²",{"v":40,"d":"40.00"},{"v":177.52369375,"d":"R$ 177.52"},{"v":7100.94775,"d":"R$ 7,100.95"},0,{"v":40,"d":"40.00"},{"v":0,"d":"R$ 0.00"},{"v":7100.94775,"d":"R$ 7,100.95"},null,{"v":1,"d":"100%"}]
["1.6","LOCACAO CONVENCIONAL DE OBRA, ATRAVÉS DE GABARITO DE TABUAS CORRIDAS P M2 CR 3,49\nONTALETADAS, COM REAPROVEITAMENTO DE 10 VEZES."," m²",{"v":1510.23,"d":"1,510.23"},{"v":4.360318750000001,"d":"R$ 4.36"},{"v":6585.084185812501,"d":"R$ 6,585.08"},0,{"v":1510.23,"d":"1,510.23"},{"v":0,"d":"R$ 0.00"},{"v":6585.084185812501,"d":"R$ 6,585.08"},null,{"v":1,"d":"100%"}]
["1.7","SONDAGEM À PERCUSSÃO P/RECONHECIMENTO DO SUBSOLO","m",{"v":56,"d":"56.00"},{"v":68.115925,"d":"R$ 68.12"},{"v":3814.4918000000002,"d":"R$ 3,814.49"},0,{"v":56,"d":"56.00"},{"v":0,"d":"R$ 0.00"},{"v":3814.4918000000002,"d":"R$ 3,814.49"},null,{"v":1,"d":"100%"}]
["1.8","TAPUME DE CHAPA DE MADEIRA COMPENSADA, E= 6MM, COM PINTURA A CAL E REAPROVEITAMENTO DE 2X"," m²",{"v":80,"d":"80.00"},{"v":53.223375000000004,"d":"R$ 53.22"},{"v":4257.870000000001,"d":"R$ 4,257.87"},0,{"v":80,"d":"80.00"},{"v":0,"d":"R$ 0.00"},{"v":4257.870000000001,"d":"R$ 4,257.87"},null,{"v":1,"d":"100%"}]
[{"$nulls":4},{"v":25704.519685812505,"d":"R$ 25,704.52"}]
[]
[2,"MOVIMENTO DE TERRAS PARA FUNDAÇÕES"]
["2.1","EDIFICAÇÃO"]
["2.1.1","ATERRO C/COMPACTAÇÃO MANUAL S/CONTROLE, MAT. PRODUZIDO (S/TRANSP.)","m³",{"v":270.4,"d":"270.40"},{"v":24.25036875,"d":"R$ 24.25"},{"v":6557.299709999999,"d":"R$ 6,557.30"},0,{"$f":"D23*L23","v":{"v":270.4,"d":"270.40"}},{"v":0,"d":"R$ 0.00"},{"$f":"F23*L23","v":{"v":6557.299709999999,"d":"R$ 6,557.30"}},null,{"v":1,"d":"100%"}]
["2.1.2","ESCAVAÇÃO MANUAL SOLO DE 1A.CAT. PROF. ATÉ 1.50m","m³",142.17,{"v":30.209887500000004,"d":"R$ 30.21"},{"v":4294.939705875,"d":"R$ 4,294.94"},0,{"$f":"D24*L24","v":142.17},{"v":0,"d":"R$ 0.00"},{"$f":"F24*L24","v":{"v":4294.939705875,"d":"R$ 4,294.94"}},null,{"v":1,"d":"100%"}]
["2.1.3","Nivelamento de Fundo de Valas","m²",263.11,{"v":4.48525625,"d":"R$ 4.49"},{"v":1180.1157719375,"d":"R$ 1,180.12"},0,{"$f":"D25*L25","v":263.11},{"v":0,"d":"R$ 0.00"},{"$f":"F25*L25","v":{"v":1180.1157719375,"d":"R$ 1,180.12"}},null,{"v":1,"d":"100%"}]
["2.1.4","REATERRO C/COMPACTAÇÃO MANUAL S/CONTROLE, MATERIAL DA VALA","m³",56.39,{"v":19.37780625,"d":"R$ 19.38"},{"v":1092.7144944375,"d":"R$ 1,092.71"},0,{"$f":"D26*L26","v":56.39},{"v":0,"d":"R$ 0.00"},{"$f":"F26*L26","v":{"v":1092.7144944375,"d":"R$ 1,092.71"}},null,{"v":1,"d":"100%"}]
["2.2","MURETA"]
["2.2.1","ESCAVAÇAO MANUAL DE VALAS PROF.1 A 2 M","m³",11.26,{"v":41.11693124999999,"d":"R$ 41.12"},{"v":462.9766458749999,"d":"R$ 462.98"},0,{"$f":"D28*L28","v":0},{"v":0,"d":"R$ 0.00"},{"$f":"F28*L28","v":{"v":0,"d":"R$ 0.00"}}]
["2.2.2","PREPARO DE FUNDO DE VALA COM LARGURA MENOR QUE 1,5 M, EM LOCAL COM NÍVEL BAIXO DE INTERFERÊNCIA. AF_06/2016","m²",17.74,{"v":4.697649999999999,"d":"R$ 4.70"},{"v":83.33631099999998,"d":"R$ 83.34"},0,{"$f":"D29*L29","v":0},{"v":0,"d":"R$ 0.00"},{"$f":"F29*L29","v":{"v":0,"d":"R$ 0.00"}}]
["2.2.3","REATERRO DE VALA COM COMPACTAÇÃO MANUAL","m³",6.39,{"v":43.47825,"d":"R$ 43.48"},{"v":277.8260175,"d":"R$ 277.83"},0,{"$f":"D30*L30","v":0},{"v":0,"d":"R$ 0.00"},{"$f":"F30*L30","v":{"v":0,"d":"R$ 0.00"}}]
["2.3","CASTELO D'ÁGUA"]
["2.3.1","ESCAVAÇÃO MANUAL SOLO DE 1A.CAT. PROF. ATÉ 1.50m","m³",5.78,{"v":30.209887500000004,"d":"R$ 30.21"},{"v":174.61314975000002,"d":"R$ 174.61"},0,{"$f":"D32*L32","v":5.78},{"v":0,"d":"R$ 0.00"},{"$f":"F32*L32","v":{"v":174.61314975000002,"d":"R$ 174.61"}},null,{"v":1,"d":"100%"}]
["2.3.2","Nivelamento de Fundo de Valas","m²",12.96,{"v":4.48525625,"d":"R$ 4.49"},{"v":58.128921000000005,"d":"R$ 58.13"},0,{"$f":"D33*L33","v":12.96},{"v":0,"d":"R$ 0.00"},{"$f":"F33*L33","v":{"v":58.128921000000005,"d":"R$ 58.13"}},null,{"v":1,"d":"100%"}]
["2.3.3","REATERRO DE VALA COM COMPACTAÇÃO MANUAL","m³",1.06,{"v":43.47825,"d":"R$ 43.48"},{"v":46.08694500000001,"d":"R$ 46.09"},0,{"$f":"D34*L34","v":1.06},{"v":0,"d":"R$ 0.00"},{"$f":"F34*L34","v":{"v":46.08694500000001,"d":"R$ 46.09"}},null,{"v":1,"d":"100%"}]
[{"$nulls":4},{"v":14228.037672374996,"d":"R$ 14,228.04"}]
[]
[3,"FUNDAÇÕES"]
["3.1","CONCRETO ARMADO PARA FUNDAÇÕES - BLOCOS"]
["3.1.1","Estaca a trado (broca) d=20 cm com concreto fck=15 Mpa (sem armação)","m",{"v":399,"d":"399.00"},{"v":45.38979375,"d":"R$ 45.39"},{"v":18110.527706250003,"d":"R$ 18,110.53"},0,{"$f":"D39*L39","v":{"v":399,"d":"399.00"}},{"v":0,"d":"R$ 0.00"},{"$f":"F39*L39","v":{"v":18110.527706250003,"d":"R$ 18,110.53"}},null,{"v":1,"d":"100%"}]
["3.1.2","LASTRO DE CONCRETO, E = 3 CM, PREPARO MECÂNICO, INCLUSOS LANÇAMENTO E \nADENSAMENTO. AF_07_2016","m²",73.61,{"v":13.418287500000002,"d":"R$ 13.42"},{"v":987.7201428750001,"d":"R$ 987.72"},0,73.61,{"v":0,"d":"R$ 0.00"},{"v":987.7201428750001,"d":"R$ 987.72"},null,{"v":1,"d":"100%"}]
["3.1.3","Forma de madeira comum para Fundações  - reaproveitamento 10X","m²",133.93,{"v":29.685150000000004,"d":"R$ 29.69"},{"v":3975.732139500001,"d":"R$ 3,975.73"},0,133.93,{"v":0,"d":"R$ 0.00"},{"v":3975.732139500001,"d":"R$ 3,975.73"},null,{"v":1,"d":"100%"}]
["3.1.4","ARMADURA CA-50A MÉDIA D= 6,3 A 10,0mm","kg",654.18,{"v":8.33333125,"d":"R$ 8.33"},{"v":5451.498637125,"d":"R$ 5,451.50"},0,654.18,{"v":0,"d":"R$ 0.00"},{"v":5451.498637125,"d":"R$ 5,451.50"},null,{"v":1,"d":"100%"}]
["3.1.5","ARMADURA CA-60 FINA D=3,40 A 6,40mm","kg",383.55,{"v":8.29585,"d":"R$ 8.30"},{"v":3181.8732675,"d":"R$ 3,181.87"},0,383.55,{"v":0,"d":"R$ 0.00"},{"v":3181.8732675,"d":"R$ 3,181.87"},null,{"v":1,"d":"100%"}]
["3.1.6","PREPARO COM BETONEIRA E TRANSPORTE MANUAL DE CONCRETO FCK=25 MPA","m³",32.38,{"v":381.5341375,"d":"R$ 381.53"},{"v":12354.075372250001,"d":"R$ 12,354.08"},0,32.38,{"v":0,"d":"R$ 0.00"},{"v":12354.075372250001,"d":"R$ 12,354.08"},null,{"v":1,"d":"100%"}]
["3.1.7","LANÇAMENTO/APLICAÇÃO/ADENSAMENTO DE CONCRETO EM FUNDAÇÃO- (O.C.)","m³",32.38,{"v":37.71863125,"d":"R$ 37.72"},{"v":1221.329279875,"d":"R$ 1,221.33"},0,32.38,{"v":0,"d":"R$ 0.00"},{"v":1221.329279875,"d":"R$ 1,221.33"},null,{"v":1,"d":"100%"}]
["3.2","CONCRETO ARMADO PARA FUNDAÇÕES - VIGAS BALDRAMES"]
["3.2.1","Forma de madeira comum para Fundações  - reaproveitamento 10X","m²",707.67,{"v":29.685150000000004,"d":"R$ 29.69"},{"v":21007.290100500002,"d":"R$ 21,007.29"},0,{"$f":"D47*L47","v":707.67},{"v":0,"d":"R$ 0.00"},{"$f":"F47*L47","v":{"v":21007.290100500002,"d":"R$ 21,007.29"}},null,{"v":1,"d":"100%"}]
["3.2.2","ARMADURA CA-50A MÉDIA D= 6,3 A 10,0mm","kg",{"v":1248.55,"d":"1,248.55"},{"v":8.33333125,"d":"R$ 8.33"},{"v":10404.5807321875,"d":"R$ 10,404.58"},0,{"$f":"D48*L48","v":{"v":1248.55,"d":"1,248.55"}},{"v":0,"d":"R$ 0.00"},{"$f":"F48*L48","v":{"v":10404.5807321875,"d":"R$ 10,404.58"}},null,{"v":1,"d":"100%"}]
["3.2.3","ARMADURA CA-60 FINA D=3,40 A 6,40mm","kg",645.82,{"v":8.29585,"d":"R$ 8.30"},{"v":5357.625847,"d":"R$ 5,357.63"},0,{"$f":"D49*L49","v":645.82},{"v":0,"d":"R$ 0.00"},{"$f":"F49*L49","v":{"v":5357.625847,"d":"R$ 5,357.63"}},null,{"v":1,"d":"100%"}]
["3.2.4","PREPARO COM BETONEIRA E TRANSPORTE MANUAL DE CONCRETO FCK=25 MPA","m³",40.93,{"v":381.5341375,"d":"R$ 381.53"},{"v":15616.192247874998,"d":"R$ 15,616.19"},0,{"$f":"D50*L50","v":40.93},{"v":0,"d":"R$ 0.00"},{"$f":"F50*L50","v":{"v":15616.192247874998,"d":"R$ 15,616.19"}},null,{"v":1,"d":"100%"}]
["3.2.5","LANÇAMENTO/APLICAÇÃO/ADENSAMENTO DE CONCRETO EM FUNDAÇÃO- (O.C.)","m³",40.93,{"v":37.71863125,"d":"R$ 37.72"},{"v":1543.8235770625001,"d":"R$ 1,543.82"},0,{"$f":"D51*L51","v":40.93},{"v":0,"d":"R$ 0.00"},{"$f":"F51*L51","v":{"v":1543.8235770625001,"d":"R$ 1,543.82"}},null,{"v":1,"d":"100%"}]
["3.3","FUNDAÇÃO DO CASTELO D'ÁGUA"]
["3.3.1","ESTACA A TRADO DIAM.30 CM SEM FERRO","m",{"v":56,"d":"56.00"},{"v":56.7716,"d":"R$ 56.77"},{"v":3179.2096,"d":"R$ 3,179.21"},0,{"$f":"D53*L53","v":{"v":56,"d":"56.00"}},{"v":0,"d":"R$ 0.00"},{"$f":"F53*L53","v":{"v":3179.2096,"d":"R$ 3,179.21"}},null,{"v":1,"d":"100%"}]
["3.3.2","Corte e reparo em cabeça de estaca","un",{"v":12,"d":"12.00"},{"v":41.4542625,"d":"R$ 41.45"},{"v":497.45115,"d":"R$ 497.45"},0,{"v":12,"d":"12.00"},{"v":0,"d":"R$ 0.00"},{"v":497.45115,"d":"R$ 497.45"},null,{"v":1,"d":"100%"}]
["3.3.3","LASTRO DE CONCRETO, E = 3 CM, PREPARO MECÂNICO, INCLUSOS LANÇAMENTO E ADENSAMENTO. AF_07_2016","m²",12.96,{"v":13.418287500000002,"d":"R$ 13.42"},{"v":173.90100600000002,"d":"R$ 173.90"},0,12.96,{"v":0,"d":"R$ 0.00"},{"v":173.90100600000002,"d":"R$ 173.90"},null,{"v":1,"d":"100%"}]
["3.3.4","Forma de madeira comum para Fundções  - reaproveitamento 10X","m²",{"v":7.2,"d":"7.20"},{"v":29.685150000000004,"d":"R$ 29.69"},{"v":213.73308000000003,"d":"R$ 213.73"},0,{"v":7.2,"d":"7.20"},{"v":0,"d":"R$ 0.00"},{"v":213.73308000000003,"d":"R$ 213.73"},null,{"v":1,"d":"100%"}]
["3.3.5","Armação aço CA-50, para 1,0 m³ de concreto","un",6.48,{"v":690.0672937500001,"d":"R$ 690.07"},{"v":4471.636063500001,"d":"R$ 4,471.64"},0,6.48,{"v":0,"d":"R$ 0.00"},{"v":4471.636063500001,"d":"R$ 4,471.64"},null,{"v":1,"d":"100%"}]
["3.3.6","PREPARO COM BETONEIRA E TRANSPORTE MANUAL DE CONCRETO FCK=25 MPA","m³",4.71,{"v":381.5341375,"d":"R$ 381.53"},{"v":1797.025787625,"d":"R$ 1,797.03"},0,4.71,{"v":0,"d":"R$ 0.00"},{"v":1797.025787625,"d":"R$ 1,797.03"},null,{"v":1,"d":"100%"}]
["3.3.7","LANÇAMENTO/APLICAÇÃO/ADENSAMENTO DE CONCRETO EM FUNDAÇÃO- (O.C.)","m³",4.71,{"v":37.71863125,"d":"R$ 37.72"},{"v":177.6547531875,"d":"R$ 177.65"},0,4.71,{"v":0,"d":"R$ 0.00"},{"v":177.6547531875,"d":"R$ 177.65"},null,{"v":1,"d":"100%"}]
["3.4","MURETA - BLOCOS"]
["3.4.1","ESTACA A TRADO DIAM.30 CM SEM FERRO","m",{"v":52.5,"d":"52.50"},{"v":56.7716,"d":"R$ 56.77"},{"v":2980.509,"d":"R$ 2,980.51"},0,{"$f":"D61*L61","v":0},{"v":0,"d":"R$ 0.00"},{"$f":"F61*L61","v":{"v":0,"d":"R$ 0.00"}}]
["3.4.2","LASTRO DE CONCRETO, E = 3 CM, PREPARO MECÂNICO, INCLUSOS LANÇAMENTO E ADENSAMENTO. AF_07_2016","m²",27.97,{"v":13.418287500000002,"d":"R$ 13.42"},{"v":375.309501375,"d":"R$ 375.31"},0,0,{"v":0,"d":"R$ 0.00"},{"v":0,"d":"R$ 0.00"}]
["3.4.3","Forma de madeira comum para Fundações  - reaproveitamento 5X","m²",21.39,{"v":37.59369375,"d":"R$ 37.59"},{"v":804.1291093125,"d":"R$ 804.13"},0,0,{"v":0,"d":"R$ 0.00"},{"v":0,"d":"R$ 0.00"}]
["3.4.4","ARMADURA CA-50A MÉDIA D= 6,3 A 10,0mm","kg",34.36,{"v":8.33333125,"d":"R$ 8.33"},{"v":286.33326175,"d":"R$ 286.33"},0,0,{"v":0,"d":"R$ 0.00"},{"v":0,"d":"R$ 0.00"}]
["3.4.5","ARMADURA CA-60 FINA D=3,40 A 6,40mm","kg",37.91,{"v":8.29585,"d":"R$ 8.30"},{"v":314.49567349999995,"d":"R$ 314.50"},0,0,{"v":0,"d":"R$ 0.00"},{"v":0,"d":"R$ 0.00"}]
["3.4.6","PREPARO COM BETONEIRA E TRANSPORTE MANUAL DE CONCRETO FCK=25 MPA","m³",2.38,{"v":381.5341375,"d":"R$ 381.53"},{"v":908.05124725,"d":"R$ 908.05"},0,0,{"v":0,"d":"R$ 0.00"},{"v":0,"d":"R$ 0.00"}]
["3.4.7","LANÇAMENTO/APLICAÇÃO/ADENSAMENTO DE CONCRETO EM FUNDAÇÃO- (O.C.)","m³",2.38,{"v":37.71863125,"d":"R$ 37.72"},{"v":89.770342375,"d":"R$ 89.77"},0,0,{"v":0,"d":"R$ 0.00"},{"v":0,"d":"R$ 0.00"}]
["3.5","MURETA - VIGAS BALDRAME"]
["3.5.1","Forma de madeira comum para Fundações  - reaproveitamento 10X","m²",28.49,{"v":29.685150000000004,"d":"R$ 29.69"},{"v":845.7299235,"d":"R$ 845.73"},0,{"$f":"D69*L69","v":0},{"v":0,"d":"R$ 0.00"},{"$f":"F69*L69","v":{"v":0,"d":"R$ 0.00"}}]
["3.5.2","ARMADURA CA-50A MÉDIA D= 6,3 A 10,0mm","kg",62.91,{"v":8.33333125,"d":"R$ 8.33"},{"v":524.2498689375,"d":"R$ 524.25"},0,{"$f":"D70*L70","v":0},{"v":0,"d":"R$ 0.00"},{"$f":"F70*L70","v":{"v":0,"d":"R$ 0.00"}}]
["3.5.3","ARMADURA CA-60 FINA D=3,40 A 6,40mm","kg",26.82,{"v":8.29585,"d":"R$ 8.30"},{"v":222.494697,"d":"R$ 222.49"},0,{"$f":"D71*L71","v":0},{"v":0,"d":"R$ 0.00"},{"$f":"F71*L71","v":{"v":0,"d":"R$ 0.00"}}]
["3.5.4","PREPARO COM BETONEIRA E TRANSPORTE MANUAL DE CONCRETO FCK=25 MPA","m³",1.52,{"v":381.5341375,"d":"R$ 381.53"},{"v":579.931889,"d":"R$ 579.93"},0,{"$f":"D72*L72","v":0},{"v":0,"d":"R$ 0.00"},{"$f":"F72*L72","v":{"v":0,"d":"R$ 0.00"}}]
["3.5.5","LANÇAMENTO/APLICAÇÃO/ADENSAMENTO DE CONCRETO EM FUNDAÇÃO- (O.C.)","m³",1.52,{"v":37.71863125,"d":"R$ 37.72"},{"v":57.332319500000004,"d":"R$ 57.33"},0,{"$f":"D73*L73","v":0},{"v":0,"d":"R$ 0.00"},{"$f":"F73*L73","v":{"v":0,"d":"R$ 0.00"}}]
["3.6","ABRIGO CENTRAL GLP - VIGAS BALDRAME"]
["3.6.1","Forma de madeira comum para Fundações  - reaproveitamento 10X","m²",6.53,{"v":29.685150000000004,"d":"R$ 29.69"},{"v":193.84402950000003,"d":"R$ 193.84"},0,{"$f":"D75*L75","v":0},{"v":0,"d":"R$ 0.00"},{"$f":"F75*L75","v":{"v":0,"d":"R$ 0.00"}}]
["3.6.2","ARMADURA CA-50A MÉDIA D= 6,3 A 10,0mm","kg",{"v":20.2,"d":"20.20"},{"v":8.33333125,"d":"R$ 8.33"},{"v":168.33329125,"d":"R$ 168.33"},{"$f":"K76*D76","v":0},{"$f":"D76*L76","v":0},{"$f":"F76*K76","v":{"v":0,"d":"R$ 0.00"}},{"$f":"F76*L76","v":{"v":0,"d":"R$ 0.00"}}]
["3.6.3","ARMADURA CA-60 FINA D=3,40 A 6,40mm","kg",{"v":9.3,"d":"9.30"},{"v":8.29585,"d":"R$ 8.30"},{"v":77.151405,"d":"R$ 77.15"},0,{"$f":"D77*L77","v":0},{"v":0,"d":"R$ 0.00"},{"$f":"F77*L77","v":{"v":0,"d":"R$ 0.00"}}]
["3.6.4","PREPARO COM BETONEIRA E TRANSPORTE MANUAL DE CONCRETO FCK=25 MPA","m³",0.43,{"v":381.5341375,"d":"R$ 381.53"},{"v":164.059679125,"d":"R$ 164.06"},0,{"$f":"D78*L78","v":0},{"v":0,"d":"R$ 0.00"},{"$f":"F78*L78","v":{"v":0,"d":"R$ 0.00"}}]
["3.6.5","LANÇAMENTO/APLICAÇÃO/ADENSAMENTO DE CONCRETO EM FUNDAÇÃO- (O.C.)","m³",0.43,{"v":37.71863125,"d":"R$ 37.72"},{"v":16.2190114375,"d":"R$ 16.22"},0,{"$f":"D79*L79","v":0},{"v":0,"d":"R$ 0.00"},{"$f":"F79*L79","v":{"v":0,"d":"R$ 0.00"}}]
[{"$nulls":4},{"v":118330.82474012503,"d":"R$ 118,330.82"}]
[]
[4,"SUPERESTRUTURA "]
["4.1","CONCRETO ARMADO - PILARES"]
["4.1.1","FORMA DE TABUA CINTA/PILAR SOBRE/ENTRE ALVENARIA U=8 VEZES","m²",{"v":459.2,"d":"459.20"},{"v":21.114437499999998,"d":"R$ 21.11"},{"v":9695.749699999998,"d":"R$ 9,695.75"},{"v":13.776,"d":"13.78"},{"$f":"D84*L84","v":{"v":243.376,"d":"243.38"}},{"v":290.87249099999997,"d":"R$ 290.87"},{"$f":"F84*L84","v":{"v":5138.747340999999,"d":"R$ 5,138.75"}},{"v":0.03,"d":"3%"},{"v":0.53,"d":"53%"}]
["4.1.2","ARMADURA CA-50A MÉDIA D= 6,3 A 10,0mm","kg",{"v":1730.55,"d":"1,730.55"},{"v":8.33333125,"d":"R$ 8.33"},{"v":14421.246394687501,"d":"R$ 14,421.25"},{"v":51.9165,"d":"51.92"},{"$f":"D85*L85","v":{"v":917.1915,"d":"917.19"}},{"v":432.637391840625,"d":"R$ 432.64"},{"$f":"F85*L85","v":{"v":7643.260589184376,"d":"R$ 7,643.26"}},{"v":0.03,"d":"3%"},{"v":0.53,"d":"53%"}]
["4.1.3","ARMADURA CA-60 FINA D=3,40 A 6,40mm","kg",628.91,{"v":8.29585,"d":"R$ 8.30"},{"v":5217.3430235,"d":"R$ 5,217.34"},{"v":18.867299999999997,"d":"18.87"},{"$f":"D86*L86","v":{"v":333.3223,"d":"333.32"}},{"v":156.52029070499998,"d":"R$ 156.52"},{"$f":"F86*L86","v":{"v":2765.191802455,"d":"R$ 2,765.19"}},{"v":0.03,"d":"3%"},{"v":0.53,"d":"53%"}]
["4.1.4","PREPARO COM BETONEIRA E TRANSPORTE MANUAL DE CONCRETO FCK=25 MPA","m³",25.19,{"v":381.5341375,"d":"R$ 381.53"},{"v":9610.844923625,"d":"R$ 9,610.84"},{"v":0.7557,"d":"0.76"},{"$f":"D87*L87","v":{"v":13.350700000000002,"d":"13.35"}},{"v":288.32534770875,"d":"R$ 288.33"},{"$f":"F87*L87","v":{"v":5093.74780952125,"d":"R$ 5,093.75"}},{"v":0.03,"d":"3%"},{"v":0.53,"d":"53%"}]
["4.1.5","LANÇAMENTO/APLICAÇÃO/ADENSAMENTO DE CONCRETO EM FUNDAÇÃO- (O.C.)","m³",25.19,{"v":37.71863125,"d":"R$ 37.72"},{"v":950.1323211875001,"d":"R$ 950.13"},{"v":0.7557,"d":"0.76"},{"$f":"D88*L88","v":{"v":13.350700000000002,"d":"13.35"}},{"v":28.503969635625,"d":"R$ 28.50"},{"$f":"F88*L88","v":{"v":503.5701302293751,"d":"R$ 503.57"}},{"v":0.03,"d":"3%"},{"v":0.53,"d":"53%"}]
["4.2","CONCRETO ARMADO - VIGAS"]
["4.2.1","FORMA PLANA CHAPA COMPENSADA PLASTIFICADA, ESP.= 12mm UTIL. 5X","m²",714.44,{"v":92.86604374999999,"d":"R$ 92.87"},{"v":66347.21629674999,"d":"R$ 66,347.22"},{"v":21.4332,"d":"21.43"},{"$f":"D90*L90","v":{"v":378.6532,"d":"378.65"}},{"v":1990.4164889024996,"d":"R$ 1,990.42"},{"$f":"F90*L90","v":{"v":35164.0246372775,"d":"R$ 35,164.02"}},{"v":0.03,"d":"3%"},{"v":0.53,"d":"53%"}]
["4.2.2","ARMADURA CA-50A MÉDIA D= 6,3 A 10,0mm","kg",{"v":1152.73,"d":"1,152.73"},{"v":8.33333125,"d":"R$ 8.33"},{"v":9606.080931812501,"d":"R$ 9,606.08"},{"v":34.5819,"d":"34.58"},{"$f":"D91*L91","v":{"v":610.9469,"d":"610.95"}},{"v":288.18242795437504,"d":"R$ 288.18"},{"$f":"F91*L91","v":{"v":5091.222893860626,"d":"R$ 5,091.22"}},{"v":0.03,"d":"3%"},{"v":0.53,"d":"53%"}]
["4.2.3","ARMADURA CA-60 FINA D=3,40 A 6,40mm","kg",581.18,{"v":8.29585,"d":"R$ 8.30"},{"v":4821.382102999999,"d":"R$ 4,821.38"},{"v":17.435399999999998,"d":"17.44"},{"$f":"D92*L92","v":{"v":308.0254,"d":"308.03"}},{"v":144.64146308999997,"d":"R$ 144.64"},{"$f":"F92*L92","v":{"v":2555.3325145899994,"d":"R$ 2,555.33"}},{"v":0.03,"d":"3%"},{"v":0.53,"d":"53%"}]
["4.2.4","PREPARO COM BETONEIRA E TRANSPORTE MANUAL DE CONCRETO FCK=25 MPA","m³",41.19,{"v":381.5341375,"d":"R$ 381.53"},{"v":15715.391123624999,"d":"R$ 15,715.39"},{"v":1.2356999999999998,"d":"1.24"},{"$f":"D93*L93","v":{"v":21.8307,"d":"21.83"}},{"v":471.46173370874993,"d":"R$ 471.46"},{"$f":"F93*L93","v":{"v":8329.15729552125,"d":"R$ 8,329.16"}},{"v":0.03,"d":"3%"},{"v":0.53,"d":"53%"}]
["4.2.5","LANÇAMENTO/APLICAÇÃO/ADENSAMENTO DE CONCRETO EM FUNDAÇÃO- (O.C.)","m³",41.19,{"v":37.71863125,"d":"R$ 37.72"},{"v":1553.6304211875,"d":"R$ 1,553.63"},{"v":1.2356999999999998,"d":"1.24"},{"$f":"D94*L94","v":{"v":21.8307,"d":"21.83"}},{"v":46.608912635624996,"d":"R$ 46.61"},{"$f":"F94*L94","v":{"v":823.424123229375,"d":"R$ 823.42"}},{"v":0.03,"d":"3%"},{"v":0.53,"d":"53%"}]
["4.3","CONCRETO ARMADO PARA VERGAS"]
["4.3.1","FNDE: Verga e contravergas pré-moldada em concreto armado fck 15Mpa - 10x10cm, conforme projeto. SINAPI: VERGA PRÉ-MOLDADA PARA JANELAS COM MAIS DE 1,5 M DE VÃO.","m",{"v":262.1,"d":"262.10"},{"v":35.232375,"d":"R$ 35.23"},{"v":9234.4054875,"d":"R$ 9,234.41"},0,{"$f":"D96*L96","v":131.05},{"v":0,"d":"R$ 0.00"},{"$f":"F96*L96","v":{"v":4617.20274375,"d":"R$ 4,617.20"}},null,{"v":0.5,"d":"50%"}]
["4.4","CONCRETO ARMADO - MURETA - PILARES"]
["4.4.1","FORMA PLANA CHAPA COMPENSADA PLASTIFICADA, ESP.= 12mm UTIL. 5X","m²",17.29,{"v":92.86604374999999,"d":"R$ 92.87"},{"v":1605.6538964374997,"d":"R$ 1,605.65"},0,{"$f":"D98*L98","v":0},{"v":0,"d":"R$ 0.00"},{"$f":"F98*L98","v":{"v":0,"d":"R$ 0.00"}}]
["4.4.2","ARMADURA CA-50A MÉDIA D= 6,3 A 10,0mm","kg",48.82,{"v":8.33333125,"d":"R$ 8.33"},{"v":406.83323162500005,"d":"R$ 406.83"},0,{"$f":"D99*L99","v":0},{"v":0,"d":"R$ 0.00"},{"$f":"F99*L99","v":{"v":0,"d":"R$ 0.00"}}]
["4.4.3","ARMADURA CA-60 FINA D=3,40 A 6,40mm","kg",20.36,{"v":8.29585,"d":"R$ 8.30"},{"v":168.903506,"d":"R$ 168.90"},0,{"$f":"D100*L100","v":0},{"v":0,"d":"R$ 0.00"},{"$f":"F100*L100","v":{"v":0,"d":"R$ 0.00"}}]
["4.4.4","PREPARO COM BETONEIRA E TRANSPORTE MANUAL DE CONCRETO FCK=25 MPA","m³",{"v":0.8,"d":"0.80"},{"v":381.5341375,"d":"R$ 381.53"},{"v":305.22731,"d":"R$ 305.23"},0,{"$f":"D101*L101","v":0},{"v":0,"d":"R$ 0.00"},{"$f":"F101*L101","v":{"v":0,"d":"R$ 0.00"}}]
["4.4.5","LANÇAMENTO/APLICAÇÃO/ADENSAMENTO DE CONCRETO EM FUNDAÇÃO- (O.C.)","m³",{"v":0.8,"d":"0.80"},{"v":37.71863125,"d":"R$ 37.72"},{"v":30.174905000000003,"d":"R$ 30.17"},0,{"$f":"D102*L102","v":0},{"v":0,"d":"R$ 0.00"},{"$f":"F102*L102","v":{"v":0,"d":"R$ 0.00"}}]
["4.5","ABRIGO CENTRAL GLP - VIGAS"]
["4.5.1","Forma de madeira comum para Fundações  - reaproveitamento 10X","m²",4.83,{"v":29.685150000000004,"d":"R$ 29.69"},{"v":143.3792745,"d":"R$ 143.38"},0,{"$f":"D104*L104","v":0},{"v":0,"d":"R$ 0.00"},{"$f":"F104*L104","v":{"v":0,"d":"R$ 0.00"}}]
["4.5.2","ARMADURA CA-50A MÉDIA D= 6,3 A 10,0mm","kg",{"v":21.4,"d":"21.40"},{"v":8.33333125,"d":"R$ 8.33"},{"v":178.33328875,"d":"R$ 178.33"},0,{"$f":"D105*L105","v":0},{"v":0,"d":"R$ 0.00"},{"$f":"F105*L105","v":{"v":0,"d":"R$ 0.00"}}]
["4.5.3","ARMADURA CA-60 FINA D=3,40 A 6,40mm","kg",{"v":7.5,"d":"7.50"},{"v":8.29585,"d":"R$ 8.30"},{"v":62.218875,"d":"R$ 62.22"},0,{"$f":"D106*L106","v":0},{"v":0,"d":"R$ 0.00"},{"$f":"F106*L106","v":{"v":0,"d":"R$ 0.00"}}]
["4.5.4","PREPARO COM BETONEIRA E TRANSPORTE MANUAL DE CONCRETO FCK=25 MPA","m³",0.32,{"v":381.5341375,"d":"R$ 381.53"},{"v":122.090924,"d":"R$ 122.09"},0,{"$f":"D107*L107","v":0},{"v":0,"d":"R$ 0.00"},{"$f":"F107*L107","v":{"v":0,"d":"R$ 0.00"}}]
["4.5.5","LANÇAMENTO/APLICAÇÃO/ADENSAMENTO DE CONCRETO EM FUNDAÇÃO- (O.C.)","m³",0.32,{"v":37.71863125,"d":"R$ 37.72"},{"v":12.069962,"d":"R$ 12.07"},0,{"$f":"D108*L108","v":0},{"v":0,"d":"R$ 0.00"},{"$f":"F108*L108","v":{"v":0,"d":"R$ 0.00"}}]
["4.6","ABRIGO CENTRAL GLP - PILARES"]
["4.6.1","Forma de madeira comum para Fundações  - reaproveitamento 10X","m²",9.92,{"v":29.685150000000004,"d":"R$ 29.69"},{"v":294.476688,"d":"R$ 294.48"},0,{"$f":"D110*L110","v":0},{"v":0,"d":"R$ 0.00"},{"$f":"F110*L110","v":{"v":0,"d":"R$ 0.00"}}]
["4.6.2","ARMADURA CA-50A MÉDIA D= 6,3 A 10,0mm","kg",{"v":32.1,"d":"32.10"},{"v":8.33333125,"d":"R$ 8.33"},{"v":267.49993312500004,"d":"R$ 267.50"},0,{"$f":"D111*L111","v":0},{"v":0,"d":"R$ 0.00"},{"$f":"F111*L111","v":{"v":0,"d":"R$ 0.00"}}]
["4.6.3","ARMADURA CA-60 FINA D=3,40 A 6,40mm","kg",{"v":12.2,"d":"12.20"},{"v":8.29585,"d":"R$ 8.30"},{"v":101.20936999999999,"d":"R$ 101.21"},0,{"$f":"D112*L112","v":0},{"v":0,"d":"R$ 0.00"},{"$f":"F112*L112","v":{"v":0,"d":"R$ 0.00"}}]
["4.6.4","PREPARO COM BETONEIRA E TRANSPORTE MANUAL DE CONCRETO FCK=25 MPA","m³",0.44,{"v":381.5341375,"d":"R$ 381.53"},{"v":167.8750205,"d":"R$ 167.88"},0,{"$f":"D113*L113","v":0},{"v":0,"d":"R$ 0.00"},{"$f":"F113*L113","v":{"v":0,"d":"R$ 0.00"}}]
["4.6.5","LANÇAMENTO/APLICAÇÃO/ADENSAMENTO DE CONCRETO EM FUNDAÇÃO- (O.C.)","m³",0.44,{"v":37.71863125,"d":"R$ 37.72"},{"v":16.59619775,"d":"R$ 16.60"},0,{"$f":"D114*L114","v":0},{"v":0,"d":"R$ 0.00"},{"$f":"F114*L114","v":{"v":0,"d":"R$ 0.00"}}]
["4.7","ABRIGO CENTRAL GLP - LAJE CONTÍNUA",null,null,{"v":0,"d":"R$ 0.00"}]
["4.7.1","Forma de madeira comum para Fundações  - reaproveitamento 10X","m²",6.42,{"v":29.685150000000004,"d":"R$ 29.69"},{"v":190.57866300000003,"d":"R$ 190.58"},0,{"$f":"D116*L116","v":0},{"v":0,"d":"R$ 0.00"},{"$f":"F116*L116","v":{"v":0,"d":"R$ 0.00"}}]
["4.7.2","ARMADURA CA-50A MÉDIA D= 6,3 A 10,0mm","kg",{"v":20.4,"d":"20.40"},{"v":8.33333125,"d":"R$ 8.33"},{"v":169.9999575,"d":"R$ 170.00"},0,{"$f":"D117*L117","v":0},{"v":0,"d":"R$ 0.00"},{"$f":"F117*L117","v":{"v":0,"d":"R$ 0.00"}}]
["4.7.3","PREPARO COM BETONEIRA E TRANSPORTE MANUAL DE CONCRETO FCK=25 MPA","m³",0.64,{"v":381.5341375,"d":"R$ 381.53"},{"v":244.181848,"d":"R$ 244.18"},0,{"$f":"D118*L118","v":0},{"v":0,"d":"R$ 0.00"},{"$f":"F118*L118","v":{"v":0,"d":"R$ 0.00"}}]
["4.7.4","LANÇAMENTO/APLICAÇÃO/ADENSAMENTO DE CONCRETO EM FUNDAÇÃO- (O.C.)","m³",0.64,{"v":37.71863125,"d":"R$ 37.72"},{"v":24.139924,"d":"R$ 24.14"},0,{"$f":"D119*L119","v":0},{"v":0,"d":"R$ 0.00"},{"$f":"F119*L119","v":{"v":0,"d":"R$ 0.00"}}]
[{"$nulls":4},{"v":151684.86550206246,"d":"R$ 151,684.87"}]
[]
[5,"SISTEMA DE VEDAÇÃO VERTICAL INTERNO E EXTERNO (PAREDES)"]
["5.1","ELEMENTOS VAZADOS"]
["5.1.1","COBOGO DE CONCRETO (ELEMENTO VAZADO), 7X50X50CM, ASSENTADO COM ARGAMASSA TRACO 1:4 (CIMENTO E AREIA)","m²",5.14,{"v":133.583175,"d":"R$ 133.58"},{"v":686.6175195000001,"d":"R$ 686.62"},0,{"$f":"D124*L124","v":0},{"v":0,"d":"R$ 0.00"},{"$f":"F124*L124","v":{"v":0,"d":"R$ 0.00"}}]
["5.2","ALVENARIA DE VEDAÇÃO"]
["5.2.1","Alvenaria de vedação de 1/2 vez em tijolos cerâmicos (dimensões nominais: 9x19x39); assentamento em argamassa no traço 1:2:8 (cimento, cal e areia)  para parede interna","m²",942.96,{"v":40.504737500000005,"d":"R$ 40.50"},{"v":38194.34727300001,"d":"R$ 38,194.35"},0,{"$f":"D126*L126","v":471.48},{"v":0,"d":"R$ 0.00"},{"$f":"F126*L126","v":{"v":19097.173636500003,"d":"R$ 19,097.17"}},null,{"v":0.5,"d":"50%"}]
["5.2.2","ALVENARIA DE TIJOLO FURADO 1 VEZ - ARG. (1CALH:4ARML+100KG DE CI/M3)","m²",17.07,{"v":85.94450625000002,"d":"R$ 85.94"},{"v":1467.0727216875002,"d":"R$ 1,467.07"},0,{"$f":"D127*L127","v":{"v":8.535,"d":"8.54"}},{"v":0,"d":"R$ 0.00"},{"$f":"F127*L127","v":{"v":733.5363608437501,"d":"R$ 733.54"}},null,{"v":0.5,"d":"50%"}]
["5.2.3","Alvenaria de vedação horizontal em tijolos cerâmicos Dimensões nominais: 14x19x39; assentamento em argamassa no traço 1:2:8 (cimento, cal e areia) para parede externa","m²",478.93,{"v":55.6471625,"d":"R$ 55.65"},{"v":26651.095536125,"d":"R$ 26,651.10"},0,{"$f":"D128*L128","v":{"v":239.465,"d":"239.47"}},{"v":0,"d":"R$ 0.00"},{"$f":"F128*L128","v":{"v":13325.5477680625,"d":"R$ 13,325.55"}},null,{"v":0.5,"d":"50%"}]
["5.2.4","FIXAÇÃO (ENCUNHAMENTO) DE ALVENARIA DE VEDAÇÃO COM TIJOLO MACIÇO. AF_03/2016","m",50.56,{"v":18.65316875,"d":"R$ 18.65"},{"v":943.104212,"d":"R$ 943.10"},0,{"$f":"D129*L129","v":25.28},{"v":0,"d":"R$ 0.00"},{"$f":"F129*L129","v":{"v":471.552106,"d":"R$ 471.55"}},null,{"v":0.5,"d":"50%"}]
["5.2.5","DIVISORIA EM GRANITO BRANCO POLIDO, ESP = 3CM, ASSENTADO COM ARGAMASSA TRACO 1:4, ARREMATE EM CIMENTO BRANCO, EXCLUSIVE FERRAGENS","m²",22.63,{"v":584.12029375,"d":"R$ 584.12"},{"v":13218.642247562499,"d":"R$ 13,218.64"},0,{"$f":"D130*L130","v":0},{"v":0,"d":"R$ 0.00"},{"$f":"F130*L130","v":{"v":0,"d":"R$ 0.00"}}]
["5.3","ALVENARIA DA MURETA"]
["5.3.1","Alvenaria de vedação de 1/2 vez em tijolos cerâmicos de 08 furos (dimensões nominais: 9x19x39); assentamento em argamassa no traço 1:2:8 (cimento, cal e areia) ","m²",18.12,{"v":40.504737500000005,"d":"R$ 40.50"},{"v":733.9458435000001,"d":"R$ 733.95"},0,{"$f":"D132*L132","v":0},{"v":0,"d":"R$ 0.00"},{"$f":"F132*L132","v":{"v":0,"d":"R$ 0.00"}}]
[{"$nulls":4},{"v":81894.82535337502,"d":"R$ 81,894.83"}]
[]
[6,"ESQUADRIAS "]
["6.1","PORTAS DE MADEIRA"]
["6.1.1","PORTA LISA 70x210 C/PORTAL E ALISAR S/FERRAGENS","un",{"v":10,"d":"10.00"},{"v":444.727525,"d":"R$ 444.73"},{"v":4447.275250000001,"d":"R$ 4,447.28"},0,{"$f":"D137*L137","v":0},{"v":0,"d":"R$ 0.00"},{"$f":"F137*L137","v":{"v":0,"d":"R$ 0.00"}}]
["6.1.2","PORTA DE MADEIRA TIPO VENEZIANA, SEMI-OCA (LEVE OU MÉDIA), 80X210CM, ESPESSURA DE 3CM, INCLUSO DOBRADIÇAS - MONTAGEM E INSTALAÇÃO DO BATENTE, FORNECIMENTO E INSTALAÇÃO . AF_08\n2015","un",{"v":5,"d":"5.00"},{"v":707.2212125,"d":"R$ 707.22"},{"v":3536.1060625,"d":"R$ 3,536.11"},0,0,{"v":0,"d":"R$ 0.00"},{"v":0,"d":"R$ 0.00"}]
["6.1.3","Porta de correr em madeira de lei, lisa, semi-ôca, 0,80x2,10 m, inclusive batentes e ferragens","un",{"v":4,"d":"4.00"},{"v":901.3865812500001,"d":"R$ 901.39"},{"v":3605.5463250000003,"d":"R$ 3,605.55"},0,0,{"v":0,"d":"R$ 0.00"},{"v":0,"d":"R$ 0.00"}]
["6.1.4","Porta de Madeira - PM4 - 80x210, folha lisa com chapa metalica, incluso ferragens, conforme projeto de esquadrias ","un",{"v":6,"d":"6.00"},{"v":945.5769750000001,"d":"R$ 945.58"},{"v":5673.461850000001,"d":"R$ 5,673.46"},{"$f":"K140*D140","v":0},0,{"$f":"F140*K140","v":{"v":0,"d":"R$ 0.00"}},{"v":0,"d":"R$ 0.00"}]
["6.1.5","Porta de correr em madeira de lei, lisa, semi-ôca 0,80x2,10m, inclusive batentes e ferragens","un",{"v":10,"d":"10.00"},{"v":901.3865812500001,"d":"R$ 901.39"},{"v":9013.8658125,"d":"R$ 9,013.87"},0,0,{"v":0,"d":"R$ 0.00"},{"v":0,"d":"R$ 0.00"}]
["6.1.6"," Porta de correr em madeira de lei, lisa, semi-ôca 0,70x2,10m, inclusive batentes e ferragens","un",{"v":16,"d":"16.00"},{"v":878.7604,"d":"R$ 878.76"},{"v":14060.1664,"d":"R$ 14,060.17"},0,0,{"v":0,"d":"R$ 0.00"},{"v":0,"d":"R$ 0.00"}]
["6.1.7","CHAPA CORRUGADA DE ALUMÍNIO E=0.7MM ","m²",{"v":11.2,"d":"11.20"},{"v":94.14040625,"d":"R$ 94.14"},{"v":1054.3725499999998,"d":"R$ 1,054.37"},0,0,{"v":0,"d":"R$ 0.00"},{"v":0,"d":"R$ 0.00"}]
["6.2","FERRAGENS E ACESSÓRIOS"]
["6.2.1","Fechadura completa para porta interna","un",{"v":51,"d":"51.00"},{"v":117.27883125000002,"d":"R$ 117.28"},{"v":5981.220393750002,"d":"R$ 5,981.22"},0,{"$f":"D145*L145","v":0},{"v":0,"d":"R$ 0.00"},{"$f":"F145*L145","v":{"v":0,"d":"R$ 0.00"}}]
["6.3","PORTAS EM ALUMÍNIO"]
["6.3.1","DESCRIÇÃO FNDE: Porta de abrir - PA1 - 100x210 em chapa de alumínio e veneziana- conforme projeto de esquadrias, inclusive ferragens. DESCRIÇÃO SINAPI: Porta em alumínio de abrir tipo veneziana com guarnição, fixada com parafusos - fornecimento e instalação","m²",2.31,{"v":803.13573125,"d":"R$ 803.14"},{"v":1855.2435391875001,"d":"R$ 1,855.24"},0,{"$f":"D147*L147","v":0},{"v":0,"d":"R$ 0.00"},{"$f":"F147*L147","v":{"v":0,"d":"R$ 0.00"}}]
["6.3.2","DESCRIÇÃO FNDE: Porta de abrir - PA2 - 80x210 em chapa de alumínio com veneziana- conforme projeto de esquadrias, inclusive ferragens. DESCRIÇÃO SINAPI: Porta em alumínio de abrir tipo veneziana com guarnição, fixada com parafusos - fornecimento e instalação","m²",1.68,{"v":803.13573125,"d":"R$ 803.14"},{"v":1349.2680285000001,"d":"R$ 1,349.27"},0,0,{"v":0,"d":"R$ 0.00"},{"v":0,"d":"R$ 0.00"}]
["6.3.3","DESCRIÇÃO FNDE: Porta de abrir - PA3 - 160x210 em chapa de alumínio com veneziana- conforme projeto de esquadrias, inclusive ferragens. DESCRIÇÃO SINAPI: Porta em alumínio de abrir tipo veneziana com guarnição, fixada com parafusos - fornecimento e instalação","m²",6.72,{"v":803.13573125,"d":"R$ 803.14"},{"v":5397.0721140000005,"d":"R$ 5,397.07"},0,0,{"v":0,"d":"R$ 0.00"},{"v":0,"d":"R$ 0.00"}]
["6.3.4","Porta de correr em alumínio, com duas folhas para vidro, incluso vidro liso incolor, fechadura e puxador, sem guarnição/alizar/vista.","m²",{"v":113.4,"d":"113.40"},{"v":604.1852562500001,"d":"R$ 604.19"},{"v":68514.60805875,"d":"R$ 68,514.61"},0,0,{"v":0,"d":"R$ 0.00"},{"v":0,"d":"R$ 0.00"}]
["6.3.5","Porta de correr em alumínio, com duas folhas para vidro, incluso vidro liso incolor, fechadura e puxador, sem guarnição/alizar/vista.","m²",5.04,{"v":604.1852562500001,"d":"R$ 604.19"},{"v":3045.0936915,"d":"R$ 3,045.09"},0,0,{"v":0,"d":"R$ 0.00"},{"v":0,"d":"R$ 0.00"}]
["6.3.6","DESCRIÇÃO FNDE :Porta de abrir - PA6 - 120x185 - veneziana- conforme projeto de esquadrias, inclusive ferragens.DESCRIÇÃO SINAPI: Porta em alumínio de abrir tipo veneziana com guarnição, fixada com parafusos - fornecimento e instalação","m²",4.44,{"v":803.13573125,"d":"R$ 803.14"},{"v":3565.9226467500007,"d":"R$ 3,565.92"},0,0,{"v":0,"d":"R$ 0.00"},{"v":0,"d":"R$ 0.00"}]
["6.3.7","DESCRIÇÃO FNDE: Porta de abrir - PA7 - 160+90x210 - veneziana- conforme projeto de esquadrias, inclusive ferragens. DESCRIÇÃO SINAPI: Porta em alumínio de abrir tipo veneziana com guarnição, fixada com parafusos - fornecimento e instalação)","m²",5.25,{"v":803.13573125,"d":"R$ 803.14"},{"v":4216.4625890625,"d":"R$ 4,216.46"},0,0,{"v":0,"d":"R$ 0.00"},{"v":0,"d":"R$ 0.00"}]
["6.4","PORTAS DE VIDRO - PV"]
["6.4.1","PORTA DE VIDRO TEMPERADO 1 FOLHA (0.90X2.10)m E=10mm","CJ",{"v":1,"d":"1.00"},{"v":1969.35233125,"d":"R$ 1,969.35"},{"v":1969.35233125,"d":"R$ 1,969.35"},0,{"$f":"D155*L155","v":0},{"v":0,"d":"R$ 0.00"},{"$f":"F155*L155","v":{"v":0,"d":"R$ 0.00"}}]
["6.4.2","PORTA DE VIDRO TEMPERADO 2 FOLHAS (1.80X2.10)m E=10mm","CJ",{"v":1,"d":"1.00"},{"v":3934.79411875,"d":"R$ 3,934.79"},{"v":3934.79411875,"d":"R$ 3,934.79"},0,{"$f":"D156*L156","v":0},{"v":0,"d":"R$ 0.00"},{"$f":"F156*L156","v":{"v":0,"d":"R$ 0.00"}}]
["6.4.3","FIXO 2 FOLHAS. 2 BANDEIRAS E 1 CONTRAVENTAMENTO DE VIDRO TEMPERADO (1.80 X3.50)m E=10mm","m²",0.61,{"v":3617.52783125,"d":"R$ 3,617.53"},{"v":2206.6919770625,"d":"R$ 2,206.69"},0,{"$f":"D157*L157","v":0},{"v":0,"d":"R$ 0.00"},{"$f":"F157*L157","v":{"v":0,"d":"R$ 0.00"}}]
["6.5","PORTAS EM ALUMÍNIO - ABRIGO CENTRAL GLP",{"$nulls":4},0,{"$f":"D158*L158","v":0},{"v":0,"d":"R$ 0.00"},{"$f":"F158*L158","v":{"v":0,"d":"R$ 0.00"}}]
["6.5.1","Porta em alumínio de abrir tipo veneziana com guarnição, fixada com parafusos - fornecimento e instalação","m²",4.04,{"v":803.13573125,"d":"R$ 803.14"},{"v":3244.6683542500004,"d":"R$ 3,244.67"},0,{"$f":"D159*L159","v":0},{"v":0,"d":"R$ 0.00"},{"$f":"F159*L159","v":{"v":0,"d":"R$ 0.00"}}]
["6.6","JANELAS DE ALUMÍNIO - JA "]
["6.6.1","FNDE: Janela de Alumínio - JA-01, 70x125, completa conforme projeto de esquadrias - Guilhotina. SINAPI: Janela em alumínio, cor fosca, tipo guilhotina, completa, exclusive vidros","m²",1.75,{"v":308.53315625,"d":"R$ 308.53"},{"v":539.9330234375,"d":"R$ 539.93"},0,{"$f":"D161*L161","v":0},{"v":0,"d":"R$ 0.00"},{"$f":"F161*L161","v":{"v":0,"d":"R$ 0.00"}}]
["6.6.2","FNDE: Janela de Alumínio - JA-02, 110x145, completa conforme projeto de esquadrias - Guilhotina. SINAPI: Janela em alumínio, cor fosca, tipo guilhotina, completa, exclusive vidros","m²",{"v":1.6,"d":"1.60"},{"v":308.53315625,"d":"R$ 308.53"},{"v":493.65305,"d":"R$ 493.65"},0,0,{"v":0,"d":"R$ 0.00"},{"v":0,"d":"R$ 0.00"}]
["6.6.3","Caixilho fixo, de alumínio, para vidro","m²",3.22,{"v":445.627075,"d":"R$ 445.63"},{"v":1434.9191815000001,"d":"R$ 1,434.92"},0,0,{"v":0,"d":"R$ 0.00"},{"v":0,"d":"R$ 0.00"}]
["6.6.4","FNDE: Janela de Alumínio - JA-04, 140x145, completa conforme projeto de esquadrias - Guilhotina. SINAPI: Janela em alumínio, cor fosca, tipo guilhotina, completa, exclusive vidros","m²",2.03,{"v":308.53315625,"d":"R$ 308.53"},{"v":626.3223071875,"d":"R$ 626.32"},0,0,{"v":0,"d":"R$ 0.00"},{"v":0,"d":"R$ 0.00"}]
["6.6.5","FNDE: Janela de Alumínio - JA-05, 200x105, completa conforme projeto de esquadrias - Fixa  SINAPI: Janela em alumínio, cor branca, tipo fixa, exclusive vidros","m²",{"v":2.1,"d":"2.10"},{"v":556.0218500000001,"d":"R$ 556.02"},{"v":1167.6458850000001,"d":"R$ 1,167.65"},0,0,{"v":0,"d":"R$ 0.00"},{"v":0,"d":"R$ 0.00"}]
["6.6.6","FNDE: Janela de Alumínio - JA-06, 210x50, completa conforme projeto de esquadrias - Maxim-ar - incluso vidro liso incolor, espessura 6mm SINAPI: Janela de alumínio maxim-ar, fixação com parafuso sobre contramarco (exclusive contramarco), com vidros, padronizada.","m²",{"v":2.1,"d":"2.10"},{"v":525.64954375,"d":"R$ 525.65"},{"v":1103.864041875,"d":"R$ 1,103.86"},0,0,{"v":0,"d":"R$ 0.00"},{"v":0,"d":"R$ 0.00"}]
["6.6.7","FNDE: Janela de Alumínio - JA-07, 210x75, completa conforme projeto de esquadrias - Maxim-ar - incluso vidro liso incolor, espessura 6mm. SINAPI: Janela de alumínio maxim-ar, fixação com parafuso sobre contramarco (exclusive contramarco), com vidros, padronizada.","m²",{"v":12.6,"d":"12.60"},{"v":525.64954375,"d":"R$ 525.65"},{"v":6623.18425125,"d":"R$ 6,623.18"},0,0,{"v":0,"d":"R$ 0.00"},{"v":0,"d":"R$ 0.00"}]
["6.6.8","FNDE: Janela de Alumínio - JA-08, 210x100, completa conforme projeto de esquadrias - Maxim-ar - incluso vidro liso incolor, espessura 6mm. SINAPI: Janela de alumínio maxim-ar, fixação com parafuso sobre contramarco (exclusive contramarco), com vidros, padronizada.","m²",{"v":6.3,"d":"6.30"},{"v":525.64954375,"d":"R$ 525.65"},{"v":3311.592125625,"d":"R$ 3,311.59"},0,0,{"v":0,"d":"R$ 0.00"},{"v":0,"d":"R$ 0.00"}]
["6.6.9","FNDE: Janela de Alumínio - JA-09, 210x150, completa conforme projeto de esquadrias - Maxim-ar - incluso vidro liso incolor, espessura 6mm. SINAPI: Janela de alumínio maxim-ar, fixação com parafuso sobre contramarco (exclusive contramarco), com vidros, padronizada.","m²",{"v":18.9,"d":"18.90"},{"v":525.64954375,"d":"R$ 525.65"},{"v":9934.776376875,"d":"R$ 9,934.78"},0,0,{"v":0,"d":"R$ 0.00"},{"v":0,"d":"R$ 0.00"}]
["6.6.10","FNDE: Janela de Alumínio - JA-10, 140x150, completa conforme projeto de esquadrias - Maxim-ar - incluso vidro liso incolor, espessura 6mm. SINAPI: Janela de alumínio maxim-ar, fixação com parafuso sobre contramarco (exclusive contramarco), com vidros, padronizada.","m²",{"v":2.1,"d":"2.10"},{"v":525.64954375,"d":"R$ 525.65"},{"v":1103.864041875,"d":"R$ 1,103.86"},0,0,{"v":0,"d":"R$ 0.00"},{"v":0,"d":"R$ 0.00"}]
["6.6.11","FNDE: Janela de Alumínio - JA-11, 140x75, completa conforme projeto de esquadrias - Maxim-ar - incluso vidro liso incolor, espessura 6mm. SINAPI: Janela de alumínio maxim-ar, fixação com parafuso sobre contramarco (exclusive contramarco), com vidros, padronizada.","m²",{"v":6.3,"d":"6.30"},{"v":525.64954375,"d":"R$ 525.65"},{"v":3311.592125625,"d":"R$ 3,311.59"},0,0,{"v":0,"d":"R$ 0.00"},{"v":0,"d":"R$ 0.00"}]
["6.6.12","FNDE: Janela de Alumínio - JA-12, 420x50, completa conforme projeto de esquadrias - Maxim-ar - incluso vidro liso incolor, espessura 6mm. SINAPI: Janela de alumínio maxim-ar, fixação com parafuso sobre contramarco (exclusive contramarco), com vidros, padronizada.","m²",{"v":8.4,"d":"8.40"},{"v":525.64954375,"d":"R$ 525.65"},{"v":4415.4561675,"d":"R$ 4,415.46"},0,0,{"v":0,"d":"R$ 0.00"},{"v":0,"d":"R$ 0.00"}]
["6.6.13","FNDE: Janela de Alumínio - JA-13, 420x150, completa conforme projeto de esquadrias - Maxim-ar - incluso vidro liso incolor, espessura 6mm. SINAPI: Janela de alumínio maxim-ar, fixação com parafuso sobre contramarco (exclusive contramarco), com vidros, padronizada.","m²",{"v":12.6,"d":"12.60"},{"v":525.64954375,"d":"R$ 525.65"},{"v":6623.18425125,"d":"R$ 6,623.18"},0,0,{"v":0,"d":"R$ 0.00"},{"v":0,"d":"R$ 0.00"}]
["6.6.14","FNDE: Janela de Alumínio - JA-14, 560x100, completa conforme projeto de esquadrias - Maxim-ar - incluso vidro liso incolor, espessura 6mm. SINAPI: Janela de alumínio maxim-ar, fixação com parafuso sobre contramarco (exclusive contramarco), com vidros, padronizada.","m²",{"v":33.6,"d":"33.60"},{"v":525.64954375,"d":"R$ 525.65"},{"v":17661.82467,"d":"R$ 17,661.82"},0,0,{"v":0,"d":"R$ 0.00"},{"v":0,"d":"R$ 0.00"}]
["6.6.15","FNDE: Janela de Alumínio - JA-15, 560x150, completa conforme projeto de esquadrias - Maxim-ar -incluso vidro liso incolor, espessura 6mm. SINAPI: Janela de alumínio maxim-ar, fixação com parafuso sobre contramarco (exclusive contramarco), com vidros, padronizada.","m²",{"v":16.8,"d":"16.80"},{"v":525.64954375,"d":"R$ 525.65"},{"v":8830.912335,"d":"R$ 8,830.91"},0,0,{"v":0,"d":"R$ 0.00"},{"v":0,"d":"R$ 0.00"}]
["6.6.16","FNDE: Tela de nylon de proteção- fixada na esquadria. AGETOP: Rede de proteção de nylon com ganchos e buchas S8.","m²",20.25,{"v":27.9610125,"d":"R$ 27.96"},{"v":566.210503125,"d":"R$ 566.21"},0,0,{"v":0,"d":"R$ 0.00"},{"v":0,"d":"R$ 0.00"}]
["6.6.17","VIDROS"]
["6.6.18","FNDE: Vidro liso temperado incolor, espessura 6mm - colocado. AGETOP: Vidro liso 6 mm - colocado.","m²",{"v":10.7,"d":"10.70"},{"v":86.08193750000001,"d":"R$ 86.08"},{"v":921.0767312500001,"d":"R$ 921.08"},0,{"$f":"D178*L178","v":0},{"v":0,"d":"R$ 0.00"},{"$f":"F178*L178","v":{"v":0,"d":"R$ 0.00"}}]
["6.6.19","FNDE: Vidro liso temperado incolor, espessura 10mm - colocado. AGETOP: Vidro temperado 10 mm - colocado. ","m²",{"v":11.4,"d":"11.40"},{"v":181.159375,"d":"R$ 181.16"},{"v":2065.216875,"d":"R$ 2,065.22"},0,{"$f":"D179*L179","v":0},{"v":0,"d":"R$ 0.00"},{"$f":"F179*L179","v":{"v":0,"d":"R$ 0.00"}}]
["6.6.20","Espelho cristal esp. 4mm sem moldura de madeira","m²",21.28,{"v":253.08589375,"d":"R$ 253.09"},{"v":5385.667819,"d":"R$ 5,385.67"},0,{"$f":"D180*L180","v":0},{"v":0,"d":"R$ 0.00"},{"$f":"F180*L180","v":{"v":0,"d":"R$ 0.00"}}]
["6.6.21","ESQUADRIA - GRADIL METÁLICO"]
["6.6.22","FNDE: Gradil metalico e tela de aço galvanizado , inclusive pintura - fornecimento e instalação (GR1, GR2, GR3, GR4). ORSE: Gradil com quadro em tubo de ferro galvanizado  1 1/4\" e tela galvanizada malha 2\".","m²",50.22,{"v":286.5816375,"d":"R$ 286.58"},{"v":14392.12983525,"d":"R$ 14,392.13"},0,{"$f":"D182*L182","v":0},{"v":0,"d":"R$ 0.00"},{"$f":"F182*L182","v":{"v":0,"d":"R$ 0.00"}}]
["6.6.23","FNDE: Portão de abrir em chapa de aço perfurada, inclusive pintura - fornecimento e instalação (PF1 e PF2). AGETOP: Portão de abrir chapa 14 PT-4 c/ferragens.","m²",8.31,{"v":342.11635624999997,"d":"R$ 342.12"},{"v":2842.9869204375,"d":"R$ 2,842.99"},0,{"$f":"D183*L183","v":0},{"v":0,"d":"R$ 0.00"},{"$f":"F183*L183","v":{"v":0,"d":"R$ 0.00"}}]
["6.6.24","Fechamento com chapa de aço perfurada, inclusive perfis metálicos para suporte e pintura - fornecimento e instalação","m²",{"v":145.2,"d":"145.20"},{"v":335.93195000000003,"d":"R$ 335.93"},{"v":48777.31914,"d":"R$ 48,777.32"},0,{"$f":"D184*L184","v":0},{"v":0,"d":"R$ 0.00"},{"$f":"F184*L184","v":{"v":0,"d":"R$ 0.00"}}]
["6.6.25","FNDE: Portão de abrir com gradil metálico e tela de aço galvanizado, inclusive pintura - fornecimento e instalação. AGETOP: Portão tela/tubo FoGo PT'/PT2 c/ferragens.","m²",{"v":13.5,"d":"13.50"},{"v":265.00493125,"d":"R$ 265.00"},{"v":3577.5665718750006,"d":"R$ 3,577.57"},0,{"$f":"D185*L185","v":0},{"v":0,"d":"R$ 0.00"},{"$f":"F185*L185","v":{"v":0,"d":"R$ 0.00"}}]
[{"$nulls":4},{"v":292382.0903227501,"d":"R$ 292,382.09"}]
[]
[7,"SISTEMAS DE COBERTURA "]
["7.1","ESTRUTURA METALICA EM TESOURAS OU TRELICAS, VAO LIVRE DE 15M, FORNECIMENTO E MONTAGEM, NAO SENDO CONSIDERADOS OS FECHAMENTOS METALICOS, AS C\nOLUNAS, OS SERVICOS GERAIS EM ALVENARIA E CONCRETO, AS TELHAS DE COBERTURA E A PINTURA DE ACABAMENTO","m²",{"v":1426.85,"d":"1,426.85"},{"v":86.74410625000002,"d":"R$ 86.74"},{"v":123770.82800281252,"d":"R$ 123,770.83"},0,{"$f":"D189*L189","v":0},{"v":0,"d":"R$ 0.00"},{"$f":"F189*L189","v":{"v":0,"d":"R$ 0.00"}}]
["7.2","TELHA TERMOACÚSTICA TRAPEZOIDAL INCLINAÇÃO 17.6%","m²",{"v":1283.33,"d":"1,283.33"},{"v":144.377775,"d":"R$ 144.38"},{"v":185284.32999075,"d":"R$ 185,284.33"},0,0,{"v":0,"d":"R$ 0.00"},{"v":0,"d":"R$ 0.00"}]
["7.3","Cumeeira em perfil ondulado de alumínio","m",83.25,{"v":51.936518750000005,"d":"R$ 51.94"},{"v":4323.715185937501,"d":"R$ 4,323.72"},0,0,{"v":0,"d":"R$ 0.00"},{"v":0,"d":"R$ 0.00"}]
["7.4","CALHA EM CHAPA DE AÇO GALVANIZADO NÚMERO 24, DESENVOLVIMENTO DE 50 CM, INCLUSO TRANSPORTE VERTICAL. AF_06/2016","m²",186.15,{"v":61.20688125000001,"d":"R$ 61.21"},{"v":11393.660944687503,"d":"R$ 11,393.66"},0,0,{"v":0,"d":"R$ 0.00"},{"v":0,"d":"R$ 0.00"}]
["7.5","RUFO EM CHAPA DE AÇO GALVANIZADO NÚMERO 24, CORTE DE 25 CM, INCLUSO TRANSPORTE VERTICAL. AF_06/2016","m",{"v":258.9,"d":"258.90"},{"v":28.985500000000002,"d":"R$ 28.99"},{"v":7504.34595,"d":"R$ 7,504.35"},0,0,{"v":0,"d":"R$ 0.00"},{"v":0,"d":"R$ 0.00"}]
["7.6","CHAPIM DE CONCRETO APARENTE COM ACABAMENTO DESEMPENADO, FORMA DE COMPENSADO PLASTIFICADO (MADEIRIT) DE 14 X 10 CM, FUNDIDO NO LOCAL.","m",{"v":258.2,"d":"258.20"},{"v":28.6606625,"d":"R$ 28.66"},{"v":7400.183057499999,"d":"R$ 7,400.18"},0,0,{"v":0,"d":"R$ 0.00"},{"v":0,"d":"R$ 0.00"}]
[{"$nulls":4},{"v":339677.06313168746,"d":"R$ 339,677.06"}]
[]
[8,"IMPERMEABILIZAÇÃO "]
["8.1","IMPERMEABILIZACAO DE ESTRUTURAS ENTERRADAS, COM TINTA ASFALTICA, DUAS DEMAOS.","m²",707.67,{"v":8.8705625,"d":"R$ 8.87"},{"v":6277.430964374999,"d":"R$ 6,277.43"},0,{"$f":"D198*L198","v":707.67},{"v":0,"d":"R$ 0.00"},{"$f":"F198*L198","v":{"v":6277.430964374999,"d":"R$ 6,277.43"}},null,{"v":1,"d":"100%"}]
[{"$nulls":4},{"v":6277.430964374999,"d":"R$ 6,277.43"}]
[]
[9,"REVESTIMENTOS INTERNOS E EXTERNOS"]
["9.1","CHAPISCO APLICADO EM ALVENARIAS E ESTRUTURAS DE CONCRETO INTERNAS, COM COLHER DE PEDREIRO.                                                 ARGAMASSA TRAÇO 1:3 COM PREPARO MANUAL. AF_06/2014","m²",{"v":3513.3,"d":"3,513.30"},{"v":3.5357312500000004,"d":"R$ 3.54"},{"v":12422.084600625003,"d":"R$ 12,422.08"},0,{"$f":"D202*L202","v":0},{"v":0,"d":"R$ 0.00"},{"$f":"F202*L202","v":{"v":0,"d":"R$ 0.00"}}]
["9.2","EMBOÇO, PARA RECEBIMENTO DE CERÂMICA, EM ARGAMASSA TRAÇO 1:2:8, PREPARO MECÂNICO COM BETONEIRA 400L, APLICADO MANUALMENTE EM FACES INTERNAS DE PAREDES, PARA AMBIENTE COM ÁREA MAIOR QUE 10M2, ESPESSURA DE 20MM,\nCOM EXECUÇÃO DE TALISCAS. AF_06/2014","m²",{"v":2826.43,"d":"2,826.43"},{"v":24.312837500000004,"d":"R$ 24.31"},{"v":68718.533295125,"d":"R$ 68,718.53"},0,0,{"v":0,"d":"R$ 0.00"},{"v":0,"d":"R$ 0.00"}]
["9.3","EMBOÇO C/ ARGAMASSA MISTA DE CIMENTO, CAL HIDRATADA E AREIA S/PENEIRAR M2 TRAÇO 1:2:9 ESP.= 20mm P/ PAREDE","m²",686.87,{"v":25.637175,"d":"R$ 25.64"},{"v":17609.40639225,"d":"R$ 17,609.41"},{"$f":"K204*D204","v":0},0,{"$f":"F204*K204","v":{"v":0,"d":"R$ 0.00"}},{"v":0,"d":"R$ 0.00"}]
["9.4","REBOCO (1 CALH:4 ARFC+100kgCI/M3)","m²",{"v":2028.45,"d":"2,028.45"},{"v":15.5922,"d":"R$ 15.59"},{"v":31627.99809,"d":"R$ 31,628.00"},0,0,{"v":0,"d":"R$ 0.00"},{"v":0,"d":"R$ 0.00"}]
["9.5","REVESTIMENTO CERÂMICO PARA PAREDES INTERNAS COM PLACAS TIPO GRÊS OU SEMI-GRÊS DE DIMENSÕES 33X45 CM APLICADAS EM AMBIENTES DE ÁREA MENOR QUE\n5 M² NA ALTURA INTEIRA DAS PAREDES. AF_06/2014 - branca","m²",629.61,{"v":59.707631250000006,"d":"R$ 59.71"},{"v":37592.5217113125,"d":"R$ 37,592.52"},0,0,{"v":0,"d":"R$ 0.00"},{"v":0,"d":"R$ 0.00"}]
["9.6","REVESTIMENTO CERÂMICO PARA PAREDES INTERNAS COM PLACAS TIPO GRÊS OU SEMI-GRÊS DE DIMENSÕES 20X20 CM APLICADAS EM AMBIENTES DE ÁREA MAIOR QUE\n5 M² A MEIA ALTURA DAS PAREDES. AF_06/2014 - azul","m²",9.21,{"v":52.073949999999996,"d":"R$ 52.07"},{"v":479.6010795,"d":"R$ 479.60"},0,0,{"v":0,"d":"R$ 0.00"},{"v":0,"d":"R$ 0.00"}]
["9.7","REVESTIMENTO CERÂMICO PARA PAREDES INTERNAS COM PLACAS TIPO GRÊS OU SEMI-GRÊS DE DIMENSÕES 20X20 CM APLICADAS EM AMBIENTES DE ÁREA MAIOR QUE\n5 M² A MEIA ALTURA DAS PAREDES. AF_06/2014 - vermelho","m²",7.49,{"v":52.073949999999996,"d":"R$ 52.07"},{"v":390.0338855,"d":"R$ 390.03"},0,0,{"v":0,"d":"R$ 0.00"},{"v":0,"d":"R$ 0.00"}]
["9.8","REVESTIMENTO CERÂMICO PARA PAREDES INTERNAS COM PLACAS TIPO GRÊS OU SEMI-GRÊS DE DIMENSÕES 20X20 CM APLICADAS EM AMBIENTES DE ÁREA MAIOR QUE\n5 M² A MEIA ALTURA DAS PAREDES. AF_06/2014 - branco","m²",15.17,{"v":52.073949999999996,"d":"R$ 52.07"},{"v":789.9618214999999,"d":"R$ 789.96"},0,0,{"v":0,"d":"R$ 0.00"},{"v":0,"d":"R$ 0.00"}]
["9.9","REVESTIMENTO CERÂMICO PARA PAREDES INTERNAS COM PLACAS TIPO GRÊS OU SEMI-GRÊS DE DIMENSÕES 20X20 CM APLICADAS EM AMBIENTES DE ÁREA MAIOR QUE 5 M² A MEIA ALTURA DAS PAREDES. AF_06/2014 - amarelo","m²",{"v":136.5,"d":"136.50"},{"v":52.073949999999996,"d":"R$ 52.07"},{"v":7108.094174999999,"d":"R$ 7,108.09"},0,0,{"v":0,"d":"R$ 0.00"},{"v":0,"d":"R$ 0.00"}]
["9.10","RODAPE EM MADEIRA, ALTURA 7CM, FIXADO COM COLA","m",{"v":191.3,"d":"191.30"},{"v":19.940025000000002,"d":"R$ 19.94"},{"v":3814.5267825000005,"d":"R$ 3,814.53"},0,0,{"v":0,"d":"R$ 0.00"},{"v":0,"d":"R$ 0.00"}]
["9.11","Forro de gesso acartonado estruturado - fornecimento e montagem","m²",498.03,{"v":57.8460625,"d":"R$ 57.85"},{"v":28809.074506875,"d":"R$ 28,809.07"},0,0,{"v":0,"d":"R$ 0.00"},{"v":0,"d":"R$ 0.00"}]
["9.12","FNDE: Forro em fibra mineral removível (1250x625x16mm) apoiado sobre perfil metálico \"T\" invertido 24mm. ORSE: Forro acústico em placas de fibra mineral c/ perfil  \"T\" em aço, tipo \"SONEX\" ou similar - fornecimento e montagem.","m²",738.27,{"v":85.43226250000001,"d":"R$ 85.43"},{"v":63072.076435875,"d":"R$ 63,072.08"},0,0,{"v":0,"d":"R$ 0.00"},{"v":0,"d":"R$ 0.00"}]
[{"$nulls":4},{"v":272433.9127760625,"d":"R$ 272,433.91"}]
[]
[10,"SISTEMAS DE PISOS INTERNOS E EXTERNOS (PAVIMENTAÇÃO)"]
["10.1","PAVIMENTAÇÃO INTERNA"]
["10.1.1","Contrapiso em argamassa traço 1:4 (cimento e areia), preparo manual, e=5,0cm","m²",{"v":1159.7,"d":"1,159.70"},{"v":42.54121875,"d":"R$ 42.54"},{"v":49335.051384375,"d":"R$ 49,335.05"},0,{"$f":"D218*L218","v":0},{"v":0,"d":"R$ 0.00"},{"$f":"F218*L218","v":{"v":0,"d":"R$ 0.00"}}]
["10.1.2","FNDE: Camada regularizadora e=2,0cm. SINAPI: Contrapiso em argamassa pronta, preparo manual, aplicado em áreas secas sobre laje, aderido, espessura 2 cm.","m²",{"v":1159.7,"d":"1,159.70"},{"v":61.50673125,"d":"R$ 61.51"},{"v":71329.35623062501,"d":"R$ 71,329.36"},0,0,{"v":0,"d":"R$ 0.00"},{"v":0,"d":"R$ 0.00"}]
["10.1.3","FNDE: Piso cimentado traço 1:3 (cimento e areia)  acabamento liso e=3,0cm. SINAPI: acréscimo de junta plastica acabada 1,2m.","m²",386.12,{"v":49.37530000000001,"d":"R$ 49.38"},{"v":19064.790836000004,"d":"R$ 19,064.79"},0,0,{"v":0,"d":"R$ 0.00"},{"v":0,"d":"R$ 0.00"}]
["10.1.4","Pintura de base epoxi sobre piso","m²",23.72,{"v":49.71263125,"d":"R$ 49.71"},{"v":1179.18361325,"d":"R$ 1,179.18"},0,0,{"v":0,"d":"R$ 0.00"},{"v":0,"d":"R$ 0.00"}]
["10.1.5","FNDE: Piso cerâmico antiderrapante PEI V - 40 x 40 cm - incl. rejunte - conforme projeto. ORSE: Revestimento cerâmico para piso ou parede, 40x40 cm, c/ piso solid grey , INCEPA ou similar, PEI 5, aplicado com argamassa industrializada ac-iii, rejuntado, exclusive regularização de base ou emboço.","m²",226.97,{"v":66.40428125000001,"d":"R$ 66.40"},{"v":15071.779715312503,"d":"R$ 15,071.78"},0,0,{"v":0,"d":"R$ 0.00"},{"v":0,"d":"R$ 0.00"}]
["10.1.6","Piso cerâmico antiderrapante PEI V - 60 x 60 cm - incl. rejunte - conforme projeto ","m²",355.53,{"v":60.31982500000001,"d":"R$ 60.32"},{"v":21445.50738225,"d":"R$ 21,445.51"},0,0,{"v":0,"d":"R$ 0.00"},{"v":0,"d":"R$ 0.00"}]
["10.1.7","Piso vinílico semiflexível padrão liso e=2,0mm fixado com cola","m²",394.33,{"v":78.48573750000001,"d":"R$ 78.49"},{"v":30949.280868375005,"d":"R$ 30,949.28"},0,0,{"v":0,"d":"R$ 0.00"},{"v":0,"d":"R$ 0.00"}]
["10.1.8","Piso podotátil de alerta em borracha integrado 30x30cm, assentamento com (fornecimento e assentamento)","m²",{"v":27.9,"d":"27.90"},{"v":139.94249375,"d":"R$ 139.94"},{"v":3904.395575625,"d":"R$ 3,904.40"},0,0,{"v":0,"d":"R$ 0.00"},{"v":0,"d":"R$ 0.00"}]
["10.1.9","Piso podotátil direcional em borracha integrado 30x30cm, assentamento com argamassa (fornecimento e assentamento)","m²",22.68,{"v":139.94249375,"d":"R$ 139.94"},{"v":3173.89575825,"d":"R$ 3,173.90"},0,0,{"v":0,"d":"R$ 0.00"},{"v":0,"d":"R$ 0.00"}]
["10.1.10","Rodapé vinílico h=5cm, e=1mm, fixado com cola","m",{"v":191.3,"d":"191.30"},{"v":24.8625625,"d":"R$ 24.86"},{"v":4756.20820625,"d":"R$ 4,756.21"},0,0,{"v":0,"d":"R$ 0.00"},{"v":0,"d":"R$ 0.00"}]
["10.1.11","Soleira em granito cinza andorinha, L=15cm","m",{"v":90,"d":"90.00"},{"v":87.28133749999999,"d":"R$ 87.28"},{"v":7855.320374999999,"d":"R$ 7,855.32"},0,0,{"v":0,"d":"R$ 0.00"},{"v":0,"d":"R$ 0.00"}]
["10.1.12","Soleira em granito cinza andorinha, L=25cm, ","m",1.77,{"v":137.91850625,"d":"R$ 137.92"},{"v":244.11575606250003,"d":"R$ 244.12"},0,0,{"v":0,"d":"R$ 0.00"},{"v":0,"d":"R$ 0.00"}]
["10.2","PAVIMENTAÇÃO EXTERNA"]
["10.2.1","PISO EM CONCRETO 20 MPA PREPARO MECANICO, ESPESSURA 7CM, INCLUSO SELANTE ELÁSTICO A BASE DE POLIURETANO","m²",345.98,{"v":46.48924375,"d":"R$ 46.49"},{"v":16084.348552625,"d":"R$ 16,084.35"},0,{"$f":"D231*L231","v":0},{"v":0,"d":"R$ 0.00"},{"$f":"F231*L231","v":{"v":0,"d":"R$ 0.00"}}]
["10.2.2","FNDE: Rampa de acesso em concreto não estrutural. SINAPI: Piso em concreto 20 Mpa preparo mecanico, espessura 7 cm , incluso selante elastico a base de poliuretano.","m²",28.22,{"v":46.48924375,"d":"R$ 46.49"},{"v":1311.926458625,"d":"R$ 1,311.93"},0,0,{"v":0,"d":"R$ 0.00"},{"v":0,"d":"R$ 0.00"}]
["10.2.3","FNDE: Pavimetação em blocos intertravado de concreto, e= 6,0cm, FCK 35MPa, assentados sobre colchão de areia. SINAPI: Execução de pavimento em piso intertravado, com bloco sextavado  de 25 x 25 cm, espessura 6 cm.","m²",67.22,{"v":61.48174375000001,"d":"R$ 61.48"},{"v":4132.802814875,"d":"R$ 4,132.80"},0,0,{"v":0,"d":"R$ 0.00"},{"v":0,"d":"R$ 0.00"}]
["10.2.4","FNDE: Piso tátil de alerta em placas pré-moldadas - 5MPa. SEINFRA: Piso podotátil externo em PMC e=3cm, assentado com argamassa (fornecimento e assentamento.","m²",4.86,{"v":81.27184375,"d":"R$ 81.27"},{"v":394.98116062500003,"d":"R$ 394.98"},0,0,{"v":0,"d":"R$ 0.00"},{"v":0,"d":"R$ 0.00"}]
["10.2.5","FNDE: Piso tátil direcional em placas pré-moldadas - 5MPa. SEINFRA: Piso podotátil externo em PMC e=3cm, assentado com argamassa (fornecimento e assentamento.","m²",8.64,{"v":81.27184375,"d":"R$ 81.27"},{"v":702.1887300000001,"d":"R$ 702.19"},0,0,{"v":0,"d":"R$ 0.00"},{"v":0,"d":"R$ 0.00"}]
["10.2.6","FNDE: Meio -fio (guia) de concreto pré-moldado, rejuntado com argamassa, incluindo escavação e reaterro. AGETOP: Meio fio PD AGETOP em conc.pré mold. Reto /curvo (9v12x30x100 cm), FC28=30MPa  com argam. (1CI:3ARMLC) p/arremate do rejunt. - incluso escav./apiloam./reaterro e conc. FC28=10 MPa p/assentam. e chumbamento.","m",{"v":23.1,"d":"23.10"},{"v":30.509737500000004,"d":"R$ 30.51"},{"v":704.7749362500001,"d":"R$ 704.77"},0,0,{"v":0,"d":"R$ 0.00"},{"v":0,"d":"R$ 0.00"}]
["10.2.7","FNDE: Colchão de areia e=10cm. ORSE: Colchão de areia.","m³",{"v":7.6,"d":"7.60"},{"v":95.91451875000001,"d":"R$ 95.91"},{"v":728.9503425,"d":"R$ 728.95"},0,0,{"v":0,"d":"R$ 0.00"},{"v":0,"d":"R$ 0.00"}]
["10.2.8","Grama batatais em placas (plantio)","m²",368.56,{"v":9.495249999999999,"d":"R$ 9.50"},{"v":3499.5693399999996,"d":"R$ 3,499.57"},0,0,{"v":0,"d":"R$ 0.00"},{"v":0,"d":"R$ 0.00"}]
[{"$nulls":4},{"v":255868.42803687506,"d":"R$ 255,868.43"}]
[]
[11,"PINTURA "]
["11.1","Emassamento de paredes internas com massa acrílica - 02 demãos ","m²",{"v":2028.45,"d":"2,028.45"},{"v":15.479756250000001,"d":"R$ 15.48"},{"v":31399.911565312505,"d":"R$ 31,399.91"},0,{"$f":"D242*L242","v":0},{"v":0,"d":"R$ 0.00"},{"$f":"F242*L242","v":{"v":0,"d":"R$ 0.00"}}]
["11.2","Pintura em latex acrílico 02 demãos sobre paredes internas, externas AF_06/2014","m²",{"v":2715.32,"d":"2,715.32"},{"v":11.944025,"d":"R$ 11.94"},{"v":32431.849963,"d":"R$ 32,431.85"},0,0,{"v":0,"d":"R$ 0.00"},{"v":0,"d":"R$ 0.00"}]
["11.3","Pintura em latex PVA 02 demãos sobre teto AF_06/2014","m²",498.03,{"v":10.532231249999999,"d":"R$ 10.53"},{"v":5245.367129437499,"d":"R$ 5,245.37"},0,0,{"v":0,"d":"R$ 0.00"},{"v":0,"d":"R$ 0.00"}]
["11.4","Pintura em esmalte sintético 02 demãos em esquadrias de madeira","m²",{"v":107.1,"d":"107.10"},{"v":20.27735625,"d":"R$ 20.28"},{"v":2171.7048543749997,"d":"R$ 2,171.70"},0,0,{"v":0,"d":"R$ 0.00"},{"v":0,"d":"R$ 0.00"}]
["11.5","FNDE: Pintura em esmalte sintético 02 demãos em rodameio de madeira. SINAPI: Pintura esmalte fosco para madeira, duas demãos, sobre fundo nivelador branco.","m²",19.13,{"v":23.063462500000004,"d":"R$ 23.06"},{"v":441.20403762500007,"d":"R$ 441.20"},0,0,{"v":0,"d":"R$ 0.00"},{"v":0,"d":"R$ 0.00"}]
["11.6","Pintura epoxi - 02 demãos","m²",172.17,{"v":40.567206250000005,"d":"R$ 40.57"},{"v":6984.4559000625,"d":"R$ 6,984.46"},0,0,{"v":0,"d":"R$ 0.00"},{"v":0,"d":"R$ 0.00"}]
[{"$nulls":4},{"v":78674.4934498125,"d":"R$ 78,674.49"}]
[]
[12,"INSTALAÇÃO HIDRÁULICA "]
["12.1","TUBULAÇÕES E CONEXÕES DE PVC RÍGIDO"]
["12.1.1","Tubo PVC soldável Ø 20 mm, fornecimento e instalação","m",36.78,{"v":6.8590687500000005,"d":"R$ 6.86"},{"v":252.27654862500003,"d":"R$ 252.28"},0,{"$f":"D252*L252","v":0},{"v":0,"d":"R$ 0.00"},{"$f":"F252*L252","v":{"v":0,"d":"R$ 0.00"}}]
["12.1.2","Tubo PVC soldável Ø 25 mm, fornecimento e instalação","m",275.11,{"v":4.78510625,"d":"R$ 4.79"},{"v":1316.4305804375,"d":"R$ 1,316.43"},0,0,{"v":0,"d":"R$ 0.00"},{"v":0,"d":"R$ 0.00"}]
["12.1.3","Tubo PVC soldável Ø 32 mm, fornecimento e instalação","m",16.43,{"v":9.720137500000002,"d":"R$ 9.72"},{"v":159.70185912500003,"d":"R$ 159.70"},0,0,{"v":0,"d":"R$ 0.00"},{"v":0,"d":"R$ 0.00"}]
["12.1.4","Tubo PVC soldável Ø 50 mm, fornecimento e instalação","m",115.77,{"v":17.29135,"d":"R$ 17.29"},{"v":2001.8195895000001,"d":"R$ 2,001.82"},0,0,{"v":0,"d":"R$ 0.00"},{"v":0,"d":"R$ 0.00"}]
["12.1.5","Tubo PVC soldável Ø 60 mm, fornecimento e instalação","m",42.95,{"v":26.524231250000003,"d":"R$ 26.52"},{"v":1139.2157321875002,"d":"R$ 1,139.22"},0,0,{"v":0,"d":"R$ 0.00"},{"v":0,"d":"R$ 0.00"}]
["12.1.6","Tubo PVC soldável Ø 75mm, fornecimento e instalação","m",50.33,{"v":36.99399375,"d":"R$ 36.99"},{"v":1861.9077054375,"d":"R$ 1,861.91"},0,0,{"v":0,"d":"R$ 0.00"},{"v":0,"d":"R$ 0.00"}]
["12.1.7","Tubo PVC soldável Ø 85mm, fornecimento e instalação","m",94.74,{"v":46.401787500000005,"d":"R$ 46.40"},{"v":4396.10534775,"d":"R$ 4,396.11"},0,0,{"v":0,"d":"R$ 0.00"},{"v":0,"d":"R$ 0.00"}]
["12.1.8","Tubo PVC soldável Ø 100mm, fornecimento e instalação","m",{"v":46.4,"d":"46.40"},{"v":46.06445625,"d":"R$ 46.06"},{"v":2137.39077,"d":"R$ 2,137.39"},0,0,{"v":0,"d":"R$ 0.00"},{"v":0,"d":"R$ 0.00"}]
["12.1.9","Adaptador soldavel com flange livre para caixa d'agua - 110mm - 4\", fornecimento e instalação","un",{"v":4,"d":"4.00"},{"v":346.41420625,"d":"R$ 346.41"},{"v":1385.656825,"d":"R$ 1,385.66"},0,0,{"v":0,"d":"R$ 0.00"},{"v":0,"d":"R$ 0.00"}]
["12.1.10","FNDE: Adaptador soldavel com flange livre para caixa d'agua - 85mm - 3\", fornecimento e instalação. SEINFRA: Adaptador PVC sold. Flanges livres p/cx. d'água 85 mm (3\").","un",{"v":4,"d":"4.00"},{"v":258.65810625,"d":"R$ 258.66"},{"v":1034.632425,"d":"R$ 1,034.63"},0,0,{"v":0,"d":"R$ 0.00"},{"v":0,"d":"R$ 0.00"}]
["12.1.11","FNDE: Adaptador soldavel com flange livre para caixa d'agua - 20mm - 1/2\", fornecimento e instalação. SEINFRA: Adaptador PVC sold. Flanges livres p/cx. d'água 20 mm (1/2\").","un",{"v":1,"d":"1.00"},{"v":14.142925000000002,"d":"R$ 14.14"},{"v":14.142925000000002,"d":"R$ 14.14"},0,0,{"v":0,"d":"R$ 0.00"},{"v":0,"d":"R$ 0.00"}]
["12.1.12","Adaptador sol. curto com bolsa-rosca para registro - 110mm - 4\", fornecimento e instalação","un",{"v":4,"d":"4.00"},{"v":52.073949999999996,"d":"R$ 52.07"},{"v":208.29579999999999,"d":"R$ 208.30"},0,0,{"v":0,"d":"R$ 0.00"},{"v":0,"d":"R$ 0.00"}]
["12.1.13","Adaptador sol. curto com bolsa-rosca para registro - 20mm - 1/2\", fornecimento e instalação","un",{"v":3,"d":"3.00"},{"v":3.66066875,"d":"R$ 3.66"},{"v":10.982006250000001,"d":"R$ 10.98"},0,0,{"v":0,"d":"R$ 0.00"},{"v":0,"d":"R$ 0.00"}]
["12.1.14","Adaptador sol. curto com bolsa-rosca para registro - 25mm - 3/4\", fornecimento e instalação","un",{"v":81,"d":"81.00"},{"v":3.848075,"d":"R$ 3.85"},{"v":311.694075,"d":"R$ 311.69"},0,0,{"v":0,"d":"R$ 0.00"},{"v":0,"d":"R$ 0.00"}]
["12.1.15","Adaptador sol. curto com bolsa-rosca para registro - 32mm - 1\", fornecimento e instalação","un",{"v":2,"d":"2.00"},{"v":4.547725,"d":"R$ 4.55"},{"v":9.09545,"d":"R$ 9.10"},0,0,{"v":0,"d":"R$ 0.00"},{"v":0,"d":"R$ 0.00"}]
["12.1.16","Adaptador sol. curto com bolsa-rosca para registro - 50mm - 1 1/2\", fornecimento e instalação","un",{"v":36,"d":"36.00"},{"v":8.745625,"d":"R$ 8.75"},{"v":314.84250000000003,"d":"R$ 314.84"},0,0,{"v":0,"d":"R$ 0.00"},{"v":0,"d":"R$ 0.00"}]
["12.1.17","Adaptador sol. curto com bolsa-rosca para registro - 60mm - 2\", fornecimento e instalação","un",{"v":16,"d":"16.00"},{"v":14.605193750000002,"d":"R$ 14.61"},{"v":233.68310000000002,"d":"R$ 233.68"},{"$f":"K268*D268","v":0},0,{"$f":"F268*K268","v":{"v":0,"d":"R$ 0.00"}},{"v":0,"d":"R$ 0.00"}]
["12.1.18","Adaptador sol. curto com bolsa-rosca para registro - 75mm - 2 1/2\", fornecimento e instalação","un",{"v":4,"d":"4.00"},{"v":23.275856250000004,"d":"R$ 23.28"},{"v":93.10342500000002,"d":"R$ 93.10"},0,0,{"v":0,"d":"R$ 0.00"},{"v":0,"d":"R$ 0.00"}]
["12.1.19","Adaptador sol. curto com bolsa-rosca para registro - 85mm - 3\", fornecimento e instalação","un",{"v":4,"d":"4.00"},{"v":31.68415,"d":"R$ 31.68"},{"v":126.7366,"d":"R$ 126.74"},0,0,{"v":0,"d":"R$ 0.00"},{"v":0,"d":"R$ 0.00"}]
["12.1.20","Bucha de redução sold. curta 32mm x 25mm, fornecimento e instalação","un",{"v":1,"d":"1.00"},{"v":3.7106437500000005,"d":"R$ 3.71"},{"v":3.7106437500000005,"d":"R$ 3.71"},0,0,{"v":0,"d":"R$ 0.00"},{"v":0,"d":"R$ 0.00"}]
["12.1.21","Bucha de redução sold. curta 60mm x 50mm, fornecimento e instalação","un",{"v":24,"d":"24.00"},{"v":10.7946,"d":"R$ 10.79"},{"v":259.0704,"d":"R$ 259.07"},0,0,{"v":0,"d":"R$ 0.00"},{"v":0,"d":"R$ 0.00"}]
["12.1.22","Bucha de redução sold. curta 75mm x 60mm, fornecimento e instalação","un",{"v":3,"d":"3.00"},{"v":19.165412500000002,"d":"R$ 19.17"},{"v":57.49623750000001,"d":"R$ 57.50"},0,0,{"v":0,"d":"R$ 0.00"},{"v":0,"d":"R$ 0.00"}]
["12.1.23","Bucha de redução sold. curta 85mm x 75mm, fornecimento e instalação","un",{"v":7,"d":"7.00"},{"v":20.97700625,"d":"R$ 20.98"},{"v":146.83904375,"d":"R$ 146.84"},0,0,{"v":0,"d":"R$ 0.00"},{"v":0,"d":"R$ 0.00"}]
["12.1.24","Bucha de redução sold. curta 110mm x 85mm, fornecimento e instalação","un",{"v":2,"d":"2.00"},{"v":64.6926375,"d":"R$ 64.69"},{"v":129.385275,"d":"R$ 129.39"},0,0,{"v":0,"d":"R$ 0.00"},{"v":0,"d":"R$ 0.00"}]
["12.1.25","Bucha de redução sold. longa 50mm x 25mm, fornecimento e instalação","un",{"v":30,"d":"30.00"},{"v":8.0209875,"d":"R$ 8.02"},{"v":240.629625,"d":"R$ 240.63"},0,0,{"v":0,"d":"R$ 0.00"},{"v":0,"d":"R$ 0.00"}]
["12.1.26","Bucha de redução sold. longa 50mm x 32mm, fornecimento e instalação","un",{"v":2,"d":"2.00"},{"v":8.65816875,"d":"R$ 8.66"},{"v":17.3163375,"d":"R$ 17.32"},0,0,{"v":0,"d":"R$ 0.00"},{"v":0,"d":"R$ 0.00"}]
["12.1.27","Bucha de redução sold. longa 60mm x 25mm, fornecimento e instalação","un",{"v":5,"d":"5.00"},{"v":11.7691125,"d":"R$ 11.77"},{"v":58.8455625,"d":"R$ 58.85"},0,0,{"v":0,"d":"R$ 0.00"},{"v":0,"d":"R$ 0.00"}]
["12.1.28","Bucha de redução sold. longa 75mm x 50mm, fornecimento e instalação","un",{"v":15,"d":"15.00"},{"v":19.87755625,"d":"R$ 19.88"},{"v":298.16334375,"d":"R$ 298.16"},0,0,{"v":0,"d":"R$ 0.00"},{"v":0,"d":"R$ 0.00"}]
["12.1.29","FNDE: Bucha de redução sold. longa 85mm-60mm, fornecimento e instalação. ORSE: Bucha de redução longa de PVC rígido soldável, marrom, diâm = 85 x 60 mm.","un",{"v":4,"d":"4.00"},{"v":32.08395,"d":"R$ 32.08"},{"v":128.3358,"d":"R$ 128.34"},0,0,{"v":0,"d":"R$ 0.00"},{"v":0,"d":"R$ 0.00"}]
["12.1.30","Joelho 45 soldável - 25mm, fornecimento e instalação","un",{"v":6,"d":"6.00"},{"v":4.510243750000001,"d":"R$ 4.51"},{"v":27.061462500000005,"d":"R$ 27.06"},0,0,{"v":0,"d":"R$ 0.00"},{"v":0,"d":"R$ 0.00"}]
["12.1.31","Joelho 45 soldável - 32mm, fornecimento e instalação","un",{"v":2,"d":"2.00"},{"v":7.471262500000001,"d":"R$ 7.47"},{"v":14.942525000000002,"d":"R$ 14.94"},0,0,{"v":0,"d":"R$ 0.00"},{"v":0,"d":"R$ 0.00"}]
["12.1.32","Joelho 45 soldável - 50mm, fornecimento e instalação","un",{"v":2,"d":"2.00"},{"v":12.85606875,"d":"R$ 12.86"},{"v":25.7121375,"d":"R$ 25.71"},0,0,{"v":0,"d":"R$ 0.00"},{"v":0,"d":"R$ 0.00"}]
["12.1.33","Joelho 45 soldável - 75mm, fornecimento e instalação","un",{"v":2,"d":"2.00"},{"v":66.10443125,"d":"R$ 66.10"},{"v":132.2088625,"d":"R$ 132.21"},0,{"$f":"D284*L284","v":0},{"v":0,"d":"R$ 0.00"},{"$f":"F284*L284","v":{"v":0,"d":"R$ 0.00"}}]
["12.1.34","Joelho 45 soldável - 85mm, fornecimento e instalação","un",{"v":2,"d":"2.00"},{"v":74.97499375000001,"d":"R$ 74.97"},{"v":149.94998750000002,"d":"R$ 149.95"},0,0,{"v":0,"d":"R$ 0.00"},{"v":0,"d":"R$ 0.00"}]
["12.1.35","Joelho 90 soldável - 20mm, fornecimento e instalação","un",{"v":3,"d":"3.00"},{"v":6.18440625,"d":"R$ 6.18"},{"v":18.55321875,"d":"R$ 18.55"},0,0,{"v":0,"d":"R$ 0.00"},{"v":0,"d":"R$ 0.00"}]
["12.1.36","Joelho 90 soldável - 25mm, fornecimento e instalação","un",{"v":151,"d":"151.00"},{"v":7.40879375,"d":"R$ 7.41"},{"v":1118.72785625,"d":"R$ 1,118.73"},0,0,{"v":0,"d":"R$ 0.00"},{"v":0,"d":"R$ 0.00"}]
["12.1.37","Joelho 90 soldável - 32mm, fornecimento e instalação","un",{"v":3,"d":"3.00"},{"v":9.98250625,"d":"R$ 9.98"},{"v":29.94751875,"d":"R$ 29.95"},0,0,{"v":0,"d":"R$ 0.00"},{"v":0,"d":"R$ 0.00"}]
["12.1.38","Joelho 90 soldável - 50mm, fornecimento e instalação","un",{"v":20,"d":"20.00"},{"v":11.69415,"d":"R$ 11.69"},{"v":233.883,"d":"R$ 233.88"},0,0,{"v":0,"d":"R$ 0.00"},{"v":0,"d":"R$ 0.00"}]
["12.1.39","Joelho 90 soldável - 60mm, fornecimento e instalação","un",{"v":11,"d":"11.00"},{"v":31.5092375,"d":"R$ 31.51"},{"v":346.6016125,"d":"R$ 346.60"},0,0,{"v":0,"d":"R$ 0.00"},{"v":0,"d":"R$ 0.00"}]
["12.1.40","Joelho 90 soldável - 75mm, fornecimento e instalação","un",{"v":2,"d":"2.00"},{"v":57.896037500000006,"d":"R$ 57.90"},{"v":115.79207500000001,"d":"R$ 115.79"},0,0,{"v":0,"d":"R$ 0.00"},{"v":0,"d":"R$ 0.00"}]
["12.1.41","Joelho 90 soldável - 85mm, fornecimento e instalação","un",{"v":10,"d":"10.00"},{"v":96.45175,"d":"R$ 96.45"},{"v":964.5175,"d":"R$ 964.52"},0,0,{"v":0,"d":"R$ 0.00"},{"v":0,"d":"R$ 0.00"}]
["12.1.42","Joelho 90 soldável - 100mm, fornecimento e instalação","un",{"v":7,"d":"7.00"},{"v":41.64166875,"d":"R$ 41.64"},{"v":291.49168125,"d":"R$ 291.49"},0,0,{"v":0,"d":"R$ 0.00"},{"v":0,"d":"R$ 0.00"}]
["12.1.43","Joelho de redução 90º soldavel 32mm x 25mm, fornecimento e instalação","un",{"v":3,"d":"3.00"},{"v":8.9205375,"d":"R$ 8.92"},{"v":26.7616125,"d":"R$ 26.76"},0,0,{"v":0,"d":"R$ 0.00"},{"v":0,"d":"R$ 0.00"}]
["12.1.44","Joelho 90 soldavel com rosca 20mm x 1/2\", fornecimento e instalação","un",{"v":5,"d":"5.00"},{"v":8.25836875,"d":"R$ 8.26"},{"v":41.291843750000005,"d":"R$ 41.29"},0,0,{"v":0,"d":"R$ 0.00"},{"v":0,"d":"R$ 0.00"}]
["12.1.45","Joelho 90º soldavel com bucha de latão - 25mm x 3/4\", fornecimento e instalação","un",{"v":7,"d":"7.00"},{"v":11.9190375,"d":"R$ 11.92"},{"v":83.4332625,"d":"R$ 83.43"},0,0,{"v":0,"d":"R$ 0.00"},{"v":0,"d":"R$ 0.00"}]
["12.1.46","Joelho de redução 90º soldavel com bucha latão - 25mm - 1/2\", fornecimento e instalação","un",{"v":88,"d":"88.00"},{"v":12.23138125,"d":"R$ 12.23"},{"v":1076.36155,"d":"R$ 1,076.36"},0,0,{"v":0,"d":"R$ 0.00"},{"v":0,"d":"R$ 0.00"}]
["12.1.47","Luva soldável com rosca 25mm - 3/4\"","un",{"v":15,"d":"15.00"},{"v":4.2353812500000005,"d":"R$ 4.24"},{"v":63.530718750000005,"d":"R$ 63.53"},0,0,{"v":0,"d":"R$ 0.00"},{"v":0,"d":"R$ 0.00"}]
["12.1.48","Luva de redução soldavel com bucha latão - 25mm x 1/2\", fornecimento e instalação","un",{"v":14,"d":"14.00"},{"v":8.93303125,"d":"R$ 8.93"},{"v":125.06243750000002,"d":"R$ 125.06"},0,0,{"v":0,"d":"R$ 0.00"},{"v":0,"d":"R$ 0.00"}]
["12.1.49","Tê 90 soldável - 25mm, fornecimento e instalação","un",{"v":37,"d":"37.00"},{"v":10.33233125,"d":"R$ 10.33"},{"v":382.29625625,"d":"R$ 382.30"},0,0,{"v":0,"d":"R$ 0.00"},{"v":0,"d":"R$ 0.00"}]
["12.1.50","Tê 90 soldável - 32mm, fornecimento e instalação","un",{"v":1,"d":"1.00"},{"v":10.432281249999999,"d":"R$ 10.43"},{"v":10.432281249999999,"d":"R$ 10.43"},0,0,{"v":0,"d":"R$ 0.00"},{"v":0,"d":"R$ 0.00"}]
["12.1.51","Tê 90 soldável - 50mm, fornecimento e instalação","un",{"v":13,"d":"13.00"},{"v":17.95351875,"d":"R$ 17.95"},{"v":233.39574375,"d":"R$ 233.40"},0,0,{"v":0,"d":"R$ 0.00"},{"v":0,"d":"R$ 0.00"}]
["12.1.52","Tê 90 soldável - 60mm, fornecimento e instalação","un",{"v":12,"d":"12.00"},{"v":36.681650000000005,"d":"R$ 36.68"},{"v":440.17980000000006,"d":"R$ 440.18"},0,0,{"v":0,"d":"R$ 0.00"},{"v":0,"d":"R$ 0.00"}]
["12.1.53","Tê 90 soldável - 75mm, fornecimento e instalação","un",{"v":3,"d":"3.00"},{"v":40.49224375,"d":"R$ 40.49"},{"v":121.47673125,"d":"R$ 121.48"},0,0,{"v":0,"d":"R$ 0.00"},{"v":0,"d":"R$ 0.00"}]
["12.1.54","Tê 90 soldável - 85mm, fornecimento e instalação","un",{"v":9,"d":"9.00"},{"v":90.66714375000001,"d":"R$ 90.67"},{"v":816.0042937500001,"d":"R$ 816.00"},0,0,{"v":0,"d":"R$ 0.00"},{"v":0,"d":"R$ 0.00"}]
["12.1.55","Tê 90 soldável - 100mm, fornecimento e instalação","un",{"v":2,"d":"2.00"},{"v":56.29683750000001,"d":"R$ 56.30"},{"v":112.59367500000002,"d":"R$ 112.59"},0,0,{"v":0,"d":"R$ 0.00"},{"v":0,"d":"R$ 0.00"}]
["12.1.56","Tê de redução 90 soldavel - 32mm x 25mm, fornecimento e instalação","un",{"v":3,"d":"3.00"},{"v":11.2693625,"d":"R$ 11.27"},{"v":33.8080875,"d":"R$ 33.81"},0,0,{"v":0,"d":"R$ 0.00"},{"v":0,"d":"R$ 0.00"}]
["12.1.57","Tê de redução 90 soldavel - 50mm x 25mm, fornecimento e instalação","un",{"v":28,"d":"28.00"},{"v":17.666162500000002,"d":"R$ 17.67"},{"v":494.6525500000001,"d":"R$ 494.65"},0,0,{"v":0,"d":"R$ 0.00"},{"v":0,"d":"R$ 0.00"}]
["12.1.58","Tê de redução 90 soldavel - 50mm x 32mm, fornecimento e instalação","un",{"v":1,"d":"1.00"},{"v":21.426781249999998,"d":"R$ 21.43"},{"v":21.426781249999998,"d":"R$ 21.43"},0,0,{"v":0,"d":"R$ 0.00"},{"v":0,"d":"R$ 0.00"}]
["12.1.59","Tê de redução 90 soldavel - 75mm x 50mm, fornecimento e instalação","un",{"v":11,"d":"11.00"},{"v":54.322825,"d":"R$ 54.32"},{"v":597.551075,"d":"R$ 597.55"},0,0,{"v":0,"d":"R$ 0.00"},{"v":0,"d":"R$ 0.00"}]
["12.1.60","FNDE: Tê de redução 90 soldavel - 75mm - 60mm, fornecimento e instalação. ORSE: Te de redução 90° de PVC rígido soldável, marrom diâm = 75 x 60 mm.","un",{"v":5,"d":"5.00"},{"v":87.43126250000002,"d":"R$ 87.43"},{"v":437.15631250000007,"d":"R$ 437.16"},0,0,{"v":0,"d":"R$ 0.00"},{"v":0,"d":"R$ 0.00"}]
["12.1.61","Tê de redução 90 soldavel - 85mm x 60mm, fornecimento e instalação","un",{"v":5,"d":"5.00"},{"v":86.20687500000001,"d":"R$ 86.21"},{"v":431.03437500000007,"d":"R$ 431.03"},0,0,{"v":0,"d":"R$ 0.00"},{"v":0,"d":"R$ 0.00"}]
["12.1.62","Tê de redução soldavel - 85mm x 75mm, fornecimento e instalação","un",{"v":2,"d":"2.00"},{"v":78.31082500000001,"d":"R$ 78.31"},{"v":156.62165000000002,"d":"R$ 156.62"},0,0,{"v":0,"d":"R$ 0.00"},{"v":0,"d":"R$ 0.00"}]
["12.1.63","FNDE: Tê redução 90º soldavel com bucha latão B central - 25mm - 1/2\", fornecimento e instalação. SINAPI: Te com bucha de latão na bolsa central, PVC, soldável, DN 25 mm x 1/2, instalado em ramal ou sub-ramal de água - fornecimento e instalação.","un",{"v":20,"d":"20.00"},{"v":18.240875000000003,"d":"R$ 18.24"},{"v":364.81750000000005,"d":"R$ 364.82"},0,0,{"v":0,"d":"R$ 0.00"},{"v":0,"d":"R$ 0.00"}]
["12.1.64","Tê soldavel com bucha latão bolsa central - 25mm - 3/4\", fornecimento e instalação","un",{"v":3,"d":"3.00"},{"v":18.515737500000004,"d":"R$ 18.52"},{"v":55.547212500000015,"d":"R$ 55.55"},0,0,{"v":0,"d":"R$ 0.00"},{"v":0,"d":"R$ 0.00"}]
["12.1.65","Tê soldavel com rosca bolsa central - 20mm - 1/2\"","un",{"v":1,"d":"1.00"},{"v":7.30884375,"d":"R$ 7.31"},{"v":7.30884375,"d":"R$ 7.31"},0,0,{"v":0,"d":"R$ 0.00"},{"v":0,"d":"R$ 0.00"}]
["12.1.66","Tubo de descarga VDE 38mm","un",{"v":26,"d":"26.00"},{"v":18.490750000000002,"d":"R$ 18.49"},{"v":480.75950000000006,"d":"R$ 480.76"},0,0,{"v":0,"d":"R$ 0.00"},{"v":0,"d":"R$ 0.00"}]
["12.1.67","FNDE: Tubo de ligação latao cromado com canopla para vaso sanitario. AGETOP: Tubo de ligação PVC cromado 1 1/2\"/ESPUDE - (ENTRADA)","un",{"v":26,"d":"26.00"},{"v":22.076456250000007,"d":"R$ 22.08"},{"v":573.9878625000001,"d":"R$ 573.99"},0,0,{"v":0,"d":"R$ 0.00"},{"v":0,"d":"R$ 0.00"}]
["12.2","TUBULAÇÕES E CONEXÕES - METAIS"]
["12.2.1","Registro de esfera 1/2\", fornecimento e instalação","un",{"v":1,"d":"1.00"},{"v":43.5782,"d":"R$ 43.58"},{"v":43.5782,"d":"R$ 43.58"},0,{"$f":"D320*L320","v":0},{"v":0,"d":"R$ 0.00"},{"$f":"F320*L320","v":{"v":0,"d":"R$ 0.00"}}]
["12.2.2","Registro de gaveta com canopla cromada - 1/2\", fornecimento e instalação","un",{"v":1,"d":"1.00"},{"v":91.90402500000002,"d":"R$ 91.90"},{"v":91.90402500000002,"d":"R$ 91.90"},0,0,{"v":0,"d":"R$ 0.00"},{"v":0,"d":"R$ 0.00"}]
["12.2.3","FNDE: Registro esfera borboleta bruto PVC - 1/2\", fornecimento e instalação. ORSE: Registro tipo esfera em PVC c/ borboleta, d=1/2\".","un",{"v":1,"d":"1.00"},{"v":17.90354375,"d":"R$ 17.90"},{"v":17.90354375,"d":"R$ 17.90"},0,0,{"v":0,"d":"R$ 0.00"},{"v":0,"d":"R$ 0.00"}]
["12.2.4","Registro bruto de gaveta 2\", fornecimento e instalação","un",{"v":8,"d":"8.00"},{"v":144.74009375,"d":"R$ 144.74"},{"v":1157.92075,"d":"R$ 1,157.92"},0,0,{"v":0,"d":"R$ 0.00"},{"v":0,"d":"R$ 0.00"}]
["12.2.5","Registro bruto de gaveta 2 1/2\", fornecimento e instalação","un",{"v":2,"d":"2.00"},{"v":279.57264375,"d":"R$ 279.57"},{"v":559.1452875,"d":"R$ 559.15"},0,0,{"v":0,"d":"R$ 0.00"},{"v":0,"d":"R$ 0.00"}]
["12.2.6","Registro bruto de gaveta 3\", fornecimento e instalação","un",{"v":2,"d":"2.00"},{"v":373.10085625,"d":"R$ 373.10"},{"v":746.2017125,"d":"R$ 746.20"},0,0,{"v":0,"d":"R$ 0.00"},{"v":0,"d":"R$ 0.00"}]
["12.2.7","Registro bruto de gaveta 3/4\", fornecimento e instalação","un",{"v":2,"d":"2.00"},{"v":48.725625,"d":"R$ 48.73"},{"v":97.45125,"d":"R$ 97.45"},0,0,{"v":0,"d":"R$ 0.00"},{"v":0,"d":"R$ 0.00"}]
["12.2.8","Registro bruto de gaveta 4\", fornecimento e instalação","un",{"v":2,"d":"2.00"},{"v":693.3781375000001,"d":"R$ 693.38"},{"v":1386.7562750000002,"d":"R$ 1,386.76"},0,0,{"v":0,"d":"R$ 0.00"},{"v":0,"d":"R$ 0.00"}]
["12.2.9","Registro de gaveta com canopla cromada 1\", fornecimento e instalação","un",{"v":1,"d":"1.00"},{"v":112.13140625000001,"d":"R$ 112.13"},{"v":112.13140625000001,"d":"R$ 112.13"},0,0,{"v":0,"d":"R$ 0.00"},{"v":0,"d":"R$ 0.00"}]
["12.2.10","Registro de gaveta com canopla cromada 1 1/2\", fornecimento e instalação","un",{"v":5,"d":"5.00"},{"v":211.16936250000003,"d":"R$ 211.17"},{"v":1055.8468125000002,"d":"R$ 1,055.85"},0,0,{"v":0,"d":"R$ 0.00"},{"v":0,"d":"R$ 0.00"}]
["12.2.11","Registro de gaveta com canopla cromada 3/4\", fornecimento e instalação","un",{"v":31,"d":"31.00"},{"v":107.54620000000001,"d":"R$ 107.55"},{"v":3333.9322,"d":"R$ 3,333.93"},0,0,{"v":0,"d":"R$ 0.00"},{"v":0,"d":"R$ 0.00"}]
["12.2.12","Registro de pressão com canopla cromada 3/4\", fornecimento e instalação","un",{"v":15,"d":"15.00"},{"v":108.45824375000001,"d":"R$ 108.46"},{"v":1626.87365625,"d":"R$ 1,626.87"},0,0,{"v":0,"d":"R$ 0.00"},{"v":0,"d":"R$ 0.00"}]
[{"$nulls":4},{"v":39234.032045562504,"d":"R$ 39,234.03"}]
[]
[13,"DRENAGEM DE ÁGUAS PLUVIAIS"]
["13.1","TUBULAÇÕES E CONEXÕES DE PVC"]
["13.1.1","Tubo de PVC Ø100mm, fornecimento e instalação","m",237.27,{"v":24.3878,"d":"R$ 24.39"},{"v":5786.493306,"d":"R$ 5,786.49"},{"$f":"K336*D336","v":0},{"$f":"D336*L336","v":0},{"$f":"F336*K336","v":{"v":0,"d":"R$ 0.00"}},{"$f":"F336*L336","v":{"v":0,"d":"R$ 0.00"}}]
["13.1.2","Tubo de PVC Ø150mm, fornecimento e instalação","m",107.14,{"v":44.989993750000004,"d":"R$ 44.99"},{"v":4820.227930375,"d":"R$ 4,820.23"},0,0,{"v":0,"d":"R$ 0.00"},{"v":0,"d":"R$ 0.00"}]
["13.1.3","Curva curta 90 - 100mm, fornecimento e instalação","un",{"v":52,"d":"52.00"},{"v":27.398793750000003,"d":"R$ 27.40"},{"v":1424.7372750000002,"d":"R$ 1,424.74"},0,0,{"v":0,"d":"R$ 0.00"},{"v":0,"d":"R$ 0.00"}]
["13.1.4","Joelho 45 - 100mm, fornecimento e instalação","un",{"v":26,"d":"26.00"},{"v":20.2648625,"d":"R$ 20.26"},{"v":526.886425,"d":"R$ 526.89"},0,0,{"v":0,"d":"R$ 0.00"},{"v":0,"d":"R$ 0.00"}]
["13.1.5","Joelho 90 - 100mm, fornecimento e instalação","un",{"v":4,"d":"4.00"},{"v":20.1899,"d":"R$ 20.19"},{"v":80.7596,"d":"R$ 80.76"},0,0,{"v":0,"d":"R$ 0.00"},{"v":0,"d":"R$ 0.00"}]
["13.1.6","Tê sanitario - DN 100mm x 100mm, fornecimento e instalação","un",{"v":4,"d":"4.00"},{"v":63.60568125,"d":"R$ 63.61"},{"v":254.422725,"d":"R$ 254.42"},0,0,{"v":0,"d":"R$ 0.00"},{"v":0,"d":"R$ 0.00"}]
["13.1.7","Junção simples - DN100mm x 100mm, fornecimento e instalação","un",{"v":6,"d":"6.00"},{"v":74.312825,"d":"R$ 74.31"},{"v":445.87695,"d":"R$ 445.88"},0,0,{"v":0,"d":"R$ 0.00"},{"v":0,"d":"R$ 0.00"}]
["13.2","ACESSÓRIOS"]
["13.2.1","FNDE: Ralo hemisférico (formato abacaxi) de ferro fundido, Ø100mm. ORSE: Ralo hemisférico em fofo, tipo abacaxi Ø100mm.","un",{"v":24,"d":"24.00"},{"v":32.108937499999996,"d":"R$ 32.11"},{"v":770.6144999999999,"d":"R$ 770.61"},0,{"$f":"D344*L344","v":0},{"v":0,"d":"R$ 0.00"},{"$f":"F344*L344","v":{"v":0,"d":"R$ 0.00"}}]
["13.2.2","FNDE: Caixa de areia sem grelha 80x80cm. SINAPI: Caixa de areia 60x60x60 em alvenaria - execução.","un",{"v":20,"d":"20.00"},{"v":165.47971875,"d":"R$ 165.48"},{"v":3309.5943749999997,"d":"R$ 3,309.59"},0,{"$f":"D345*L345","v":0},{"v":0,"d":"R$ 0.00"},{"$f":"F345*L345","v":{"v":0,"d":"R$ 0.00"}}]
[{"$nulls":4},{"v":17419.613086375,"d":"R$ 17,419.61"}]
[]
[14,"INSTALAÇÃO SANITÁRIA "]
["14.1","Tubo de PVC rígido 100mm, fornec. e instalação","m",213.06,{"v":46.06445625,"d":"R$ 46.06"},{"v":9814.493048625,"d":"R$ 9,814.49"},0,{"$f":"D349*L349","v":0},{"v":0,"d":"R$ 0.00"},{"$f":"F349*L349","v":{"v":0,"d":"R$ 0.00"}}]
["14.2","Tubo de PVC rígido 40mm, fornec. e instalação","m",125.81,{"v":15.9670125,"d":"R$ 15.97"},{"v":2008.8098426249999,"d":"R$ 2,008.81"},0,0,{"v":0,"d":"R$ 0.00"},{"v":0,"d":"R$ 0.00"}]
["14.3","Tubo de PVC rígido 50mm, fornec. e instalação","m",136.81,{"v":23.92553125,"d":"R$ 23.93"},{"v":3273.2519303125,"d":"R$ 3,273.25"},0,0,{"v":0,"d":"R$ 0.00"},{"v":0,"d":"R$ 0.00"}]
["14.4","Tubo de PVC rígido 75mm, fornec. e instalação","m",92.42,{"v":30.7096375,"d":"R$ 30.71"},{"v":2838.18469775,"d":"R$ 2,838.18"},0,0,{"v":0,"d":"R$ 0.00"},{"v":0,"d":"R$ 0.00"}]
["14.5","Tubo de PVC rígido 150mm, fornec. e instalação","m",{"v":37.6,"d":"37.60"},{"v":44.989993750000004,"d":"R$ 44.99"},{"v":1691.6237650000003,"d":"R$ 1,691.62"},0,0,{"v":0,"d":"R$ 0.00"},{"v":0,"d":"R$ 0.00"}]
["14.6","BUCHA REDUÇÃO LONGA PVC P/ESGOTO 50X40mm","un",{"v":37,"d":"37.00"},{"v":8.28335625,"d":"R$ 8.28"},{"v":306.48418125,"d":"R$ 306.48"},0,0,{"v":0,"d":"R$ 0.00"},{"v":0,"d":"R$ 0.00"}]
["14.7","Curva PVC 90º curta - 40mm - fornecimento e instalação","un",{"v":97,"d":"97.00"},{"v":9.3703125,"d":"R$ 9.37"},{"v":908.9203125,"d":"R$ 908.92"},0,0,{"v":0,"d":"R$ 0.00"},{"v":0,"d":"R$ 0.00"}]
["14.8","Curva PVC 90º curta - 75mm - fornecimento e instalação","un",{"v":23,"d":"23.00"},{"v":57.896037500000006,"d":"R$ 57.90"},{"v":1331.6088625000002,"d":"R$ 1,331.61"},0,0,{"v":0,"d":"R$ 0.00"},{"v":0,"d":"R$ 0.00"}]
["14.9","Joelho PVC 45º 100mm - fornecimento e instalação","un",{"v":7,"d":"7.00"},{"v":20.2648625,"d":"R$ 20.26"},{"v":141.8540375,"d":"R$ 141.85"},0,0,{"v":0,"d":"R$ 0.00"},{"v":0,"d":"R$ 0.00"}]
["14.10","Joelho PVC 45º 75mm - fornecimento e instalação","un",{"v":4,"d":"4.00"},{"v":16.29185,"d":"R$ 16.29"},{"v":65.1674,"d":"R$ 65.17"},0,0,{"v":0,"d":"R$ 0.00"},{"v":0,"d":"R$ 0.00"}]
["14.11","Joelho PVC 45º 50mm - fornecimento e instalação","un",{"v":62,"d":"62.00"},{"v":9.5202375,"d":"R$ 9.52"},{"v":590.254725,"d":"R$ 590.25"},0,0,{"v":0,"d":"R$ 0.00"},{"v":0,"d":"R$ 0.00"}]
["14.12","Joelho PVC 45º 40mm - fornecimento e instalação","un",{"v":49,"d":"49.00"},{"v":7.73363125,"d":"R$ 7.73"},{"v":378.94793125,"d":"R$ 378.95"},0,0,{"v":0,"d":"R$ 0.00"},{"v":0,"d":"R$ 0.00"}]
["14.13","Joelho PVC 90º 100mm - fornecimento e instalação","un",{"v":26,"d":"26.00"},{"v":20.1899,"d":"R$ 20.19"},{"v":524.9374,"d":"R$ 524.94"},0,0,{"v":0,"d":"R$ 0.00"},{"v":0,"d":"R$ 0.00"}]
["14.14","Joelho PVC 90º 75mm - fornecimento e instalação","un",{"v":35,"d":"35.00"},{"v":26.536724999999997,"d":"R$ 26.54"},{"v":928.7853749999999,"d":"R$ 928.79"},0,0,{"v":0,"d":"R$ 0.00"},{"v":0,"d":"R$ 0.00"}]
["14.15","Joelho PVC 90º 50mm - fornecimento e instalação","un",{"v":3,"d":"3.00"},{"v":8.845575,"d":"R$ 8.85"},{"v":26.536725,"d":"R$ 26.54"},0,0,{"v":0,"d":"R$ 0.00"},{"v":0,"d":"R$ 0.00"}]
["14.16","Joelho PVC 90º 40mm - fornecimento e instalação","un",{"v":19,"d":"19.00"},{"v":6.796600000000001,"d":"R$ 6.80"},{"v":129.1354,"d":"R$ 129.14"},0,0,{"v":0,"d":"R$ 0.00"},{"v":0,"d":"R$ 0.00"}]
["14.17","JOELHO 90 GRAUS, PVC, SERIE NORMAL, ESGOTO PREDIAL, DN 40 MM, JUNTA SOLDÁVEL, FORNECIDO E INSTALADO EM RAMAL DE DESCARGA OU RAMAL DE ESGOTO SANITÁRIO. AF_12/2014","un",{"v":65,"d":"65.00"},{"v":6.796600000000001,"d":"R$ 6.80"},{"v":441.77900000000005,"d":"R$ 441.78"},0,0,{"v":0,"d":"R$ 0.00"},{"v":0,"d":"R$ 0.00"}]
["14.18","Junção PVC simples 100mm x 50mm - fornecimento e instalação","un",{"v":25,"d":"25.00"},{"v":29.535225,"d":"R$ 29.54"},{"v":738.380625,"d":"R$ 738.38"},0,0,{"v":0,"d":"R$ 0.00"},{"v":0,"d":"R$ 0.00"}]
["14.19","Junção PVC simples 100mm x 75mm - fornecimento e instalação","un",{"v":2,"d":"2.00"},{"v":71.83906250000001,"d":"R$ 71.84"},{"v":143.67812500000002,"d":"R$ 143.68"},0,0,{"v":0,"d":"R$ 0.00"},{"v":0,"d":"R$ 0.00"}]
["14.20","Junção PVC simples 100mm x 100mm - fornecimento e instalação","un",{"v":19,"d":"19.00"},{"v":72.23886250000001,"d":"R$ 72.24"},{"v":1372.5383875000002,"d":"R$ 1,372.54"},0,0,{"v":0,"d":"R$ 0.00"},{"v":0,"d":"R$ 0.00"}]
["14.21","Junção PVC simples 75mm x 50mm - fornecimento e instalação","un",{"v":5,"d":"5.00"},{"v":23.5882,"d":"R$ 23.59"},{"v":117.941,"d":"R$ 117.94"},0,0,{"v":0,"d":"R$ 0.00"},{"v":0,"d":"R$ 0.00"}]
["14.22","Junção PVC simples 75mm x 75mm - fornecimento e instalação","un",{"v":2,"d":"2.00"},{"v":46.9765,"d":"R$ 46.98"},{"v":93.953,"d":"R$ 93.95"},0,0,{"v":0,"d":"R$ 0.00"},{"v":0,"d":"R$ 0.00"}]
["14.23","REDUCAO EXCENTRICA 100 X 50 MM","un",{"v":6,"d":"6.00"},{"v":19.50274375,"d":"R$ 19.50"},{"v":117.0164625,"d":"R$ 117.02"},0,0,{"v":0,"d":"R$ 0.00"},{"v":0,"d":"R$ 0.00"}]
["14.24","Redução excêntrica PVC 75mm-50mm - fornecimento e instalação","un",{"v":5,"d":"5.00"},{"v":13.943025,"d":"R$ 13.94"},{"v":69.715125,"d":"R$ 69.72"},0,0,{"v":0,"d":"R$ 0.00"},{"v":0,"d":"R$ 0.00"}]
["14.25","Tê PVC 45º - 40mm - fornecimento e instalação","un",{"v":1,"d":"1.00"},{"v":14.755118750000003,"d":"R$ 14.76"},{"v":14.755118750000003,"d":"R$ 14.76"},0,0,{"v":0,"d":"R$ 0.00"},{"v":0,"d":"R$ 0.00"}]
["14.26","Tê PVC 90º - 40mm - fornecimento e instalação","un",{"v":19,"d":"19.00"},{"v":14.755118750000003,"d":"R$ 14.76"},{"v":280.34725625000004,"d":"R$ 280.35"},0,0,{"v":0,"d":"R$ 0.00"},{"v":0,"d":"R$ 0.00"}]
["14.27","Tê PVC sanitario 100mm x 50mm - fornecimento e instalação","un",{"v":11,"d":"11.00"},{"v":31.246868750000004,"d":"R$ 31.25"},{"v":343.7155562500001,"d":"R$ 343.72"},0,0,{"v":0,"d":"R$ 0.00"},{"v":0,"d":"R$ 0.00"}]
["14.28","Tê PVC sanitario 100mm x 75mm - fornecimento e instalação","un",{"v":20,"d":"20.00"},{"v":49.162906250000006,"d":"R$ 49.16"},{"v":983.2581250000001,"d":"R$ 983.26"},0,0,{"v":0,"d":"R$ 0.00"},{"v":0,"d":"R$ 0.00"}]
["14.29","Tê PVC sanitario 150mm x100mm - fornecimento e instalação","un",{"v":2,"d":"2.00"},{"v":112.38128125000001,"d":"R$ 112.38"},{"v":224.76256250000003,"d":"R$ 224.76"},0,0,{"v":0,"d":"R$ 0.00"},{"v":0,"d":"R$ 0.00"}]
["14.30","Tê PVC sanitario 50mm-50mm - fornecimento e instalação","un",{"v":19,"d":"19.00"},{"v":16.141925,"d":"R$ 16.14"},{"v":306.696575,"d":"R$ 306.70"},0,0,{"v":0,"d":"R$ 0.00"},{"v":0,"d":"R$ 0.00"}]
["14.31","Tê PVC sanitario 75mm x 75mm - fornecimento e instalação","un",{"v":4,"d":"4.00"},{"v":38.41828125,"d":"R$ 38.42"},{"v":153.673125,"d":"R$ 153.67"},0,0,{"v":0,"d":"R$ 0.00"},{"v":0,"d":"R$ 0.00"}]
["14.32","Caixa sifonada 150x150x50mm","un",{"v":19,"d":"19.00"},{"v":24.987500000000004,"d":"R$ 24.99"},{"v":474.7625000000001,"d":"R$ 474.76"},0,0,{"v":0,"d":"R$ 0.00"},{"v":0,"d":"R$ 0.00"}]
["14.33","Caixa sifonada 150x185x75mm","un",{"v":1,"d":"1.00"},{"v":54.61018125000001,"d":"R$ 54.61"},{"v":54.61018125000001,"d":"R$ 54.61"},0,0,{"v":0,"d":"R$ 0.00"},{"v":0,"d":"R$ 0.00"}]
["14.34","CAIXA DE GORDURA SIMPLES EM CONCRETO PRE-MOLDADO DN 40 MM COM TAMPA - FORNECIMENTO E INSTALACAO","un",{"v":7,"d":"7.00"},{"v":151.1993625,"d":"R$ 151.20"},{"v":1058.3955375,"d":"R$ 1,058.40"},0,0,{"v":0,"d":"R$ 0.00"},{"v":0,"d":"R$ 0.00"}]
["14.35","CAIXA EM ALVENARIA (60X60X60cm) DE 1/2 TIJOLO COMUM, LASTRO DE CONCRETO E TAMPA DE CONCRETO","un",{"v":17,"d":"17.00"},{"v":316.14185,"d":"R$ 316.14"},{"v":5374.41145,"d":"R$ 5,374.41"},0,0,{"v":0,"d":"R$ 0.00"},{"v":0,"d":"R$ 0.00"}]
["14.36","TAMPA DE CONCRETO ARMADO PARA CAIXA 60X60X5 CM PARA CAIXA ","un",{"v":1,"d":"1.00"},{"v":26.574206250000003,"d":"R$ 26.57"},{"v":26.574206250000003,"d":"R$ 26.57"},0,0,{"v":0,"d":"R$ 0.00"},{"v":0,"d":"R$ 0.00"}]
["14.37","Ralo sifonado, PVC 100x100X40mm","un",{"v":30,"d":"30.00"},{"v":9.23288125,"d":"R$ 9.23"},{"v":276.9864375,"d":"R$ 276.99"},0,0,{"v":0,"d":"R$ 0.00"},{"v":0,"d":"R$ 0.00"}]
["14.38","Tubo PVC para ventilação  DN 50mm","un",{"v":39,"d":"39.00"},{"v":10.10744375,"d":"R$ 10.11"},{"v":394.19030625,"d":"R$ 394.19"},0,0,{"v":0,"d":"R$ 0.00"},{"v":0,"d":"R$ 0.00"}]
["14.39","FNDE: Sumidouro em alvenaria 2,40 x 2,40 m. SINAPI: Sumidouro em alvenaria de tijolo cerâmico maciço diâmetro 1,40m e altura 5,00m, com tampa em concreto armado diâmetro 1,60m e espessura 10 cm. ","un",{"v":1,"d":"1.00"},{"v":2216.8035437500002,"d":"R$ 2,216.80"},{"v":2216.8035437500002,"d":"R$ 2,216.80"},0,0,{"v":0,"d":"R$ 0.00"},{"v":0,"d":"R$ 0.00"}]
["14.40","FNDE: Fossa séptica 2,30 x 2,30 m. AGETOP: Fossa séptica 4500 litros com impermeabilização.","un",{"v":1,"d":"1.00"},{"v":6595.11329375,"d":"R$ 6,595.11"},{"v":6595.11329375,"d":"R$ 6,595.11"},0,0,{"v":0,"d":"R$ 0.00"},{"v":0,"d":"R$ 0.00"}]
[{"$nulls":4},{"v":46833.053134312504,"d":"R$ 46,833.05"}]
[]
[15,"LOUÇAS E METAIS "]
["15.1","FNDE: Bacia Sanitária Vogue Plus, Linha Conforto com abertura, cor Branco Gelo, código P.51,  DECA, ou equivalente p/ de descarga, com acessórios, bolsa de borracha para ligacao, tubo pvc ligacao - fornecimento e instalação. SEINFRA: BACIA SANITÁRIA PARA CADEIRANTES COM ASSENTO.","un",{"v":2,"d":"2.00"},{"v":910.8943250000002,"d":"R$ 910.89"},{"v":1821.7886500000004,"d":"R$ 1,821.79"},0,{"$f":"D392*L392","v":0},{"v":0,"d":"R$ 0.00"},{"$f":"F392*L392","v":{"v":0,"d":"R$ 0.00"}}]
["15.2","FNDE: Bacia Sanitária Convencional, código Izy P.11, DECA, ou equivalente com acessórios- fornecimento e instalação. SINAPI: Vaso sanitário sifonado convencional com louça branca - fornecimento e instalação.","un",{"v":4,"d":"4.00"},{"v":194.44023125,"d":"R$ 194.44"},{"v":777.760925,"d":"R$ 777.76"},0,0,{"v":0,"d":"R$ 0.00"},{"v":0,"d":"R$ 0.00"}]
["15.3","FNDE: Bacia Convencional Studio Kids, código PI.16, para valvula de descarga, em louca branca,  assento plastico, anel de vedação, tubo pvc ligacao - fornecimento e instalacao, Deca ou equivalente. SINAPI: VASO SANITÁRIO INFANTIL SIFONADO.","un",{"v":20,"d":"20.00"},{"v":501.23675625000004,"d":"R$ 501.24"},{"v":10024.735125000001,"d":"R$ 10,024.74"},0,0,{"v":0,"d":"R$ 0.00"},{"v":0,"d":"R$ 0.00"}]
["15.4","Valvula de descarga 1 1/2\", com registro, acabamento em metal cromado - fornecimento e instalação","un",{"v":26,"d":"26.00"},{"v":220.92698125,"d":"R$ 220.93"},{"v":5744.1015125,"d":"R$ 5,744.10"},0,0,{"v":0,"d":"R$ 0.00"},{"v":0,"d":"R$ 0.00"}]
["15.5","Cuba de Embutir Oval cor Branco Gelo, código L.37, DECA, ou equivalente, em bancada  ecomplementos (válvula, sifao e engate flexível cromados), exceto torneira. (CUBA DE EMBUTIR OVAL EM LOUÇA BRANCA, 35 X 50 CM OU EQUIVALENTE0","un",{"v":22,"d":"22.00"},{"v":129.02295625,"d":"R$ 129.02"},{"v":2838.5050375,"d":"R$ 2,838.51"},{"$f":"K396*D396","v":0},0,{"$f":"F396*K396","v":{"v":0,"d":"R$ 0.00"}},{"v":0,"d":"R$ 0.00"}]
["15.6","FNDE: Cuba industrial 50x40 profundidade 30 – HIDRONOX, ou equivalente, com sifão em metal cromado 1.1/2x1.1/2\", válvula em metal cromado tipo americana 3.1/2\"x1.1/2\" para pia - fornecimento e instalação. ORSE: Cuba de aço inox 304, dimensões 50x40x30cm, com fundo emborrachado, para instalação em bancada, com válvula cromada (deca ref 1623), sifão cromado (ref c1680) ou similares. ","un",{"v":3,"d":"3.00"},{"v":1153.66038125,"d":"R$ 1,153.66"},{"v":3460.9811437500002,"d":"R$ 3,460.98"},0,0,{"v":0,"d":"R$ 0.00"},{"v":0,"d":"R$ 0.00"}]
["15.7","Cuba Inox Embutir 40x34x17cm, cuba 3, básica aço inoxidável, com válvula, FRANKE, ou equivalente, com sifão em metal cromado 1.1/2x1.1/2\", válvula em metal cromado tipo americana 3.1/2\"x1.1/2\" para pia - fornecimento e instalação (CUBA DE EMBUTIR DE AÇO INOXÍDÁVEL MÉDIA)","un.",{"v":15,"d":"15.00"},{"v":321.7640375000001,"d":"R$ 321.76"},{"v":4826.460562500001,"d":"R$ 4,826.46"},0,0,{"v":0,"d":"R$ 0.00"},{"v":0,"d":"R$ 0.00"}]
["15.8","Banheira Embutir em plástico tipo PVC, 77x45x20cm, Burigotto ou equivalente","un",{"v":4,"d":"4.00"},{"v":114.80506875000002,"d":"R$ 114.81"},{"v":459.2202750000001,"d":"R$ 459.22"},0,0,{"v":0,"d":"R$ 0.00"},{"v":0,"d":"R$ 0.00"}]
["15.9","FNDE: Lavatório de canto suspenso com mesa, linha Izy código L101.17, DECA ou equivalente, com válvula, sifão e engate flexivel cromados, fornecimento e instalação. ORSE: Lavatório louça de canto (Deca-Izy, ref L-10117 ou similar) sem coluna, c/sifão cromado, válvula cromada, engate cromado, exclusive torneira.","un",{"v":4,"d":"4.00"},{"v":375.961925,"d":"R$ 375.96"},{"v":1503.8477,"d":"R$ 1,503.85"},0,0,{"v":0,"d":"R$ 0.00"},{"v":0,"d":"R$ 0.00"}]
["15.10","Lavatório pequeno Ravena/Izy cor branco gelo, com coluna suspensa, código L915 DECA ou equivalente  (LAVATÓRIO LOUÇA BRANCA SUSPENSO, 29,5 X 39 CM OU EQUIVALENTE)","un",{"v":6,"d":"6.00"},{"v":107.77108750000002,"d":"R$ 107.77"},{"v":646.6265250000001,"d":"R$ 646.63"},0,0,{"v":0,"d":"R$ 0.00"},{"v":0,"d":"R$ 0.00"}]
["15.11","FNDE: Tanque Grande (40 L) cor Branco Gelo, código TQ.03, DECA, ou equivalente incluso torneira cromada. SINAPI: Tanque de louça branca com coluna, 30 L ou equivalente, incluso sifão flexível em PVC, válvula metálica e torneira de metal cromado padrão médio - fornecimento e instalação. ","un",{"v":7,"d":"7.00"},{"v":745.01480625,"d":"R$ 745.01"},{"v":5215.10364375,"d":"R$ 5,215.10"},0,0,{"v":0,"d":"R$ 0.00"},{"v":0,"d":"R$ 0.00"}]
["15.12","FNDE: Chuveiro Maxi Ducha, LORENZETTI, com Mangueira plástica/desviador para duchas elétricas, cógigo 8010-A, LORENZETTI,  ou equivalente. SINAPI: CHUVEIRO ELÉTRICO COMUM CORPO DE PLÁSTICO TIPO DUCHA.","un",{"v":15,"d":"15.00"},{"v":72.51372500000001,"d":"R$ 72.51"},{"v":1087.705875,"d":"R$ 1,087.71"},0,0,{"v":0,"d":"R$ 0.00"},{"v":0,"d":"R$ 0.00"}]
["15.13","FNDE: Assento Poliéster com abertura frontal Vogue Plus, Linha Conforto, cor Branco Gelo, código AP.52, DECA, ou equivalente. SEINFRA: ASSENTO/BANCO ARTICULÁVEL PARA BANHO DE DEFICIENTE. ","un",{"v":2,"d":"2.00"},{"v":687.7559500000001,"d":"R$ 687.76"},{"v":1375.5119000000002,"d":"R$ 1,375.51"},0,0,{"v":0,"d":"R$ 0.00"},{"v":0,"d":"R$ 0.00"}]
["15.14","FNDE: Assento plástico Izy, código AP.01, DECA, fornecimento e instalação. AGETOP: ASSENTO PARA VASO SANITÁRIO 1 LINHA.","un",{"v":4,"d":"4.00"},{"v":115.62965625000001,"d":"R$ 115.63"},{"v":462.51862500000004,"d":"R$ 462.52"},0,0,{"v":0,"d":"R$ 0.00"},{"v":0,"d":"R$ 0.00"}]
["15.15","FNDE: Papeleira Metálica Linha Izy, código 2020.C37, DECA ou equivalente, fornecimento e instalação. ORSE: Papeleira em aço inox, DECA 2020 C40 ou similar.","un",{"v":26,"d":"26.00"},{"v":193.75307500000002,"d":"R$ 193.75"},{"v":5037.57995,"d":"R$ 5,037.58"},0,0,{"v":0,"d":"R$ 0.00"},{"v":0,"d":"R$ 0.00"}]
["15.16","FNDE: Ducha Higiênica com registro e derivação Izy, código 1984.C37. ACT.CR, DECA, ou equivalente, fornecimento e instalação. SINAPI: Chuveiro elétrico comum corpo plástico tipo ducha, fornecimento e instalação.","un.",{"v":4,"d":"4.00"},{"v":72.51372500000001,"d":"R$ 72.51"},{"v":290.05490000000003,"d":"R$ 290.05"},0,0,{"v":0,"d":"R$ 0.00"},{"v":0,"d":"R$ 0.00"}]
["15.17","FNDE: Torneira elétrica LorenEasy, LORENZETTI ou equivalente, fornecimento e instalação. SEINFRA: Torneira elétrica automática 220V-2800W (instalado).","un",{"v":2,"d":"2.00"},{"v":151.01195625,"d":"R$ 151.01"},{"v":302.0239125,"d":"R$ 302.02"},0,0,{"v":0,"d":"R$ 0.00"},{"v":0,"d":"R$ 0.00"}]
["15.18","FNDE: Torneira elétrica Fortti Maxi, com mangueira plastica, código 79004, LORENZETTI ou equivalente, fornecimento e instalação. ORSE:Torneira elétrica Versátil, Lorenzetti ou similar.","un",{"v":4,"d":"4.00"},{"v":132.59616875,"d":"R$ 132.60"},{"v":530.384675,"d":"R$ 530.38"},0,0,{"v":0,"d":"R$ 0.00"},{"v":0,"d":"R$ 0.00"}]
["15.19","FNDE: Torneira para cozinha de mesa bica móvel Izy, código 1167.C37, DECA, ou equivalente. SINAPI: TORNEIRA CROMADA TUBO MÓVEL 1/2\" OU 3/4\", PARA PIA DE COZINHA.","un",{"v":15,"d":"15.00"},{"v":107.67113750000001,"d":"R$ 107.67"},{"v":1615.0670625000002,"d":"R$ 1,615.07"},0,0,{"v":0,"d":"R$ 0.00"},{"v":0,"d":"R$ 0.00"}]
["15.20","FNDE: Torneira de parede de uso geral para jardim ou tanque. SINAPI: TORNEIRA PLÁSTICA 3/4\" PARA TANQUE, FORNECIMENTO E INSTALAÇÃO. ","un",{"v":11,"d":"11.00"},{"v":27.87355625,"d":"R$ 27.87"},{"v":306.60911875,"d":"R$ 306.61"},0,0,{"v":0,"d":"R$ 0.00"},{"v":0,"d":"R$ 0.00"}]
["15.21","Torneira para lavatório de mesa bica baixa Izy, código 1193.C37, Deca ou equivalente (TORNEIRA CROMADA DE MESA, 1/2\" OU 3/4\", PARA LAVATÓRIO)","un",{"v":32,"d":"32.00"},{"v":53.848062500000005,"d":"R$ 53.85"},{"v":1723.1380000000001,"d":"R$ 1,723.14"},0,0,{"v":0,"d":"R$ 0.00"},{"v":0,"d":"R$ 0.00"}]
["15.22","Dispenser Saboneteira Linha Excellence, código 7009, Melhoramentos ou equivalente, fornecimento e instalação (SABONETEIRA PLÁSTICA TIPO DISPENSER PARA SABONETE LÍQUIDO, INCLUSO FIXAÇÃO)","un",{"v":26,"d":"26.00"},{"v":63.730618750000005,"d":"R$ 63.73"},{"v":1656.9960875000002,"d":"R$ 1,657.00"},0,0,{"v":0,"d":"R$ 0.00"},{"v":0,"d":"R$ 0.00"}]
["15.23","FNDE: Dispenser Toalha Linha Excellence, código 7007, Melhoramentos ou equivalente, fornecimento e instalação. ORSE: Dispenser para toalha interfolhada.","un",{"v":22,"d":"22.00"},{"v":51.311831250000004,"d":"R$ 51.31"},{"v":1128.8602875000001,"d":"R$ 1,128.86"},0,0,{"v":0,"d":"R$ 0.00"},{"v":0,"d":"R$ 0.00"}]
["15.24","FNDE: Cabide metálico Izy, código 2060.C37, Deca ou equivalente, fornecimento e instalação. ORSE:Cabide em aço inox , DECA 2060 C40, acabamento cromado ou similar.","un",{"v":16,"d":"16.00"},{"v":128.78557500000002,"d":"R$ 128.79"},{"v":2060.5692000000004,"d":"R$ 2,060.57"},0,0,{"v":0,"d":"R$ 0.00"},{"v":0,"d":"R$ 0.00"}]
["15.25","FNDE: Barra de apoio, Linha conforto, código 2310.I.080.ESC, aço inox polido, DECA ou equivalente, fornecimento e instalação. AGETOP: BARRA PARA PORTADOR DE NECESSIDADES ESPECIAIS - PNE \"B6\" PADRÃO AGETOP.","un",{"v":8,"d":"8.00"},{"v":88.83056249999998,"d":"R$ 88.83"},{"v":710.6444999999999,"d":"R$ 710.64"},0,0,{"v":0,"d":"R$ 0.00"},{"v":0,"d":"R$ 0.00"}]
["15.26","FNDE: Barra de apoio de canto para lavatório, aço inox polido,Celite ou equivalente, fornecimento e instalação. ORSE: Barra de apoio em aço inox polido, para lavatório de canto DECA ref L10117 ou similar.","un",{"v":4,"d":"4.00"},{"v":440.1798,"d":"R$ 440.18"},{"v":1760.7192,"d":"R$ 1,760.72"},0,0,{"v":0,"d":"R$ 0.00"},{"v":0,"d":"R$ 0.00"}]
["15.27","FNDE: Barra de apoio de chuveiro PNE, em \"L\", Linha conforto código 2335.I.ESC, fornecimento e instalação. AGETOP: BARRA PARA PORTADOR DE NECESSIDADES ESPECIAIS - PNE \"B6\" PADRÃO AGETOP.","un",{"v":1,"d":"1.00"},{"v":88.83056249999998,"d":"R$ 88.83"},{"v":88.83056249999998,"d":"R$ 88.83"},0,0,{"v":0,"d":"R$ 0.00"},{"v":0,"d":"R$ 0.00"}]
["15.28","FNDE: Cadeira articulada para banho, fornecimento e instalação. SEINFRA: ASSENTO/BANCO - ARTICULÁVEL PARA BANHO DE DEFICIENTE.","un",{"v":1,"d":"1.00"},{"v":687.7559500000001,"d":"R$ 687.76"},{"v":687.7559500000001,"d":"R$ 687.76"},0,0,{"v":0,"d":"R$ 0.00"},{"v":0,"d":"R$ 0.00"}]
["15.29","Gancho metálico para mochilas, fornecimento e instalação","un",{"v":188,"d":"188.00"},{"v":8.245875,"d":"R$ 8.25"},{"v":1550.2245,"d":"R$ 1,550.22"},0,0,{"v":0,"d":"R$ 0.00"},{"v":0,"d":"R$ 0.00"}]
["15.30","FNDE: Barra metálica com pintura azul para proteção dos espelhos e chuveiro infantil d=1 1/4\". SINAPI: CORRIMÃO EM TUBO AÇO GALVANIZADO  1 1/4\" COM BRAÇADEIRA.","m",{"v":20.6,"d":"20.60"},{"v":93.32831250000001,"d":"R$ 93.33"},{"v":1922.5632375000002,"d":"R$ 1,922.56"},0,0,{"v":0,"d":"R$ 0.00"},{"v":0,"d":"R$ 0.00"}]
[{"$nulls":4},{"v":61616.88864374999,"d":"R$ 61,616.89"}]
[]
[16,"INSTALAÇÃO DE GÁS COMBUSTÍVEL"]
["16.1","FNDE: Tela metálica para ventilação com requadro em alumínio. SINAPI: CAIXILHO FIXO, DE ALUMÍNIO , COM TELA DE METAL.","m²",0.16,{"v":539.9299000000001,"d":"R$ 539.93"},{"v":86.38878400000002,"d":"R$ 86.39"},0,{"$f":"D425*L425","v":0},{"v":0,"d":"R$ 0.00"},{"$f":"F425*L425","v":{"v":0,"d":"R$ 0.00"}}]
["16.2","FNDE: Tubo de Aço Galvanizado Ø 3/4\", inclusive conexões. ORSE: Tubo aço galvanizado c/costura 3/4\"(20 mm), p/condução fluidos, classe leve, e=2,25 mm, 1,43kg/m, nbr - 5580.","m",{"v":43,"d":"43.00"},{"v":22.326331250000003,"d":"R$ 22.33"},{"v":960.0322437500001,"d":"R$ 960.03"},0,0,{"v":0,"d":"R$ 0.00"},{"v":0,"d":"R$ 0.00"}]
["16.3","Envelopamento de concreto - 3cm","m",{"v":42,"d":"42.00"},{"v":13.98050625,"d":"R$ 13.98"},{"v":587.1812625,"d":"R$ 587.18"},0,0,{"v":0,"d":"R$ 0.00"},{"v":0,"d":"R$ 0.00"}]
["16.4","Fita anticorrosiva 5cmx30m (2 camadas)","un",{"v":3,"d":"3.00"},{"v":313.593125,"d":"R$ 313.59"},{"v":940.779375,"d":"R$ 940.78"},0,0,{"v":0,"d":"R$ 0.00"},{"v":0,"d":"R$ 0.00"}]
["16.5","FNDE: Válvula esfera Ø 3/4\" NPT 300. AGETOP: VÁLVULA ESFÉRICA LATÃO 3/4\".","un",{"v":4,"d":"4.00"},{"v":77.29883124999999,"d":"R$ 77.30"},{"v":309.19532499999997,"d":"R$ 309.20"},0,0,{"v":0,"d":"R$ 0.00"},{"v":0,"d":"R$ 0.00"}]
["16.6","FNDE: União 3/4\" NPT 300 (UNIÃO S/BRONZE PRETA 3/4\" NPT 300 LBS)","un",{"v":3,"d":"3.00"},{"v":82.47124375,"d":"R$ 82.47"},{"v":247.41373125,"d":"R$ 247.41"},0,0,{"v":0,"d":"R$ 0.00"},{"v":0,"d":"R$ 0.00"}]
["16.7","FNDE: Niple 3/4\" NPT 300. SINAPI: NIPLE, EM FERRO GALVANIZADO, CONEXÃO ROSQUEADA, DN 20 (3/4\"), INSTALADO EM RAMAIS E SUB-RAMAIS DE GÁS.","un",{"v":6,"d":"6.00"},{"v":16.60419375,"d":"R$ 16.60"},{"v":99.6251625,"d":"R$ 99.63"},0,0,{"v":0,"d":"R$ 0.00"},{"v":0,"d":"R$ 0.00"}]
["16.8","FNDE: Niple 1/2\" NPT 300. SINAPI: NIPLE, EM FERRO GALVANIZADO, CONEXÃO ROSQUEADA, DN 15 (1/2\"), INSTALADO EM RAMAIS E SUB-RAMAIS DE GÁS.","un",{"v":4,"d":"4.00"},{"v":10.29485,"d":"R$ 10.29"},{"v":41.1794,"d":"R$ 41.18"},0,0,{"v":0,"d":"R$ 0.00"},{"v":0,"d":"R$ 0.00"}]
["16.9","Niple 1/4\" NPT 300","un",{"v":4,"d":"4.00"},{"v":77.46125,"d":"R$ 77.46"},{"v":309.845,"d":"R$ 309.85"},0,0,{"v":0,"d":"R$ 0.00"},{"v":0,"d":"R$ 0.00"}]
["16.10","FNDE: Tê redução 3/4\"x1/2\". ORSE: Te de redução 90° de PVC rígido roscável diâm = 3/4\" x 1/2\".","un",{"v":1,"d":"1.00"},{"v":10.40729375,"d":"R$ 10.41"},{"v":10.40729375,"d":"R$ 10.41"},0,0,{"v":0,"d":"R$ 0.00"},{"v":0,"d":"R$ 0.00"}]
["16.11","Redução 1/2\" x 1/4\" - REDUÇÃO COBRE ","un",{"v":1,"d":"1.00"},{"v":9.995000000000001,"d":"R$ 10.00"},{"v":9.995000000000001,"d":"R$ 10.00"},0,0,{"v":0,"d":"R$ 0.00"},{"v":0,"d":"R$ 0.00"}]
["16.12","FNDE: Luva de redução 3/4 x 1/2\". SINAPI: LUVA DE REDUÇÃO, EM FERRO GALVANIZADO, 3/4\" X 1/2\", CONEXÃO ROSQUEADA INSTALADO EM RAMAIS E SUB-RAMAIS DE GÁS - FORNECIMENTO E INSTALAÇÃO.","un",{"v":2,"d":"2.00"},{"v":18.1659125,"d":"R$ 18.17"},{"v":36.331825,"d":"R$ 36.33"},0,0,{"v":0,"d":"R$ 0.00"},{"v":0,"d":"R$ 0.00"}]
["16.13","Luva de redução 1/4\" x 1/2\"","un",{"v":2,"d":"2.00"},{"v":44.9775,"d":"R$ 44.98"},{"v":89.955,"d":"R$ 89.96"},0,0,{"v":0,"d":"R$ 0.00"},{"v":0,"d":"R$ 0.00"}]
["16.14","Joelho 1/2\" NPT 300","un",{"v":2,"d":"2.00"},{"v":52.473749999999995,"d":"R$ 52.47"},{"v":104.94749999999999,"d":"R$ 104.95"},0,0,{"v":0,"d":"R$ 0.00"},{"v":0,"d":"R$ 0.00"}]
["16.15","FNDE: Regulador 1º estagio com manometro. ORSE: Regulador de alta pressão, d=28 mm, tipo Fisher, classe 300, 1° estágio (instalação gás).","un",{"v":1,"d":"1.00"},{"v":679.32266875,"d":"R$ 679.32"},{"v":679.32266875,"d":"R$ 679.32"},0,0,{"v":0,"d":"R$ 0.00"},{"v":0,"d":"R$ 0.00"}]
["16.16","FNDE: Manômetro NPT 1/4\", 0 a 300 psi. ORSE: Manômetro 0 a 300 psi, conexão 1/4\" BSP - fornecimento e instalação.","un",{"v":1,"d":"1.00"},{"v":125.81206250000001,"d":"R$ 125.81"},{"v":125.81206250000001,"d":"R$ 125.81"},0,0,{"v":0,"d":"R$ 0.00"},{"v":0,"d":"R$ 0.00"}]
["16.17","FNDE: Mangueira Flexivel. ORSE: Mangueira trançada de alta pressão diâmetro = 1\".","m",{"v":2,"d":"2.00"},{"v":22.613687500000005,"d":"R$ 22.61"},{"v":45.22737500000001,"d":"R$ 45.23"},0,0,{"v":0,"d":"R$ 0.00"},{"v":0,"d":"R$ 0.00"}]
["16.18","FNDE: Regulador 2º estágio com registro. ORSE: Regulador de baixa pressão, d=15 mm, tipo Fisher, classe 300, 2° estágio (instalação gás). ","un",{"v":2,"d":"2.00"},{"v":640.2422187500001,"d":"R$ 640.24"},{"v":1280.4844375000002,"d":"R$ 1,280.48"},0,0,{"v":0,"d":"R$ 0.00"},{"v":0,"d":"R$ 0.00"}]
["16.19","FNDE: Placa de sinalização em pvc cod 1 - (348x348) Proibido fumar. SEINFRA: Placa em alumínio 20x25cm c/ vinil aplicado em 1 face e fixação com fita dupla face (fornecimento e montagem).","un",{"v":1,"d":"1.00"},{"v":18.703143750000002,"d":"R$ 18.70"},{"v":18.703143750000002,"d":"R$ 18.70"},0,0,{"v":0,"d":"R$ 0.00"},{"v":0,"d":"R$ 0.00"}]
["16.20","FNDE: Placa de sinalização em pvc cod 6 - (348x348) Perigo Inflamável. SEINFRA: Placa em alumínio 20x25cm c/ vinil aplicado em 1 face e fixação com fita dupla face (fornecimento e montagem).","un",{"v":1,"d":"1.00"},{"v":18.703143750000002,"d":"R$ 18.70"},{"v":18.703143750000002,"d":"R$ 18.70"},0,0,{"v":0,"d":"R$ 0.00"},{"v":0,"d":"R$ 0.00"}]
[{"$nulls":4},{"v":6001.529734000001,"d":"R$ 6,001.53"}]
[]
[17,"SISTEMA DE PROTEÇÃO CONTRA INCÊNDIO"]
["17.1","FNDE: Extintor ABC - 6KG. SINAPI: EXTINTOR MULTIUSO EM PÓ ABC (6KG) - CAPACIDADE EXTINTORA 3A 20BC.","un",{"v":7,"d":"7.00"},{"v":212.39375,"d":"R$ 212.39"},{"v":1486.7562500000001,"d":"R$ 1,486.76"},0,{"$f":"D448*L448","v":0},{"v":0,"d":"R$ 0.00"},{"$f":"F448*L448","v":{"v":0,"d":"R$ 0.00"}}]
["17.2","FNDE: Extintor CO2 - 6KG. SINAPI: EXTINTOR CO2 (6KG) - CAPACIDADE EXTINTORA 5 BC.","un",{"v":1,"d":"1.00"},{"v":474.7625,"d":"R$ 474.76"},{"v":474.7625,"d":"R$ 474.76"},0,0,{"v":0,"d":"R$ 0.00"},{"v":0,"d":"R$ 0.00"}]
["17.3","Cotovelo 45º galvanizado 2 1/2\"","un",{"v":2,"d":"2.00"},{"v":83.14590625,"d":"R$ 83.15"},{"v":166.2918125,"d":"R$ 166.29"},0,0,{"v":0,"d":"R$ 0.00"},{"v":0,"d":"R$ 0.00"}]
["17.4","FNDE: Cotovelo 90º galvanizado 2 1/2\". SINAPI: COTOVELO 90 GRAUS, EM FERRO GALVANIZADO , CONEXÃO ROSQUEDA , DN 65 (2 1/2\"), INSTALADO EM RESERVAÇÃO DE ÁGUA COM RESERVATÓRIO DE FIBRA/FIBROCIMENTO.","un",{"v":7,"d":"7.00"},{"v":98.07593750000001,"d":"R$ 98.08"},{"v":686.5315625000001,"d":"R$ 686.53"},0,0,{"v":0,"d":"R$ 0.00"},{"v":0,"d":"R$ 0.00"}]
["17.5","FNDE: Tubo aço carbono 2 1/2\". ORSE: Tubo aço galvanizado c/ costura 2 1/2\" (65 mm), p/ condução fluidos, classe leve, e=3,35 mm, 6,23 kg/m, NBR-5580.","m",1.25,{"v":70.07744375,"d":"R$ 70.08"},{"v":87.5968046875,"d":"R$ 87.60"},0,0,{"v":0,"d":"R$ 0.00"},{"v":0,"d":"R$ 0.00"}]
["17.6","Niple duplo aço galvanizado 2 1/2\" - fornecimento e instalação* junho 2015","un",{"v":10,"d":"10.00"},{"v":54.972500000000004,"d":"R$ 54.97"},{"v":549.725,"d":"R$ 549.73"},0,0,{"v":0,"d":"R$ 0.00"},{"v":0,"d":"R$ 0.00"}]
["17.7","Tê aço galvanizado 2 1/2\" - fornecimento e instalação* junho 2015","un",{"v":4,"d":"4.00"},{"v":44.9775,"d":"R$ 44.98"},{"v":179.91,"d":"R$ 179.91"},0,0,{"v":0,"d":"R$ 0.00"},{"v":0,"d":"R$ 0.00"}]
["17.8","Tubo aço galvanizado 65mm - 2 1/2\"2 1/2\" (SÓ ACHEI COM UNIDADE EM METROS)","un",65.27,{"v":29.985,"d":"R$ 29.99"},{"v":1957.1209499999998,"d":"R$ 1,957.12"},0,0,{"v":0,"d":"R$ 0.00"},{"v":0,"d":"R$ 0.00"}]
["17.9","FNDE: Adaptador storz - roscas internas 2 1/2\". AGETOP: Adaptador p/engate storz 2 1/2\" x 1 1/2\".","un",{"v":3,"d":"3.00"},{"v":45.96450625,"d":"R$ 45.96"},{"v":137.89351875,"d":"R$ 137.89"},0,0,{"v":0,"d":"R$ 0.00"},{"v":0,"d":"R$ 0.00"}]
["17.10","FNDE: Caixa para abrigo de mangueira - 90x60x17cm . ORSE: Abrigo metálico de embutir para mangueira de incêndio  - 0,90x0,60x0,17 m.","un",{"v":2,"d":"2.00"},{"v":387.30625000000003,"d":"R$ 387.31"},{"v":774.6125000000001,"d":"R$ 774.61"},0,0,{"v":0,"d":"R$ 0.00"},{"v":0,"d":"R$ 0.00"}]
["17.11","FNDE: Chave para conexão de mangueira tipo storz engate rápido - dupla 1 1/2\" x 1 1/2\".","un",{"v":3,"d":"3.00"},{"v":236.13187500000004,"d":"R$ 236.13"},{"v":708.3956250000001,"d":"R$ 708.40"},0,0,{"v":0,"d":"R$ 0.00"},{"v":0,"d":"R$ 0.00"}]
["17.12","FNDE: Esguicho jato solido 1 1/2\" 16mm. AGETOP: Esguicho tronco cônico 1 1/2\"","un",{"v":3,"d":"3.00"},{"v":60.30733125000001,"d":"R$ 60.31"},{"v":180.92199375000004,"d":"R$ 180.92"},0,0,{"v":0,"d":"R$ 0.00"},{"v":0,"d":"R$ 0.00"}]
["17.13","FNDE: Mangueiras de incêndio de nylon -  1 1/2\" 16mm. SINAPI: Conjunto de magueira para combate a incêndio em fibra de poliester pura, com 1 1/2\", revestida internamente, com 2 lances de 15 m cada.","un",{"v":6,"d":"6.00"},{"v":725.1122625,"d":"R$ 725.11"},{"v":4350.673575000001,"d":"R$ 4,350.67"},{"$f":"K460*D460","v":0},0,{"$f":"F460*K460","v":{"v":0,"d":"R$ 0.00"}},{"v":0,"d":"R$ 0.00"}]
["17.14","FNDE: Niple paralelo em ferro maleavél 2 1/2\". SINAPI: Niple de aço galvanizado 2 1/2\" - fornecimento e instalação*. Junho 2015","un",{"v":3,"d":"3.00"},{"v":7.2463750000000005,"d":"R$ 7.25"},{"v":21.739125,"d":"R$ 21.74"},0,0,{"v":0,"d":"R$ 0.00"},{"v":0,"d":"R$ 0.00"}]
["17.15","FNDE: Redução giratória tipo Storz - 2 1/2 x 1 1/2\". AGETOP:  Adaptador p/ engate storz 2 1/2\" x 1 1/2\".","un",{"v":3,"d":"3.00"},{"v":45.96450625,"d":"R$ 45.96"},{"v":137.89351875,"d":"R$ 137.89"},0,0,{"v":0,"d":"R$ 0.00"},{"v":0,"d":"R$ 0.00"}]
["17.16","FNDE: Registro globo 2 1/2\" 45º. AGETOP: REGISTRO GLOBO ANGULAR 2 1/2\".","un",{"v":3,"d":"3.00"},{"v":126.47423125000002,"d":"R$ 126.47"},{"v":379.42269375000006,"d":"R$ 379.42"},0,0,{"v":0,"d":"R$ 0.00"},{"v":0,"d":"R$ 0.00"}]
["17.17","FNDE: Tampão cego com corrente tipo storz 1 1/2\". AGETOP: Tem tampão cego com corrente 2 1/2\".","un",{"v":3,"d":"3.00"},{"v":114.94250000000001,"d":"R$ 114.94"},{"v":344.82750000000004,"d":"R$ 344.83"},0,0,{"v":0,"d":"R$ 0.00"},{"v":0,"d":"R$ 0.00"}]
["17.18","FNDE: Tampão de FoFo 50x50cm. SINAPI: TAMPAO FOFO P/ CAIXA R1 PADRAO TELEBRAS COMPLETO - FORNECIMENTO INSTALAÇÃO.","un",{"v":1,"d":"1.00"},{"v":269.12786875,"d":"R$ 269.13"},{"v":269.12786875,"d":"R$ 269.13"},0,0,{"v":0,"d":"R$ 0.00"},{"v":0,"d":"R$ 0.00"}]
["17.19","REGISTRO DE GAVETA BRUTO DIAMETRO 2 1/2\"","un",{"v":5,"d":"5.00"},{"v":279.57264375,"d":"R$ 279.57"},{"v":1397.86321875,"d":"R$ 1,397.86"},0,0,{"v":0,"d":"R$ 0.00"},{"v":0,"d":"R$ 0.00"}]
["17.20","Válvula de retenção vertical 2 1/2\"","un",{"v":2,"d":"2.00"},{"v":235.06990625,"d":"R$ 235.07"},{"v":470.1398125,"d":"R$ 470.14"},0,0,{"v":0,"d":"R$ 0.00"},{"v":0,"d":"R$ 0.00"}]
["17.21","União, em ferro galvanizado, DN 65 (2 1/2\"), conexão rosqueada, instalado em rede de alimentação para hidrante - fornecimento e instalação.","un",{"v":4,"d":"4.00"},{"v":164.1928625,"d":"R$ 164.19"},{"v":656.77145,"d":"R$ 656.77"},0,0,{"v":0,"d":"R$ 0.00"},{"v":0,"d":"R$ 0.00"}]
["17.22","FNDE: Luminária de emergência com lampada fluorescente 9W de 1 hora. SEINFRA: Luminária de emergência.","un",{"v":40,"d":"40.00"},{"v":329.93495,"d":"R$ 329.93"},{"v":13197.398000000001,"d":"R$ 13,197.40"},0,0,{"v":0,"d":"R$ 0.00"},{"v":0,"d":"R$ 0.00"}]
["17.23","FNDE: Marcação no Piso - 1 x 1m para extintor. SINAPI: SINALIZAÇÃO HORIZONTAL COM TINTA RETRORREFLETIVA A BASE DE RESINA ACRILICA COM MICROESFERA  DE VIDRO.","m²",{"v":8,"d":"8.00"},{"v":23.975506250000006,"d":"R$ 23.98"},{"v":191.80405000000005,"d":"R$ 191.80"},0,0,{"v":0,"d":"R$ 0.00"},{"v":0,"d":"R$ 0.00"}]
["17.24","FNDE: Marcação no Piso - 1 x 1m para hidrante. SINAPI: SINALIZAÇÃO HORIZONTAL COM TINTA RETRORREFLETIVA A BASE DE RESINA ACRILICA COM MICROESFERA  DE VIDRO.","m²",{"v":3,"d":"3.00"},{"v":23.975506250000006,"d":"R$ 23.98"},{"v":71.92651875000001,"d":"R$ 71.93"},0,0,{"v":0,"d":"R$ 0.00"},{"v":0,"d":"R$ 0.00"}]
["17.25","FNDE: Conjunto motobomba trifasico BC-21 R 1 1/2 3 CV. ORSE: Conjunto moto-bomba centrífuga, trifásica, motor 3 CV, Schneider mod.BC-21R ou similar. ","un",{"v":2,"d":"2.00"},{"v":3097.7253625000003,"d":"R$ 3,097.73"},{"v":6195.450725000001,"d":"R$ 6,195.45"},0,0,{"v":0,"d":"R$ 0.00"},{"v":0,"d":"R$ 0.00"}]
["17.26","FNDE: Placa de sinalização em pvc cod 25 - (200x200) Hidrante de incendio. SEINFRA: PLACA EM ALUMÍNIO 20X20 C/ VINIL APLICADO EM 1 FACE E FIXAÇÃO COM FITA DUPLA FACE, FORNECIMENTO E MONTAGEM.","un",{"v":2,"d":"2.00"},{"v":15.129931249999998,"d":"R$ 15.13"},{"v":30.259862499999997,"d":"R$ 30.26"},0,0,{"v":0,"d":"R$ 0.00"},{"v":0,"d":"R$ 0.00"}]
["17.27","FNDE: Placa de sinalização em pvc cod 12 e 13- (250x125) Saída de emergência. SEINFRA: Placa em alumínio 20x25cm c/ vinil aplicado em 1 face e fixação com fita dupla face (fornecimento e montagem).","un",{"v":14,"d":"14.00"},{"v":18.703143750000002,"d":"R$ 18.70"},{"v":261.8440125,"d":"R$ 261.84"},0,0,{"v":0,"d":"R$ 0.00"},{"v":0,"d":"R$ 0.00"}]
["17.28","FNDE: Placa de sinalização em pvc cod 17 - (250x125) Mensagem \"Saída\". SEINFRA: Placa em alumínio 20x25cm c/ vinil aplicado em 1 face e fixação com fita dupla face (fornecimento e montagem).","un",{"v":3,"d":"3.00"},{"v":18.703143750000002,"d":"R$ 18.70"},{"v":56.10943125000001,"d":"R$ 56.11"},0,0,{"v":0,"d":"R$ 0.00"},{"v":0,"d":"R$ 0.00"}]
["17.29","FNDE: Placa de sinalização em pvc cod 23 - (200x200) Extintor de Incêndio. SEINFRA: PLACA EM ALUMÍNIO 20X20 C/ VINIL APLICADO EM 1 FACE E FIXAÇÃO COM FITA DUPLA FACE, FORNECIMENTO E MONTAGEM.","un",{"v":8,"d":"8.00"},{"v":15.129931249999998,"d":"R$ 15.13"},{"v":121.03944999999999,"d":"R$ 121.04"},0,0,{"v":0,"d":"R$ 0.00"},{"v":0,"d":"R$ 0.00"}]
[{"$nulls":4},{"v":35544.809329687494,"d":"R$ 35,544.81"}]
[]
[18,"INSTALAÇÕES ELÉTRICAS - 220V"]
["18.1","CENTRO DE DISTRIBUIÇÃO",null,0,null,null,0,{"$f":"D480*L480","v":0},{"v":0,"d":"R$ 0.00"},{"$f":"F480*L480","v":{"v":0,"d":"R$ 0.00"}}]
["18.1.1","FNDE: Quadro de Distribuição de embutir, completo, (para 08 disjuntores monopolares, com barramento para as fases, neutro e para proteção, metálico, pintura eletrostática epóxi cor bege, c/ porta, trinco e acessórios). SINAPI: Quadro de distribuição de energia de embutir, em chapa metálica, para 18 disjuntores termomagnéticos monopolares, com barramento trifasico e neutro, fornecimento e instalação.","un",{"v":3,"d":"3.00"},{"v":365.55463124999994,"d":"R$ 365.55"},{"v":1096.6638937499997,"d":"R$ 1,096.66"},0,0,{"v":0,"d":"R$ 0.00"},{"v":0,"d":"R$ 0.00"}]
["18.1.2","FNDE: Quadro de Distribuição de embutir, completo, (para 18 disjuntores monopolares, com barramento para as fases, neutro e para proteção, metálico, pintura eletrostática epóxi cor bege, c/ porta, trinco e acessórios). SINAPI: Quadro de distribuição de energia de embutir, em chapa metálica, para 18 disjuntores termomagnéticos monopolares, com barramento trifásico e neutro, fornecimento e instalação.","un",{"v":1,"d":"1.00"},{"v":365.55463124999994,"d":"R$ 365.55"},{"v":365.55463124999994,"d":"R$ 365.55"},0,0,{"v":0,"d":"R$ 0.00"},{"v":0,"d":"R$ 0.00"}]
["18.1.3","FNDE: Quadro de Distribuição de embutir, completo, (para 24 disjuntores monopolares, com barramento para as fases, neutro e para proteção, metálico, pintura eletrostática epóxi cor bege, c/ porta, trinco e acessórios). SINAPI: Quadro de distribuição de energia de embutir, em chapa metálica, para 24 disjuntores termomagnéticos monopolares, com barramento trifásico e neutro, fornecimento e instalação.","un",{"v":3,"d":"3.00"},{"v":424.94991875000005,"d":"R$ 424.95"},{"v":1274.8497562500002,"d":"R$ 1,274.85"},0,0,{"v":0,"d":"R$ 0.00"},{"v":0,"d":"R$ 0.00"}]
["18.1.4","FNDE: Quadro de Distribuição de embutir, completo, (para 50 disjuntores monopolares, com barramento para as fases, neutro e para proteção, metálico, pintura eletrostática epóxi cor bege, c/ porta, trinco e acessórios). SINAPI: Quadro de distribuição de energia de embutir, em chapa metálica, para 50 disjuntores termomagnéticos monopolares, com barramento trifásico e neutro, fornecimento e instalação.","un",{"v":2,"d":"2.00"},{"v":1010.1696625,"d":"R$ 1,010.17"},{"v":2020.339325,"d":"R$ 2,020.34"},0,0,{"v":0,"d":"R$ 0.00"},{"v":0,"d":"R$ 0.00"}]
["18.1.5","FNDE: Quadro de medição - fornecimento e instalação. SINAPI: QUADRO DE MEDIÇÃO GERAL EM CHAPA METÁLICA PARA EDIFÍCIOS COM 16 APTOS , INCLUSIVE DISJUNTORES E ATERRAMENTO.","un",{"v":1,"d":"1.00"},{"v":1199.21259375,"d":"R$ 1,199.21"},{"v":1199.21259375,"d":"R$ 1,199.21"},0,0,{"v":0,"d":"R$ 0.00"},{"v":0,"d":"R$ 0.00"}]
["18.2","DISJUNTORES"]
["18.2.1","FNDE: Disjuntor unipolar termomagnético 10A. SINAPI: DISJUNTOR TERMOMAGNÉTICO MONOPOLAR PADRÃO NEMA (AMERICANO) 10 A 30A 240 V, FORNECIMENTO E INSTALAÇÃO.","un",{"v":22,"d":"22.00"},{"v":15.067462500000001,"d":"R$ 15.07"},{"v":331.48417500000005,"d":"R$ 331.48"},0,{"$f":"D487*L487","v":0},{"v":0,"d":"R$ 0.00"},{"$f":"F487*L487","v":{"v":0,"d":"R$ 0.00"}}]
["18.2.2","FNDE: Disjuntor unipolar termomagnético 16A. SINAPI: DISJUNTOR TERMOMAGNÉTICO MONOPOLAR PADRÃO NEMA (AMERICANO) 10 A 30A 240 V, FORNECIMENTO E INSTALAÇÃO.","un",{"v":7,"d":"7.00"},{"v":15.067462500000001,"d":"R$ 15.07"},{"v":105.4722375,"d":"R$ 105.47"},0,0,{"v":0,"d":"R$ 0.00"},{"v":0,"d":"R$ 0.00"}]
["18.2.3","FNDE: Disjuntor unipolar termomagnético 20A. SINAPI: (DISJUNTOR TERMOMAGNÉTICO MONOPOLAR PADRÃO NEMA (AMERICANO) 10 A 30A 240 V, FORNECIMENTO E INSTALAÇÃO)","un",{"v":19,"d":"19.00"},{"v":15.067462500000001,"d":"R$ 15.07"},{"v":286.2817875,"d":"R$ 286.28"},0,0,{"v":0,"d":"R$ 0.00"},{"v":0,"d":"R$ 0.00"}]
["18.2.4","Disjuntor unipolar termomagnético 25A (DISJUNTOR TERMOMAGNÉTICO MONOPOLAR PADRÃO NEMA (AMERICANO) 10 A 30A 240 V, FORNECIMENTO E INSTALAÇÃO)","un",{"v":26,"d":"26.00"},{"v":15.067462500000001,"d":"R$ 15.07"},{"v":391.754025,"d":"R$ 391.75"},0,0,{"v":0,"d":"R$ 0.00"},{"v":0,"d":"R$ 0.00"}]
["18.2.5","FNDE: Disjuntor unipolar termomagnético 32A. ORSE: Disjuntor termomagnético monopolar 32 A, padrão DIN (europeu - linha branca).","un",{"v":10,"d":"10.00"},{"v":18.5657125,"d":"R$ 18.57"},{"v":185.657125,"d":"R$ 185.66"},0,0,{"v":0,"d":"R$ 0.00"},{"v":0,"d":"R$ 0.00"}]
["18.2.6","Disjuntor unipolar termomagnético 40A  (DISJUNTOR TERMOMAGNÉTICO MONOPOLAR PADRÃO NEMA (AMERICANO) 35 A 50A 240 V, FORNECIMENTO E INSTALAÇÃO)","un",{"v":1,"d":"1.00"},{"v":23.48825,"d":"R$ 23.49"},{"v":23.48825,"d":"R$ 23.49"},0,0,{"v":0,"d":"R$ 0.00"},{"v":0,"d":"R$ 0.00"}]
["18.2.7","Disjuntor tripolar termomagnético 10A  (DISJUNTOR TERMOMAGNÉTICO TRIPOLAR PADRÃO NEMA (AMERICANO) 10 A 50A 240 V, FORNECIMENTO E INSTALAÇÃO)","un",{"v":1,"d":"1.00"},{"v":99.2253625,"d":"R$ 99.23"},{"v":99.2253625,"d":"R$ 99.23"},0,0,{"v":0,"d":"R$ 0.00"},{"v":0,"d":"R$ 0.00"}]
["18.2.8","Disjuntor tripolar termomagnético 25A  (DISJUNTOR TERMOMAGNÉTICO TRIPOLAR PADRÃO NEMA (AMERICANO) 10 A 50A 240 V, FORNECIMENTO E INSTALAÇÃO)","un",{"v":4,"d":"4.00"},{"v":99.2253625,"d":"R$ 99.23"},{"v":396.90145,"d":"R$ 396.90"},0,0,{"v":0,"d":"R$ 0.00"},{"v":0,"d":"R$ 0.00"}]
["18.2.9","Disjuntor tripolar termomagnético 32A (DISJUNTOR TERMOMAGNÉTICO TRIPOLAR PADRÃO NEMA (AMERICANO) 10 A 50A 240 V, FORNECIMENTO E INSTALAÇÃO)","un",{"v":2,"d":"2.00"},{"v":99.2253625,"d":"R$ 99.23"},{"v":198.450725,"d":"R$ 198.45"},0,0,{"v":0,"d":"R$ 0.00"},{"v":0,"d":"R$ 0.00"}]
["18.2.10","Disjuntor tripolar termomagnético 80A (DISJUNTOR TERMOMAGNÉTICO TRIPOLAR PADRÃO NEMA (AMERICANO) 60 A 100A 240 V, FORNECIMENTO E INSTALAÇÃO)","un",{"v":8,"d":"8.00"},{"v":133.34579375,"d":"R$ 133.35"},{"v":1066.76635,"d":"R$ 1,066.77"},0,0,{"v":0,"d":"R$ 0.00"},{"v":0,"d":"R$ 0.00"}]
["18.2.11","Disjuntor tripolar termomagnético 175A (DISJUNTOR TERMOMAGNÉTICO TRIPOLAR EM CAIXA MOLDADA 175 A 225A 240 V, FORNECIMENTO E INSTALAÇÃO)","un",{"v":1,"d":"1.00"},{"v":601.1742625,"d":"R$ 601.17"},{"v":601.1742625,"d":"R$ 601.17"},0,0,{"v":0,"d":"R$ 0.00"},{"v":0,"d":"R$ 0.00"}]
["18.2.12","Disjuntor tripolar termomagnético 225A (DISJUNTOR TERMOMAGNÉTICO TRIPOLAR EM CAIXA MOLDADA 175 A 225A 240 V, FORNECIMENTO E INSTALAÇÃO)","un",{"v":1,"d":"1.00"},{"v":601.1742625,"d":"R$ 601.17"},{"v":601.1742625,"d":"R$ 601.17"},0,0,{"v":0,"d":"R$ 0.00"},{"v":0,"d":"R$ 0.00"}]
["18.2.13","FNDE: Interruptor bipolar DR - 100A","un",{"v":3,"d":"3.00"},{"v":299.0254125,"d":"R$ 299.03"},{"v":897.0762375,"d":"R$ 897.08"},0,0,{"v":0,"d":"R$ 0.00"},{"v":0,"d":"R$ 0.00"}]
["18.2.14","INTERRUPTOR DIFERENCIAL RESIDUAL (D.R.) BIPOLAR DE 25A-30mA","un",{"v":3,"d":"3.00"},{"v":129.11041250000002,"d":"R$ 129.11"},{"v":387.33123750000004,"d":"R$ 387.33"},0,0,{"v":0,"d":"R$ 0.00"},{"v":0,"d":"R$ 0.00"}]
["18.2.15","INTERRUPTOR DIFERENCIAL RESIDUAL (D.R.) BIPOLAR DE 63A-30mA","un",{"v":1,"d":"1.00"},{"v":145.27732500000002,"d":"R$ 145.28"},{"v":145.27732500000002,"d":"R$ 145.28"},0,0,{"v":0,"d":"R$ 0.00"},{"v":0,"d":"R$ 0.00"}]
["18.2.16","DISJUNTOR DIFERENCIAL DR-80A, 30mA","un",{"v":1,"d":"1.00"},{"v":215.6171375,"d":"R$ 215.62"},{"v":215.6171375,"d":"R$ 215.62"},0,0,{"v":0,"d":"R$ 0.00"},{"v":0,"d":"R$ 0.00"}]
["18.2.17","Dispositivo de proteção contra surto - 175V - 40KA (DISPOSITIVO DE PROTEÇÃO CONTRA SURTOS DE TENSÃO - DPS's - 40 KA /440V)","un",{"v":28,"d":"28.00"},{"v":133.22085625,"d":"R$ 133.22"},{"v":3730.183975,"d":"R$ 3,730.18"},0,0,{"v":0,"d":"R$ 0.00"},{"v":0,"d":"R$ 0.00"}]
["18.2.18","Dispositivo de proteção contra surto - 175V - 80KA (DISPOSITIVO DE PROTEÇÃO CONTRA SURTOS DE TENSÃO - DPS's - 40 KA /440V)","un",{"v":8,"d":"8.00"},{"v":133.22085625,"d":"R$ 133.22"},{"v":1065.76685,"d":"R$ 1,065.77"},0,0,{"v":0,"d":"R$ 0.00"},{"v":0,"d":"R$ 0.00"}]
["18.3","ELETRODUTOS E ACESSÓRIOS"]
["18.3.1","FNDE: Eletroduto PVC flexível corrugado reforçado, Ø20mm (DN 3/4\"), inclusive conexões. SINAPI: ELETRODUTO FLEXÍVEL CORRUGADO, PVC, DN 20 MM (1/2\").","m",{"v":559.4,"d":"559.40"},{"v":4.047975,"d":"R$ 4.05"},{"v":2264.437215,"d":"R$ 2,264.44"},0,{"$f":"D506*L506","v":0},{"v":0,"d":"R$ 0.00"},{"$f":"F506*L506","v":{"v":0,"d":"R$ 0.00"}}]
["18.3.2","FNDE: Eletroduto PVC flexível corrugado reforçado, Ø25mm (DN 1\"), inclusive conexões. SINAPI: ELETRODUTO FLEXÍVEL CORRUGADO, PVC, DN 25 MM (3/4\").","m",{"v":298.9,"d":"298.90"},{"v":6.18440625,"d":"R$ 6.18"},{"v":1848.519028125,"d":"R$ 1,848.52"},0,0,{"v":0,"d":"R$ 0.00"},{"v":0,"d":"R$ 0.00"}]
["18.3.3","FNDE: Eletroduto PVC flexível corrugado reforçado, Ø16mm (DN 1/2\"), inclusive conexões. AGETOP: Eletroduto PVC flexível - mangueira corrugada - DIAM. 1/2\".","m",{"v":6,"d":"6.00"},{"v":6.796600000000001,"d":"R$ 6.80"},{"v":40.7796,"d":"R$ 40.78"},0,0,{"v":0,"d":"R$ 0.00"},{"v":0,"d":"R$ 0.00"}]
["18.3.4","FNDE: Eletroduto PVC flexível corrugado reforçado, Ø32mm (DN 1 1/4\"), inclusive conexões. SINAPI: ELETRODUTO FLEXÍVEL CORRUGADO, PVC, DN 32 MM (1\").","m",{"v":241.8,"d":"241.80"},{"v":7.896050000000001,"d":"R$ 7.90"},{"v":1909.2648900000002,"d":"R$ 1,909.26"},0,0,{"v":0,"d":"R$ 0.00"},{"v":0,"d":"R$ 0.00"}]
["18.3.5","FNDE: Eletroduto PVC rigido roscavel, Ø40mm (DN 1 1/2\"), inclusive conexões. AGETOP: Eletroduto de PVC rígido diâmetro 1 1/2\".","m",{"v":15.6,"d":"15.60"},{"v":18.37830625,"d":"R$ 18.38"},{"v":286.70157750000004,"d":"R$ 286.70"},0,0,{"v":0,"d":"R$ 0.00"},{"v":0,"d":"R$ 0.00"}]
["18.3.6","FNDE: Eletroduto PVC rigido roscavel, Ø50mm (DN 2\"), inclusive conexões. AGETOP: Eletroduto de PVC rígido diâmetro 2\".","m",{"v":14.7,"d":"14.70"},{"v":25.474756250000002,"d":"R$ 25.47"},{"v":374.47891687500004,"d":"R$ 374.48"},0,0,{"v":0,"d":"R$ 0.00"},{"v":0,"d":"R$ 0.00"}]
["18.3.7","FNDE: Eletroduto Aço Galvanizado DN 25mm (1\"), inclusive conexões. SINAPI: ELETRODUTO DE AÇO GALVANIZADO ELETROLITICO DN 25MM, TIPO SEMI-PESADO.","m",{"v":164.6,"d":"164.60"},{"v":27.948518750000005,"d":"R$ 27.95"},{"v":4600.32618625,"d":"R$ 4,600.33"},0,0,{"v":0,"d":"R$ 0.00"},{"v":0,"d":"R$ 0.00"}]
["18.3.8","FNDE: Eletroduto Aço Galvanizado DN 32mm (1 1/4\"), inclusive conexões. AGETOP: Eletroduto ferro galvanizado diametro 1 1/4\".","m",{"v":68.6,"d":"68.60"},{"v":37.980999999999995,"d":"R$ 37.98"},{"v":2605.4965999999995,"d":"R$ 2,605.50"},0,0,{"v":0,"d":"R$ 0.00"},{"v":0,"d":"R$ 0.00"}]
["18.3.9","FNDE: Eletroduto Aço Galvanizado DN 100mm (2\"), inclusive conexões. AGETOP: Eletroduto ferro galvanizado diametro 2\".","m",{"v":2.3,"d":"2.30"},{"v":51.51173125,"d":"R$ 51.51"},{"v":118.47698187499998,"d":"R$ 118.48"},0,0,{"v":0,"d":"R$ 0.00"},{"v":0,"d":"R$ 0.00"}]
["18.3.10","Eletroduto Aço Galvanizado DN 62mm (2 1/2\"), inclusive conexões","m",{"v":3.5,"d":"3.50"},{"v":70.914525,"d":"R$ 70.91"},{"v":248.20083749999998,"d":"R$ 248.20"},0,0,{"v":0,"d":"R$ 0.00"},{"v":0,"d":"R$ 0.00"}]
["18.3.11","FNDE: Eletroduto Aço Galvanizado DN 125mm (3\"), inclusive conexões. AGETOP: Eletroduto ferro galvanizado diametro 3\".","m",{"v":21.9,"d":"21.90"},{"v":103.67313750000001,"d":"R$ 103.67"},{"v":2270.44171125,"d":"R$ 2,270.44"},0,0,{"v":0,"d":"R$ 0.00"},{"v":0,"d":"R$ 0.00"}]
["18.3.12","Caixa de passagem 30x30cm em alvenaria com tampa de ferro fundido tipo leve (CAIXA DE PASSAGEM 30X30X40 COM TAMPA E DRENO BRITA)","un",{"v":17,"d":"17.00"},{"v":154.8975125,"d":"R$ 154.90"},{"v":2633.2577125000003,"d":"R$ 2,633.26"},0,0,{"v":0,"d":"R$ 0.00"},{"v":0,"d":"R$ 0.00"}]
["18.3.13","Caixa de passagem 40x40cm em alvenaria com tampa de ferro fundido tipo leve (CAIXA DE PASSAGEM 40X40X50 FUNDO BRITA COM TAMPA)","un",{"v":17,"d":"17.00"},{"v":166.57916875,"d":"R$ 166.58"},{"v":2831.84586875,"d":"R$ 2,831.85"},0,0,{"v":0,"d":"R$ 0.00"},{"v":0,"d":"R$ 0.00"}]
["18.3.14","FNDE: Caixa inspeção aterramento 250x250x400mm. ORSE: Caixa de inspeção 0,30x0,30x0,40 m.","un",{"v":2,"d":"2.00"},{"v":121.23935000000002,"d":"R$ 121.24"},{"v":242.47870000000003,"d":"R$ 242.48"},0,0,{"v":0,"d":"R$ 0.00"},{"v":0,"d":"R$ 0.00"}]
["18.3.15","FNDE: Caixa de Passagem PVC 4x2\" - fornecimento e instalaçao. ORSE: Caixa de passagem PVC 4\" x 2\", sistema \"x\" com tampa.","un",{"v":262,"d":"262.00"},{"v":19.540225000000003,"d":"R$ 19.54"},{"v":5119.538950000001,"d":"R$ 5,119.54"},0,0,{"v":0,"d":"R$ 0.00"},{"v":0,"d":"R$ 0.00"}]
["18.3.16","FNDE: Caixa de Passagem PVC 4x4\" - fornecimento e instalaçao. ORSE: Caixa de passagem PVC 4\" x 4\", sistema \"x\" com tampa.","un",{"v":10,"d":"10.00"},{"v":21.801593750000002,"d":"R$ 21.80"},{"v":218.0159375,"d":"R$ 218.02"},0,0,{"v":0,"d":"R$ 0.00"},{"v":0,"d":"R$ 0.00"}]
["18.3.17","FNDE: Caixa de passage PVC Octogonal 3\" - fornecimento e instalação. SINAPI: Caixa octogonal 3\" x 3\", PVC, instalada em laje - fornecimento e instalação.","un",{"v":205,"d":"205.00"},{"v":7.5962000000000005,"d":"R$ 7.60"},{"v":1557.221,"d":"R$ 1,557.22"},0,0,{"v":0,"d":"R$ 0.00"},{"v":0,"d":"R$ 0.00"}]
["18.4","CABOS E FIOS (CONDUTORES)",{"$nulls":4},0]
["18.4.1","FNDE: Condutor de cobre unipolar, isolação em PVC/70ºC, camada de proteção em PVC, não propagador de chamas, classe de tensão 750V, encordoamento classe 5, flexível, com a seguinte seção nominal: #2,5 mm². SINAPI: Cabo de cobre flexível isolado, 2,5 mm², anti-chama 450/750V, para circuitos terminais - fornecimento e instalação.","m",{"v":7957.1,"d":"7,957.10"},{"v":3.3608187500000004,"d":"R$ 3.36"},{"v":26742.370875625005,"d":"R$ 26,742.37"},{"$f":"K524*D524","v":0},{"$f":"D524*L524","v":0},{"$f":"F524*K524","v":{"v":0,"d":"R$ 0.00"}},{"$f":"F524*L524","v":{"v":0,"d":"R$ 0.00"}}]
["18.4.2","FNDE: Condutor de cobre unipolar, isolação em PVC/70ºC, camada de proteção em PVC, não propagador de chamas, classe de tensão 750V, encordoamento classe 5, flexível, com a seguinte seção nominal: #4 mm². SINAPI: Cabo de cobre flexível isolado , 4 mm², anti-chama 450/750 V, para circuitos terminais - fornecimento e instalação.","m",{"v":502,"d":"502.00"},{"v":4.68515625,"d":"R$ 4.69"},{"v":2351.9484375,"d":"R$ 2,351.95"},0,0,{"v":0,"d":"R$ 0.00"},{"v":0,"d":"R$ 0.00"}]
["18.4.3","FNDE: Condutor de cobre unipolar, isolação em PVC/70ºC, camada de proteção em PVC, não propagador de chamas, classe de tensão 750V, encordoamento classe 5, flexível, com a seguinte seção nominal: #6 mm². SINAPI: Cabo de cobre flexível isolado, 6 mm², anti-chama 450/750V, para circuitos terminais - fornecimento e instalação.","m",{"v":2335.3,"d":"2,335.30"},{"v":6.796600000000001,"d":"R$ 6.80"},{"v":15872.099980000003,"d":"R$ 15,872.10"},0,0,{"v":0,"d":"R$ 0.00"},{"v":0,"d":"R$ 0.00"}]
["18.4.4","FNDE: Condutor de cobre unipolar, isolação em PVC/70ºC, camada de proteção em PVC, não propagador de chamas, classe de tensão 750V, encordoamento classe 5, flexível, com a seguinte seção nominal: #10 mm². SINAPI: Cabo de cobre flexível isolado, 10 mm², anti-chama 450/750V, para circuitos terminais - fornecimento e instalação.","m",{"v":602.8,"d":"602.80"},{"v":10.9695125,"d":"R$ 10.97"},{"v":6612.422135,"d":"R$ 6,612.42"},0,0,{"v":0,"d":"R$ 0.00"},{"v":0,"d":"R$ 0.00"}]
["18.4.5","FNDE: Condutor de cobre unipolar, isolação em PVC/70ºC, camada de proteção em PVC, não propagador de chamas, classe de tensão 750V, encordoamento classe 5, flexível, com a seguinte seção nominal: #16 mm². SINAPI: Cabo de cobre flexível isolado, 16 mm², anti-chama 450/750V, para circuitos terminais - fornecimento e instalação.  ","m",{"v":267.5,"d":"267.50"},{"v":21.001993749999997,"d":"R$ 21.00"},{"v":5618.033328125,"d":"R$ 5,618.03"},0,0,{"v":0,"d":"R$ 0.00"},{"v":0,"d":"R$ 0.00"}]
["18.4.6","FNDE: Condutor de cobre unipolar, isolação em PVC/70ºC, camada de proteção em PVC, não propagador de chamas, classe de tensão 750V, encordoamento classe 5, flexível, com a seguinte seção nominal: #25 mm². SINAPI: Cabo de cobre flexível isolado, 25 mm², anti-chama 450/750V, para distribuição - fornecimento e instalação.","m",{"v":41.4,"d":"41.40"},{"v":17.6161875,"d":"R$ 17.62"},{"v":729.3101624999999,"d":"R$ 729.31"},0,0,{"v":0,"d":"R$ 0.00"},{"v":0,"d":"R$ 0.00"}]
["18.4.7","FNDE: Condutor de cobre unipolar, isolação em PVC/70ºC, camada de proteção em PVC, não propagador de chamas, classe de tensão 750V, encordoamento classe 5, flexível, com a seguinte seção nominal: #35 mm². SINAPI: Cabo de cobre flexível isolado, 35 mm², anti-chama 450/750V, para distribuição - fornecimento e instalação.","m",{"v":235.9,"d":"235.90"},{"v":22.876056249999998,"d":"R$ 22.88"},{"v":5396.4616693749995,"d":"R$ 5,396.46"},0,0,{"v":0,"d":"R$ 0.00"},{"v":0,"d":"R$ 0.00"}]
["18.4.8","FNDE: Condutor de cobre unipolar, isolação em PVC/70ºC, camada de proteção em PVC, não propagador de chamas, classe de tensão 750V, encordoamento classe 5, flexível, com a seguinte seção nominal: #50 mm². SINAPI: Cabo de cobre flexível isolado, 50 mm², anti-chama 450/750V, para distribuição - fornecimento e instalação ","m",{"v":6.9,"d":"6.90"},{"v":30.447268750000003,"d":"R$ 30.45"},{"v":210.08615437500004,"d":"R$ 210.09"},0,0,{"v":0,"d":"R$ 0.00"},{"v":0,"d":"R$ 0.00"}]
["18.4.9","FNDE: Condutor de cobre unipolar, isolação em PVC/70ºC, camada de proteção em PVC, não propagador de chamas, classe de tensão 750V, encordoamento classe 5, flexível, com a seguinte seção nominal: #70 mm². SINAPI: Cabo de cobre flexível isolado, 70 mm², anti-chama 450/750V, para distribuição - fornecimento e instalação.","m",{"v":259.8,"d":"259.80"},{"v":43.765606250000005,"d":"R$ 43.77"},{"v":11370.304503750001,"d":"R$ 11,370.30"},0,0,{"v":0,"d":"R$ 0.00"},{"v":0,"d":"R$ 0.00"}]
["18.4.10","FNDE: Condutor de cobre unipolar, isolação em PVC/70ºC, camada de proteção em PVC, não propagador de chamas, classe de tensão 750V, encordoamento classe 5, flexível, com a seguinte seção nominal: #95 mm². SINAPI: Cabo de cobre flexível isolado, 95 mm², anti-chama 450/750V, para distribuição - fornecimento e instalação.","m",{"v":10.3,"d":"10.30"},{"v":58.43326875000001,"d":"R$ 58.43"},{"v":601.8626681250001,"d":"R$ 601.86"},0,0,{"v":0,"d":"R$ 0.00"},{"v":0,"d":"R$ 0.00"}]
["18.4.11","Condutor de cobre unipolar, isolação em PVC/70ºC, camada de proteção em PVC, não propagador de chamas, classe de tensão 750V, encordoamento classe 5, flexível, com a seguinte seção nominal: #120 mm² (CABO ISOLADO PVC 750V 120MM2)","m",{"v":138,"d":"138.00"},{"v":73.80058125000001,"d":"R$ 73.80"},{"v":10184.4802125,"d":"R$ 10,184.48"},0,0,{"v":0,"d":"R$ 0.00"},{"v":0,"d":"R$ 0.00"}]
["18.5","ELETROCALHAS"]
["18.5.1","Eletrocalha lisa tipo U 50x50mm com tampa, inclusive conexões","m",{"v":31.3,"d":"31.30"},{"v":62.3937875,"d":"R$ 62.39"},{"v":1952.9255487500002,"d":"R$ 1,952.93"},0,{"$f":"D536*L536","v":0},{"v":0,"d":"R$ 0.00"},{"$f":"F536*L536","v":{"v":0,"d":"R$ 0.00"}}]
["18.5.2","Eletrocalha lisa tipo U 75x50mm com tampa, inclusive conexões","m",{"v":18.5,"d":"18.50"},{"v":67.51622499999999,"d":"R$ 67.52"},{"v":1249.0501625,"d":"R$ 1,249.05"},0,0,{"v":0,"d":"R$ 0.00"},{"v":0,"d":"R$ 0.00"}]
["18.5.3","Eletrocalha lisa tipo U 75x75mm com tampa, inclusive conexões","m",{"v":11.5,"d":"11.50"},{"v":67.3912875,"d":"R$ 67.39"},{"v":774.99980625,"d":"R$ 775.00"},0,0,{"v":0,"d":"R$ 0.00"},{"v":0,"d":"R$ 0.00"}]
["18.5.4","Eletrocalha lisa tipo U 100x50mm com tampa, inclusive conexões","m",{"v":36.6,"d":"36.60"},{"v":80.23486249999999,"d":"R$ 80.23"},{"v":2936.5959675,"d":"R$ 2,936.60"},0,0,{"v":0,"d":"R$ 0.00"},{"v":0,"d":"R$ 0.00"}]
["18.5.5","Eletrocalha lisa tipo U 100x100mm com tampa, inclusive conexões","m",{"v":5.5,"d":"5.50"},{"v":102.78608125,"d":"R$ 102.79"},{"v":565.323446875,"d":"R$ 565.32"},0,0,{"v":0,"d":"R$ 0.00"},{"v":0,"d":"R$ 0.00"}]
["18.5.6","Eletrocalha lisa tipo U 150x50mm com tampa, inclusive conexões","m",{"v":5.6,"d":"5.60"},{"v":149.925,"d":"R$ 149.93"},{"v":839.58,"d":"R$ 839.58"},0,0,{"v":0,"d":"R$ 0.00"},{"v":0,"d":"R$ 0.00"}]
["18.5.7","Eletrocalha lisa tipo U 200x50mm com tampa, inclusive conexões","m",{"v":11.1,"d":"11.10"},{"v":149.925,"d":"R$ 149.93"},{"v":1664.1675,"d":"R$ 1,664.17"},0,0,{"v":0,"d":"R$ 0.00"},{"v":0,"d":"R$ 0.00"}]
["18.5.8","Suporte vertical eletrocalha 120x146mm","un",{"v":7,"d":"7.00"},{"v":8.1209375,"d":"R$ 8.12"},{"v":56.846562500000005,"d":"R$ 56.85"},0,0,{"v":0,"d":"R$ 0.00"},{"v":0,"d":"R$ 0.00"}]
["18.5.9","Suporte vertical eletrocalha 120x160mm","un",{"v":3,"d":"3.00"},{"v":8.1209375,"d":"R$ 8.12"},{"v":24.3628125,"d":"R$ 24.36"},0,0,{"v":0,"d":"R$ 0.00"},{"v":0,"d":"R$ 0.00"}]
["18.5.10","Suporte vertical eletrocalha 70x125mm","un",{"v":6,"d":"6.00"},{"v":6.121937500000001,"d":"R$ 6.12"},{"v":36.73162500000001,"d":"R$ 36.73"},0,0,{"v":0,"d":"R$ 0.00"},{"v":0,"d":"R$ 0.00"}]
["18.5.11","Suporte vertical eletrocalha 70x81mm","un",{"v":18,"d":"18.00"},{"v":6.121937500000001,"d":"R$ 6.12"},{"v":110.19487500000002,"d":"R$ 110.19"},0,0,{"v":0,"d":"R$ 0.00"},{"v":0,"d":"R$ 0.00"}]
["18.5.12","Suporte vertical eletrocalha 70x96mm","un",{"v":22,"d":"22.00"},{"v":6.121937500000001,"d":"R$ 6.12"},{"v":134.68262500000003,"d":"R$ 134.68"},0,0,{"v":0,"d":"R$ 0.00"},{"v":0,"d":"R$ 0.00"}]
["18.5.13","Suporte vertical eletrocalha 95x114mm","un",{"v":19,"d":"19.00"},{"v":6.121937500000001,"d":"R$ 6.12"},{"v":116.31681250000003,"d":"R$ 116.32"},0,0,{"v":0,"d":"R$ 0.00"},{"v":0,"d":"R$ 0.00"}]
["18.5.14","FNDE: Tala plana perfurada 50mm. ORSE: Tala plana perfurada 50 mm para eletrocalha metálica (ref.: mopa ou similar).","un",{"v":38,"d":"38.00"},{"v":7.83358125,"d":"R$ 7.83"},{"v":297.6760875,"d":"R$ 297.68"},0,0,{"v":0,"d":"R$ 0.00"},{"v":0,"d":"R$ 0.00"}]
["18.5.15","FNDE: Tala plana perfurada 75mm. ORSE: Tala plana perfurada 50 mm para eletrocalha metálica (ref.: mopa ou similar)","un",{"v":6,"d":"6.00"},{"v":7.83358125,"d":"R$ 7.83"},{"v":47.001487499999996,"d":"R$ 47.00"},0,0,{"v":0,"d":"R$ 0.00"},{"v":0,"d":"R$ 0.00"}]
["18.5.16","FNDE: Tala plana perfurada 100mm. ORSE: Tala plana perfurada 100 mm para eletrocalha metálica (ref.: mopa ou similar)","un",{"v":4,"d":"4.00"},{"v":8.845575,"d":"R$ 8.85"},{"v":35.3823,"d":"R$ 35.38"},0,0,{"v":0,"d":"R$ 0.00"},{"v":0,"d":"R$ 0.00"}]
["18.6","ILUMINAÇÃO E TOMADAS"]
["18.6.1","Tomada universal, circular, 2P+T, 10A, cor branca, completa","un",{"v":137,"d":"137.00"},{"v":34.670156250000005,"d":"R$ 34.67"},{"v":4749.811406250001,"d":"R$ 4,749.81"},0,{"$f":"D553*L553","v":0},{"v":0,"d":"R$ 0.00"},{"$f":"F553*L553","v":{"v":0,"d":"R$ 0.00"}}]
["18.6.2","Tomada universal, circular, 2P+T, 20A, cor branca, completa","un",{"v":2,"d":"2.00"},{"v":36.89404375000001,"d":"R$ 36.89"},{"v":73.78808750000002,"d":"R$ 73.79"},0,0,{"v":0,"d":"R$ 0.00"},{"v":0,"d":"R$ 0.00"}]
["18.6.3","Interruptor 1 tecla paralela","un",{"v":2,"d":"2.00"},{"v":28.410787499999998,"d":"R$ 28.41"},{"v":56.821574999999996,"d":"R$ 56.82"},0,0,{"v":0,"d":"R$ 0.00"},{"v":0,"d":"R$ 0.00"}]
["18.6.4","Interruptor 1 tecla paralela e tomada","un",{"v":36,"d":"36.00"},{"v":28.410787499999998,"d":"R$ 28.41"},{"v":1022.7883499999999,"d":"R$ 1,022.79"},0,0,{"v":0,"d":"R$ 0.00"},{"v":0,"d":"R$ 0.00"}]
["18.6.5","Interruptor 1 tecla simples","un",{"v":18,"d":"18.00"},{"v":23.013487500000004,"d":"R$ 23.01"},{"v":414.24277500000005,"d":"R$ 414.24"},0,0,{"v":0,"d":"R$ 0.00"},{"v":0,"d":"R$ 0.00"}]
["18.6.6","Interruptor 2 teclas simples","un",{"v":6,"d":"6.00"},{"v":36.531725,"d":"R$ 36.53"},{"v":219.19035000000002,"d":"R$ 219.19"},0,0,{"v":0,"d":"R$ 0.00"},{"v":0,"d":"R$ 0.00"}]
["18.6.7","FNDE: Luminárias sobrepor 2x36W completa. ORSE: Luminária de sobrepor com aletas, para lâmpada fluorescente, 2x32w, ref. C-2359, da Lustres Projetos ou similar, completa.","un",{"v":8,"d":"8.00"},{"v":189.05542499999999,"d":"R$ 189.06"},{"v":1512.4433999999999,"d":"R$ 1,512.44"},0,0,{"v":0,"d":"R$ 0.00"},{"v":0,"d":"R$ 0.00"}]
["18.6.8","FNDE: Luminárias embutir 2x16W completa. ORSE: Luminária de embutir com aletas, para lâmpada fluorescente 2x16 W, ref C-2359, da Lustres Projeto ou similar, completa.","un",{"v":17,"d":"17.00"},{"v":180.1348875,"d":"R$ 180.13"},{"v":3062.2930874999997,"d":"R$ 3,062.29"},0,0,{"v":0,"d":"R$ 0.00"},{"v":0,"d":"R$ 0.00"}]
["18.6.9","FNDE: Luminárias embutir 2x36W completa. ORSE: Luminária de sobrepor com aletas, para lâmpada fluorescente, 2x32w, ref. C-2359, da Lustres Projetos ou similar, completa.","un",{"v":103,"d":"103.00"},{"v":189.05542499999999,"d":"R$ 189.06"},{"v":19472.708775,"d":"R$ 19,472.71"},0,0,{"v":0,"d":"R$ 0.00"},{"v":0,"d":"R$ 0.00"}]
["18.6.10","FNDE: Luminária com aletas embutir 2x36 completa. SEINFRA: LUMINÁRIA DE EMBUTIR CORPO E GRADE DE PROTEÇÃO EM LIGA DE ALUMÍNIO FUNDIDO, REFLETOR EM CHAPA DE ALUMÍNIO ANODIZADO.","un",{"v":40,"d":"40.00"},{"v":150.81205625,"d":"R$ 150.81"},{"v":6032.482250000001,"d":"R$ 6,032.48"},0,0,{"v":0,"d":"R$ 0.00"},{"v":0,"d":"R$ 0.00"}]
["18.6.11","FNDE: Luminária de piso, com lâmpada vapor metálico 70W. SEINFRA: LUMINÁRIA DE PISO MÓVEL, CORPO EM ALUMÍNIO, REFLETOR EM ALUMÍNIO ANODIZADO COM PROTETOR DE VIDRO EM GRADE DE ALUMÍNIO.","un",{"v":9,"d":"9.00"},{"v":208.19585,"d":"R$ 208.20"},{"v":1873.7626500000001,"d":"R$ 1,873.76"},0,0,{"v":0,"d":"R$ 0.00"},{"v":0,"d":"R$ 0.00"}]
["18.6.12","FNDE: Projetor com lâmpada de vapor metálico 150W. SEINFRA: PROJETOR DE ALUMÍNIO, C/LÂMPADA DE VAPOR METÁLICO E FOTOCÉLULA ATÉ 400W. ","un",{"v":4,"d":"4.00"},{"v":586.7814625000001,"d":"R$ 586.78"},{"v":2347.1258500000004,"d":"R$ 2,347.13"},0,0,{"v":0,"d":"R$ 0.00"},{"v":0,"d":"R$ 0.00"}]
["18.6.13","FNDE: Projetor com lâmpada de vapor metálico 250W. SEINFRA: PROJETOR DE ALUMÍNIO, C/LÂMPADA DE VAPOR METÁLICO E FOTOCÉLULA ATÉ 400W. ","un",{"v":1,"d":"1.00"},{"v":586.7814625000001,"d":"R$ 586.78"},{"v":586.7814625000001,"d":"R$ 586.78"},0,0,{"v":0,"d":"R$ 0.00"},{"v":0,"d":"R$ 0.00"}]
["18.6.14","FNDE: Arandelas de sobrepor com 1 lâmpada fluorescente compacta de 60W. SEINFRA: Arandela para lâmpada incandescente 60W em alumínio anodizado e pintado por processo eletrostático com refletor em alumínio anodizado alto brilho.","un",{"v":18,"d":"18.00"},{"v":147.03894375000002,"d":"R$ 147.04"},{"v":2646.7009875000003,"d":"R$ 2,646.70"},0,0,{"v":0,"d":"R$ 0.00"},{"v":0,"d":"R$ 0.00"}]
[{"$nulls":4},{"v":186457.34344062497,"d":"R$ 186,457.34"}]
[]
[19,"INSTALAÇÕES DE CLIMATIZAÇÃO"]
["19.1","Tubo PVC soldável Ø 25 mm, inclusive conexões","m",153.39,{"v":4.78510625,"d":"R$ 4.79"},{"v":733.9874476875,"d":"R$ 733.99"},0,{"$f":"D570*L570","v":0},{"v":0,"d":"R$ 0.00"},{"$f":"F570*L570","v":{"v":0,"d":"R$ 0.00"}}]
["19.2","Joelho 45 - 25mm, fornecimento e instalação","un",{"v":23,"d":"23.00"},{"v":4.510243750000001,"d":"R$ 4.51"},{"v":103.73560625000002,"d":"R$ 103.74"},0,{"$f":"D571*L571","v":0},{"v":0,"d":"R$ 0.00"},{"$f":"F571*L571","v":{"v":0,"d":"R$ 0.00"}}]
["19.3","Joelho 90 - 25mm, fornecimento e instalação","un",{"v":28,"d":"28.00"},{"v":4.335331250000001,"d":"R$ 4.34"},{"v":121.38927500000003,"d":"R$ 121.39"},0,{"$f":"D572*L572","v":0},{"v":0,"d":"R$ 0.00"},{"$f":"F572*L572","v":{"v":0,"d":"R$ 0.00"}}]
["19.4","Caixa de areia 40x40x40 com fundo de brita nº 1","un",{"v":7,"d":"7.00"},{"v":84.04545625,"d":"R$ 84.05"},{"v":588.31819375,"d":"R$ 588.32"},0,{"$f":"D573*L573","v":0},{"v":0,"d":"R$ 0.00"},{"$f":"F573*L573","v":{"v":0,"d":"R$ 0.00"}}]
[{"$nulls":4},{"v":1547.4305226875,"d":"R$ 1,547.43"}]
[]
[20,"INSTALAÇÕES DE REDE ESTRUTURADA"]
["20.1","EQUIPAMENTOS PASSIVOS",{"$nulls":4},0,{"$f":"D577*L577","v":0},{"v":0,"d":"R$ 0.00"},{"$f":"F577*L577","v":{"v":0,"d":"R$ 0.00"}}]
["20.1.1","FNDE: Patch Panel 19\"  - 24 portas, Categoria 6. AGETOP: PACH PANEL PADRÃO 19\" CAT. 6, COM 24 PORTAS.","un ",{"v":3,"d":"3.00"},{"v":613.8929,"d":"R$ 613.89"},{"v":1841.6787000000002,"d":"R$ 1,841.68"},0,0,{"v":0,"d":"R$ 0.00"},{"v":0,"d":"R$ 0.00"}]
["20.1.2","Switch de 48 portas (fornecimento)","un ",{"v":1,"d":"1.00"},{"v":1784.9071000000004,"d":"R$ 1,784.91"},{"v":1784.9071000000004,"d":"R$ 1,784.91"},0,0,{"v":0,"d":"R$ 0.00"},{"v":0,"d":"R$ 0.00"}]
["20.1.3","FNDE: Guias de cabos simples. AGETOP: Organizador de cabos (Guia).","un ",{"v":2,"d":"2.00"},{"v":18.92803125,"d":"R$ 18.93"},{"v":37.8560625,"d":"R$ 37.86"},0,0,{"v":0,"d":"R$ 0.00"},{"v":0,"d":"R$ 0.00"}]
["20.1.4","FNDE: Guia de Cabos Vertical, fechado. ORSE: Guia frontal para cabos.","un ",{"v":1,"d":"1.00"},{"v":21.101943750000004,"d":"R$ 21.10"},{"v":21.101943750000004,"d":"R$ 21.10"},0,0,{"v":0,"d":"R$ 0.00"},{"v":0,"d":"R$ 0.00"}]
["20.1.5","FNDE: Guia de Cabos Vertical. ORSE: Guia frontal para cabos.","un ",{"v":2,"d":"2.00"},{"v":21.101943750000004,"d":"R$ 21.10"},{"v":42.20388750000001,"d":"R$ 42.20"},0,0,{"v":0,"d":"R$ 0.00"},{"v":0,"d":"R$ 0.00"}]
["20.1.6","FNDE: Guia de Cabos Superior, fechado. ORSE: Guia frontal para cabos.","un ",{"v":1,"d":"1.00"},{"v":21.101943750000004,"d":"R$ 21.10"},{"v":21.101943750000004,"d":"R$ 21.10"},0,0,{"v":0,"d":"R$ 0.00"},{"v":0,"d":"R$ 0.00"}]
["20.1.7","FNDE: Anel organizador de cabos. SEINFRA: ORGANIZADOR DE CABOS HORIZONTAL, ABERTO, PADRÃO RACK 19\".","un ",{"v":2,"d":"2.00"},{"v":52.73611875,"d":"R$ 52.74"},{"v":105.4722375,"d":"R$ 105.47"},0,0,{"v":0,"d":"R$ 0.00"},{"v":0,"d":"R$ 0.00"}]
["20.1.8","FNDE: Bandeja deslizante perfurada. SEINFRA: BANDEJA MÓVEL, PADRÃO 19\".","un ",{"v":2,"d":"2.00"},{"v":58.0459625,"d":"R$ 58.05"},{"v":116.091925,"d":"R$ 116.09"},0,0,{"v":0,"d":"R$ 0.00"},{"v":0,"d":"R$ 0.00"}]
["20.1.9","Mini-rack de parede 19\" x 8u x 450mm - fornecimento e instalação","un ",{"v":1,"d":"1.00"},{"v":474.7625,"d":"R$ 474.76"},{"v":474.7625,"d":"R$ 474.76"},0,0,{"v":0,"d":"R$ 0.00"},{"v":0,"d":"R$ 0.00"}]
["20.2","CABOS EM PAR TRANÇADOS"]
["20.2.1","FNDE: Cabo UTP -6 (24AWG). SEINFRA: CABO  LÓGICO 4 PARES, CATEGORIA 6 - UTP.","m",{"v":1268.5,"d":"1,268.50"},{"v":10.4197875,"d":"R$ 10.42"},{"v":13217.50044375,"d":"R$ 13,217.50"},{"$f":"K588*D588","v":0},{"$f":"D588*L588","v":0},{"$f":"F588*K588","v":{"v":0,"d":"R$ 0.00"}},{"$f":"F588*L588","v":{"v":0,"d":"R$ 0.00"}}]
["20.2.2","FNDE: Cabo coaxial. SEINFRA: CABO LÓGICO /VÍDEO COAXIAL 50 - OHMS.","m",{"v":341,"d":"341.00"},{"v":9.257868750000002,"d":"R$ 9.26"},{"v":3156.9332437500007,"d":"R$ 3,156.93"},0,{"$f":"D589*L589","v":0},{"v":0,"d":"R$ 0.00"},{"$f":"F589*L589","v":{"v":0,"d":"R$ 0.00"}}]
["20.3","CABOS DE CONEXÃO"]
["20.3.1","FNDE: Cabos de conexões – Patch cord categoria 6  - 2,5 metros. AGETOP: Patch cord UTP-4 P, CAT 6, FLEXÍVEL 2.0 M","un ",{"v":35,"d":"35.00"},{"v":32.2088875,"d":"R$ 32.21"},{"v":1127.3110625000002,"d":"R$ 1,127.31"},0,{"$f":"D591*L591","v":0},{"v":0,"d":"R$ 0.00"},{"$f":"F591*L591","v":{"v":0,"d":"R$ 0.00"}}]
["20.4","TOMADAS"]
["20.4.1","FNDE: Tomada modular RJ-45 Categoria 6 (completa). AGETOP: TOMADA LÓGICA RJ-45 TIPO KEYSTONE JACK , CAT.6.","un ",{"v":28,"d":"28.00"},{"v":37.368806250000006,"d":"R$ 37.37"},{"v":1046.326575,"d":"R$ 1,046.33"},0,{"$f":"D593*L593","v":0},{"v":0,"d":"R$ 0.00"},{"$f":"F593*L593","v":{"v":0,"d":"R$ 0.00"}}]
["20.4.2","Conector de TV Tipo F (Coaxial) com placa","un ",{"v":14,"d":"14.00"},{"v":1.749125,"d":"R$ 1.75"},{"v":24.487750000000002,"d":"R$ 24.49"},0,{"$f":"D594*L594","v":0},{"v":0,"d":"R$ 0.00"},{"$f":"F594*L594","v":{"v":0,"d":"R$ 0.00"}}]
["20.4.3","Central PABX 24 portas (QUADRO DE DISTRIBUIÇÃO CB-24E - 150A)","un ",{"v":1,"d":"1.00"},{"v":605.4971,"d":"R$ 605.50"},{"v":605.4971,"d":"R$ 605.50"},0,{"$f":"D595*L595","v":0},{"v":0,"d":"R$ 0.00"},{"$f":"F595*L595","v":{"v":0,"d":"R$ 0.00"}}]
["20.5","CAIXAS E ACESSÓRIOS"]
["20.5.1","FNDE: Caixa de passagem em alvenaria 30x30x12 com tampa de ferro fundido. AGETOP: Caixa de passagem metálica 30x30x12 cm.","un ",{"v":5,"d":"5.00"},{"v":89.41776875000001,"d":"R$ 89.42"},{"v":447.08884375,"d":"R$ 447.09"},0,{"$f":"D597*L597","v":0},{"v":0,"d":"R$ 0.00"},{"$f":"F597*L597","v":{"v":0,"d":"R$ 0.00"}}]
["20.5.2","FNDE: Caixa de passagem PVC 4x2\" - fornecimento e instalação. ORSE: Caixa de passagem PVC 4\" x 2\", sistema \"x\" com tampa.","un ",{"v":41,"d":"41.00"},{"v":19.540225000000003,"d":"R$ 19.54"},{"v":801.1492250000001,"d":"R$ 801.15"},0,{"$f":"D598*L598","v":0},{"v":0,"d":"R$ 0.00"},{"$f":"F598*L598","v":{"v":0,"d":"R$ 0.00"}}]
["20.6","ELETRODUTOS E ACESSÓRIOS"]
["20.6.1","FNDE: Eletroduto PVC flexivel 1\", inclusive conexões. SINAPI: ELETRODUTO FLEXÍVEL CORRUGADO , PVC, DN 32 MM (1\"), FORNECIMENTO E INSTALAÇÃO.","m",{"v":1.3,"d":"1.30"},{"v":7.896050000000001,"d":"R$ 7.90"},{"v":10.264865,"d":"R$ 10.26"},0,{"$f":"D600*L600","v":0},{"v":0,"d":"R$ 0.00"},{"$f":"F600*L600","v":{"v":0,"d":"R$ 0.00"}}]
["20.6.2","FNDE: Eletroduto PVC flexivel 3/4\", inclusive conexões. SINAPI: ELETRODUTO FLEXÍVEL CORRUGADO , PVC, DN 25 MM (3/4\"), FORNECIMENTO E INSTALAÇÃO.","m",{"v":119.3,"d":"119.30"},{"v":6.18440625,"d":"R$ 6.18"},{"v":737.799665625,"d":"R$ 737.80"},0,0,{"v":0,"d":"R$ 0.00"},{"v":0,"d":"R$ 0.00"}]
["20.6.3","Eletroduto Aço Galvanizado , Ø 1\", fornecimento e instalação","m",{"v":50.4,"d":"50.40"},{"v":27.948518750000005,"d":"R$ 27.95"},{"v":1408.6053450000002,"d":"R$ 1,408.61"},0,0,{"v":0,"d":"R$ 0.00"},{"v":0,"d":"R$ 0.00"}]
["20.6.4","FNDE: Eletroduto Aço Galvanizado , Ø 1.1/4\", fornecimento e instalação. SINAPI: ELETRODUTO DE AÇO GALVANIZADO ELETROLÍTICO DN 40 MM (1 1/2), TIPO SEMI-PESADO - FORNECIMENTO E INSTALAÇÃO.","m",{"v":4.1,"d":"4.10"},{"v":46.47675,"d":"R$ 46.48"},{"v":190.554675,"d":"R$ 190.55"},0,0,{"v":0,"d":"R$ 0.00"},{"v":0,"d":"R$ 0.00"}]
["20.6.5","Eletroduto Aço Galvanizado , Ø 2\", fornecimento e instalação","m",{"v":22,"d":"22.00"},{"v":51.38679375000001,"d":"R$ 51.39"},{"v":1130.5094625000002,"d":"R$ 1,130.51"},0,0,{"v":0,"d":"R$ 0.00"},{"v":0,"d":"R$ 0.00"}]
["20.6.6","FNDE: Eletrocalha lisa com tampa 50 x 25 mm, inclusive conexões. SEINFRA: DUTO PERFURADO - ELETROCALHA CHAPA DE AÇO (50 X 50)MM.","m",77.74,{"v":62.3937875,"d":"R$ 62.39"},{"v":4850.4930402499995,"d":"R$ 4,850.49"},0,0,{"v":0,"d":"R$ 0.00"},{"v":0,"d":"R$ 0.00"}]
[{"$nulls":4},{"v":33199.69759712501,"d":"R$ 33,199.70"}]
[]
[21,"SISTEMA DE EXAUSTÃO MECÂNICA"]
["21.1","FNDE: Coifa de Centro em Aço Inox de 1500x1000x600. ORSE: Coifa em aço inox escovado AISI 304, tipo encostada, com filtros inerciais, descarga vertical superior com diam=30 cm, Exaustor, duto, chapéu chinês, filtro, dimensões: larg=1400 x  prof=1200 x alt=600 mm.","un",{"v":1,"d":"1.00"},{"v":7065.0407125,"d":"R$ 7,065.04"},{"v":7065.0407125,"d":"R$ 7,065.04"},0,{"$f":"D609*L609","v":0},{"v":0,"d":"R$ 0.00"},{"$f":"F609*L609","v":{"v":0,"d":"R$ 0.00"}}]
[{"$nulls":4},{"v":7065.0407125,"d":"R$ 7,065.04"}]
[]
[22,"SISTEMA DE PROTEÇÃO CONTRA DESCARGAS ATMOSFÉRICAS (SPDA)"]
["22.1","FNDE: Pára-raios tipo Franklin em aço inox 3 pontas em haste de 3 m. x 1.1/2\" tipo simples. SINAPI: PARA-RAIOS TIPO FRANKLIN - CABO E SUPORTE ISOLADOR.","m",{"v":3,"d":"3.00"},{"v":60.107431250000005,"d":"R$ 60.11"},{"v":180.32229375000003,"d":"R$ 180.32"},0,{"$f":"D613*L613","v":0},{"v":0,"d":"R$ 0.00"},{"$f":"F613*L613","v":{"v":0,"d":"R$ 0.00"}}]
["22.2","FNDE: Vergalhão CA - 25 # 10 mm2. SEINFRA: VERGALHÃO ROSCA TOTAL DE 3/8\".","m",{"v":42,"d":"42.00"},{"v":8.45826875,"d":"R$ 8.46"},{"v":355.2472875,"d":"R$ 355.25"},0,0,{"v":0,"d":"R$ 0.00"},{"v":0,"d":"R$ 0.00"}]
["22.3","FNDE: Conector mini-Bar em bronze estanhado Tel-583. SEINFRA: CONECTOR SPLIT - BOLT P/CABOS ATÉ 35MM².","un",{"v":12,"d":"12.00"},{"v":9.4702625,"d":"R$ 9.47"},{"v":113.64315,"d":"R$ 113.64"},0,0,{"v":0,"d":"R$ 0.00"},{"v":0,"d":"R$ 0.00"}]
["22.4","Parafuso fenda em aço inox 4,2 x 32mm e bucha de nylon","cj",{"v":24,"d":"24.00"},{"v":1.3743125,"d":"R$ 1.37"},{"v":32.9835,"d":"R$ 32.98"},0,0,{"v":0,"d":"R$ 0.00"},{"v":0,"d":"R$ 0.00"}]
["22.5","FNDE: Presilha em latão. ORSE: Presilha de latão, L = 20 mm, para fixação de cabos de cobre, furo d = 5mm, para cabos 35 mm² a 50 mm², ref:TEL-744 ou similar (SPDA).","un",{"v":24,"d":"24.00"},{"v":1.78660625,"d":"R$ 1.79"},{"v":42.87855,"d":"R$ 42.88"},0,0,{"v":0,"d":"R$ 0.00"},{"v":0,"d":"R$ 0.00"}]
["22.6","FNDE: Caixa de equalização de potências 200x200mm em aço com barramento, expessura  6 mm. ORSE: Caixa de equalização p/ aterramento 20x20x10 cm de sobrepor p/ 11 terminais de pressão c/ barramento.","un",{"v":1,"d":"1.00"},{"v":283.858,"d":"R$ 283.86"},{"v":283.858,"d":"R$ 283.86"},0,0,{"v":0,"d":"R$ 0.00"},{"v":0,"d":"R$ 0.00"}]
["22.7","ESCAVAÇÃO MANUAL DE VALAS AF_03/2016","m³",{"v":39,"d":"39.00"},{"v":57.33381875,"d":"R$ 57.33"},{"v":2236.01893125,"d":"R$ 2,236.02"},0,0,{"v":0,"d":"R$ 0.00"},{"v":0,"d":"R$ 0.00"}]
["22.8","HASTE COPPERWELD 5/8 X 3,0 M COM CONECTOR","un",{"v":13,"d":"13.00"},{"v":51.936518750000005,"d":"R$ 51.94"},{"v":675.1747437500001,"d":"R$ 675.17"},0,0,{"v":0,"d":"R$ 0.00"},{"v":0,"d":"R$ 0.00"}]
["22.9","Cabo de cobre nu 16 mm2","m",{"v":5,"d":"5.00"},{"v":13.643175000000001,"d":"R$ 13.64"},{"v":68.21587500000001,"d":"R$ 68.22"},0,0,{"v":0,"d":"R$ 0.00"},{"v":0,"d":"R$ 0.00"}]
["22.10","Cabo de cobre nu 35 mm2 (FORNECIMENTO E INSTALAÇÃO)","m",{"v":330,"d":"330.00"},{"v":26.474256250000003,"d":"R$ 26.47"},{"v":8736.5045625,"d":"R$ 8,736.50"},0,0,{"v":0,"d":"R$ 0.00"},{"v":0,"d":"R$ 0.00"}]
["22.11","Cabo de cobre nu 50 mm2 (FORNECIMENTO E INSTALAÇÃO)","m",{"v":260,"d":"260.00"},{"v":37.5562125,"d":"R$ 37.56"},{"v":9764.61525,"d":"R$ 9,764.62"},0,0,{"v":0,"d":"R$ 0.00"},{"v":0,"d":"R$ 0.00"}]
["22.12","FNDE: Caixa de inspeção, PVC de 12\", com tampa de ferro fundido,conforme detalhe no projeto. SEINFRA: Caixa de inspeção no passeio c/tubo PVC  D=300 mm tampa FoFo.","un",{"v":4,"d":"4.00"},{"v":483.90792500000003,"d":"R$ 483.91"},{"v":1935.6317000000001,"d":"R$ 1,935.63"},0,0,{"v":0,"d":"R$ 0.00"},{"v":0,"d":"R$ 0.00"}]
["22.13","FNDE: Conector de bronze para haste de 5/8\" e cabo de 50 mm². SINAPI: TERMINAL OU CONECTOR DE PRESSÃO - PARA CABO 50 MM2 - FORNECIMENTO E INSTALAÇÃO.","un",{"v":12,"d":"12.00"},{"v":20.852068750000004,"d":"R$ 20.85"},{"v":250.22482500000007,"d":"R$ 250.22"},0,0,{"v":0,"d":"R$ 0.00"},{"v":0,"d":"R$ 0.00"}]
[{"$nulls":4},{"v":24675.318668750006,"d":"R$ 24,675.32"}]
[]
[23,"SERVIÇOS COMPLEMENTARES"]
["23.1","GERAIS",null,0]
["23.1.1","FNDE: Conjunto de mastros para bandeiras em tubo ferro galvanizado telescópico (alt= 7m (3mx2\" + 4mx1 1/2\"). SEINFRA: CONJUNTO DE MASTRO P/TRÊS BANDEIRAS E PEDESTAL.","un",{"v":1,"d":"1.00"},{"v":2500.41166875,"d":"R$ 2,500.41"},{"v":2500.41166875,"d":"R$ 2,500.41"},0,{"$f":"D630*L630","v":0},{"v":0,"d":"R$ 0.00"},{"$f":"F630*L630","v":{"v":0,"d":"R$ 0.00"}}]
["23.1.2","FNDE: Bancada em granito cinza andorinha - espessura 2cm, conforme projeto.SEINFRA: GRANITO POLIDO E=2 CM , CINZA ARGAMASSA DE CIMENTO E AREIA 1:4, C/REJUNTAMENTO.","m²",48.53,{"v":245.93946875,"d":"R$ 245.94"},{"v":11935.4424184375,"d":"R$ 11,935.44"},0,0,{"v":0,"d":"R$ 0.00"},{"v":0,"d":"R$ 0.00"}]
["23.1.3","FNDE: Prateleira,acabamentos em granito cinza andorinha - espessura 2cm, conforme projeto. SEINFRA: GRANITO POLIDO E=2 CM , CINZA ARGAMASSA DE CIMENTO E AREIA 1:4, C/REJUNTAMENTO.","m²",56.26,{"v":245.93946875,"d":"R$ 245.94"},{"v":13836.554511875,"d":"R$ 13,836.55"},0,0,{"v":0,"d":"R$ 0.00"},{"v":0,"d":"R$ 0.00"}]
["23.1.4","PRATELEIRA EM MADEIRA DE LEIPLAINADA","m²",48.02,{"v":135.09491875,"d":"R$ 135.09"},{"v":6487.257998375001,"d":"R$ 6,487.26"},0,0,{"v":0,"d":"R$ 0.00"},{"v":0,"d":"R$ 0.00"}]
["23.1.5","FNDE: Bancos de concreto. SEINFRA: BANCO EM ALVENARIA , TAMPO EM CONCRETO , C/ENCOSTO H=80 CM, PINTADO. ","m²",7.22,{"v":141.14189375,"d":"R$ 141.14"},{"v":1019.044472875,"d":"R$ 1,019.04"},0,0,{"v":0,"d":"R$ 0.00"},{"v":0,"d":"R$ 0.00"}]
["23.1.6","Banco e acabamento em granito","m²",3.62,{"v":245.93946875,"d":"R$ 245.94"},{"v":890.3008768750001,"d":"R$ 890.30"},0,0,{"v":0,"d":"R$ 0.00"},{"v":0,"d":"R$ 0.00"}]
["23.1.7","Peitoril em granito cinza, largura=17,00cm espessura variável e pingadeira","m",{"v":106.8,"d":"106.80"},{"v":63.418275,"d":"R$ 63.42"},{"v":6773.07177,"d":"R$ 6,773.07"},0,0,{"v":0,"d":"R$ 0.00"},{"v":0,"d":"R$ 0.00"}]
[{"$nulls":4},{"v":43442.08371718751,"d":"R$ 43,442.08"}]
[]
[24,"CAIXA DÁGUA - 30.000L"]
["24.1","Reservatório metálico cilíndrico.","un",{"v":1,"d":"1.00"},{"v":20364.8125,"d":"R$ 20,364.81"},{"v":20364.8125,"d":"R$ 20,364.81"},0,{"$f":"D640*L640","v":0},{"v":0,"d":"R$ 0.00"},{"$f":"F640*L640","v":{"v":0,"d":"R$ 0.00"}}]
[{"$nulls":4},{"v":20364.8125,"d":"R$ 20,364.81"}]
[]
[25,"ADMINISTRAÇÃO"]
["2.5.1","Engenheiro civil de obra pleno com encargos complementares.","h",{"v":220,"d":"220.00"},{"v":102.77358750000002,"d":"R$ 102.77"},{"v":22610.189250000003,"d":"R$ 22,610.19"},{"v":11,"d":"11.00"},{"$f":"D644*L644","v":{"v":99,"d":"99.00"}},{"v":1130.5094625000002,"d":"R$ 1,130.51"},{"$f":"F644*L644","v":{"v":10174.585162500001,"d":"R$ 10,174.59"}},{"v":0.05,"d":"5%"},{"v":0.45,"d":"45%"}]
["2.5.2","Mestre de obras com encargos complementares.","h",{"v":1320,"d":"1,320.00"},{"v":51.03696875000001,"d":"R$ 51.04"},{"v":67368.79875000002,"d":"R$ 67,368.80"},{"v":66,"d":"66.00"},{"$f":"D645*L645","v":{"v":594,"d":"594.00"}},{"v":3368.439937500001,"d":"R$ 3,368.44"},{"$f":"F645*L645","v":{"v":30315.95943750001,"d":"R$ 30,315.96"}},{"v":0.05,"d":"5%"},{"v":0.45,"d":"45%"}]
[{"$nulls":4},{"v":89978.98800000001,"d":"R$ 89,978.99"}]
[]
[26,"SERVIÇOS FINAIS"]
["26..1","Limpeza final da obra","m²",{"v":1510.23,"d":"1,510.23"},{"v":2.25,"d":"R$ 2.25"},{"v":3398.0175,"d":"R$ 3,398.02"},0,{"$f":"D649*L649","v":0},{"v":0,"d":"R$ 0.00"},{"$f":"F649*L649","v":{"v":0,"d":"R$ 0.00"}}]
[{"$nulls":4},{"v":3398.0175,"d":"R$ 3,398.02"}]
[]
[]
[]
[{"$nulls":8},"FINACEIRO C/BDI",null,"(%)"]
[{"$nulls":5},"Custo total com BDI",null,null,"Medido no Período","Acumulado incluindo o Período","Medido no Período","Acumulado incluindo o Período"]
[{"$nulls":5},{"v":2253935.150267875,"d":"R$ 2,253,935.15"},null,null,{"$f":"SUM(I11:I653)","v":{"v":8637.119917181251,"d":"R$ 8,637.12"}},{"$f":"SUM(J11:J653)","v":{"v":306951.966190525,"d":"R$ 306,951.97"}},{"$f":"I656/F656","v":{"v":0.003832017933681344,"d":"0.38%"}},{"$f":"J656/F656","v":{"v":0.1361849147053075,"d":"13.62%"}}]
["______________________________________________________"]
["LUIZ ANTÔNIO PEREIRA DE OLIVEIRA"]
["CREA 1003785239-D/GO"]
[]
["______________________________________________________"]
["ENGº RANNIER RICARDO LISBOA"]
["CREA 19802-D/GO"]
[]
[]
[]
[]
[]
[]
["Coluna1"]

{"sheet":"MEMORIAL DE CALCULO","index":1,"n_rows":663,"n_cols":11,"rows_kept":663,"merged":[[0,0,0,10],[7,3,8,3],[7,4,8,4],[7,5,8,5],[7,6,8,10],[51,2,51,3],[59,2,59,3],[67,2,67,3],[73,2,73,3],[653,6,655,10],[656,0,656,10],[657,0,657,10],[658,0,658,10],[660,0,660,10],[661,0,661,10],[662,0,662,10]]}
["MEMORIAL DE CÁLCULO"]
["Obra: Proinfância - Tipo  1"]
["Município: Ipameri - Goiás"]
[{"$f":"ORÇAMENTO!A4","v":"Elaborado em: 21/09/2020"}]
["EMPRESA: VIVA Engenharia LTDA                                                            CNPJ: 03.188.338/0001-07  "]
["Edificação principal do Proinfância 1"]
[]
[null,"DESCRIÇÃO DOS SERVIÇOS","UNID.","QUANT. TOTAL","QUANTIDADE ","(%)","MEMORIAL DE CÁLCULO"]
[]
[1,"SERVIÇOS PRELIMINARES "]
["1.1","Placa de obra na chapa 26 pintada"," m²",{"v":6,"d":"6.00"},{"v":6,"d":"6.00"},{"v":1,"d":"100%"},{"$f":"D11","v":{"v":6,"d":"6.00"}},"*",{"$f":"F11","v":{"v":1,"d":"100%"}},"=",{"$f":"I11*G11","v":{"v":6,"d":"6.00"}}]
["1.2","Instalação provisória de água ","un",{"v":1,"d":"1.00"},{"v":1,"d":"1.00"},{"v":0,"d":"0%"},{"$f":"D12","v":{"v":1,"d":"1.00"}},"*",{"$f":"F12","v":{"v":0,"d":"0%"}},"=",0]
["1.3","Instalação provisória de energia elétrica em baixa tensão","un",{"v":1,"d":"1.00"},{"v":1,"d":"1.00"},{"v":0,"d":"0%"},{"v":1,"d":"1.00"},"*",{"v":0,"d":"0%"},"=",0]
["1.4","Instalações provisórias de esgoto","un",{"v":1,"d":"1.00"},{"v":1,"d":"1.00"},{"v":0,"d":"0%"},{"v":1,"d":"1.00"},"*",{"v":0,"d":"0%"},"=",0]
["1.5","Barracão para obras de médio porte reaproveitamento 2 vezes "," m²",{"v":40,"d":"40.00"},{"v":40,"d":"40.00"},{"v":1,"d":"100%"},{"v":40,"d":"40.00"},"*",{"v":1,"d":"100%"},"=",{"v":40,"d":"40.00"}]
["1.6","LOCACAO CONVENCIONAL DE OBRA, ATRAVÉS DE GABARITO DE TABUAS CORRIDAS P M2 CR 3,49\nONTALETADAS, COM REAPROVEITAMENTO DE 10 VEZES."," m²",{"v":1510.23,"d":"1,510.23"},{"v":1510.23,"d":"1,510.23"},{"v":0,"d":"0%"},{"v":1510.23,"d":"1,510.23"},"*",{"v":0,"d":"0%"},"=",0]
["1.7","SONDAGEM À PERCUSSÃO P/RECONHECIMENTO DO SUBSOLO","m",{"v":56,"d":"56.00"},{"v":56,"d":"56.00"},{"v":0,"d":"0%"},{"v":56,"d":"56.00"},"*",{"v":0,"d":"0%"},"=",0]
["1.8","TAPUME DE CHAPA DE MADEIRA COMPENSADA, E= 6MM, COM PINTURA A CAL E REAPROVEITAMENTO DE 2X"," m²",{"v":80,"d":"80.00"},{"v":80,"d":"80.00"},{"v":0,"d":"0%"},{"v":80,"d":"80.00"},"*",{"v":0,"d":"0%"},"=",0]
[]
[]
[2,"MOVIMENTO DE TERRAS PARA FUNDAÇÕES"]
["2.1","EDIFICAÇÃO"]
["2.1.1","ATERRO C/COMPACTAÇÃO MANUAL S/CONTROLE, MAT. PRODUZIDO (S/TRANSP.)","m³",{"v":270.4,"d":"270.40"},{"v":270.4,"d":"270.40"},{"v":0,"d":"0%"},{"v":270.4,"d":"270.40"},"*",{"v":0,"d":"0%"},"=",{"$f":"I23*G23","v":0}]
["2.1.2","ESCAVAÇÃO MANUAL SOLO DE 1A.CAT. PROF. ATÉ 1.50m","m³",142.17,142.17,{"v":0,"d":"0%"},142.17,"*",{"v":0,"d":"0%"},"=",{"$f":"I24*G24","v":0}]
["2.1.3","Nivelamento de Fundo de Valas","m²",263.11,263.11,{"v":0,"d":"0%"},263.11,"*",{"v":0,"d":"0%"},"=",{"$f":"I25*G25","v":0}]
["2.1.4","REATERRO C/COMPACTAÇÃO MANUAL S/CONTROLE, MATERIAL DA VALA","m³",56.39,56.39,{"v":0,"d":"0%"},56.39,"*",{"v":0,"d":"0%"},"=",{"$f":"I26*G26","v":0}]
["2.2","MURETA"]
["2.2.1","ESCAVAÇAO MANUAL DE VALAS PROF.1 A 2 M","m³",11.26,0,{"v":1,"d":"100%"},11.26,"*",{"v":1,"d":"100%"},"=",{"$f":"I28*G28","v":11.26}]
["2.2.2","PREPARO DE FUNDO DE VALA COM LARGURA MENOR QUE 1,5 M, EM LOCAL COM NÍVEL BAIXO DE INTERFERÊNCIA. AF_06/2016","m²",17.74,0,{"v":1,"d":"100%"},17.74,"*",{"v":1,"d":"100%"},"=",{"$f":"I29*G29","v":17.74}]
["2.2.3","REATERRO DE VALA COM COMPACTAÇÃO MANUAL","m³",6.39,0,{"v":1,"d":"100%"},6.39,"*",{"v":1,"d":"100%"},"=",{"$f":"I30*G30","v":6.39}]
["2.3","CASTELO D'ÁGUA"]
["2.3.1","ESCAVAÇÃO MANUAL SOLO DE 1A.CAT. PROF. ATÉ 1.50m","m³",5.78,5.78,{"v":0,"d":"0%"},5.78,"*",{"v":0,"d":"0%"},"=",{"$f":"I32*G32","v":0}]
["2.3.2","Nivelamento de Fundo de Valas","m²",12.96,12.96,{"v":0,"d":"0%"},12.96,"*",{"v":0,"d":"0%"},"=",{"$f":"I33*G33","v":0}]
["2.3.3","REATERRO DE VALA COM COMPACTAÇÃO MANUAL","m³",1.06,1.06,{"v":0,"d":"0%"},1.06,"*",{"v":0,"d":"0%"},"=",{"$f":"I34*G34","v":0}]
[]
[]
[3,"FUNDAÇÕES"]
["3.1","CONCRETO ARMADO PARA FUNDAÇÕES - BLOCOS"]
["3.1.1","Estaca a trado (broca) d=20 cm com concreto fck=15 Mpa (sem armação)","m",{"v":399,"d":"399.00"},{"v":399,"d":"399.00"},{"v":0,"d":"0%"},{"v":399,"d":"399.00"},"*",{"v":0,"d":"0%"},"=",{"$f":"I39*G39","v":0}]
["3.1.2","LASTRO DE CONCRETO, E = 3 CM, PREPARO MECÂNICO, INCLUSOS LANÇAMENTO E \nADENSAMENTO. AF_07_2016","m²",73.61,73.61,{"v":0,"d":"0%"},73.61,"*",{"v":0,"d":"0%"},"=",0]
["3.1.3","Forma de madeira comum para Fundações  - reaproveitamento 10X","m²",133.93,133.93,{"v":0,"d":"0%"},133.93,"*",{"v":0,"d":"0%"},"=",0]
["3.1.4","ARMADURA CA-50A MÉDIA D= 6,3 A 10,0mm","kg",654.18,654.18,{"v":0,"d":"0%"},654.18,"*",{"v":0,"d":"0%"},"=",0]
["3.1.5","ARMADURA CA-60 FINA D=3,40 A 6,40mm","kg",383.55,383.55,{"v":0,"d":"0%"},383.55,"*",{"v":0,"d":"0%"},"=",0]
["3.1.6","PREPARO COM BETONEIRA E TRANSPORTE MANUAL DE CONCRETO FCK=25 MPA","m³",32.38,32.38,{"v":0,"d":"0%"},32.38,"*",{"v":0,"d":"0%"},"=",0]
["3.1.7","LANÇAMENTO/APLICAÇÃO/ADENSAMENTO DE CONCRETO EM FUNDAÇÃO- (O.C.)","m³",32.38,32.38,{"v":0,"d":"0%"},32.38,"*",{"v":0,"d":"0%"},"=",0]
["3.2","CONCRETO ARMADO PARA FUNDAÇÕES - VIGAS BALDRAMES",{"$nulls":3},{"v":0,"d":"0%"}]
["3.2.1","Forma de madeira comum para Fundações  - reaproveitamento 10X","m²",707.67,{"$f":"D47*F47","v":0},{"v":0,"d":"0%"},707.67,"*",{"v":0.5,"d":"50%"},"="]
["3.2.2","ARMADURA CA-50A MÉDIA D= 6,3 A 10,0mm","kg",{"v":1248.55,"d":"1,248.55"},{"$f":"D48*F48","v":0},{"v":0,"d":"0%"},{"v":1248.55,"d":"1,248.55"},"*",{"v":0.5,"d":"50%"},"="]
["3.2.3","ARMADURA CA-60 FINA D=3,40 A 6,40mm","kg",645.82,0,{"v":0,"d":"0%"},645.82,"*",{"v":0.5,"d":"50%"},"="]
["3.2.4","PREPARO COM BETONEIRA E TRANSPORTE MANUAL DE CONCRETO FCK=25 MPA","m³",40.93,0,{"v":0,"d":"0%"},40.93,"*",{"v":0.5,"d":"50%"},"="]
["3.2.5","LANÇAMENTO/APLICAÇÃO/ADENSAMENTO DE CONCRETO EM FUNDAÇÃO- (O.C.)","m³",40.93,0,{"v":0,"d":"0%"},40.93,"*",{"v":0.5,"d":"50%"},"="]
["3.3","FUNDAÇÃO DO CASTELO D'ÁGUA",{"$nulls":3},{"v":0,"d":"0%"}]
["3.3.1","ESTACA A TRADO DIAM.30 CM SEM FERRO","m",{"v":56,"d":"56.00"},{"v":56,"d":"56.00"},{"v":0,"d":"0%"},{"v":56,"d":"56.00"},"*",{"v":0,"d":"0%"},"=",{"$f":"I53*G53","v":0}]
["3.3.2","Corte e reparo em cabeça de estaca","un",{"v":12,"d":"12.00"},{"v":12,"d":"12.00"},{"v":0,"d":"0%"},{"v":12,"d":"12.00"},"*",{"v":0,"d":"0%"},"=",0]
["3.3.3","LASTRO DE CONCRETO, E = 3 CM, PREPARO MECÂNICO, INCLUSOS LANÇAMENTO E ADENSAMENTO. AF_07_2016","m²",12.96,12.96,{"v":0,"d":"0%"},12.96,"*",{"v":0,"d":"0%"},"=",0]
["3.3.4","Forma de madeira comum para Fundções  - reaproveitamento 10X","m²",{"v":7.2,"d":"7.20"},{"v":7.2,"d":"7.20"},{"v":0,"d":"0%"},{"v":7.2,"d":"7.20"},"*",{"v":0,"d":"0%"},"=",0]
["3.3.5","Armação aço CA-50, para 1,0 m³ de concreto","un",6.48,6.48,{"v":0,"d":"0%"},6.48,"*",{"v":0,"d":"0%"},"=",0]
["3.3.6","PREPARO COM BETONEIRA E TRANSPORTE MANUAL DE CONCRETO FCK=25 MPA","m³",4.71,4.71,{"v":0,"d":"0%"},4.71,"*",{"v":0,"d":"0%"},"=",0]
["3.3.7","LANÇAMENTO/APLICAÇÃO/ADENSAMENTO DE CONCRETO EM FUNDAÇÃO- (O.C.)","m³",4.71,4.71,{"v":0,"d":"0%"},4.71,"*",{"v":0,"d":"0%"},"=",0]
["3.4","MURETA - BLOCOS"]
["3.4.1","ESTACA A TRADO DIAM.30 CM SEM FERRO","m",{"v":52.5,"d":"52.50"},0,{"v":1,"d":"100%"},{"v":52.5,"d":"52.50"},"*",{"v":1,"d":"100%"},null,{"$f":"I61*G61","v":{"v":52.5,"d":"52.50"}}]
["3.4.2","LASTRO DE CONCRETO, E = 3 CM, PREPARO MECÂNICO, INCLUSOS LANÇAMENTO E ADENSAMENTO. AF_07_2016","m²",27.97,0,{"v":1,"d":"100%"},27.97,"*",{"v":1,"d":"100%"},"=",27.97]
["3.4.3","Forma de madeira comum para Fundações  - reaproveitamento 5X","m²",21.39,0,{"v":1,"d":"100%"},21.39,"*",{"v":1,"d":"100%"},"=",21.39]
["3.4.4","ARMADURA CA-50A MÉDIA D= 6,3 A 10,0mm","kg",34.36,0,{"v":1,"d":"100%"},34.36,"*",{"v":1,"d":"100%"},"=",34.36]
["3.4.5","ARMADURA CA-60 FINA D=3,40 A 6,40mm","kg",37.91,0,{"v":1,"d":"100%"},37.91,"*",{"v":1,"d":"100%"},"=",37.91]
["3.4.6","PREPARO COM BETONEIRA E TRANSPORTE MANUAL DE CONCRETO FCK=25 MPA","m³",2.38,0,{"v":1,"d":"100%"},2.38,"*",{"v":1,"d":"100%"},"=",2.38]
["3.4.7","LANÇAMENTO/APLICAÇÃO/ADENSAMENTO DE CONCRETO EM FUNDAÇÃO- (O.C.)","m³",2.38,0,{"v":1,"d":"100%"},2.38,"*",{"v":1,"d":"100%"},"=",2.38]
["3.5","MURETA - VIGAS BALDRAME"]
["3.5.1","Forma de madeira comum para Fundações  - reaproveitamento 10X","m²",28.49,0,{"v":1,"d":"100%"},28.49,"*",{"v":1,"d":"100%"},"=",{"$f":"I69*G69","v":28.49}]
["3.5.2","ARMADURA CA-50A MÉDIA D= 6,3 A 10,0mm","kg",62.91,0,{"v":1,"d":"100%"},62.91,"*",{"v":1,"d":"100%"},"=",{"$f":"I70*G70","v":62.91}]
["3.5.3","ARMADURA CA-60 FINA D=3,40 A 6,40mm","kg",26.82,0,{"v":1,"d":"100%"},26.82,"*",{"v":1,"d":"100%"},"=",{"$f":"I71*G71","v":26.82}]
["3.5.4","PREPARO COM BETONEIRA E TRANSPORTE MANUAL DE CONCRETO FCK=25 MPA","m³",1.52,0,{"v":1,"d":"100%"},1.52,"*",{"v":1,"d":"100%"},"=",{"$f":"I72*G72","v":1.52}]
["3.5.5","LANÇAMENTO/APLICAÇÃO/ADENSAMENTO DE CONCRETO EM FUNDAÇÃO- (O.C.)","m³",1.52,0,{"v":1,"d":"100%"},1.52,"*",{"v":1,"d":"100%"},"=",{"$f":"I73*G73","v":1.52}]
["3.6","ABRIGO CENTRAL GLP - VIGAS BALDRAME"]
["3.6.1","Forma de madeira comum para Fundações  - reaproveitamento 10X","m²",6.53,0,{"v":1,"d":"100%"},6.53,"*",{"v":1,"d":"100%"},"=",{"$f":"I75*G75","v":6.53}]
["3.6.2","ARMADURA CA-50A MÉDIA D= 6,3 A 10,0mm","kg",{"v":20.2,"d":"20.20"},0,{"v":1,"d":"100%"},{"$f":"D76","v":{"v":20.2,"d":"20.20"}},"*",{"$f":"F76","v":{"v":1,"d":"100%"}},"=",{"$f":"I76*G76","v":{"v":20.2,"d":"20.20"}}]
["3.6.3","ARMADURA CA-60 FINA D=3,40 A 6,40mm","kg",{"v":9.3,"d":"9.30"},0,{"v":1,"d":"100%"},{"v":9.3,"d":"9.30"},"*",{"v":1,"d":"100%"},"=",{"$f":"I77*G77","v":{"v":9.3,"d":"9.30"}}]
["3.6.4","PREPARO COM BETONEIRA E TRANSPORTE MANUAL DE CONCRETO FCK=25 MPA","m³",0.43,0,{"v":1,"d":"100%"},0.43,"*",{"v":1,"d":"100%"},"=",{"$f":"I78*G78","v":0.43}]
["3.6.5","LANÇAMENTO/APLICAÇÃO/ADENSAMENTO DE CONCRETO EM FUNDAÇÃO- (O.C.)","m³",0.43,0,{"v":1,"d":"100%"},0.43,"*",{"v":1,"d":"100%"},"=",{"$f":"I79*G79","v":0.43}]
[]
[]
[4,"SUPERESTRUTURA "]
["4.1","CONCRETO ARMADO - PILARES"]
["4.1.1","FORMA DE TABUA CINTA/PILAR SOBRE/ENTRE ALVENARIA U=8 VEZES","m²",{"v":459.2,"d":"459.20"},0,{"v":0.47,"d":"47%"},{"v":459.2,"d":"459.20"},"*",{"v":0.47,"d":"47%"},null,{"$f":"I84*G84","v":{"v":215.82399999999998,"d":"215.82"}}]
["4.1.2","ARMADURA CA-50A MÉDIA D= 6,3 A 10,0mm","kg",{"v":1730.55,"d":"1,730.55"},{"$f":"F85*D85","v":{"v":813.3584999999999,"d":"813.36"}},{"v":0.47,"d":"47%"},{"v":1730.55,"d":"1,730.55"},"*",{"v":0.47,"d":"47%"},"=",{"$f":"I85*G85","v":{"v":813.3584999999999,"d":"813.36"}}]
["4.1.3","ARMADURA CA-60 FINA D=3,40 A 6,40mm","kg",628.91,{"$f":"F86*D86","v":{"v":295.5877,"d":"295.59"}},{"v":0.47,"d":"47%"},628.91,"*",{"v":0.47,"d":"47%"},"=",{"$f":"I86*G86","v":{"v":295.5877,"d":"295.59"}}]
["4.1.4","PREPARO COM BETONEIRA E TRANSPORTE MANUAL DE CONCRETO FCK=25 MPA","m³",25.19,0,{"v":0.47,"d":"47%"},25.19,"*",{"v":0.47,"d":"47%"},"=",{"$f":"I87*G87","v":{"v":11.8393,"d":"11.84"}}]
["4.1.5","LANÇAMENTO/APLICAÇÃO/ADENSAMENTO DE CONCRETO EM FUNDAÇÃO- (O.C.)","m³",25.19,0,{"v":0.47,"d":"47%"},25.19,"*",{"v":0.47,"d":"47%"},"=",{"$f":"I88*G88","v":{"v":11.8393,"d":"11.84"}}]
["4.2","CONCRETO ARMADO - VIGAS",{"$nulls":3},{"v":0.47,"d":"47%"}]
["4.2.1","FORMA PLANA CHAPA COMPENSADA PLASTIFICADA, ESP.= 12mm UTIL. 5X","m²",714.44,0,{"v":0.47,"d":"47%"},714.44,"*",{"v":0.47,"d":"47%"},"=",{"$f":"I90*G90","v":{"v":335.7868,"d":"335.79"}}]
["4.2.2","ARMADURA CA-50A MÉDIA D= 6,3 A 10,0mm","kg",{"v":1152.73,"d":"1,152.73"},0,{"v":0.47,"d":"47%"},{"v":1152.73,"d":"1,152.73"},"*",{"v":0.47,"d":"47%"},"=",{"$f":"I91*G91","v":{"v":541.7831,"d":"541.78"}}]
["4.2.3","ARMADURA CA-60 FINA D=3,40 A 6,40mm","kg",581.18,0,{"v":0.47,"d":"47%"},581.18,"*",{"v":0.47,"d":"47%"},"=",{"$f":"I92*G92","v":{"v":273.15459999999996,"d":"273.15"}}]
["4.2.4","PREPARO COM BETONEIRA E TRANSPORTE MANUAL DE CONCRETO FCK=25 MPA","m³",41.19,0,{"v":0.47,"d":"47%"},41.19,"*",{"v":0.47,"d":"47%"},"=",{"$f":"I93*G93","v":{"v":19.359299999999998,"d":"19.36"}}]
["4.2.5","LANÇAMENTO/APLICAÇÃO/ADENSAMENTO DE CONCRETO EM FUNDAÇÃO- (O.C.)","m³",41.19,0,{"v":0.47,"d":"47%"},41.19,"*",{"v":0.47,"d":"47%"},"=",{"$f":"I94*G94","v":{"v":19.359299999999998,"d":"19.36"}}]
["4.3","CONCRETO ARMADO PARA VERGAS"]
["4.3.1","FNDE: Verga e contravergas pré-moldada em concreto armado fck 15Mpa - 10x10cm, conforme projeto. SINAPI: VERGA PRÉ-MOLDADA PARA JANELAS COM MAIS DE 1,5 M DE VÃO.","m",{"v":262.1,"d":"262.10"},0,{"v":0.5,"d":"50%"},{"v":262.1,"d":"262.10"},"*",{"v":0.5,"d":"50%"},"=",{"$f":"I96*G96","v":131.05}]
["4.4","CONCRETO ARMADO - MURETA - PILARES"]
["4.4.1","FORMA PLANA CHAPA COMPENSADA PLASTIFICADA, ESP.= 12mm UTIL. 5X","m²",17.29,0,{"v":1,"d":"100%"},17.29,"*",{"v":1,"d":"100%"},"=",{"$f":"I98*G98","v":17.29}]
["4.4.2","ARMADURA CA-50A MÉDIA D= 6,3 A 10,0mm","kg",48.82,0,{"v":1,"d":"100%"},48.82,"*",{"v":1,"d":"100%"},"=",{"$f":"I99*G99","v":48.82}]
["4.4.3","ARMADURA CA-60 FINA D=3,40 A 6,40mm","kg",20.36,0,{"v":1,"d":"100%"},20.36,"*",{"v":1,"d":"100%"},"=",{"$f":"I100*G100","v":20.36}]
["4.4.4","PREPARO COM BETONEIRA E TRANSPORTE MANUAL DE CONCRETO FCK=25 MPA","m³",{"v":0.8,"d":"0.80"},0,{"v":1,"d":"100%"},{"v":0.8,"d":"0.80"},"*",{"v":1,"d":"100%"},"=",{"$f":"I101*G101","v":{"v":0.8,"d":"0.80"}}]
["4.4.5","LANÇAMENTO/APLICAÇÃO/ADENSAMENTO DE CONCRETO EM FUNDAÇÃO- (O.C.)","m³",{"v":0.8,"d":"0.80"},0,{"v":1,"d":"100%"},{"v":0.8,"d":"0.80"},"*",{"v":1,"d":"100%"},"=",{"$f":"I102*G102","v":{"v":0.8,"d":"0.80"}}]
["4.5","ABRIGO CENTRAL GLP - VIGAS"]
["4.5.1","Forma de madeira comum para Fundações  - reaproveitamento 10X","m²",4.83,0,{"v":1,"d":"100%"},4.83,"*",{"v":1,"d":"100%"},"=",{"$f":"I104*G104","v":4.83}]
["4.5.2","ARMADURA CA-50A MÉDIA D= 6,3 A 10,0mm","kg",{"v":21.4,"d":"21.40"},0,{"v":1,"d":"100%"},{"v":21.4,"d":"21.40"},"*",{"v":1,"d":"100%"},"=",{"$f":"I105*G105","v":{"v":21.4,"d":"21.40"}}]
["4.5.3","ARMADURA CA-60 FINA D=3,40 A 6,40mm","kg",{"v":7.5,"d":"7.50"},0,{"v":1,"d":"100%"},{"v":7.5,"d":"7.50"},"*",{"v":1,"d":"100%"},"=",{"$f":"I106*G106","v":{"v":7.5,"d":"7.50"}}]
["4.5.4","PREPARO COM BETONEIRA E TRANSPORTE MANUAL DE CONCRETO FCK=25 MPA","m³",0.32,0,{"v":1,"d":"100%"},0.32,"*",{"v":1,"d":"100%"},"=",{"$f":"I107*G107","v":0.32}]
["4.5.5","LANÇAMENTO/APLICAÇÃO/ADENSAMENTO DE CONCRETO EM FUNDAÇÃO- (O.C.)","m³",0.32,0,{"v":1,"d":"100%"},0.32,"*",{"v":1,"d":"100%"},"=",{"$f":"I108*G108","v":0.32}]
["4.6","ABRIGO CENTRAL GLP - PILARES",{"$nulls":3},{"v":1,"d":"100%"}]
["4.6.1","Forma de madeira comum para Fundações  - reaproveitamento 10X","m²",9.92,0,{"v":1,"d":"100%"},9.92,"*",{"v":1,"d":"100%"},"=",{"$f":"I110*G110","v":9.92}]
["4.6.2","ARMADURA CA-50A MÉDIA D= 6,3 A 10,0mm","kg",{"v":32.1,"d":"32.10"},0,{"v":1,"d":"100%"},{"v":32.1,"d":"32.10"},"*",{"v":1,"d":"100%"},"=",{"$f":"I111*G111","v":{"v":32.1,"d":"32.10"}}]
["4.6.3","ARMADURA CA-60 FINA D=3,40 A 6,40mm","kg",{"v":12.2,"d":"12.20"},0,{"v":1,"d":"100%"},{"v":12.2,"d":"12.20"},"*",{"v":1,"d":"100%"},"=",{"$f":"I112*G112","v":{"v":12.2,"d":"12.20"}}]
["4.6.4","PREPARO COM BETONEIRA E TRANSPORTE MANUAL DE CONCRETO FCK=25 MPA","m³",0.44,0,{"v":1,"d":"100%"},0.44,"*",{"v":1,"d":"100%"},"=",{"$f":"I113*G113","v":0.44}]
["4.6.5","LANÇAMENTO/APLICAÇÃO/ADENSAMENTO DE CONCRETO EM FUNDAÇÃO- (O.C.)","m³",0.44,0,{"v":1,"d":"100%"},0.44,"*",{"v":1,"d":"100%"},"=",{"$f":"I114*G114","v":0.44}]
["4.7","ABRIGO CENTRAL GLP - LAJE CONTÍNUA"]
["4.7.1","Forma de madeira comum para Fundações  - reaproveitamento 10X","m²",6.42,0,{"v":1,"d":"100%"},6.42,"*",{"v":1,"d":"100%"},"=",{"$f":"I116*G116","v":6.42}]
["4.7.2","ARMADURA CA-50A MÉDIA D= 6,3 A 10,0mm","kg",{"v":20.4,"d":"20.40"},0,{"v":1,"d":"100%"},{"v":20.4,"d":"20.40"},"*",{"v":1,"d":"100%"},"=",{"$f":"I117*G117","v":{"v":20.4,"d":"20.40"}}]
["4.7.3","PREPARO COM BETONEIRA E TRANSPORTE MANUAL DE CONCRETO FCK=25 MPA","m³",0.64,0,{"v":1,"d":"100%"},0.64,"*",{"v":1,"d":"100%"},"=",{"$f":"I118*G118","v":0.64}]
["4.7.4","LANÇAMENTO/APLICAÇÃO/ADENSAMENTO DE CONCRETO EM FUNDAÇÃO- (O.C.)","m³",0.64,0,{"v":1,"d":"100%"},0.64,"*",{"v":1,"d":"100%"},"=",{"$f":"I119*G119","v":0.64}]
[]
[]
[5,"SISTEMA DE VEDAÇÃO VERTICAL INTERNO E EXTERNO (PAREDES)"]
["5.1","ELEMENTOS VAZADOS"]
["5.1.1","COBOGO DE CONCRETO (ELEMENTO VAZADO), 7X50X50CM, ASSENTADO COM ARGAMASSA TRACO 1:4 (CIMENTO E AREIA)","m²",5.14,0,{"v":1,"d":"100%"},5.14,"*",{"v":1,"d":"100%"},"=",{"$f":"I124*G124","v":5.14}]
["5.2","ALVENARIA DE VEDAÇÃO",{"$nulls":7},"="]
["5.2.1","Alvenaria de vedação de 1/2 vez em tijolos cerâmicos (dimensões nominais: 9x19x39); assentamento em argamassa no traço 1:2:8 (cimento, cal e areia)  para parede interna","m²",942.96,0,{"v":0.5,"d":"50%"},942.96,"*",{"v":0.5,"d":"50%"},"=",{"$f":"I126*G126","v":471.48}]
["5.2.2","ALVENARIA DE TIJOLO FURADO 1 VEZ - ARG. (1CALH:4ARML+100KG DE CI/M3)","m²",17.07,0,{"v":0.5,"d":"50%"},17.07,"*",{"v":0.5,"d":"50%"},"=",{"$f":"I127*G127","v":{"v":8.535,"d":"8.54"}}]
["5.2.3","Alvenaria de vedação horizontal em tijolos cerâmicos Dimensões nominais: 14x19x39; assentamento em argamassa no traço 1:2:8 (cimento, cal e areia) para parede externa","m²",478.93,0,{"v":0.5,"d":"50%"},478.93,"*",{"v":0.5,"d":"50%"},"=",{"$f":"I128*G128","v":{"v":239.465,"d":"239.47"}}]
["5.2.4","FIXAÇÃO (ENCUNHAMENTO) DE ALVENARIA DE VEDAÇÃO COM TIJOLO MACIÇO. AF_03/2016","m",50.56,0,{"v":0.5,"d":"50%"},50.56,"*",{"v":0.5,"d":"50%"},"=",{"$f":"I129*G129","v":25.28}]
["5.2.5","DIVISORIA EM GRANITO BRANCO POLIDO, ESP = 3CM, ASSENTADO COM ARGAMASSA TRACO 1:4, ARREMATE EM CIMENTO BRANCO, EXCLUSIVE FERRAGENS","m²",22.63,0,{"v":1,"d":"100%"},22.63,"*",{"v":1,"d":"100%"},"=",{"$f":"I130*G130","v":22.63}]
["5.3","ALVENARIA DA MURETA",{"$nulls":7},"="]
["5.3.1","Alvenaria de vedação de 1/2 vez em tijolos cerâmicos de 08 furos (dimensões nominais: 9x19x39); assentamento em argamassa no traço 1:2:8 (cimento, cal e areia) ","m²",18.12,0,{"v":1,"d":"100%"},18.12,"*",{"v":1,"d":"100%"},"=",{"$f":"I132*G132","v":18.12}]
[]
[]
[6,"ESQUADRIAS "]
["6.1","PORTAS DE MADEIRA"]
["6.1.1","PORTA LISA 70x210 C/PORTAL E ALISAR S/FERRAGENS","un",{"v":10,"d":"10.00"},0,{"v":1,"d":"100%"},{"v":10,"d":"10.00"},"*",{"v":1,"d":"100%"},"=",{"$f":"I137*G137","v":{"v":10,"d":"10.00"}}]
["6.1.2","PORTA DE MADEIRA TIPO VENEZIANA, SEMI-OCA (LEVE OU MÉDIA), 80X210CM, ESPESSURA DE 3CM, INCLUSO DOBRADIÇAS - MONTAGEM E INSTALAÇÃO DO BATENTE, FORNECIMENTO E INSTALAÇÃO . AF_08\n2015","un",{"v":5,"d":"5.00"},0,{"v":1,"d":"100%"},{"v":5,"d":"5.00"},"*",{"v":1,"d":"100%"},"=",{"v":5,"d":"5.00"}]
["6.1.3","Porta de correr em madeira de lei, lisa, semi-ôca, 0,80x2,10 m, inclusive batentes e ferragens","un",{"v":4,"d":"4.00"},0,{"v":1,"d":"100%"},{"v":4,"d":"4.00"},"*",{"v":1,"d":"100%"},"=",{"v":4,"d":"4.00"}]
["6.1.4","Porta de Madeira - PM4 - 80x210, folha lisa com chapa metalica, incluso ferragens, conforme projeto de esquadrias ","un",{"v":6,"d":"6.00"},0,{"v":1,"d":"100%"},{"$f":"D140","v":{"v":6,"d":"6.00"}},"*",{"$f":"F140","v":{"v":1,"d":"100%"}},"=",{"v":6,"d":"6.00"}]
["6.1.5","Porta de correr em madeira de lei, lisa, semi-ôca 0,80x2,10m, inclusive batentes e ferragens","un",{"v":10,"d":"10.00"},0,{"v":1,"d":"100%"},{"v":10,"d":"10.00"},"*",{"v":1,"d":"100%"},"=",{"v":10,"d":"10.00"}]
["6.1.6"," Porta de correr em madeira de lei, lisa, semi-ôca 0,70x2,10m, inclusive batentes e ferragens","un",{"v":16,"d":"16.00"},0,{"v":1,"d":"100%"},{"v":16,"d":"16.00"},"*",{"v":1,"d":"100%"},"=",{"v":16,"d":"16.00"}]
["6.1.7","CHAPA CORRUGADA DE ALUMÍNIO E=0.7MM ","m²",{"v":11.2,"d":"11.20"},0,{"v":1,"d":"100%"},{"v":11.2,"d":"11.20"},"*",{"v":1,"d":"100%"},"=",{"v":11.2,"d":"11.20"}]
["6.2","FERRAGENS E ACESSÓRIOS",{"$nulls":7},"="]
["6.2.1","Fechadura completa para porta interna","un",{"v":51,"d":"51.00"},0,{"v":1,"d":"100%"},{"v":51,"d":"51.00"},"*",{"v":1,"d":"100%"},"=",{"$f":"I145*G145","v":{"v":51,"d":"51.00"}}]
["6.3","PORTAS EM ALUMÍNIO"]
["6.3.1","DESCRIÇÃO FNDE: Porta de abrir - PA1 - 100x210 em chapa de alumínio e veneziana- conforme projeto de esquadrias, inclusive ferragens. DESCRIÇÃO SINAPI: Porta em alumínio de abrir tipo veneziana com guarnição, fixada com parafusos - fornecimento e instalação","m²",2.31,0,{"v":1,"d":"100%"},2.31,"*",{"v":1,"d":"100%"},"=",{"$f":"I147*G147","v":2.31}]
["6.3.2","DESCRIÇÃO FNDE: Porta de abrir - PA2 - 80x210 em chapa de alumínio com veneziana- conforme projeto de esquadrias, inclusive ferragens. DESCRIÇÃO SINAPI: Porta em alumínio de abrir tipo veneziana com guarnição, fixada com parafusos - fornecimento e instalação","m²",1.68,0,{"v":1,"d":"100%"},1.68,"*",{"v":1,"d":"100%"},"=",1.68]
["6.3.3","DESCRIÇÃO FNDE: Porta de abrir - PA3 - 160x210 em chapa de alumínio com veneziana- conforme projeto de esquadrias, inclusive ferragens. DESCRIÇÃO SINAPI: Porta em alumínio de abrir tipo veneziana com guarnição, fixada com parafusos - fornecimento e instalação","m²",6.72,0,{"v":1,"d":"100%"},6.72,"*",{"v":1,"d":"100%"},"=",6.72]
["6.3.4","Porta de correr em alumínio, com duas folhas para vidro, incluso vidro liso incolor, fechadura e puxador, sem guarnição/alizar/vista.","m²",{"v":113.4,"d":"113.40"},0,{"v":1,"d":"100%"},{"v":113.4,"d":"113.40"},"*",{"v":1,"d":"100%"},"=",{"v":113.4,"d":"113.40"}]
["6.3.5","Porta de correr em alumínio, com duas folhas para vidro, incluso vidro liso incolor, fechadura e puxador, sem guarnição/alizar/vista.","m²",5.04,0,{"v":1,"d":"100%"},5.04,"*",{"v":1,"d":"100%"},"=",5.04]
["6.3.6","DESCRIÇÃO FNDE :Porta de abrir - PA6 - 120x185 - veneziana- conforme projeto de esquadrias, inclusive ferragens.DESCRIÇÃO SINAPI: Porta em alumínio de abrir tipo veneziana com guarnição, fixada com parafusos - fornecimento e instalação","m²",4.44,0,{"v":1,"d":"100%"},4.44,"*",{"v":1,"d":"100%"},"=",4.44]
["6.3.7","DESCRIÇÃO FNDE: Porta de abrir - PA7 - 160+90x210 - veneziana- conforme projeto de esquadrias, inclusive ferragens. DESCRIÇÃO SINAPI: Porta em alumínio de abrir tipo veneziana com guarnição, fixada com parafusos - fornecimento e instalação)","m²",5.25,0,{"v":1,"d":"100%"},5.25,"*",{"v":1,"d":"100%"},"=",5.25]
["6.4","PORTAS DE VIDRO - PV"]
["6.4.1","PORTA DE VIDRO TEMPERADO 1 FOLHA (0.90X2.10)m E=10mm","CJ",{"v":1,"d":"1.00"},0,{"v":1,"d":"100%"},{"v":1,"d":"1.00"},"*",{"v":1,"d":"100%"},"=",{"$f":"I155*G155","v":{"v":1,"d":"1.00"}}]
["6.4.2","PORTA DE VIDRO TEMPERADO 2 FOLHAS (1.80X2.10)m E=10mm","CJ",{"v":1,"d":"1.00"},0,{"v":1,"d":"100%"},{"v":1,"d":"1.00"},"*",{"v":1,"d":"100%"},"=",{"$f":"I156*G156","v":{"v":1,"d":"1.00"}}]
["6.4.3","FIXO 2 FOLHAS. 2 BANDEIRAS E 1 CONTRAVENTAMENTO DE VIDRO TEMPERADO (1.80 X3.50)m E=10mm","m²",0.61,0,{"v":1,"d":"100%"},0.61,"*",{"v":1,"d":"100%"},"=",{"$f":"I157*G157","v":0.61}]
["6.5","PORTAS EM ALUMÍNIO - ABRIGO CENTRAL GLP",null,null,0]
["6.5.1","Porta em alumínio de abrir tipo veneziana com guarnição, fixada com parafusos - fornecimento e instalação","m²",4.04,0,{"v":1,"d":"100%"},4.04,"*",{"v":1,"d":"100%"},"=",{"$f":"I159*G159","v":4.04}]
["6.6","JANELAS DE ALUMÍNIO - JA "]
["6.6.1","FNDE: Janela de Alumínio - JA-01, 70x125, completa conforme projeto de esquadrias - Guilhotina. SINAPI: Janela em alumínio, cor fosca, tipo guilhotina, completa, exclusive vidros","m²",1.75,0,{"v":1,"d":"100%"},1.75,"*",{"v":1,"d":"100%"},"=",{"$f":"I161*G161","v":1.75}]
["6.6.2","FNDE: Janela de Alumínio - JA-02, 110x145, completa conforme projeto de esquadrias - Guilhotina. SINAPI: Janela em alumínio, cor fosca, tipo guilhotina, completa, exclusive vidros","m²",{"v":1.6,"d":"1.60"},0,{"v":1,"d":"100%"},{"v":1.6,"d":"1.60"},"*",{"v":1,"d":"100%"},"=",{"v":1.6,"d":"1.60"}]
["6.6.3","Caixilho fixo, de alumínio, para vidro","m²",3.22,0,null,3.22,"*",{"v":0,"d":"0%"},"=",0]
["6.6.4","FNDE: Janela de Alumínio - JA-04, 140x145, completa conforme projeto de esquadrias - Guilhotina. SINAPI: Janela em alumínio, cor fosca, tipo guilhotina, completa, exclusive vidros","m²",2.03,0,{"v":1,"d":"100%"},2.03,"*",{"v":1,"d":"100%"},"=",2.03]
["6.6.5","FNDE: Janela de Alumínio - JA-05, 200x105, completa conforme projeto de esquadrias - Fixa  SINAPI: Janela em alumínio, cor branca, tipo fixa, exclusive vidros","m²",{"v":2.1,"d":"2.10"},0,{"v":1,"d":"100%"},{"v":2.1,"d":"2.10"},"*",{"v":1,"d":"100%"},"=",{"v":2.1,"d":"2.10"}]
["6.6.6","FNDE: Janela de Alumínio - JA-06, 210x50, completa conforme projeto de esquadrias - Maxim-ar - incluso vidro liso incolor, espessura 6mm SINAPI: Janela de alumínio maxim-ar, fixação com parafuso sobre contramarco (exclusive contramarco), com vidros, padronizada.","m²",{"v":2.1,"d":"2.10"},0,{"v":1,"d":"100%"},{"v":2.1,"d":"2.10"},"*",{"v":1,"d":"100%"},"=",{"v":2.1,"d":"2.10"}]
["6.6.7","FNDE: Janela de Alumínio - JA-07, 210x75, completa conforme projeto de esquadrias - Maxim-ar - incluso vidro liso incolor, espessura 6mm. SINAPI: Janela de alumínio maxim-ar, fixação com parafuso sobre contramarco (exclusive contramarco), com vidros, padronizada.","m²",{"v":12.6,"d":"12.60"},0,{"v":1,"d":"100%"},{"v":12.6,"d":"12.60"},"*",{"v":1,"d":"100%"},"=",{"v":12.6,"d":"12.60"}]
["6.6.8","FNDE: Janela de Alumínio - JA-08, 210x100, completa conforme projeto de esquadrias - Maxim-ar - incluso vidro liso incolor, espessura 6mm. SINAPI: Janela de alumínio maxim-ar, fixação com parafuso sobre contramarco (exclusive contramarco), com vidros, padronizada.","m²",{"v":6.3,"d":"6.30"},0,{"v":1,"d":"100%"},{"v":6.3,"d":"6.30"},"*",{"v":1,"d":"100%"},"=",{"v":6.3,"d":"6.30"}]
["6.6.9","FNDE: Janela de Alumínio - JA-09, 210x150, completa conforme projeto de esquadrias - Maxim-ar - incluso vidro liso incolor, espessura 6mm. SINAPI: Janela de alumínio maxim-ar, fixação com parafuso sobre contramarco (exclusive contramarco), com vidros, padronizada.","m²",{"v":18.9,"d":"18.90"},0,{"v":1,"d":"100%"},{"v":18.9,"d":"18.90"},"*",{"v":1,"d":"100%"},"=",{"v":18.9,"d":"18.90"}]
["6.6.10","FNDE: Janela de Alumínio - JA-10, 140x150, completa conforme projeto de esquadrias - Maxim-ar - incluso vidro liso incolor, espessura 6mm. SINAPI: Janela de alumínio maxim-ar, fixação com parafuso sobre contramarco (exclusive contramarco), com vidros, padronizada.","m²",{"v":2.1,"d":"2.10"},0,{"v":1,"d":"100%"},{"v":2.1,"d":"2.10"},"*",{"v":1,"d":"100%"},"=",{"v":2.1,"d":"2.10"}]
["6.6.11","FNDE: Janela de Alumínio - JA-11, 140x75, completa conforme projeto de esquadrias - Maxim-ar - incluso vidro liso incolor, espessura 6mm. SINAPI: Janela de alumínio maxim-ar, fixação com parafuso sobre contramarco (exclusive contramarco), com vidros, padronizada.","m²",{"v":6.3,"d":"6.30"},0,{"v":1,"d":"100%"},{"v":6.3,"d":"6.30"},"*",{"v":1,"d":"100%"},"=",{"v":6.3,"d":"6.30"}]
["6.6.12","FNDE: Janela de Alumínio - JA-12, 420x50, completa conforme projeto de esquadrias - Maxim-ar - incluso vidro liso incolor, espessura 6mm. SINAPI: Janela de alumínio maxim-ar, fixação com parafuso sobre contramarco (exclusive contramarco), com vidros, padronizada.","m²",{"v":8.4,"d":"8.40"},0,{"v":1,"d":"100%"},{"v":8.4,"d":"8.40"},"*",{"v":1,"d":"100%"},"=",{"v":8.4,"d":"8.40"}]
["6.6.13","FNDE: Janela de Alumínio - JA-13, 420x150, completa conforme projeto de esquadrias - Maxim-ar - incluso vidro liso incolor, espessura 6mm. SINAPI: Janela de alumínio maxim-ar, fixação com parafuso sobre contramarco (exclusive contramarco), com vidros, padronizada.","m²",{"v":12.6,"d":"12.60"},0,{"v":1,"d":"100%"},{"v":12.6,"d":"12.60"},"*",{"v":1,"d":"100%"},"=",{"v":12.6,"d":"12.60"}]
["6.6.14","FNDE: Janela de Alumínio - JA-14, 560x100, completa conforme projeto de esquadrias - Maxim-ar - incluso vidro liso incolor, espessura 6mm. SINAPI: Janela de alumínio maxim-ar, fixação com parafuso sobre contramarco (exclusive contramarco), com vidros, padronizada.","m²",{"v":33.6,"d":"33.60"},0,{"v":1,"d":"100%"},{"v":33.6,"d":"33.60"},"*",{"v":1,"d":"100%"},"=",{"v":33.6,"d":"33.60"}]
["6.6.15","FNDE: Janela de Alumínio - JA-15, 560x150, completa conforme projeto de esquadrias - Maxim-ar -incluso vidro liso incolor, espessura 6mm. SINAPI: Janela de alumínio maxim-ar, fixação com parafuso sobre contramarco (exclusive contramarco), com vidros, padronizada.","m²",{"v":16.8,"d":"16.80"},0,{"v":1,"d":"100%"},{"v":16.8,"d":"16.80"},"*",{"v":1,"d":"100%"},"=",{"v":16.8,"d":"16.80"}]
["6.6.16","FNDE: Tela de nylon de proteção- fixada na esquadria. AGETOP: Rede de proteção de nylon com ganchos e buchas S8.","m²",20.25,0,{"v":1,"d":"100%"},20.25,"*",{"v":1,"d":"100%"},"=",20.25]
["6.6.17","VIDROS"]
["6.6.18","FNDE: Vidro liso temperado incolor, espessura 6mm - colocado. AGETOP: Vidro liso 6 mm - colocado.","m²",{"v":10.7,"d":"10.70"},0,{"v":1,"d":"100%"},{"v":10.7,"d":"10.70"},"*",{"v":1,"d":"100%"},"=",{"$f":"I178*G178","v":{"v":10.7,"d":"10.70"}}]
["6.6.19","FNDE: Vidro liso temperado incolor, espessura 10mm - colocado. AGETOP: Vidro temperado 10 mm - colocado. ","m²",{"v":11.4,"d":"11.40"},0,{"v":1,"d":"100%"},{"v":11.4,"d":"11.40"},"*",{"v":1,"d":"100%"},"=",{"v":11.4,"d":"11.40"}]
["6.6.20","Espelho cristal esp. 4mm sem moldura de madeira","m²",21.28,0,null,21.28,"*",{"v":0,"d":"0%"},"=",0]
["6.6.21","ESQUADRIA - GRADIL METÁLICO",{"$nulls":4},0,"*",{"v":0,"d":"0%"},"=",0]
["6.6.22","FNDE: Gradil metalico e tela de aço galvanizado , inclusive pintura - fornecimento e instalação (GR1, GR2, GR3, GR4). ORSE: Gradil com quadro em tubo de ferro galvanizado  1 1/4\" e tela galvanizada malha 2\".","m²",50.22,0,{"v":1,"d":"100%"},50.22,"*",{"v":1,"d":"100%"},"=",50.22]
["6.6.23","FNDE: Portão de abrir em chapa de aço perfurada, inclusive pintura - fornecimento e instalação (PF1 e PF2). AGETOP: Portão de abrir chapa 14 PT-4 c/ferragens.","m²",8.31,0,{"v":1,"d":"100%"},8.31,"*",{"v":1,"d":"100%"},"=",8.31]
["6.6.24","Fechamento com chapa de aço perfurada, inclusive perfis metálicos para suporte e pintura - fornecimento e instalação","m²",{"v":145.2,"d":"145.20"},0,{"v":1,"d":"100%"},{"v":145.2,"d":"145.20"},"*",{"v":1,"d":"100%"},"=",{"v":145.2,"d":"145.20"}]
["6.6.25","FNDE: Portão de abrir com gradil metálico e tela de aço galvanizado, inclusive pintura - fornecimento e instalação. AGETOP: Portão tela/tubo FoGo PT'/PT2 c/ferragens.","m²",{"v":13.5,"d":"13.50"},0,{"v":1,"d":"100%"},{"v":13.5,"d":"13.50"},"*",{"v":1,"d":"100%"},"=",{"v":13.5,"d":"13.50"}]
[]
[]
[7,"SISTEMAS DE COBERTURA "]
["7.1","ESTRUTURA METALICA EM TESOURAS OU TRELICAS, VAO LIVRE DE 15M, FORNECIMENTO E MONTAGEM, NAO SENDO CONSIDERADOS OS FECHAMENTOS METALICOS, AS C\nOLUNAS, OS SERVICOS GERAIS EM ALVENARIA E CONCRETO, AS TELHAS DE COBERTURA E A PINTURA DE ACABAMENTO","m²",{"v":1426.85,"d":"1,426.85"},0,{"v":1,"d":"100%"},{"v":1426.85,"d":"1,426.85"},"*",{"v":1,"d":"100%"},"=",{"$f":"I189*G189","v":{"v":1426.85,"d":"1,426.85"}}]
["7.2","TELHA TERMOACÚSTICA TRAPEZOIDAL INCLINAÇÃO 17.6%","m²",{"v":1283.33,"d":"1,283.33"},0,{"v":1,"d":"100%"},{"v":1283.33,"d":"1,283.33"},"*",{"v":1,"d":"100%"},"=",{"v":1283.33,"d":"1,283.33"}]
["7.3","Cumeeira em perfil ondulado de alumínio","m",83.25,0,{"v":1,"d":"100%"},83.25,"*",{"v":1,"d":"100%"},"=",83.25]
["7.4","CALHA EM CHAPA DE AÇO GALVANIZADO NÚMERO 24, DESENVOLVIMENTO DE 50 CM, INCLUSO TRANSPORTE VERTICAL. AF_06/2016","m²",186.15,0,{"v":1,"d":"100%"},186.15,"*",{"v":1,"d":"100%"},"=",186.15]
["7.5","RUFO EM CHAPA DE AÇO GALVANIZADO NÚMERO 24, CORTE DE 25 CM, INCLUSO TRANSPORTE VERTICAL. AF_06/2016","m",{"v":258.9,"d":"258.90"},0,{"v":1,"d":"100%"},{"v":258.9,"d":"258.90"},"*",{"v":1,"d":"100%"},"=",{"v":258.9,"d":"258.90"}]
["7.6","CHAPIM DE CONCRETO APARENTE COM ACABAMENTO DESEMPENADO, FORMA DE COMPENSADO PLASTIFICADO (MADEIRIT) DE 14 X 10 CM, FUNDIDO NO LOCAL.","m",{"v":258.2,"d":"258.20"},0,{"v":1,"d":"100%"},{"v":258.2,"d":"258.20"},"*",{"v":1,"d":"100%"},"=",{"v":258.2,"d":"258.20"}]
[]
[]
[8,"IMPERMEABILIZAÇÃO "]
["8.1","IMPERMEABILIZACAO DE ESTRUTURAS ENTERRADAS, COM TINTA ASFALTICA, DUAS DEMAOS.","m²",707.67,0,{"v":0,"d":"0%"},707.67,"*",{"v":0,"d":"0%"},"=",{"$f":"I198*G198","v":0}]
[]
[]
[9,"REVESTIMENTOS INTERNOS E EXTERNOS"]
["9.1","CHAPISCO APLICADO EM ALVENARIAS E ESTRUTURAS DE CONCRETO INTERNAS, COM COLHER DE PEDREIRO.                                                 ARGAMASSA TRAÇO 1:3 COM PREPARO MANUAL. AF_06/2014","m²",{"v":3513.3,"d":"3,513.30"},0,{"v":1,"d":"100%"},{"v":3513.3,"d":"3,513.30"},"*",{"v":1,"d":"100%"},"=",{"$f":"I202*G202","v":{"v":3513.3,"d":"3,513.30"}}]
["9.2","EMBOÇO, PARA RECEBIMENTO DE CERÂMICA, EM ARGAMASSA TRAÇO 1:2:8, PREPARO MECÂNICO COM BETONEIRA 400L, APLICADO MANUALMENTE EM FACES INTERNAS DE PAREDES, PARA AMBIENTE COM ÁREA MAIOR QUE 10M2, ESPESSURA DE 20MM,\nCOM EXECUÇÃO DE TALISCAS. AF_06/2014","m²",{"v":2826.43,"d":"2,826.43"},0,{"v":1,"d":"100%"},{"v":2826.43,"d":"2,826.43"},"*",{"v":1,"d":"100%"},"=",{"v":2826.43,"d":"2,826.43"}]
["9.3","EMBOÇO C/ ARGAMASSA MISTA DE CIMENTO, CAL HIDRATADA E AREIA S/PENEIRAR M2 TRAÇO 1:2:9 ESP.= 20mm P/ PAREDE","m²",686.87,0,{"v":1,"d":"100%"},{"$f":"D204","v":686.87},"*",{"$f":"F204","v":{"v":1,"d":"100%"}},"=",686.87]
["9.4","REBOCO (1 CALH:4 ARFC+100kgCI/M3)","m²",{"v":2028.45,"d":"2,028.45"},0,{"v":1,"d":"100%"},{"v":2028.45,"d":"2,028.45"},"*",{"v":1,"d":"100%"},"=",{"v":2028.45,"d":"2,028.45"}]
["9.5","REVESTIMENTO CERÂMICO PARA PAREDES INTERNAS COM PLACAS TIPO GRÊS OU SEMI-GRÊS DE DIMENSÕES 33X45 CM APLICADAS EM AMBIENTES DE ÁREA MENOR QUE\n5 M² NA ALTURA INTEIRA DAS PAREDES. AF_06/2014 - branca","m²",629.61,0,{"v":1,"d":"100%"},629.61,"*",{"v":1,"d":"100%"},"=",629.61]
["9.6","REVESTIMENTO CERÂMICO PARA PAREDES INTERNAS COM PLACAS TIPO GRÊS OU SEMI-GRÊS DE DIMENSÕES 20X20 CM APLICADAS EM AMBIENTES DE ÁREA MAIOR QUE\n5 M² A MEIA ALTURA DAS PAREDES. AF_06/2014 - azul","m²",9.21,0,{"v":1,"d":"100%"},9.21,"*",{"v":1,"d":"100%"},"=",9.21]
["9.7","REVESTIMENTO CERÂMICO PARA PAREDES INTERNAS COM PLACAS TIPO GRÊS OU SEMI-GRÊS DE DIMENSÕES 20X20 CM APLICADAS EM AMBIENTES DE ÁREA MAIOR QUE\n5 M² A MEIA ALTURA DAS PAREDES. AF_06/2014 - vermelho","m²",7.49,0,{"v":1,"d":"100%"},7.49,"*",{"v":1,"d":"100%"},"=",7.49]
["9.8","REVESTIMENTO CERÂMICO PARA PAREDES INTERNAS COM PLACAS TIPO GRÊS OU SEMI-GRÊS DE DIMENSÕES 20X20 CM APLICADAS EM AMBIENTES DE ÁREA MAIOR QUE\n5 M² A MEIA ALTURA DAS PAREDES. AF_06/2014 - branco","m²",15.17,0,{"v":1,"d":"100%"},15.17,"*",{"v":1,"d":"100%"},"=",15.17]
["9.9","REVESTIMENTO CERÂMICO PARA PAREDES INTERNAS COM PLACAS TIPO GRÊS OU SEMI-GRÊS DE DIMENSÕES 20X20 CM APLICADAS EM AMBIENTES DE ÁREA MAIOR QUE 5 M² A MEIA ALTURA DAS PAREDES. AF_06/2014 - amarelo","m²",{"v":136.5,"d":"136.50"},0,{"v":1,"d":"100%"},{"v":136.5,"d":"136.50"},"*",{"v":1,"d":"100%"},"=",{"v":136.5,"d":"136.50"}]
["9.10","RODAPE EM MADEIRA, ALTURA 7CM, FIXADO COM COLA","m",{"v":191.3,"d":"191.30"},0,{"v":1,"d":"100%"},{"v":191.3,"d":"191.30"},"*",{"v":1,"d":"100%"},"=",{"v":191.3,"d":"191.30"}]
["9.11","Forro de gesso acartonado estruturado - fornecimento e montagem","m²",498.03,0,{"v":1,"d":"100%"},498.03,"*",{"v":1,"d":"100%"},"=",498.03]
["9.12","FNDE: Forro em fibra mineral removível (1250x625x16mm) apoiado sobre perfil metálico \"T\" invertido 24mm. ORSE: Forro acústico em placas de fibra mineral c/ perfil  \"T\" em aço, tipo \"SONEX\" ou similar - fornecimento e montagem.","m²",738.27,0,{"v":1,"d":"100%"},738.27,"*",{"v":1,"d":"100%"},"=",738.27]
[]
[]
[10,"SISTEMAS DE PISOS INTERNOS E EXTERNOS (PAVIMENTAÇÃO)"]
["10.1","PAVIMENTAÇÃO INTERNA"]
["10.1.1","Contrapiso em argamassa traço 1:4 (cimento e areia), preparo manual, e=5,0cm","m²",{"v":1159.7,"d":"1,159.70"},0,{"v":1,"d":"100%"},{"v":1159.7,"d":"1,159.70"},"*",{"v":1,"d":"100%"},"=",{"$f":"I218*G218","v":{"v":1159.7,"d":"1,159.70"}}]
["10.1.2","FNDE: Camada regularizadora e=2,0cm. SINAPI: Contrapiso em argamassa pronta, preparo manual, aplicado em áreas secas sobre laje, aderido, espessura 2 cm.","m²",{"v":1159.7,"d":"1,159.70"},0,{"v":1,"d":"100%"},{"v":1159.7,"d":"1,159.70"},"*",{"v":1,"d":"100%"},"=",{"v":1159.7,"d":"1,159.70"}]
["10.1.3","FNDE: Piso cimentado traço 1:3 (cimento e areia)  acabamento liso e=3,0cm. SINAPI: acréscimo de junta plastica acabada 1,2m.","m²",386.12,0,{"v":1,"d":"100%"},386.12,"*",{"v":1,"d":"100%"},"=",386.12]
["10.1.4","Pintura de base epoxi sobre piso","m²",23.72,0,{"v":1,"d":"100%"},23.72,"*",{"v":1,"d":"100%"},"=",23.72]
["10.1.5","FNDE: Piso cerâmico antiderrapante PEI V - 40 x 40 cm - incl. rejunte - conforme projeto. ORSE: Revestimento cerâmico para piso ou parede, 40x40 cm, c/ piso solid grey , INCEPA ou similar, PEI 5, aplicado com argamassa industrializada ac-iii, rejuntado, exclusive regularização de base ou emboço.","m²",226.97,0,{"v":1,"d":"100%"},226.97,"*",{"v":1,"d":"100%"},"=",226.97]
["10.1.6","Piso cerâmico antiderrapante PEI V - 60 x 60 cm - incl. rejunte - conforme projeto ","m²",355.53,0,{"v":1,"d":"100%"},355.53,"*",{"v":1,"d":"100%"},"=",355.53]
["10.1.7","Piso vinílico semiflexível padrão liso e=2,0mm fixado com cola","m²",394.33,0,{"v":1,"d":"100%"},394.33,"*",{"v":1,"d":"100%"},"=",394.33]
["10.1.8","Piso podotátil de alerta em borracha integrado 30x30cm, assentamento com (fornecimento e assentamento)","m²",{"v":27.9,"d":"27.90"},0,{"v":1,"d":"100%"},{"v":27.9,"d":"27.90"},"*",{"v":1,"d":"100%"},"=",{"v":27.9,"d":"27.90"}]
["10.1.9","Piso podotátil direcional em borracha integrado 30x30cm, assentamento com argamassa (fornecimento e assentamento)","m²",22.68,0,{"v":1,"d":"100%"},22.68,"*",{"v":1,"d":"100%"},"=",22.68]
["10.1.10","Rodapé vinílico h=5cm, e=1mm, fixado com cola","m",{"v":191.3,"d":"191.30"},0,{"v":1,"d":"100%"},{"v":191.3,"d":"191.30"},"*",{"v":1,"d":"100%"},"=",{"v":191.3,"d":"191.30"}]
["10.1.11","Soleira em granito cinza andorinha, L=15cm","m",{"v":90,"d":"90.00"},0,{"v":1,"d":"100%"},{"v":90,"d":"90.00"},"*",{"v":1,"d":"100%"},"=",{"v":90,"d":"90.00"}]
["10.1.12","Soleira em granito cinza andorinha, L=25cm, ","m",1.77,0,{"v":1,"d":"100%"},1.77,"*",{"v":1,"d":"100%"},"=",1.77]
["10.2","PAVIMENTAÇÃO EXTERNA"]
["10.2.1","PISO EM CONCRETO 20 MPA PREPARO MECANICO, ESPESSURA 7CM, INCLUSO SELANTE ELÁSTICO A BASE DE POLIURETANO","m²",345.98,0,{"v":1,"d":"100%"},345.98,"*",{"v":1,"d":"100%"},"=",{"$f":"I231*G231","v":345.98}]
["10.2.2","FNDE: Rampa de acesso em concreto não estrutural. SINAPI: Piso em concreto 20 Mpa preparo mecanico, espessura 7 cm , incluso selante elastico a base de poliuretano.","m²",28.22,0,{"v":1,"d":"100%"},28.22,"*",{"v":1,"d":"100%"},"=",28.22]
["10.2.3","FNDE: Pavimetação em blocos intertravado de concreto, e= 6,0cm, FCK 35MPa, assentados sobre colchão de areia. SINAPI: Execução de pavimento em piso intertravado, com bloco sextavado  de 25 x 25 cm, espessura 6 cm.","m²",67.22,0,{"v":1,"d":"100%"},67.22,"*",{"v":1,"d":"100%"},"=",67.22]
["10.2.4","FNDE: Piso tátil de alerta em placas pré-moldadas - 5MPa. SEINFRA: Piso podotátil externo em PMC e=3cm, assentado com argamassa (fornecimento e assentamento.","m²",4.86,0,{"v":1,"d":"100%"},4.86,"*",{"v":1,"d":"100%"},"=",4.86]
["10.2.5","FNDE: Piso tátil direcional em placas pré-moldadas - 5MPa. SEINFRA: Piso podotátil externo em PMC e=3cm, assentado com argamassa (fornecimento e assentamento.","m²",8.64,0,{"v":1,"d":"100%"},8.64,"*",{"v":1,"d":"100%"},"=",8.64]
["10.2.6","FNDE: Meio -fio (guia) de concreto pré-moldado, rejuntado com argamassa, incluindo escavação e reaterro. AGETOP: Meio fio PD AGETOP em conc.pré mold. Reto /curvo (9v12x30x100 cm), FC28=30MPa  com argam. (1CI:3ARMLC) p/arremate do rejunt. - incluso escav./apiloam./reaterro e conc. FC28=10 MPa p/assentam. e chumbamento.","m",{"v":23.1,"d":"23.10"},0,{"v":1,"d":"100%"},{"v":23.1,"d":"23.10"},"*",{"v":1,"d":"100%"},"=",{"v":23.1,"d":"23.10"}]
["10.2.7","FNDE: Colchão de areia e=10cm. ORSE: Colchão de areia.","m³",{"v":7.6,"d":"7.60"},0,{"v":1,"d":"100%"},{"v":7.6,"d":"7.60"},"*",{"v":1,"d":"100%"},"=",{"v":7.6,"d":"7.60"}]
["10.2.8","Grama batatais em placas (plantio)","m²",368.56,0,{"v":1,"d":"100%"},368.56,"*",{"v":1,"d":"100%"},"=",368.56]
[]
[]
[11,"PINTURA "]
["11.1","Emassamento de paredes internas com massa acrílica - 02 demãos ","m²",{"v":2028.45,"d":"2,028.45"},0,{"v":1,"d":"100%"},{"v":2028.45,"d":"2,028.45"},"*",{"v":1,"d":"100%"},"=",{"$f":"I242*G242","v":{"v":2028.45,"d":"2,028.45"}}]
["11.2","Pintura em latex acrílico 02 demãos sobre paredes internas, externas AF_06/2014","m²",{"v":2715.32,"d":"2,715.32"},0,{"v":1,"d":"100%"},{"v":2715.32,"d":"2,715.32"},"*",{"v":1,"d":"100%"},"=",{"v":2715.32,"d":"2,715.32"}]
["11.3","Pintura em latex PVA 02 demãos sobre teto AF_06/2014","m²",498.03,0,{"v":1,"d":"100%"},498.03,"*",{"v":1,"d":"100%"},"=",498.03]
["11.4","Pintura em esmalte sintético 02 demãos em esquadrias de madeira","m²",{"v":107.1,"d":"107.10"},0,{"v":1,"d":"100%"},{"v":107.1,"d":"107.10"},"*",{"v":1,"d":"100%"},"=",{"v":107.1,"d":"107.10"}]
["11.5","FNDE: Pintura em esmalte sintético 02 demãos em rodameio de madeira. SINAPI: Pintura esmalte fosco para madeira, duas demãos, sobre fundo nivelador branco.","m²",19.13,0,{"v":1,"d":"100%"},19.13,"*",{"v":1,"d":"100%"},"=",19.13]
["11.6","Pintura epoxi - 02 demãos","m²",172.17,0,{"v":1,"d":"100%"},172.17,"*",{"v":1,"d":"100%"},"=",172.17]
[]
[]
[12,"INSTALAÇÃO HIDRÁULICA "]
["12.1","TUBULAÇÕES E CONEXÕES DE PVC RÍGIDO"]
["12.1.1","Tubo PVC soldável Ø 20 mm, fornecimento e instalação","m",36.78,0,{"v":1,"d":"100%"},36.78,"*",{"v":1,"d":"100%"},"=",{"$f":"I252*G252","v":36.78}]
["12.1.2","Tubo PVC soldável Ø 25 mm, fornecimento e instalação","m",275.11,0,{"v":1,"d":"100%"},275.11,"*",{"v":1,"d":"100%"},"=",275.11]
["12.1.3","Tubo PVC soldável Ø 32 mm, fornecimento e instalação","m",16.43,0,{"v":1,"d":"100%"},16.43,"*",{"v":1,"d":"100%"},"=",16.43]
["12.1.4","Tubo PVC soldável Ø 50 mm, fornecimento e instalação","m",115.77,0,{"v":1,"d":"100%"},115.77,"*",{"v":1,"d":"100%"},"=",115.77]
["12.1.5","Tubo PVC soldável Ø 60 mm, fornecimento e instalação","m",42.95,0,{"v":1,"d":"100%"},42.95,"*",{"v":1,"d":"100%"},"=",42.95]
["12.1.6","Tubo PVC soldável Ø 75mm, fornecimento e instalação","m",50.33,0,{"v":1,"d":"100%"},50.33,"*",{"v":1,"d":"100%"},"=",50.33]
["12.1.7","Tubo PVC soldável Ø 85mm, fornecimento e instalação","m",94.74,0,{"v":1,"d":"100%"},94.74,"*",{"v":1,"d":"100%"},"=",94.74]
["12.1.8","Tubo PVC soldável Ø 100mm, fornecimento e instalação","m",{"v":46.4,"d":"46.40"},0,{"v":1,"d":"100%"},{"v":46.4,"d":"46.40"},"*",{"v":1,"d":"100%"},"=",{"v":46.4,"d":"46.40"}]
["12.1.9","Adaptador soldavel com flange livre para caixa d'agua - 110mm - 4\", fornecimento e instalação","un",{"v":4,"d":"4.00"},0,{"v":1,"d":"100%"},{"v":4,"d":"4.00"},"*",{"v":1,"d":"100%"},"=",{"v":4,"d":"4.00"}]
["12.1.10","FNDE: Adaptador soldavel com flange livre para caixa d'agua - 85mm - 3\", fornecimento e instalação. SEINFRA: Adaptador PVC sold. Flanges livres p/cx. d'água 85 mm (3\").","un",{"v":4,"d":"4.00"},0,{"v":1,"d":"100%"},{"v":4,"d":"4.00"},"*",{"v":1,"d":"100%"},"=",{"v":4,"d":"4.00"}]
["12.1.11","FNDE: Adaptador soldavel com flange livre para caixa d'agua - 20mm - 1/2\", fornecimento e instalação. SEINFRA: Adaptador PVC sold. Flanges livres p/cx. d'água 20 mm (1/2\").","un",{"v":1,"d":"1.00"},0,{"v":1,"d":"100%"},{"v":1,"d":"1.00"},"*",{"v":1,"d":"100%"},"=",{"v":1,"d":"1.00"}]
["12.1.12","Adaptador sol. curto com bolsa-rosca para registro - 110mm - 4\", fornecimento e instalação","un",{"v":4,"d":"4.00"},0,{"v":1,"d":"100%"},{"v":4,"d":"4.00"},"*",{"v":1,"d":"100%"},"=",{"v":4,"d":"4.00"}]
["12.1.13","Adaptador sol. curto com bolsa-rosca para registro - 20mm - 1/2\", fornecimento e instalação","un",{"v":3,"d":"3.00"},0,{"v":1,"d":"100%"},{"v":3,"d":"3.00"},"*",{"v":1,"d":"100%"},"=",{"v":3,"d":"3.00"}]
["12.1.14","Adaptador sol. curto com bolsa-rosca para registro - 25mm - 3/4\", fornecimento e instalação","un",{"v":81,"d":"81.00"},0,{"v":1,"d":"100%"},{"v":81,"d":"81.00"},"*",{"v":1,"d":"100%"},"=",{"v":81,"d":"81.00"}]
["12.1.15","Adaptador sol. curto com bolsa-rosca para registro - 32mm - 1\", fornecimento e instalação","un",{"v":2,"d":"2.00"},0,{"v":1,"d":"100%"},{"v":2,"d":"2.00"},"*",{"v":1,"d":"100%"},"=",{"v":2,"d":"2.00"}]
["12.1.16","Adaptador sol. curto com bolsa-rosca para registro - 50mm - 1 1/2\", fornecimento e instalação","un",{"v":36,"d":"36.00"},0,{"v":1,"d":"100%"},{"v":36,"d":"36.00"},"*",{"v":1,"d":"100%"},"=",{"v":36,"d":"36.00"}]
["12.1.17","Adaptador sol. curto com bolsa-rosca para registro - 60mm - 2\", fornecimento e instalação","un",{"v":16,"d":"16.00"},0,{"v":1,"d":"100%"},{"$f":"D268","v":{"v":16,"d":"16.00"}},"*",{"$f":"F268","v":{"v":1,"d":"100%"}},"=",{"v":16,"d":"16.00"}]
["12.1.18","Adaptador sol. curto com bolsa-rosca para registro - 75mm - 2 1/2\", fornecimento e instalação","un",{"v":4,"d":"4.00"},0,{"v":1,"d":"100%"},{"v":4,"d":"4.00"},"*",{"v":1,"d":"100%"},"=",{"v":4,"d":"4.00"}]
["12.1.19","Adaptador sol. curto com bolsa-rosca para registro - 85mm - 3\", fornecimento e instalação","un",{"v":4,"d":"4.00"},0,{"v":1,"d":"100%"},{"v":4,"d":"4.00"},"*",{"v":1,"d":"100%"},"=",{"v":4,"d":"4.00"}]
["12.1.20","Bucha de redução sold. curta 32mm x 25mm, fornecimento e instalação","un",{"v":1,"d":"1.00"},0,{"v":1,"d":"100%"},{"v":1,"d":"1.00"},"*",{"v":1,"d":"100%"},"=",{"v":1,"d":"1.00"}]
["12.1.21","Bucha de redução sold. curta 60mm x 50mm, fornecimento e instalação","un",{"v":24,"d":"24.00"},0,{"v":1,"d":"100%"},{"v":24,"d":"24.00"},"*",{"v":1,"d":"100%"},"=",{"v":24,"d":"24.00"}]
["12.1.22","Bucha de redução sold. curta 75mm x 60mm, fornecimento e instalação","un",{"v":3,"d":"3.00"},0,{"v":1,"d":"100%"},{"v":3,"d":"3.00"},"*",{"v":1,"d":"100%"},"=",{"v":3,"d":"3.00"}]
["12.1.23","Bucha de redução sold. curta 85mm x 75mm, fornecimento e instalação","un",{"v":7,"d":"7.00"},0,{"v":1,"d":"100%"},{"v":7,"d":"7.00"},"*",{"v":1,"d":"100%"},"=",{"v":7,"d":"7.00"}]
["12.1.24","Bucha de redução sold. curta 110mm x 85mm, fornecimento e instalação","un",{"v":2,"d":"2.00"},0,{"v":1,"d":"100%"},{"v":2,"d":"2.00"},"*",{"v":1,"d":"100%"},"=",{"v":2,"d":"2.00"}]
["12.1.25","Bucha de redução sold. longa 50mm x 25mm, fornecimento e instalação","un",{"v":30,"d":"30.00"},0,{"v":1,"d":"100%"},{"v":30,"d":"30.00"},"*",{"v":1,"d":"100%"},"=",{"v":30,"d":"30.00"}]
["12.1.26","Bucha de redução sold. longa 50mm x 32mm, fornecimento e instalação","un",{"v":2,"d":"2.00"},0,{"v":1,"d":"100%"},{"v":2,"d":"2.00"},"*",{"v":1,"d":"100%"},"=",{"v":2,"d":"2.00"}]
["12.1.27","Bucha de redução sold. longa 60mm x 25mm, fornecimento e instalação","un",{"v":5,"d":"5.00"},0,{"v":1,"d":"100%"},{"v":5,"d":"5.00"},"*",{"v":1,"d":"100%"},"=",{"v":5,"d":"5.00"}]
["12.1.28","Bucha de redução sold. longa 75mm x 50mm, fornecimento e instalação","un",{"v":15,"d":"15.00"},0,{"v":1,"d":"100%"},{"v":15,"d":"15.00"},"*",{"v":1,"d":"100%"},"=",{"v":15,"d":"15.00"}]
["12.1.29","FNDE: Bucha de redução sold. longa 85mm-60mm, fornecimento e instalação. ORSE: Bucha de redução longa de PVC rígido soldável, marrom, diâm = 85 x 60 mm.","un",{"v":4,"d":"4.00"},0,{"v":1,"d":"100%"},{"v":4,"d":"4.00"},"*",{"v":1,"d":"100%"},"=",{"v":4,"d":"4.00"}]
["12.1.30","Joelho 45 soldável - 25mm, fornecimento e instalação","un",{"v":6,"d":"6.00"},0,{"v":1,"d":"100%"},{"v":6,"d":"6.00"},"*",{"v":1,"d":"100%"},"=",{"v":6,"d":"6.00"}]
["12.1.31","Joelho 45 soldável - 32mm, fornecimento e instalação","un",{"v":2,"d":"2.00"},0,{"v":1,"d":"100%"},{"v":2,"d":"2.00"},"*",{"v":1,"d":"100%"},"=",{"v":2,"d":"2.00"}]
["12.1.32","Joelho 45 soldável - 50mm, fornecimento e instalação","un",{"v":2,"d":"2.00"},0,{"v":1,"d":"100%"},{"v":2,"d":"2.00"},"*",{"v":1,"d":"100%"},"=",{"v":2,"d":"2.00"}]
["12.1.33","Joelho 45 soldável - 75mm, fornecimento e instalação","un",{"v":2,"d":"2.00"},0,{"v":1,"d":"100%"},{"v":2,"d":"2.00"},"*",{"v":1,"d":"100%"},"=",{"$f":"I284*G284","v":{"v":2,"d":"2.00"}}]
["12.1.34","Joelho 45 soldável - 85mm, fornecimento e instalação","un",{"v":2,"d":"2.00"},0,{"v":1,"d":"100%"},{"v":2,"d":"2.00"},"*",{"v":1,"d":"100%"},"=",{"v":2,"d":"2.00"}]
["12.1.35","Joelho 90 soldável - 20mm, fornecimento e instalação","un",{"v":3,"d":"3.00"},0,{"v":1,"d":"100%"},{"v":3,"d":"3.00"},"*",{"v":1,"d":"100%"},"=",{"v":3,"d":"3.00"}]
["12.1.36","Joelho 90 soldável - 25mm, fornecimento e instalação","un",{"v":151,"d":"151.00"},0,{"v":1,"d":"100%"},{"v":151,"d":"151.00"},"*",{"v":1,"d":"100%"},"=",{"v":151,"d":"151.00"}]
["12.1.37","Joelho 90 soldável - 32mm, fornecimento e instalação","un",{"v":3,"d":"3.00"},0,{"v":1,"d":"100%"},{"v":3,"d":"3.00"},"*",{"v":1,"d":"100%"},"=",{"v":3,"d":"3.00"}]
["12.1.38","Joelho 90 soldável - 50mm, fornecimento e instalação","un",{"v":20,"d":"20.00"},0,{"v":1,"d":"100%"},{"v":20,"d":"20.00"},"*",{"v":1,"d":"100%"},"=",{"v":20,"d":"20.00"}]
["12.1.39","Joelho 90 soldável - 60mm, fornecimento e instalação","un",{"v":11,"d":"11.00"},0,{"v":1,"d":"100%"},{"v":11,"d":"11.00"},"*",{"v":1,"d":"100%"},"=",{"v":11,"d":"11.00"}]
["12.1.40","Joelho 90 soldável - 75mm, fornecimento e instalação","un",{"v":2,"d":"2.00"},0,{"v":1,"d":"100%"},{"v":2,"d":"2.00"},"*",{"v":1,"d":"100%"},"=",{"v":2,"d":"2.00"}]
["12.1.41","Joelho 90 soldável - 85mm, fornecimento e instalação","un",{"v":10,"d":"10.00"},0,{"v":1,"d":"100%"},{"v":10,"d":"10.00"},"*",{"v":1,"d":"100%"},"=",{"v":10,"d":"10.00"}]
["12.1.42","Joelho 90 soldável - 100mm, fornecimento e instalação","un",{"v":7,"d":"7.00"},0,{"v":1,"d":"100%"},{"v":7,"d":"7.00"},"*",{"v":1,"d":"100%"},"=",{"v":7,"d":"7.00"}]
["12.1.43","Joelho de redução 90º soldavel 32mm x 25mm, fornecimento e instalação","un",{"v":3,"d":"3.00"},0,{"v":1,"d":"100%"},{"v":3,"d":"3.00"},"*",{"v":1,"d":"100%"},"=",{"v":3,"d":"3.00"}]
["12.1.44","Joelho 90 soldavel com rosca 20mm x 1/2\", fornecimento e instalação","un",{"v":5,"d":"5.00"},0,{"v":1,"d":"100%"},{"v":5,"d":"5.00"},"*",{"v":1,"d":"100%"},"=",{"v":5,"d":"5.00"}]
["12.1.45","Joelho 90º soldavel com bucha de latão - 25mm x 3/4\", fornecimento e instalação","un",{"v":7,"d":"7.00"},0,{"v":1,"d":"100%"},{"v":7,"d":"7.00"},"*",{"v":1,"d":"100%"},"=",{"v":7,"d":"7.00"}]
["12.1.46","Joelho de redução 90º soldavel com bucha latão - 25mm - 1/2\", fornecimento e instalação","un",{"v":88,"d":"88.00"},0,{"v":1,"d":"100%"},{"v":88,"d":"88.00"},"*",{"v":1,"d":"100%"},"=",{"v":88,"d":"88.00"}]
["12.1.47","Luva soldável com rosca 25mm - 3/4\"","un",{"v":15,"d":"15.00"},0,{"v":1,"d":"100%"},{"v":15,"d":"15.00"},"*",{"v":1,"d":"100%"},"=",{"v":15,"d":"15.00"}]
["12.1.48","Luva de redução soldavel com bucha latão - 25mm x 1/2\", fornecimento e instalação","un",{"v":14,"d":"14.00"},0,{"v":1,"d":"100%"},{"v":14,"d":"14.00"},"*",{"v":1,"d":"100%"},"=",{"v":14,"d":"14.00"}]
["12.1.49","Tê 90 soldável - 25mm, fornecimento e instalação","un",{"v":37,"d":"37.00"},0,{"v":1,"d":"100%"},{"v":37,"d":"37.00"},"*",{"v":1,"d":"100%"},"=",{"v":37,"d":"37.00"}]
["12.1.50","Tê 90 soldável - 32mm, fornecimento e instalação","un",{"v":1,"d":"1.00"},0,{"v":1,"d":"100%"},{"v":1,"d":"1.00"},"*",{"v":1,"d":"100%"},"=",{"v":1,"d":"1.00"}]
["12.1.51","Tê 90 soldável - 50mm, fornecimento e instalação","un",{"v":13,"d":"13.00"},0,{"v":1,"d":"100%"},{"v":13,"d":"13.00"},"*",{"v":1,"d":"100%"},"=",{"v":13,"d":"13.00"}]
["12.1.52","Tê 90 soldável - 60mm, fornecimento e instalação","un",{"v":12,"d":"12.00"},0,{"v":1,"d":"100%"},{"v":12,"d":"12.00"},"*",{"v":1,"d":"100%"},"=",{"v":12,"d":"12.00"}]
["12.1.53","Tê 90 soldável - 75mm, fornecimento e instalação","un",{"v":3,"d":"3.00"},0,{"v":1,"d":"100%"},{"v":3,"d":"3.00"},"*",{"v":1,"d":"100%"},"=",{"v":3,"d":"3.00"}]
["12.1.54","Tê 90 soldável - 85mm, fornecimento e instalação","un",{"v":9,"d":"9.00"},0,{"v":1,"d":"100%"},{"v":9,"d":"9.00"},"*",{"v":1,"d":"100%"},"=",{"v":9,"d":"9.00"}]
["12.1.55","Tê 90 soldável - 100mm, fornecimento e instalação","un",{"v":2,"d":"2.00"},0,{"v":1,"d":"100%"},{"v":2,"d":"2.00"},"*",{"v":1,"d":"100%"},"=",{"v":2,"d":"2.00"}]
["12.1.56","Tê de redução 90 soldavel - 32mm x 25mm, fornecimento e instalação","un",{"v":3,"d":"3.00"},0,{"v":1,"d":"100%"},{"v":3,"d":"3.00"},"*",{"v":1,"d":"100%"},"=",{"v":3,"d":"3.00"}]
["12.1.57","Tê de redução 90 soldavel - 50mm x 25mm, fornecimento e instalação","un",{"v":28,"d":"28.00"},0,{"v":1,"d":"100%"},{"v":28,"d":"28.00"},"*",{"v":1,"d":"100%"},"=",{"v":28,"d":"28.00"}]
["12.1.58","Tê de redução 90 soldavel - 50mm x 32mm, fornecimento e instalação","un",{"v":1,"d":"1.00"},0,{"v":1,"d":"100%"},{"v":1,"d":"1.00"},"*",{"v":1,"d":"100%"},"=",{"v":1,"d":"1.00"}]
["12.1.59","Tê de redução 90 soldavel - 75mm x 50mm, fornecimento e instalação","un",{"v":11,"d":"11.00"},0,{"v":1,"d":"100%"},{"v":11,"d":"11.00"},"*",{"v":1,"d":"100%"},"=",{"v":11,"d":"11.00"}]
["12.1.60","FNDE: Tê de redução 90 soldavel - 75mm - 60mm, fornecimento e instalação. ORSE: Te de redução 90° de PVC rígido soldável, marrom diâm = 75 x 60 mm.","un",{"v":5,"d":"5.00"},0,{"v":1,"d":"100%"},{"v":5,"d":"5.00"},"*",{"v":1,"d":"100%"},"=",{"v":5,"d":"5.00"}]
["12.1.61","Tê de redução 90 soldavel - 85mm x 60mm, fornecimento e instalação","un",{"v":5,"d":"5.00"},0,{"v":1,"d":"100%"},{"v":5,"d":"5.00"},"*",{"v":1,"d":"100%"},"=",{"v":5,"d":"5.00"}]
["12.1.62","Tê de redução soldavel - 85mm x 75mm, fornecimento e instalação","un",{"v":2,"d":"2.00"},0,{"v":1,"d":"100%"},{"v":2,"d":"2.00"},"*",{"v":1,"d":"100%"},"=",{"v":2,"d":"2.00"}]
["12.1.63","FNDE: Tê redução 90º soldavel com bucha latão B central - 25mm - 1/2\", fornecimento e instalação. SINAPI: Te com bucha de latão na bolsa central, PVC, soldável, DN 25 mm x 1/2, instalado em ramal ou sub-ramal de água - fornecimento e instalação.","un",{"v":20,"d":"20.00"},0,{"v":1,"d":"100%"},{"v":20,"d":"20.00"},"*",{"v":1,"d":"100%"},"=",{"v":20,"d":"20.00"}]
["12.1.64","Tê soldavel com bucha latão bolsa central - 25mm - 3/4\", fornecimento e instalação","un",{"v":3,"d":"3.00"},0,{"v":1,"d":"100%"},{"v":3,"d":"3.00"},"*",{"v":1,"d":"100%"},"=",{"v":3,"d":"3.00"}]
["12.1.65","Tê soldavel com rosca bolsa central - 20mm - 1/2\"","un",{"v":1,"d":"1.00"},0,{"v":1,"d":"100%"},{"v":1,"d":"1.00"},"*",{"v":1,"d":"100%"},"=",{"v":1,"d":"1.00"}]
["12.1.66","Tubo de descarga VDE 38mm","un",{"v":26,"d":"26.00"},0,{"v":1,"d":"100%"},{"v":26,"d":"26.00"},"*",{"v":1,"d":"100%"},"=",{"v":26,"d":"26.00"}]
["12.1.67","FNDE: Tubo de ligação latao cromado com canopla para vaso sanitario. AGETOP: Tubo de ligação PVC cromado 1 1/2\"/ESPUDE - (ENTRADA)","un",{"v":26,"d":"26.00"},0,{"v":1,"d":"100%"},{"v":26,"d":"26.00"},"*",{"v":1,"d":"100%"},"=",{"v":26,"d":"26.00"}]
["12.2","TUBULAÇÕES E CONEXÕES - METAIS",{"$nulls":7},"="]
["12.2.1","Registro de esfera 1/2\", fornecimento e instalação","un",{"v":1,"d":"1.00"},0,{"v":1,"d":"100%"},{"v":1,"d":"1.00"},"*",{"v":1,"d":"100%"},null,{"$f":"I320*G320","v":{"v":1,"d":"1.00"}}]
["12.2.2","Registro de gaveta com canopla cromada - 1/2\", fornecimento e instalação","un",{"v":1,"d":"1.00"},0,{"v":1,"d":"100%"},{"v":1,"d":"1.00"},"*",{"v":1,"d":"100%"},"=",{"v":1,"d":"1.00"}]
["12.2.3","FNDE: Registro esfera borboleta bruto PVC - 1/2\", fornecimento e instalação. ORSE: Registro tipo esfera em PVC c/ borboleta, d=1/2\".","un",{"v":1,"d":"1.00"},0,{"v":1,"d":"100%"},{"v":1,"d":"1.00"},"*",{"v":1,"d":"100%"},"=",{"v":1,"d":"1.00"}]
["12.2.4","Registro bruto de gaveta 2\", fornecimento e instalação","un",{"v":8,"d":"8.00"},0,{"v":1,"d":"100%"},{"v":8,"d":"8.00"},"*",{"v":1,"d":"100%"},"=",{"v":8,"d":"8.00"}]
["12.2.5","Registro bruto de gaveta 2 1/2\", fornecimento e instalação","un",{"v":2,"d":"2.00"},0,{"v":1,"d":"100%"},{"v":2,"d":"2.00"},"*",{"v":1,"d":"100%"},"=",{"v":2,"d":"2.00"}]
["12.2.6","Registro bruto de gaveta 3\", fornecimento e instalação","un",{"v":2,"d":"2.00"},0,{"v":1,"d":"100%"},{"v":2,"d":"2.00"},"*",{"v":1,"d":"100%"},"=",{"v":2,"d":"2.00"}]
["12.2.7","Registro bruto de gaveta 3/4\", fornecimento e instalação","un",{"v":2,"d":"2.00"},0,{"v":1,"d":"100%"},{"v":2,"d":"2.00"},"*",{"v":1,"d":"100%"},"=",{"v":2,"d":"2.00"}]
["12.2.8","Registro bruto de gaveta 4\", fornecimento e instalação","un",{"v":2,"d":"2.00"},0,{"v":1,"d":"100%"},{"v":2,"d":"2.00"},"*",{"v":1,"d":"100%"},"=",{"v":2,"d":"2.00"}]
["12.2.9","Registro de gaveta com canopla cromada 1\", fornecimento e instalação","un",{"v":1,"d":"1.00"},0,{"v":1,"d":"100%"},{"v":1,"d":"1.00"},"*",{"v":1,"d":"100%"},"=",{"v":1,"d":"1.00"}]
["12.2.10","Registro de gaveta com canopla cromada 1 1/2\", fornecimento e instalação","un",{"v":5,"d":"5.00"},0,{"v":1,"d":"100%"},{"v":5,"d":"5.00"},"*",{"v":1,"d":"100%"},"=",{"v":5,"d":"5.00"}]
["12.2.11","Registro de gaveta com canopla cromada 3/4\", fornecimento e instalação","un",{"v":31,"d":"31.00"},0,{"v":1,"d":"100%"},{"v":31,"d":"31.00"},"*",{"v":1,"d":"100%"},"=",{"v":31,"d":"31.00"}]
["12.2.12","Registro de pressão com canopla cromada 3/4\", fornecimento e instalação","un",{"v":15,"d":"15.00"},0,{"v":1,"d":"100%"},{"v":15,"d":"15.00"},"*",{"v":1,"d":"100%"},"=",{"v":15,"d":"15.00"}]
[]
[]
[13,"DRENAGEM DE ÁGUAS PLUVIAIS"]
["13.1","TUBULAÇÕES E CONEXÕES DE PVC"]
["13.1.1","Tubo de PVC Ø100mm, fornecimento e instalação","m",237.27,0,{"v":1,"d":"100%"},{"$f":"D336","v":237.27},"*",{"$f":"F336","v":{"v":1,"d":"100%"}},"=",{"$f":"I336*G336","v":237.27}]
["13.1.2","Tubo de PVC Ø150mm, fornecimento e instalação","m",107.14,0,{"v":1,"d":"100%"},107.14,"*",{"v":1,"d":"100%"},"=",107.14]
["13.1.3","Curva curta 90 - 100mm, fornecimento e instalação","un",{"v":52,"d":"52.00"},0,{"v":1,"d":"100%"},{"v":52,"d":"52.00"},"*",{"v":1,"d":"100%"},"=",{"v":52,"d":"52.00"}]
["13.1.4","Joelho 45 - 100mm, fornecimento e instalação","un",{"v":26,"d":"26.00"},0,{"v":1,"d":"100%"},{"v":26,"d":"26.00"},"*",{"v":1,"d":"100%"},"=",{"v":26,"d":"26.00"}]
["13.1.5","Joelho 90 - 100mm, fornecimento e instalação","un",{"v":4,"d":"4.00"},0,{"v":1,"d":"100%"},{"v":4,"d":"4.00"},"*",{"v":1,"d":"100%"},"=",{"v":4,"d":"4.00"}]
["13.1.6","Tê sanitario - DN 100mm x 100mm, fornecimento e instalação","un",{"v":4,"d":"4.00"},0,{"v":1,"d":"100%"},{"v":4,"d":"4.00"},"*",{"v":1,"d":"100%"},"=",{"v":4,"d":"4.00"}]
["13.1.7","Junção simples - DN100mm x 100mm, fornecimento e instalação","un",{"v":6,"d":"6.00"},0,{"v":1,"d":"100%"},{"v":6,"d":"6.00"},"*",{"v":1,"d":"100%"},"=",{"v":6,"d":"6.00"}]
["13.2","ACESSÓRIOS",{"$nulls":3},{"v":1,"d":"100%"},{"$nulls":3},"="]
["13.2.1","FNDE: Ralo hemisférico (formato abacaxi) de ferro fundido, Ø100mm. ORSE: Ralo hemisférico em fofo, tipo abacaxi Ø100mm.","un",{"v":24,"d":"24.00"},0,{"v":1,"d":"100%"},{"v":24,"d":"24.00"},"*",{"v":1,"d":"100%"},"=",{"$f":"I344*G344","v":{"v":24,"d":"24.00"}}]
["13.2.2","FNDE: Caixa de areia sem grelha 80x80cm. SINAPI: Caixa de areia 60x60x60 em alvenaria - execução.","un",{"v":20,"d":"20.00"},0,{"v":1,"d":"100%"},{"v":20,"d":"20.00"},"*",{"v":1,"d":"100%"},"=",{"$f":"I345*G345","v":{"v":20,"d":"20.00"}}]
[]
[]
[14,"INSTALAÇÃO SANITÁRIA "]
["14.1","Tubo de PVC rígido 100mm, fornec. e instalação","m",213.06,0,{"v":1,"d":"100%"},213.06,"*",{"v":1,"d":"100%"},"=",{"$f":"I349*G349","v":213.06}]
["14.2","Tubo de PVC rígido 40mm, fornec. e instalação","m",125.81,0,{"v":1,"d":"100%"},125.81,"*",{"v":1,"d":"100%"},"=",125.81]
["14.3","Tubo de PVC rígido 50mm, fornec. e instalação","m",136.81,0,{"v":1,"d":"100%"},136.81,"*",{"v":1,"d":"100%"},"=",136.81]
["14.4","Tubo de PVC rígido 75mm, fornec. e instalação","m",92.42,0,{"v":1,"d":"100%"},92.42,"*",{"v":1,"d":"100%"},"=",92.42]
["14.5","Tubo de PVC rígido 150mm, fornec. e instalação","m",{"v":37.6,"d":"37.60"},0,{"v":1,"d":"100%"},{"v":37.6,"d":"37.60"},"*",{"v":1,"d":"100%"},"=",{"v":37.6,"d":"37.60"}]
["14.6","BUCHA REDUÇÃO LONGA PVC P/ESGOTO 50X40mm","un",{"v":37,"d":"37.00"},0,{"v":1,"d":"100%"},{"v":37,"d":"37.00"},"*",{"v":1,"d":"100%"},"=",{"v":37,"d":"37.00"}]
["14.7","Curva PVC 90º curta - 40mm - fornecimento e instalação","un",{"v":97,"d":"97.00"},0,{"v":1,"d":"100%"},{"v":97,"d":"97.00"},"*",{"v":1,"d":"100%"},"=",{"v":97,"d":"97.00"}]
["14.8","Curva PVC 90º curta - 75mm - fornecimento e instalação","un",{"v":23,"d":"23.00"},0,{"v":1,"d":"100%"},{"v":23,"d":"23.00"},"*",{"v":1,"d":"100%"},"=",{"v":23,"d":"23.00"}]
["14.9","Joelho PVC 45º 100mm - fornecimento e instalação","un",{"v":7,"d":"7.00"},0,{"v":1,"d":"100%"},{"v":7,"d":"7.00"},"*",{"v":1,"d":"100%"},"=",{"v":7,"d":"7.00"}]
["14.10","Joelho PVC 45º 75mm - fornecimento e instalação","un",{"v":4,"d":"4.00"},0,{"v":1,"d":"100%"},{"v":4,"d":"4.00"},"*",{"v":1,"d":"100%"},"=",{"v":4,"d":"4.00"}]
["14.11","Joelho PVC 45º 50mm - fornecimento e instalação","un",{"v":62,"d":"62.00"},0,{"v":1,"d":"100%"},{"v":62,"d":"62.00"},"*",{"v":1,"d":"100%"},"=",{"v":62,"d":"62.00"}]
["14.12","Joelho PVC 45º 40mm - fornecimento e instalação","un",{"v":49,"d":"49.00"},0,{"v":1,"d":"100%"},{"v":49,"d":"49.00"},"*",{"v":1,"d":"100%"},"=",{"v":49,"d":"49.00"}]
["14.13","Joelho PVC 90º 100mm - fornecimento e instalação","un",{"v":26,"d":"26.00"},0,{"v":1,"d":"100%"},{"v":26,"d":"26.00"},"*",{"v":1,"d":"100%"},"=",{"v":26,"d":"26.00"}]
["14.14","Joelho PVC 90º 75mm - fornecimento e instalação","un",{"v":35,"d":"35.00"},0,{"v":1,"d":"100%"},{"v":35,"d":"35.00"},"*",{"v":1,"d":"100%"},"=",{"v":35,"d":"35.00"}]
["14.15","Joelho PVC 90º 50mm - fornecimento e instalação","un",{"v":3,"d":"3.00"},0,{"v":1,"d":"100%"},{"v":3,"d":"3.00"},"*",{"v":1,"d":"100%"},"=",{"v":3,"d":"3.00"}]
["14.16","Joelho PVC 90º 40mm - fornecimento e instalação","un",{"v":19,"d":"19.00"},0,{"v":1,"d":"100%"},{"v":19,"d":"19.00"},"*",{"v":1,"d":"100%"},"=",{"v":19,"d":"19.00"}]
["14.17","JOELHO 90 GRAUS, PVC, SERIE NORMAL, ESGOTO PREDIAL, DN 40 MM, JUNTA SOLDÁVEL, FORNECIDO E INSTALADO EM RAMAL DE DESCARGA OU RAMAL DE ESGOTO SANITÁRIO. AF_12/2014","un",{"v":65,"d":"65.00"},0,{"v":1,"d":"100%"},{"v":65,"d":"65.00"},"*",{"v":1,"d":"100%"},"=",{"v":65,"d":"65.00"}]
["14.18","Junção PVC simples 100mm x 50mm - fornecimento e instalação","un",{"v":25,"d":"25.00"},0,{"v":1,"d":"100%"},{"v":25,"d":"25.00"},"*",{"v":1,"d":"100%"},"=",{"v":25,"d":"25.00"}]
["14.19","Junção PVC simples 100mm x 75mm - fornecimento e instalação","un",{"v":2,"d":"2.00"},0,{"v":1,"d":"100%"},{"v":2,"d":"2.00"},"*",{"v":1,"d":"100%"},"=",{"v":2,"d":"2.00"}]
["14.20","Junção PVC simples 100mm x 100mm - fornecimento e instalação","un",{"v":19,"d":"19.00"},0,{"v":1,"d":"100%"},{"v":19,"d":"19.00"},"*",{"v":1,"d":"100%"},"=",{"v":19,"d":"19.00"}]
["14.21","Junção PVC simples 75mm x 50mm - fornecimento e instalação","un",{"v":5,"d":"5.00"},0,{"v":1,"d":"100%"},{"v":5,"d":"5.00"},"*",{"v":1,"d":"100%"},"=",{"v":5,"d":"5.00"}]
["14.22","Junção PVC simples 75mm x 75mm - fornecimento e instalação","un",{"v":2,"d":"2.00"},0,{"v":1,"d":"100%"},{"v":2,"d":"2.00"},"*",{"v":1,"d":"100%"},"=",{"v":2,"d":"2.00"}]
["14.23","REDUCAO EXCENTRICA 100 X 50 MM","un",{"v":6,"d":"6.00"},0,{"v":1,"d":"100%"},{"v":6,"d":"6.00"},"*",{"v":1,"d":"100%"},"=",{"v":6,"d":"6.00"}]
["14.24","Redução excêntrica PVC 75mm-50mm - fornecimento e instalação","un",{"v":5,"d":"5.00"},0,{"v":1,"d":"100%"},{"v":5,"d":"5.00"},"*",{"v":1,"d":"100%"},"=",{"v":5,"d":"5.00"}]
["14.25","Tê PVC 45º - 40mm - fornecimento e instalação","un",{"v":1,"d":"1.00"},0,{"v":1,"d":"100%"},{"v":1,"d":"1.00"},"*",{"v":1,"d":"100%"},"=",{"v":1,"d":"1.00"}]
["14.26","Tê PVC 90º - 40mm - fornecimento e instalação","un",{"v":19,"d":"19.00"},0,{"v":1,"d":"100%"},{"v":19,"d":"19.00"},"*",{"v":1,"d":"100%"},"=",{"v":19,"d":"19.00"}]
["14.27","Tê PVC sanitario 100mm x 50mm - fornecimento e instalação","un",{"v":11,"d":"11.00"},0,{"v":1,"d":"100%"},{"v":11,"d":"11.00"},"*",{"v":1,"d":"100%"},"=",{"v":11,"d":"11.00"}]
["14.28","Tê PVC sanitario 100mm x 75mm - fornecimento e instalação","un",{"v":20,"d":"20.00"},0,{"v":1,"d":"100%"},{"v":20,"d":"20.00"},"*",{"v":1,"d":"100%"},"=",{"v":20,"d":"20.00"}]
["14.29","Tê PVC sanitario 150mm x100mm - fornecimento e instalação","un",{"v":2,"d":"2.00"},0,{"v":1,"d":"100%"},{"v":2,"d":"2.00"},"*",{"v":1,"d":"100%"},"=",{"v":2,"d":"2.00"}]
["14.30","Tê PVC sanitario 50mm-50mm - fornecimento e instalação","un",{"v":19,"d":"19.00"},0,{"v":1,"d":"100%"},{"v":19,"d":"19.00"},"*",{"v":1,"d":"100%"},"=",{"v":19,"d":"19.00"}]
["14.31","Tê PVC sanitario 75mm x 75mm - fornecimento e instalação","un",{"v":4,"d":"4.00"},0,{"v":1,"d":"100%"},{"v":4,"d":"4.00"},"*",{"v":1,"d":"100%"},"=",{"v":4,"d":"4.00"}]
["14.32","Caixa sifonada 150x150x50mm","un",{"v":19,"d":"19.00"},0,{"v":1,"d":"100%"},{"v":19,"d":"19.00"},"*",{"v":1,"d":"100%"},"=",{"v":19,"d":"19.00"}]
["14.33","Caixa sifonada 150x185x75mm","un",{"v":1,"d":"1.00"},0,{"v":1,"d":"100%"},{"v":1,"d":"1.00"},"*",{"v":1,"d":"100%"},"=",{"v":1,"d":"1.00"}]
["14.34","CAIXA DE GORDURA SIMPLES EM CONCRETO PRE-MOLDADO DN 40 MM COM TAMPA - FORNECIMENTO E INSTALACAO","un",{"v":7,"d":"7.00"},0,{"v":1,"d":"100%"},{"v":7,"d":"7.00"},"*",{"v":1,"d":"100%"},"=",{"v":7,"d":"7.00"}]
["14.35","CAIXA EM ALVENARIA (60X60X60cm) DE 1/2 TIJOLO COMUM, LASTRO DE CONCRETO E TAMPA DE CONCRETO","un",{"v":17,"d":"17.00"},0,{"v":1,"d":"100%"},{"v":17,"d":"17.00"},"*",{"v":1,"d":"100%"},"=",{"v":17,"d":"17.00"}]
["14.36","TAMPA DE CONCRETO ARMADO PARA CAIXA 60X60X5 CM PARA CAIXA ","un",{"v":1,"d":"1.00"},0,{"v":1,"d":"100%"},{"v":1,"d":"1.00"},"*",{"v":1,"d":"100%"},"=",{"v":1,"d":"1.00"}]
["14.37","Ralo sifonado, PVC 100x100X40mm","un",{"v":30,"d":"30.00"},0,{"v":1,"d":"100%"},{"v":30,"d":"30.00"},"*",{"v":1,"d":"100%"},"=",{"v":30,"d":"30.00"}]
["14.38","Tubo PVC para ventilação  DN 50mm","un",{"v":39,"d":"39.00"},0,{"v":1,"d":"100%"},{"v":39,"d":"39.00"},"*",{"v":1,"d":"100%"},"=",{"v":39,"d":"39.00"}]
["14.39","FNDE: Sumidouro em alvenaria 2,40 x 2,40 m. SINAPI: Sumidouro em alvenaria de tijolo cerâmico maciço diâmetro 1,40m e altura 5,00m, com tampa em concreto armado diâmetro 1,60m e espessura 10 cm. ","un",{"v":1,"d":"1.00"},0,{"v":1,"d":"100%"},{"v":1,"d":"1.00"},"*",{"v":1,"d":"100%"},"=",{"v":1,"d":"1.00"}]
["14.40","FNDE: Fossa séptica 2,30 x 2,30 m. AGETOP: Fossa séptica 4500 litros com impermeabilização.","un",{"v":1,"d":"1.00"},0,{"v":1,"d":"100%"},{"v":1,"d":"1.00"},"*",{"v":1,"d":"100%"},"=",{"v":1,"d":"1.00"}]
[]
[]
[15,"LOUÇAS E METAIS "]
["15.1","FNDE: Bacia Sanitária Vogue Plus, Linha Conforto com abertura, cor Branco Gelo, código P.51,  DECA, ou equivalente p/ de descarga, com acessórios, bolsa de borracha para ligacao, tubo pvc ligacao - fornecimento e instalação. SEINFRA: BACIA SANITÁRIA PARA CADEIRANTES COM ASSENTO.","un",{"v":2,"d":"2.00"},0,{"v":1,"d":"100%"},{"v":2,"d":"2.00"},"*",{"v":1,"d":"100%"},"=",{"$f":"I392*G392","v":{"v":2,"d":"2.00"}}]
["15.2","FNDE: Bacia Sanitária Convencional, código Izy P.11, DECA, ou equivalente com acessórios- fornecimento e instalação. SINAPI: Vaso sanitário sifonado convencional com louça branca - fornecimento e instalação.","un",{"v":4,"d":"4.00"},0,{"v":1,"d":"100%"},{"v":4,"d":"4.00"},"*",{"v":1,"d":"100%"},"=",{"v":4,"d":"4.00"}]
["15.3","FNDE: Bacia Convencional Studio Kids, código PI.16, para valvula de descarga, em louca branca,  assento plastico, anel de vedação, tubo pvc ligacao - fornecimento e instalacao, Deca ou equivalente. SINAPI: VASO SANITÁRIO INFANTIL SIFONADO.","un",{"v":20,"d":"20.00"},0,{"v":1,"d":"100%"},{"v":20,"d":"20.00"},"*",{"v":1,"d":"100%"},"=",{"v":20,"d":"20.00"}]
["15.4","Valvula de descarga 1 1/2\", com registro, acabamento em metal cromado - fornecimento e instalação","un",{"v":26,"d":"26.00"},0,{"v":1,"d":"100%"},{"v":26,"d":"26.00"},"*",{"v":1,"d":"100%"},"=",{"v":26,"d":"26.00"}]
["15.5","Cuba de Embutir Oval cor Branco Gelo, código L.37, DECA, ou equivalente, em bancada  ecomplementos (válvula, sifao e engate flexível cromados), exceto torneira. (CUBA DE EMBUTIR OVAL EM LOUÇA BRANCA, 35 X 50 CM OU EQUIVALENTE0","un",{"v":22,"d":"22.00"},0,{"v":1,"d":"100%"},{"$f":"D396","v":{"v":22,"d":"22.00"}},"*",{"$f":"F396","v":{"v":1,"d":"100%"}},"=",{"v":22,"d":"22.00"}]
["15.6","FNDE: Cuba industrial 50x40 profundidade 30 – HIDRONOX, ou equivalente, com sifão em metal cromado 1.1/2x1.1/2\", válvula em metal cromado tipo americana 3.1/2\"x1.1/2\" para pia - fornecimento e instalação. ORSE: Cuba de aço inox 304, dimensões 50x40x30cm, com fundo emborrachado, para instalação em bancada, com válvula cromada (deca ref 1623), sifão cromado (ref c1680) ou similares. ","un",{"v":3,"d":"3.00"},0,{"v":1,"d":"100%"},{"v":3,"d":"3.00"},"*",{"v":1,"d":"100%"},"=",{"v":3,"d":"3.00"}]
["15.7","Cuba Inox Embutir 40x34x17cm, cuba 3, básica aço inoxidável, com válvula, FRANKE, ou equivalente, com sifão em metal cromado 1.1/2x1.1/2\", válvula em metal cromado tipo americana 3.1/2\"x1.1/2\" para pia - fornecimento e instalação (CUBA DE EMBUTIR DE AÇO INOXÍDÁVEL MÉDIA)","un.",{"v":15,"d":"15.00"},0,{"v":1,"d":"100%"},{"v":15,"d":"15.00"},"*",{"v":1,"d":"100%"},"=",{"v":15,"d":"15.00"}]
["15.8","Banheira Embutir em plástico tipo PVC, 77x45x20cm, Burigotto ou equivalente","un",{"v":4,"d":"4.00"},0,{"v":1,"d":"100%"},{"v":4,"d":"4.00"},"*",{"v":1,"d":"100%"},"=",{"v":4,"d":"4.00"}]
["15.9","FNDE: Lavatório de canto suspenso com mesa, linha Izy código L101.17, DECA ou equivalente, com válvula, sifão e engate flexivel cromados, fornecimento e instalação. ORSE: Lavatório louça de canto (Deca-Izy, ref L-10117 ou similar) sem coluna, c/sifão cromado, válvula cromada, engate cromado, exclusive torneira.","un",{"v":4,"d":"4.00"},0,{"v":1,"d":"100%"},{"v":4,"d":"4.00"},"*",{"v":1,"d":"100%"},"=",{"v":4,"d":"4.00"}]
["15.10","Lavatório pequeno Ravena/Izy cor branco gelo, com coluna suspensa, código L915 DECA ou equivalente  (LAVATÓRIO LOUÇA BRANCA SUSPENSO, 29,5 X 39 CM OU EQUIVALENTE)","un",{"v":6,"d":"6.00"},0,{"v":1,"d":"100%"},{"v":6,"d":"6.00"},"*",{"v":1,"d":"100%"},"=",{"v":6,"d":"6.00"}]
["15.11","FNDE: Tanque Grande (40 L) cor Branco Gelo, código TQ.03, DECA, ou equivalente incluso torneira cromada. SINAPI: Tanque de louça branca com coluna, 30 L ou equivalente, incluso sifão flexível em PVC, válvula metálica e torneira de metal cromado padrão médio - fornecimento e instalação. ","un",{"v":7,"d":"7.00"},0,{"v":1,"d":"100%"},{"v":7,"d":"7.00"},"*",{"v":1,"d":"100%"},"=",{"v":7,"d":"7.00"}]
["15.12","FNDE: Chuveiro Maxi Ducha, LORENZETTI, com Mangueira plástica/desviador para duchas elétricas, cógigo 8010-A, LORENZETTI,  ou equivalente. SINAPI: CHUVEIRO ELÉTRICO COMUM CORPO DE PLÁSTICO TIPO DUCHA.","un",{"v":15,"d":"15.00"},0,{"v":1,"d":"100%"},{"v":15,"d":"15.00"},"*",{"v":1,"d":"100%"},"=",{"v":15,"d":"15.00"}]
["15.13","FNDE: Assento Poliéster com abertura frontal Vogue Plus, Linha Conforto, cor Branco Gelo, código AP.52, DECA, ou equivalente. SEINFRA: ASSENTO/BANCO ARTICULÁVEL PARA BANHO DE DEFICIENTE. ","un",{"v":2,"d":"2.00"},0,{"v":1,"d":"100%"},{"v":2,"d":"2.00"},"*",{"v":1,"d":"100%"},"=",{"v":2,"d":"2.00"}]
["15.14","FNDE: Assento plástico Izy, código AP.01, DECA, fornecimento e instalação. AGETOP: ASSENTO PARA VASO SANITÁRIO 1 LINHA.","un",{"v":4,"d":"4.00"},0,{"v":1,"d":"100%"},{"v":4,"d":"4.00"},"*",{"v":1,"d":"100%"},"=",{"v":4,"d":"4.00"}]
["15.15","FNDE: Papeleira Metálica Linha Izy, código 2020.C37, DECA ou equivalente, fornecimento e instalação. ORSE: Papeleira em aço inox, DECA 2020 C40 ou similar.","un",{"v":26,"d":"26.00"},0,{"v":1,"d":"100%"},{"v":26,"d":"26.00"},"*",{"v":1,"d":"100%"},"=",{"v":26,"d":"26.00"}]
["15.16","FNDE: Ducha Higiênica com registro e derivação Izy, código 1984.C37. ACT.CR, DECA, ou equivalente, fornecimento e instalação. SINAPI: Chuveiro elétrico comum corpo plástico tipo ducha, fornecimento e instalação.","un.",{"v":4,"d":"4.00"},0,{"v":1,"d":"100%"},{"v":4,"d":"4.00"},"*",{"v":1,"d":"100%"},"=",{"v":4,"d":"4.00"}]
["15.17","FNDE: Torneira elétrica LorenEasy, LORENZETTI ou equivalente, fornecimento e instalação. SEINFRA: Torneira elétrica automática 220V-2800W (instalado).","un",{"v":2,"d":"2.00"},0,{"v":1,"d":"100%"},{"v":2,"d":"2.00"},"*",{"v":1,"d":"100%"},"=",{"v":2,"d":"2.00"}]
["15.18","FNDE: Torneira elétrica Fortti Maxi, com mangueira plastica, código 79004, LORENZETTI ou equivalente, fornecimento e instalação. ORSE:Torneira elétrica Versátil, Lorenzetti ou similar.","un",{"v":4,"d":"4.00"},0,{"v":1,"d":"100%"},{"v":4,"d":"4.00"},"*",{"v":1,"d":"100%"},"=",{"v":4,"d":"4.00"}]
["15.19","FNDE: Torneira para cozinha de mesa bica móvel Izy, código 1167.C37, DECA, ou equivalente. SINAPI: TORNEIRA CROMADA TUBO MÓVEL 1/2\" OU 3/4\", PARA PIA DE COZINHA.","un",{"v":15,"d":"15.00"},0,{"v":1,"d":"100%"},{"v":15,"d":"15.00"},"*",{"v":1,"d":"100%"},"=",{"v":15,"d":"15.00"}]
["15.20","FNDE: Torneira de parede de uso geral para jardim ou tanque. SINAPI: TORNEIRA PLÁSTICA 3/4\" PARA TANQUE, FORNECIMENTO E INSTALAÇÃO. ","un",{"v":11,"d":"11.00"},0,{"v":1,"d":"100%"},{"v":11,"d":"11.00"},"*",{"v":1,"d":"100%"},"=",{"v":11,"d":"11.00"}]
["15.21","Torneira para lavatório de mesa bica baixa Izy, código 1193.C37, Deca ou equivalente (TORNEIRA CROMADA DE MESA, 1/2\" OU 3/4\", PARA LAVATÓRIO)","un",{"v":32,"d":"32.00"},0,{"v":1,"d":"100%"},{"v":32,"d":"32.00"},"*",{"v":1,"d":"100%"},"=",{"v":32,"d":"32.00"}]
["15.22","Dispenser Saboneteira Linha Excellence, código 7009, Melhoramentos ou equivalente, fornecimento e instalação (SABONETEIRA PLÁSTICA TIPO DISPENSER PARA SABONETE LÍQUIDO, INCLUSO FIXAÇÃO)","un",{"v":26,"d":"26.00"},0,{"v":1,"d":"100%"},{"v":26,"d":"26.00"},"*",{"v":1,"d":"100%"},"=",{"v":26,"d":"26.00"}]
["15.23","FNDE: Dispenser Toalha Linha Excellence, código 7007, Melhoramentos ou equivalente, fornecimento e instalação. ORSE: Dispenser para toalha interfolhada.","un",{"v":22,"d":"22.00"},0,{"v":1,"d":"100%"},{"v":22,"d":"22.00"},"*",{"v":1,"d":"100%"},"=",{"v":22,"d":"22.00"}]
["15.24","FNDE: Cabide metálico Izy, código 2060.C37, Deca ou equivalente, fornecimento e instalação. ORSE:Cabide em aço inox , DECA 2060 C40, acabamento cromado ou similar.","un",{"v":16,"d":"16.00"},0,{"v":1,"d":"100%"},{"v":16,"d":"16.00"},"*",{"v":1,"d":"100%"},"=",{"v":16,"d":"16.00"}]
["15.25","FNDE: Barra de apoio, Linha conforto, código 2310.I.080.ESC, aço inox polido, DECA ou equivalente, fornecimento e instalação. AGETOP: BARRA PARA PORTADOR DE NECESSIDADES ESPECIAIS - PNE \"B6\" PADRÃO AGETOP.","un",{"v":8,"d":"8.00"},0,{"v":1,"d":"100%"},{"v":8,"d":"8.00"},"*",{"v":1,"d":"100%"},"=",{"v":8,"d":"8.00"}]
["15.26","FNDE: Barra de apoio de canto para lavatório, aço inox polido,Celite ou equivalente, fornecimento e instalação. ORSE: Barra de apoio em aço inox polido, para lavatório de canto DECA ref L10117 ou similar.","un",{"v":4,"d":"4.00"},0,{"v":1,"d":"100%"},{"v":4,"d":"4.00"},"*",{"v":1,"d":"100%"},"=",{"v":4,"d":"4.00"}]
["15.27","FNDE: Barra de apoio de chuveiro PNE, em \"L\", Linha conforto código 2335.I.ESC, fornecimento e instalação. AGETOP: BARRA PARA PORTADOR DE NECESSIDADES ESPECIAIS - PNE \"B6\" PADRÃO AGETOP.","un",{"v":1,"d":"1.00"},0,{"v":1,"d":"100%"},{"v":1,"d":"1.00"},"*",{"v":1,"d":"100%"},"=",{"v":1,"d":"1.00"}]
["15.28","FNDE: Cadeira articulada para banho, fornecimento e instalação. SEINFRA: ASSENTO/BANCO - ARTICULÁVEL PARA BANHO DE DEFICIENTE.","un",{"v":1,"d":"1.00"},0,{"v":1,"d":"100%"},{"v":1,"d":"1.00"},"*",{"v":1,"d":"100%"},"=",{"v":1,"d":"1.00"}]
["15.29","Gancho metálico para mochilas, fornecimento e instalação","un",{"v":188,"d":"188.00"},0,{"v":1,"d":"100%"},{"v":188,"d":"188.00"},"*",{"v":1,"d":"100%"},"=",{"v":188,"d":"188.00"}]
["15.30","FNDE: Barra metálica com pintura azul para proteção dos espelhos e chuveiro infantil d=1 1/4\". SINAPI: CORRIMÃO EM TUBO AÇO GALVANIZADO  1 1/4\" COM BRAÇADEIRA.","m",{"v":20.6,"d":"20.60"},0,{"v":1,"d":"100%"},{"v":20.6,"d":"20.60"},"*",{"v":1,"d":"100%"},"=",{"v":20.6,"d":"20.60"}]
[]
[]
[16,"INSTALAÇÃO DE GÁS COMBUSTÍVEL"]
["16.1","FNDE: Tela metálica para ventilação com requadro em alumínio. SINAPI: CAIXILHO FIXO, DE ALUMÍNIO , COM TELA DE METAL.","m²",0.16,0,{"v":1,"d":"100%"},0.16,"*",{"v":1,"d":"100%"},"=",{"$f":"I425*G425","v":0.16}]
["16.2","FNDE: Tubo de Aço Galvanizado Ø 3/4\", inclusive conexões. ORSE: Tubo aço galvanizado c/costura 3/4\"(20 mm), p/condução fluidos, classe leve, e=2,25 mm, 1,43kg/m, nbr - 5580.","m",{"v":43,"d":"43.00"},0,{"v":1,"d":"100%"},{"v":43,"d":"43.00"},"*",{"v":1,"d":"100%"},"=",{"v":43,"d":"43.00"}]
["16.3","Envelopamento de concreto - 3cm","m",{"v":42,"d":"42.00"},0,{"v":1,"d":"100%"},{"v":42,"d":"42.00"},"*",{"v":1,"d":"100%"},"=",{"v":42,"d":"42.00"}]
["16.4","Fita anticorrosiva 5cmx30m (2 camadas)","un",{"v":3,"d":"3.00"},0,{"v":1,"d":"100%"},{"v":3,"d":"3.00"},"*",{"v":1,"d":"100%"},"=",{"v":3,"d":"3.00"}]
["16.5","FNDE: Válvula esfera Ø 3/4\" NPT 300. AGETOP: VÁLVULA ESFÉRICA LATÃO 3/4\".","un",{"v":4,"d":"4.00"},0,{"v":1,"d":"100%"},{"v":4,"d":"4.00"},"*",{"v":1,"d":"100%"},"=",{"v":4,"d":"4.00"}]
["16.6","FNDE: União 3/4\" NPT 300 (UNIÃO S/BRONZE PRETA 3/4\" NPT 300 LBS)","un",{"v":3,"d":"3.00"},0,{"v":1,"d":"100%"},{"v":3,"d":"3.00"},"*",{"v":1,"d":"100%"},"=",{"v":3,"d":"3.00"}]
["16.7","FNDE: Niple 3/4\" NPT 300. SINAPI: NIPLE, EM FERRO GALVANIZADO, CONEXÃO ROSQUEADA, DN 20 (3/4\"), INSTALADO EM RAMAIS E SUB-RAMAIS DE GÁS.","un",{"v":6,"d":"6.00"},0,{"v":1,"d":"100%"},{"v":6,"d":"6.00"},"*",{"v":1,"d":"100%"},"=",{"v":6,"d":"6.00"}]
["16.8","FNDE: Niple 1/2\" NPT 300. SINAPI: NIPLE, EM FERRO GALVANIZADO, CONEXÃO ROSQUEADA, DN 15 (1/2\"), INSTALADO EM RAMAIS E SUB-RAMAIS DE GÁS.","un",{"v":4,"d":"4.00"},0,{"v":1,"d":"100%"},{"v":4,"d":"4.00"},"*",{"v":1,"d":"100%"},"=",{"v":4,"d":"4.00"}]
["16.9","Niple 1/4\" NPT 300","un",{"v":4,"d":"4.00"},0,{"v":1,"d":"100%"},{"v":4,"d":"4.00"},"*",{"v":1,"d":"100%"},"=",{"v":4,"d":"4.00"}]
["16.10","FNDE: Tê redução 3/4\"x1/2\". ORSE: Te de redução 90° de PVC rígido roscável diâm = 3/4\" x 1/2\".","un",{"v":1,"d":"1.00"},0,{"v":1,"d":"100%"},{"v":1,"d":"1.00"},"*",{"v":1,"d":"100%"},"=",{"v":1,"d":"1.00"}]
["16.11","Redução 1/2\" x 1/4\" - REDUÇÃO COBRE ","un",{"v":1,"d":"1.00"},0,{"v":1,"d":"100%"},{"v":1,"d":"1.00"},"*",{"v":1,"d":"100%"},"=",{"v":1,"d":"1.00"}]
["16.12","FNDE: Luva de redução 3/4 x 1/2\". SINAPI: LUVA DE REDUÇÃO, EM FERRO GALVANIZADO, 3/4\" X 1/2\", CONEXÃO ROSQUEADA INSTALADO EM RAMAIS E SUB-RAMAIS DE GÁS - FORNECIMENTO E INSTALAÇÃO.","un",{"v":2,"d":"2.00"},0,{"v":1,"d":"100%"},{"v":2,"d":"2.00"},"*",{"v":1,"d":"100%"},"=",{"v":2,"d":"2.00"}]
["16.13","Luva de redução 1/4\" x 1/2\"","un",{"v":2,"d":"2.00"},0,{"v":1,"d":"100%"},{"v":2,"d":"2.00"},"*",{"v":1,"d":"100%"},"=",{"v":2,"d":"2.00"}]
["16.14","Joelho 1/2\" NPT 300","un",{"v":2,"d":"2.00"},0,{"v":1,"d":"100%"},{"v":2,"d":"2.00"},"*",{"v":1,"d":"100%"},"=",{"v":2,"d":"2.00"}]
["16.15","FNDE: Regulador 1º estagio com manometro. ORSE: Regulador de alta pressão, d=28 mm, tipo Fisher, classe 300, 1° estágio (instalação gás).","un",{"v":1,"d":"1.00"},0,{"v":1,"d":"100%"},{"v":1,"d":"1.00"},"*",{"v":1,"d":"100%"},"=",{"v":1,"d":"1.00"}]
["16.16","FNDE: Manômetro NPT 1/4\", 0 a 300 psi. ORSE: Manômetro 0 a 300 psi, conexão 1/4\" BSP - fornecimento e instalação.","un",{"v":1,"d":"1.00"},0,{"v":1,"d":"100%"},{"v":1,"d":"1.00"},"*",{"v":1,"d":"100%"},"=",{"v":1,"d":"1.00"}]
["16.17","FNDE: Mangueira Flexivel. ORSE: Mangueira trançada de alta pressão diâmetro = 1\".","m",{"v":2,"d":"2.00"},0,{"v":1,"d":"100%"},{"v":2,"d":"2.00"},"*",{"v":1,"d":"100%"},"=",{"v":2,"d":"2.00"}]
["16.18","FNDE: Regulador 2º estágio com registro. ORSE: Regulador de baixa pressão, d=15 mm, tipo Fisher, classe 300, 2° estágio (instalação gás). ","un",{"v":2,"d":"2.00"},0,{"v":1,"d":"100%"},{"v":2,"d":"2.00"},"*",{"v":1,"d":"100%"},"=",{"v":2,"d":"2.00"}]
["16.19","FNDE: Placa de sinalização em pvc cod 1 - (348x348) Proibido fumar. SEINFRA: Placa em alumínio 20x25cm c/ vinil aplicado em 1 face e fixação com fita dupla face (fornecimento e montagem).","un",{"v":1,"d":"1.00"},0,{"v":1,"d":"100%"},{"v":1,"d":"1.00"},"*",{"v":1,"d":"100%"},"=",{"v":1,"d":"1.00"}]
["16.20","FNDE: Placa de sinalização em pvc cod 6 - (348x348) Perigo Inflamável. SEINFRA: Placa em alumínio 20x25cm c/ vinil aplicado em 1 face e fixação com fita dupla face (fornecimento e montagem).","un",{"v":1,"d":"1.00"},0,{"v":1,"d":"100%"},{"v":1,"d":"1.00"},"*",{"v":1,"d":"100%"},"=",{"v":1,"d":"1.00"}]
[]
[]
[17,"SISTEMA DE PROTEÇÃO CONTRA INCÊNDIO"]
["17.1","FNDE: Extintor ABC - 6KG. SINAPI: EXTINTOR MULTIUSO EM PÓ ABC (6KG) - CAPACIDADE EXTINTORA 3A 20BC.","un",{"v":7,"d":"7.00"},0,{"v":1,"d":"100%"},{"v":7,"d":"7.00"},"*",{"v":1,"d":"100%"},"=",{"$f":"I448*G448","v":{"v":7,"d":"7.00"}}]
["17.2","FNDE: Extintor CO2 - 6KG. SINAPI: EXTINTOR CO2 (6KG) - CAPACIDADE EXTINTORA 5 BC.","un",{"v":1,"d":"1.00"},0,{"v":1,"d":"100%"},{"v":1,"d":"1.00"},"*",{"v":1,"d":"100%"},"=",{"v":1,"d":"1.00"}]
["17.3","Cotovelo 45º galvanizado 2 1/2\"","un",{"v":2,"d":"2.00"},0,{"v":1,"d":"100%"},{"v":2,"d":"2.00"},"*",{"v":1,"d":"100%"},"=",{"v":2,"d":"2.00"}]
["17.4","FNDE: Cotovelo 90º galvanizado 2 1/2\". SINAPI: COTOVELO 90 GRAUS, EM FERRO GALVANIZADO , CONEXÃO ROSQUEDA , DN 65 (2 1/2\"), INSTALADO EM RESERVAÇÃO DE ÁGUA COM RESERVATÓRIO DE FIBRA/FIBROCIMENTO.","un",{"v":7,"d":"7.00"},0,{"v":1,"d":"100%"},{"v":7,"d":"7.00"},"*",{"v":1,"d":"100%"},"=",{"v":7,"d":"7.00"}]
["17.5","FNDE: Tubo aço carbono 2 1/2\". ORSE: Tubo aço galvanizado c/ costura 2 1/2\" (65 mm), p/ condução fluidos, classe leve, e=3,35 mm, 6,23 kg/m, NBR-5580.","m",1.25,0,{"v":1,"d":"100%"},1.25,"*",{"v":1,"d":"100%"},"=",1.25]
["17.6","Niple duplo aço galvanizado 2 1/2\" - fornecimento e instalação* junho 2015","un",{"v":10,"d":"10.00"},0,{"v":1,"d":"100%"},{"v":10,"d":"10.00"},"*",{"v":1,"d":"100%"},"=",{"v":10,"d":"10.00"}]
["17.7","Tê aço galvanizado 2 1/2\" - fornecimento e instalação* junho 2015","un",{"v":4,"d":"4.00"},0,{"v":1,"d":"100%"},{"v":4,"d":"4.00"},"*",{"v":1,"d":"100%"},"=",{"v":4,"d":"4.00"}]
["17.8","Tubo aço galvanizado 65mm - 2 1/2\"2 1/2\" (SÓ ACHEI COM UNIDADE EM METROS)","un",65.27,0,{"v":1,"d":"100%"},65.27,"*",{"v":1,"d":"100%"},"=",65.27]
["17.9","FNDE: Adaptador storz - roscas internas 2 1/2\". AGETOP: Adaptador p/engate storz 2 1/2\" x 1 1/2\".","un",{"v":3,"d":"3.00"},0,{"v":1,"d":"100%"},{"v":3,"d":"3.00"},"*",{"v":1,"d":"100%"},"=",{"v":3,"d":"3.00"}]
["17.10","FNDE: Caixa para abrigo de mangueira - 90x60x17cm . ORSE: Abrigo metálico de embutir para mangueira de incêndio  - 0,90x0,60x0,17 m.","un",{"v":2,"d":"2.00"},0,{"v":1,"d":"100%"},{"v":2,"d":"2.00"},"*",{"v":1,"d":"100%"},"=",{"v":2,"d":"2.00"}]
["17.11","FNDE: Chave para conexão de mangueira tipo storz engate rápido - dupla 1 1/2\" x 1 1/2\".","un",{"v":3,"d":"3.00"},0,{"v":1,"d":"100%"},{"v":3,"d":"3.00"},"*",{"v":1,"d":"100%"},"=",{"v":3,"d":"3.00"}]
["17.12","FNDE: Esguicho jato solido 1 1/2\" 16mm. AGETOP: Esguicho tronco cônico 1 1/2\"","un",{"v":3,"d":"3.00"},0,{"v":1,"d":"100%"},{"v":3,"d":"3.00"},"*",{"v":1,"d":"100%"},"=",{"v":3,"d":"3.00"}]
["17.13","FNDE: Mangueiras de incêndio de nylon -  1 1/2\" 16mm. SINAPI: Conjunto de magueira para combate a incêndio em fibra de poliester pura, com 1 1/2\", revestida internamente, com 2 lances de 15 m cada.","un",{"v":6,"d":"6.00"},0,{"v":1,"d":"100%"},{"$f":"D460","v":{"v":6,"d":"6.00"}},"*",{"$f":"F460","v":{"v":1,"d":"100%"}},"=",{"v":6,"d":"6.00"}]
["17.14","FNDE: Niple paralelo em ferro maleavél 2 1/2\". SINAPI: Niple de aço galvanizado 2 1/2\" - fornecimento e instalação*. Junho 2015","un",{"v":3,"d":"3.00"},0,{"v":1,"d":"100%"},{"v":3,"d":"3.00"},"*",{"v":1,"d":"100%"},"=",{"v":3,"d":"3.00"}]
["17.15","FNDE: Redução giratória tipo Storz - 2 1/2 x 1 1/2\". AGETOP:  Adaptador p/ engate storz 2 1/2\" x 1 1/2\".","un",{"v":3,"d":"3.00"},0,{"v":1,"d":"100%"},{"v":3,"d":"3.00"},"*",{"v":1,"d":"100%"},"=",{"v":3,"d":"3.00"}]
["17.16","FNDE: Registro globo 2 1/2\" 45º. AGETOP: REGISTRO GLOBO ANGULAR 2 1/2\".","un",{"v":3,"d":"3.00"},0,{"v":1,"d":"100%"},{"v":3,"d":"3.00"},"*",{"v":1,"d":"100%"},"=",{"v":3,"d":"3.00"}]
["17.17","FNDE: Tampão cego com corrente tipo storz 1 1/2\". AGETOP: Tem tampão cego com corrente 2 1/2\".","un",{"v":3,"d":"3.00"},0,{"v":1,"d":"100%"},{"v":3,"d":"3.00"},"*",{"v":1,"d":"100%"},"=",{"v":3,"d":"3.00"}]
["17.18","FNDE: Tampão de FoFo 50x50cm. SINAPI: TAMPAO FOFO P/ CAIXA R1 PADRAO TELEBRAS COMPLETO - FORNECIMENTO INSTALAÇÃO.","un",{"v":1,"d":"1.00"},0,{"v":1,"d":"100%"},{"v":1,"d":"1.00"},"*",{"v":1,"d":"100%"},"=",{"v":1,"d":"1.00"}]
["17.19","REGISTRO DE GAVETA BRUTO DIAMETRO 2 1/2\"","un",{"v":5,"d":"5.00"},0,{"v":1,"d":"100%"},{"v":5,"d":"5.00"},"*",{"v":1,"d":"100%"},"=",{"v":5,"d":"5.00"}]
["17.20","Válvula de retenção vertical 2 1/2\"","un",{"v":2,"d":"2.00"},0,{"v":1,"d":"100%"},{"v":2,"d":"2.00"},"*",{"v":1,"d":"100%"},"=",{"v":2,"d":"2.00"}]
["17.21","União, em ferro galvanizado, DN 65 (2 1/2\"), conexão rosqueada, instalado em rede de alimentação para hidrante - fornecimento e instalação.","un",{"v":4,"d":"4.00"},0,{"v":1,"d":"100%"},{"v":4,"d":"4.00"},"*",{"v":1,"d":"100%"},"=",{"v":4,"d":"4.00"}]
["17.22","FNDE: Luminária de emergência com lampada fluorescente 9W de 1 hora. SEINFRA: Luminária de emergência.","un",{"v":40,"d":"40.00"},0,{"v":1,"d":"100%"},{"v":40,"d":"40.00"},"*",{"v":1,"d":"100%"},"=",{"v":40,"d":"40.00"}]
["17.23","FNDE: Marcação no Piso - 1 x 1m para extintor. SINAPI: SINALIZAÇÃO HORIZONTAL COM TINTA RETRORREFLETIVA A BASE DE RESINA ACRILICA COM MICROESFERA  DE VIDRO.","m²",{"v":8,"d":"8.00"},0,{"v":1,"d":"100%"},{"v":8,"d":"8.00"},"*",{"v":1,"d":"100%"},"=",{"v":8,"d":"8.00"}]
["17.24","FNDE: Marcação no Piso - 1 x 1m para hidrante. SINAPI: SINALIZAÇÃO HORIZONTAL COM TINTA RETRORREFLETIVA A BASE DE RESINA ACRILICA COM MICROESFERA  DE VIDRO.","m²",{"v":3,"d":"3.00"},0,{"v":1,"d":"100%"},{"v":3,"d":"3.00"},"*",{"v":1,"d":"100%"},"=",{"v":3,"d":"3.00"}]
["17.25","FNDE: Conjunto motobomba trifasico BC-21 R 1 1/2 3 CV. ORSE: Conjunto moto-bomba centrífuga, trifásica, motor 3 CV, Schneider mod.BC-21R ou similar. ","un",{"v":2,"d":"2.00"},0,{"v":1,"d":"100%"},{"v":2,"d":"2.00"},"*",{"v":1,"d":"100%"},"=",{"v":2,"d":"2.00"}]
["17.26","FNDE: Placa de sinalização em pvc cod 25 - (200x200) Hidrante de incendio. SEINFRA: PLACA EM ALUMÍNIO 20X20 C/ VINIL APLICADO EM 1 FACE E FIXAÇÃO COM FITA DUPLA FACE, FORNECIMENTO E MONTAGEM.","un",{"v":2,"d":"2.00"},0,{"v":1,"d":"100%"},{"v":2,"d":"2.00"},"*",{"v":1,"d":"100%"},"=",{"v":2,"d":"2.00"}]
["17.27","FNDE: Placa de sinalização em pvc cod 12 e 13- (250x125) Saída de emergência. SEINFRA: Placa em alumínio 20x25cm c/ vinil aplicado em 1 face e fixação com fita dupla face (fornecimento e montagem).","un",{"v":14,"d":"14.00"},0,{"v":1,"d":"100%"},{"v":14,"d":"14.00"},"*",{"v":1,"d":"100%"},"=",{"v":14,"d":"14.00"}]
["17.28","FNDE: Placa de sinalização em pvc cod 17 - (250x125) Mensagem \"Saída\". SEINFRA: Placa em alumínio 20x25cm c/ vinil aplicado em 1 face e fixação com fita dupla face (fornecimento e montagem).","un",{"v":3,"d":"3.00"},0,{"v":1,"d":"100%"},{"v":3,"d":"3.00"},"*",{"v":1,"d":"100%"},"=",{"v":3,"d":"3.00"}]
["17.29","FNDE: Placa de sinalização em pvc cod 23 - (200x200) Extintor de Incêndio. SEINFRA: PLACA EM ALUMÍNIO 20X20 C/ VINIL APLICADO EM 1 FACE E FIXAÇÃO COM FITA DUPLA FACE, FORNECIMENTO E MONTAGEM.","un",{"v":8,"d":"8.00"},0,{"v":1,"d":"100%"},{"v":8,"d":"8.00"},"*",{"v":1,"d":"100%"},"=",{"v":8,"d":"8.00"}]
[]
[]
[18,"INSTALAÇÕES ELÉTRICAS - 220V"]
["18.1","CENTRO DE DISTRIBUIÇÃO"]
["18.1.1","FNDE: Quadro de Distribuição de embutir, completo, (para 08 disjuntores monopolares, com barramento para as fases, neutro e para proteção, metálico, pintura eletrostática epóxi cor bege, c/ porta, trinco e acessórios). SINAPI: Quadro de distribuição de energia de embutir, em chapa metálica, para 18 disjuntores termomagnéticos monopolares, com barramento trifasico e neutro, fornecimento e instalação.","un",{"v":3,"d":"3.00"},0,{"v":1,"d":"100%"},{"v":3,"d":"3.00"},"*",{"v":1,"d":"100%"},"=",{"$f":"I481*G481","v":{"v":3,"d":"3.00"}}]
["18.1.2","FNDE: Quadro de Distribuição de embutir, completo, (para 18 disjuntores monopolares, com barramento para as fases, neutro e para proteção, metálico, pintura eletrostática epóxi cor bege, c/ porta, trinco e acessórios). SINAPI: Quadro de distribuição de energia de embutir, em chapa metálica, para 18 disjuntores termomagnéticos monopolares, com barramento trifásico e neutro, fornecimento e instalação.","un",{"v":1,"d":"1.00"},0,{"v":1,"d":"100%"},{"v":1,"d":"1.00"},"*",{"v":1,"d":"100%"},"=",{"$f":"I482*G482","v":{"v":1,"d":"1.00"}}]
["18.1.3","FNDE: Quadro de Distribuição de embutir, completo, (para 24 disjuntores monopolares, com barramento para as fases, neutro e para proteção, metálico, pintura eletrostática epóxi cor bege, c/ porta, trinco e acessórios). SINAPI: Quadro de distribuição de energia de embutir, em chapa metálica, para 24 disjuntores termomagnéticos monopolares, com barramento trifásico e neutro, fornecimento e instalação.","un",{"v":3,"d":"3.00"},0,{"v":1,"d":"100%"},{"v":3,"d":"3.00"},"*",{"v":1,"d":"100%"},"=",{"$f":"I483*G483","v":{"v":3,"d":"3.00"}}]
["18.1.4","FNDE: Quadro de Distribuição de embutir, completo, (para 50 disjuntores monopolares, com barramento para as fases, neutro e para proteção, metálico, pintura eletrostática epóxi cor bege, c/ porta, trinco e acessórios). SINAPI: Quadro de distribuição de energia de embutir, em chapa metálica, para 50 disjuntores termomagnéticos monopolares, com barramento trifásico e neutro, fornecimento e instalação.","un",{"v":2,"d":"2.00"},0,{"v":1,"d":"100%"},{"v":2,"d":"2.00"},"*",{"v":1,"d":"100%"},"=",{"$f":"I484*G484","v":{"v":2,"d":"2.00"}}]
["18.1.5","FNDE: Quadro de medição - fornecimento e instalação. SINAPI: QUADRO DE MEDIÇÃO GERAL EM CHAPA METÁLICA PARA EDIFÍCIOS COM 16 APTOS , INCLUSIVE DISJUNTORES E ATERRAMENTO.","un",{"v":1,"d":"1.00"},0,{"v":1,"d":"100%"},{"v":1,"d":"1.00"},"*",{"v":1,"d":"100%"},"=",{"$f":"I485*G485","v":{"v":1,"d":"1.00"}}]
["18.2","DISJUNTORES"]
["18.2.1","FNDE: Disjuntor unipolar termomagnético 10A. SINAPI: DISJUNTOR TERMOMAGNÉTICO MONOPOLAR PADRÃO NEMA (AMERICANO) 10 A 30A 240 V, FORNECIMENTO E INSTALAÇÃO.","un",{"v":22,"d":"22.00"},0,{"v":1,"d":"100%"},{"v":22,"d":"22.00"},"*",{"v":1,"d":"100%"},"=",{"$f":"I487*G487","v":{"v":22,"d":"22.00"}}]
["18.2.2","FNDE: Disjuntor unipolar termomagnético 16A. SINAPI: DISJUNTOR TERMOMAGNÉTICO MONOPOLAR PADRÃO NEMA (AMERICANO) 10 A 30A 240 V, FORNECIMENTO E INSTALAÇÃO.","un",{"v":7,"d":"7.00"},0,{"v":1,"d":"100%"},{"v":7,"d":"7.00"},"*",{"v":1,"d":"100%"},"=",{"v":7,"d":"7.00"}]
["18.2.3","FNDE: Disjuntor unipolar termomagnético 20A. SINAPI: (DISJUNTOR TERMOMAGNÉTICO MONOPOLAR PADRÃO NEMA (AMERICANO) 10 A 30A 240 V, FORNECIMENTO E INSTALAÇÃO)","un",{"v":19,"d":"19.00"},0,{"v":1,"d":"100%"},{"v":19,"d":"19.00"},"*",{"v":1,"d":"100%"},"=",{"v":19,"d":"19.00"}]
["18.2.4","Disjuntor unipolar termomagnético 25A (DISJUNTOR TERMOMAGNÉTICO MONOPOLAR PADRÃO NEMA (AMERICANO) 10 A 30A 240 V, FORNECIMENTO E INSTALAÇÃO)","un",{"v":26,"d":"26.00"},0,{"v":1,"d":"100%"},{"v":26,"d":"26.00"},"*",{"v":1,"d":"100%"},"=",{"v":26,"d":"26.00"}]
["18.2.5","FNDE: Disjuntor unipolar termomagnético 32A. ORSE: Disjuntor termomagnético monopolar 32 A, padrão DIN (europeu - linha branca).","un",{"v":10,"d":"10.00"},0,{"v":1,"d":"100%"},{"v":10,"d":"10.00"},"*",{"v":1,"d":"100%"},"=",{"v":10,"d":"10.00"}]
["18.2.6","Disjuntor unipolar termomagnético 40A  (DISJUNTOR TERMOMAGNÉTICO MONOPOLAR PADRÃO NEMA (AMERICANO) 35 A 50A 240 V, FORNECIMENTO E INSTALAÇÃO)","un",{"v":1,"d":"1.00"},0,{"v":1,"d":"100%"},{"v":1,"d":"1.00"},"*",{"v":1,"d":"100%"},"=",{"v":1,"d":"1.00"}]
["18.2.7","Disjuntor tripolar termomagnético 10A  (DISJUNTOR TERMOMAGNÉTICO TRIPOLAR PADRÃO NEMA (AMERICANO) 10 A 50A 240 V, FORNECIMENTO E INSTALAÇÃO)","un",{"v":1,"d":"1.00"},0,{"v":1,"d":"100%"},{"v":1,"d":"1.00"},"*",{"v":1,"d":"100%"},"=",{"v":1,"d":"1.00"}]
["18.2.8","Disjuntor tripolar termomagnético 25A  (DISJUNTOR TERMOMAGNÉTICO TRIPOLAR PADRÃO NEMA (AMERICANO) 10 A 50A 240 V, FORNECIMENTO E INSTALAÇÃO)","un",{"v":4,"d":"4.00"},0,{"v":1,"d":"100%"},{"v":4,"d":"4.00"},"*",{"v":1,"d":"100%"},"=",{"v":4,"d":"4.00"}]
["18.2.9","Disjuntor tripolar termomagnético 32A (DISJUNTOR TERMOMAGNÉTICO TRIPOLAR PADRÃO NEMA (AMERICANO) 10 A 50A 240 V, FORNECIMENTO E INSTALAÇÃO)","un",{"v":2,"d":"2.00"},0,{"v":1,"d":"100%"},{"v":2,"d":"2.00"},"*",{"v":1,"d":"100%"},"=",{"v":2,"d":"2.00"}]
["18.2.10","Disjuntor tripolar termomagnético 80A (DISJUNTOR TERMOMAGNÉTICO TRIPOLAR PADRÃO NEMA (AMERICANO) 60 A 100A 240 V, FORNECIMENTO E INSTALAÇÃO)","un",{"v":8,"d":"8.00"},0,{"v":1,"d":"100%"},{"v":8,"d":"8.00"},"*",{"v":1,"d":"100%"},"=",{"v":8,"d":"8.00"}]
["18.2.11","Disjuntor tripolar termomagnético 175A (DISJUNTOR TERMOMAGNÉTICO TRIPOLAR EM CAIXA MOLDADA 175 A 225A 240 V, FORNECIMENTO E INSTALAÇÃO)","un",{"v":1,"d":"1.00"},0,{"v":1,"d":"100%"},{"v":1,"d":"1.00"},"*",{"v":1,"d":"100%"},"=",{"v":1,"d":"1.00"}]
["18.2.12","Disjuntor tripolar termomagnético 225A (DISJUNTOR TERMOMAGNÉTICO TRIPOLAR EM CAIXA MOLDADA 175 A 225A 240 V, FORNECIMENTO E INSTALAÇÃO)","un",{"v":1,"d":"1.00"},0,{"v":1,"d":"100%"},{"v":1,"d":"1.00"},"*",{"v":1,"d":"100%"},"=",{"v":1,"d":"1.00"}]
["18.2.13","FNDE: Interruptor bipolar DR - 100A","un",{"v":3,"d":"3.00"},0,{"v":1,"d":"100%"},{"v":3,"d":"3.00"},"*",{"v":1,"d":"100%"},"=",{"v":3,"d":"3.00"}]
["18.2.14","INTERRUPTOR DIFERENCIAL RESIDUAL (D.R.) BIPOLAR DE 25A-30mA","un",{"v":3,"d":"3.00"},0,{"v":1,"d":"100%"},{"v":3,"d":"3.00"},"*",{"v":1,"d":"100%"},"=",{"v":3,"d":"3.00"}]
["18.2.15","INTERRUPTOR DIFERENCIAL RESIDUAL (D.R.) BIPOLAR DE 63A-30mA","un",{"v":1,"d":"1.00"},0,{"v":1,"d":"100%"},{"v":1,"d":"1.00"},"*",{"v":1,"d":"100%"},"=",{"v":1,"d":"1.00"}]
["18.2.16","DISJUNTOR DIFERENCIAL DR-80A, 30mA","un",{"v":1,"d":"1.00"},0,{"v":1,"d":"100%"},{"v":1,"d":"1.00"},"*",{"v":1,"d":"100%"},"=",{"v":1,"d":"1.00"}]
["18.2.17","Dispositivo de proteção contra surto - 175V - 40KA (DISPOSITIVO DE PROTEÇÃO CONTRA SURTOS DE TENSÃO - DPS's - 40 KA /440V)","un",{"v":28,"d":"28.00"},0,{"v":1,"d":"100%"},{"v":28,"d":"28.00"},"*",{"v":1,"d":"100%"},"=",{"v":28,"d":"28.00"}]
["18.2.18","Dispositivo de proteção contra surto - 175V - 80KA (DISPOSITIVO DE PROTEÇÃO CONTRA SURTOS DE TENSÃO - DPS's - 40 KA /440V)","un",{"v":8,"d":"8.00"},0,{"v":1,"d":"100%"},{"v":8,"d":"8.00"},"*",{"v":1,"d":"100%"},"=",{"v":8,"d":"8.00"}]
["18.3","ELETRODUTOS E ACESSÓRIOS",{"$nulls":7},"="]
["18.3.1","FNDE: Eletroduto PVC flexível corrugado reforçado, Ø20mm (DN 3/4\"), inclusive conexões. SINAPI: ELETRODUTO FLEXÍVEL CORRUGADO, PVC, DN 20 MM (1/2\").","m",{"v":559.4,"d":"559.40"},0,{"v":1,"d":"100%"},{"v":559.4,"d":"559.40"},"*",{"v":1,"d":"100%"},"=",{"$f":"I506*G506","v":{"v":559.4,"d":"559.40"}}]
["18.3.2","FNDE: Eletroduto PVC flexível corrugado reforçado, Ø25mm (DN 1\"), inclusive conexões. SINAPI: ELETRODUTO FLEXÍVEL CORRUGADO, PVC, DN 25 MM (3/4\").","m",{"v":298.9,"d":"298.90"},0,{"v":1,"d":"100%"},{"v":298.9,"d":"298.90"},"*",{"v":1,"d":"100%"},"=",{"v":298.9,"d":"298.90"}]
["18.3.3","FNDE: Eletroduto PVC flexível corrugado reforçado, Ø16mm (DN 1/2\"), inclusive conexões. AGETOP: Eletroduto PVC flexível - mangueira corrugada - DIAM. 1/2\".","m",{"v":6,"d":"6.00"},0,{"v":1,"d":"100%"},{"v":6,"d":"6.00"},"*",{"v":1,"d":"100%"},"=",{"v":6,"d":"6.00"}]
["18.3.4","FNDE: Eletroduto PVC flexível corrugado reforçado, Ø32mm (DN 1 1/4\"), inclusive conexões. SINAPI: ELETRODUTO FLEXÍVEL CORRUGADO, PVC, DN 32 MM (1\").","m",{"v":241.8,"d":"241.80"},0,{"v":1,"d":"100%"},{"v":241.8,"d":"241.80"},"*",{"v":1,"d":"100%"},"=",{"v":241.8,"d":"241.80"}]
["18.3.5","FNDE: Eletroduto PVC rigido roscavel, Ø40mm (DN 1 1/2\"), inclusive conexões. AGETOP: Eletroduto de PVC rígido diâmetro 1 1/2\".","m",{"v":15.6,"d":"15.60"},0,{"v":1,"d":"100%"},{"v":15.6,"d":"15.60"},"*",{"v":1,"d":"100%"},"=",{"v":15.6,"d":"15.60"}]
["18.3.6","FNDE: Eletroduto PVC rigido roscavel, Ø50mm (DN 2\"), inclusive conexões. AGETOP: Eletroduto de PVC rígido diâmetro 2\".","m",{"v":14.7,"d":"14.70"},0,{"v":1,"d":"100%"},{"v":14.7,"d":"14.70"},"*",{"v":1,"d":"100%"},"=",{"v":14.7,"d":"14.70"}]
["18.3.7","FNDE: Eletroduto Aço Galvanizado DN 25mm (1\"), inclusive conexões. SINAPI: ELETRODUTO DE AÇO GALVANIZADO ELETROLITICO DN 25MM, TIPO SEMI-PESADO.","m",{"v":164.6,"d":"164.60"},0,{"v":1,"d":"100%"},{"v":164.6,"d":"164.60"},"*",{"v":1,"d":"100%"},"=",{"v":164.6,"d":"164.60"}]
["18.3.8","FNDE: Eletroduto Aço Galvanizado DN 32mm (1 1/4\"), inclusive conexões. AGETOP: Eletroduto ferro galvanizado diametro 1 1/4\".","m",{"v":68.6,"d":"68.60"},0,{"v":1,"d":"100%"},{"v":68.6,"d":"68.60"},"*",{"v":1,"d":"100%"},"=",{"v":68.6,"d":"68.60"}]
["18.3.9","FNDE: Eletroduto Aço Galvanizado DN 100mm (2\"), inclusive conexões. AGETOP: Eletroduto ferro galvanizado diametro 2\".","m",{"v":2.3,"d":"2.30"},0,{"v":1,"d":"100%"},{"v":2.3,"d":"2.30"},"*",{"v":1,"d":"100%"},"=",{"v":2.3,"d":"2.30"}]
["18.3.10","Eletroduto Aço Galvanizado DN 62mm (2 1/2\"), inclusive conexões","m",{"v":3.5,"d":"3.50"},0,{"v":1,"d":"100%"},{"v":3.5,"d":"3.50"},"*",{"v":1,"d":"100%"},"=",{"v":3.5,"d":"3.50"}]
["18.3.11","FNDE: Eletroduto Aço Galvanizado DN 125mm (3\"), inclusive conexões. AGETOP: Eletroduto ferro galvanizado diametro 3\".","m",{"v":21.9,"d":"21.90"},0,{"v":1,"d":"100%"},{"v":21.9,"d":"21.90"},"*",{"v":1,"d":"100%"},"=",{"v":21.9,"d":"21.90"}]
["18.3.12","Caixa de passagem 30x30cm em alvenaria com tampa de ferro fundido tipo leve (CAIXA DE PASSAGEM 30X30X40 COM TAMPA E DRENO BRITA)","un",{"v":17,"d":"17.00"},0,{"v":1,"d":"100%"},{"v":17,"d":"17.00"},"*",{"v":1,"d":"100%"},"=",{"v":17,"d":"17.00"}]
["18.3.13","Caixa de passagem 40x40cm em alvenaria com tampa de ferro fundido tipo leve (CAIXA DE PASSAGEM 40X40X50 FUNDO BRITA COM TAMPA)","un",{"v":17,"d":"17.00"},0,{"v":1,"d":"100%"},{"v":17,"d":"17.00"},"*",{"v":1,"d":"100%"},"=",{"v":17,"d":"17.00"}]
["18.3.14","FNDE: Caixa inspeção aterramento 250x250x400mm. ORSE: Caixa de inspeção 0,30x0,30x0,40 m.","un",{"v":2,"d":"2.00"},0,{"v":1,"d":"100%"},{"v":2,"d":"2.00"},"*",{"v":1,"d":"100%"},"=",{"v":2,"d":"2.00"}]
["18.3.15","FNDE: Caixa de Passagem PVC 4x2\" - fornecimento e instalaçao. ORSE: Caixa de passagem PVC 4\" x 2\", sistema \"x\" com tampa.","un",{"v":262,"d":"262.00"},0,{"v":1,"d":"100%"},{"v":262,"d":"262.00"},"*",{"v":1,"d":"100%"},"=",{"v":262,"d":"262.00"}]
["18.3.16","FNDE: Caixa de Passagem PVC 4x4\" - fornecimento e instalaçao. ORSE: Caixa de passagem PVC 4\" x 4\", sistema \"x\" com tampa.","un",{"v":10,"d":"10.00"},0,{"v":1,"d":"100%"},{"v":10,"d":"10.00"},"*",{"v":1,"d":"100%"},"=",{"v":10,"d":"10.00"}]
["18.3.17","FNDE: Caixa de passage PVC Octogonal 3\" - fornecimento e instalação. SINAPI: Caixa octogonal 3\" x 3\", PVC, instalada em laje - fornecimento e instalação.","un",{"v":205,"d":"205.00"},0,{"v":1,"d":"100%"},{"v":205,"d":"205.00"},"*",{"v":1,"d":"100%"},"=",{"v":205,"d":"205.00"}]
["18.4","CABOS E FIOS (CONDUTORES)"]
["18.4.1","FNDE: Condutor de cobre unipolar, isolação em PVC/70ºC, camada de proteção em PVC, não propagador de chamas, classe de tensão 750V, encordoamento classe 5, flexível, com a seguinte seção nominal: #2,5 mm². SINAPI: Cabo de cobre flexível isolado, 2,5 mm², anti-chama 450/750V, para circuitos terminais - fornecimento e instalação.","m",{"v":7957.1,"d":"7,957.10"},0,{"v":1,"d":"100%"},{"$f":"D524","v":{"v":7957.1,"d":"7,957.10"}},"*",{"$f":"F524","v":{"v":1,"d":"100%"}},"=",{"$f":"I524*G524","v":{"v":7957.1,"d":"7,957.10"}}]
["18.4.2","FNDE: Condutor de cobre unipolar, isolação em PVC/70ºC, camada de proteção em PVC, não propagador de chamas, classe de tensão 750V, encordoamento classe 5, flexível, com a seguinte seção nominal: #4 mm². SINAPI: Cabo de cobre flexível isolado , 4 mm², anti-chama 450/750 V, para circuitos terminais - fornecimento e instalação.","m",{"v":502,"d":"502.00"},0,{"v":1,"d":"100%"},{"v":502,"d":"502.00"},"*",{"v":1,"d":"100%"},"=",{"v":502,"d":"502.00"}]
["18.4.3","FNDE: Condutor de cobre unipolar, isolação em PVC/70ºC, camada de proteção em PVC, não propagador de chamas, classe de tensão 750V, encordoamento classe 5, flexível, com a seguinte seção nominal: #6 mm². SINAPI: Cabo de cobre flexível isolado, 6 mm², anti-chama 450/750V, para circuitos terminais - fornecimento e instalação.","m",{"v":2335.3,"d":"2,335.30"},0,{"v":1,"d":"100%"},{"v":2335.3,"d":"2,335.30"},"*",{"v":1,"d":"100%"},"=",{"v":2335.3,"d":"2,335.30"}]
["18.4.4","FNDE: Condutor de cobre unipolar, isolação em PVC/70ºC, camada de proteção em PVC, não propagador de chamas, classe de tensão 750V, encordoamento classe 5, flexível, com a seguinte seção nominal: #10 mm². SINAPI: Cabo de cobre flexível isolado, 10 mm², anti-chama 450/750V, para circuitos terminais - fornecimento e instalação.","m",{"v":602.8,"d":"602.80"},0,{"v":1,"d":"100%"},{"v":602.8,"d":"602.80"},"*",{"v":1,"d":"100%"},"=",{"v":602.8,"d":"602.80"}]
["18.4.5","FNDE: Condutor de cobre unipolar, isolação em PVC/70ºC, camada de proteção em PVC, não propagador de chamas, classe de tensão 750V, encordoamento classe 5, flexível, com a seguinte seção nominal: #16 mm². SINAPI: Cabo de cobre flexível isolado, 16 mm², anti-chama 450/750V, para circuitos terminais - fornecimento e instalação.  ","m",{"v":267.5,"d":"267.50"},0,{"v":1,"d":"100%"},{"v":267.5,"d":"267.50"},"*",{"v":1,"d":"100%"},"=",{"v":267.5,"d":"267.50"}]
["18.4.6","FNDE: Condutor de cobre unipolar, isolação em PVC/70ºC, camada de proteção em PVC, não propagador de chamas, classe de tensão 750V, encordoamento classe 5, flexível, com a seguinte seção nominal: #25 mm². SINAPI: Cabo de cobre flexível isolado, 25 mm², anti-chama 450/750V, para distribuição - fornecimento e instalação.","m",{"v":41.4,"d":"41.40"},0,{"v":1,"d":"100%"},{"v":41.4,"d":"41.40"},"*",{"v":1,"d":"100%"},"=",{"v":41.4,"d":"41.40"}]
["18.4.7","FNDE: Condutor de cobre unipolar, isolação em PVC/70ºC, camada de proteção em PVC, não propagador de chamas, classe de tensão 750V, encordoamento classe 5, flexível, com a seguinte seção nominal: #35 mm². SINAPI: Cabo de cobre flexível isolado, 35 mm², anti-chama 450/750V, para distribuição - fornecimento e instalação.","m",{"v":235.9,"d":"235.90"},0,{"v":1,"d":"100%"},{"v":235.9,"d":"235.90"},"*",{"v":1,"d":"100%"},"=",{"v":235.9,"d":"235.90"}]
["18.4.8","FNDE: Condutor de cobre unipolar, isolação em PVC/70ºC, camada de proteção em PVC, não propagador de chamas, classe de tensão 750V, encordoamento classe 5, flexível, com a seguinte seção nominal: #50 mm². SINAPI: Cabo de cobre flexível isolado, 50 mm², anti-chama 450/750V, para distribuição - fornecimento e instalação ","m",{"v":6.9,"d":"6.90"},0,{"v":1,"d":"100%"},{"v":6.9,"d":"6.90"},"*",{"v":1,"d":"100%"},"=",{"v":6.9,"d":"6.90"}]
["18.4.9","FNDE: Condutor de cobre unipolar, isolação em PVC/70ºC, camada de proteção em PVC, não propagador de chamas, classe de tensão 750V, encordoamento classe 5, flexível, com a seguinte seção nominal: #70 mm². SINAPI: Cabo de cobre flexível isolado, 70 mm², anti-chama 450/750V, para distribuição - fornecimento e instalação.","m",{"v":259.8,"d":"259.80"},0,{"v":1,"d":"100%"},{"v":259.8,"d":"259.80"},"*",{"v":1,"d":"100%"},"=",{"v":259.8,"d":"259.80"}]
["18.4.10","FNDE: Condutor de cobre unipolar, isolação em PVC/70ºC, camada de proteção em PVC, não propagador de chamas, classe de tensão 750V, encordoamento classe 5, flexível, com a seguinte seção nominal: #95 mm². SINAPI: Cabo de cobre flexível isolado, 95 mm², anti-chama 450/750V, para distribuição - fornecimento e instalação.","m",{"v":10.3,"d":"10.30"},0,{"v":1,"d":"100%"},{"v":10.3,"d":"10.30"},"*",{"v":1,"d":"100%"},"=",{"v":10.3,"d":"10.30"}]
["18.4.11","Condutor de cobre unipolar, isolação em PVC/70ºC, camada de proteção em PVC, não propagador de chamas, classe de tensão 750V, encordoamento classe 5, flexível, com a seguinte seção nominal: #120 mm² (CABO ISOLADO PVC 750V 120MM2)","m",{"v":138,"d":"138.00"},0,{"v":1,"d":"100%"},{"v":138,"d":"138.00"},"*",{"v":1,"d":"100%"},"=",{"v":138,"d":"138.00"}]
["18.5","ELETROCALHAS",{"$nulls":3},{"v":1,"d":"100%"}]
["18.5.1","Eletrocalha lisa tipo U 50x50mm com tampa, inclusive conexões","m",{"v":31.3,"d":"31.30"},0,{"v":1,"d":"100%"},{"v":31.3,"d":"31.30"},"*",{"$f":"F536","v":{"v":1,"d":"100%"}},"=",{"$f":"I536*G536","v":{"v":31.3,"d":"31.30"}}]
["18.5.2","Eletrocalha lisa tipo U 75x50mm com tampa, inclusive conexões","m",{"v":18.5,"d":"18.50"},0,{"v":1,"d":"100%"},{"v":18.5,"d":"18.50"},"*",{"v":1,"d":"100%"},"=",{"v":18.5,"d":"18.50"}]
["18.5.3","Eletrocalha lisa tipo U 75x75mm com tampa, inclusive conexões","m",{"v":11.5,"d":"11.50"},0,{"v":1,"d":"100%"},{"v":11.5,"d":"11.50"},"*",{"v":1,"d":"100%"},"=",{"v":11.5,"d":"11.50"}]
["18.5.4","Eletrocalha lisa tipo U 100x50mm com tampa, inclusive conexões","m",{"v":36.6,"d":"36.60"},0,{"v":1,"d":"100%"},{"v":36.6,"d":"36.60"},"*",{"v":1,"d":"100%"},"=",{"v":36.6,"d":"36.60"}]
["18.5.5","Eletrocalha lisa tipo U 100x100mm com tampa, inclusive conexões","m",{"v":5.5,"d":"5.50"},0,{"v":1,"d":"100%"},{"v":5.5,"d":"5.50"},"*",{"v":1,"d":"100%"},"=",{"v":5.5,"d":"5.50"}]
["18.5.6","Eletrocalha lisa tipo U 150x50mm com tampa, inclusive conexões","m",{"v":5.6,"d":"5.60"},0,{"v":1,"d":"100%"},{"v":5.6,"d":"5.60"},"*",{"v":1,"d":"100%"},"=",{"v":5.6,"d":"5.60"}]
["18.5.7","Eletrocalha lisa tipo U 200x50mm com tampa, inclusive conexões","m",{"v":11.1,"d":"11.10"},0,{"v":1,"d":"100%"},{"v":11.1,"d":"11.10"},"*",{"v":1,"d":"100%"},"=",{"v":11.1,"d":"11.10"}]
["18.5.8","Suporte vertical eletrocalha 120x146mm","un",{"v":7,"d":"7.00"},0,{"v":1,"d":"100%"},{"v":7,"d":"7.00"},"*",{"v":1,"d":"100%"},"=",{"v":7,"d":"7.00"}]
["18.5.9","Suporte vertical eletrocalha 120x160mm","un",{"v":3,"d":"3.00"},0,{"v":1,"d":"100%"},{"v":3,"d":"3.00"},"*",{"v":1,"d":"100%"},"=",{"v":3,"d":"3.00"}]
["18.5.10","Suporte vertical eletrocalha 70x125mm","un",{"v":6,"d":"6.00"},0,{"v":1,"d":"100%"},{"v":6,"d":"6.00"},"*",{"v":1,"d":"100%"},"=",{"v":6,"d":"6.00"}]
["18.5.11","Suporte vertical eletrocalha 70x81mm","un",{"v":18,"d":"18.00"},0,{"v":1,"d":"100%"},{"v":18,"d":"18.00"},"*",{"v":1,"d":"100%"},"=",{"v":18,"d":"18.00"}]
["18.5.12","Suporte vertical eletrocalha 70x96mm","un",{"v":22,"d":"22.00"},0,{"v":1,"d":"100%"},{"v":22,"d":"22.00"},"*",{"v":1,"d":"100%"},"=",{"v":22,"d":"22.00"}]
["18.5.13","Suporte vertical eletrocalha 95x114mm","un",{"v":19,"d":"19.00"},0,{"v":1,"d":"100%"},{"v":19,"d":"19.00"},"*",{"v":1,"d":"100%"},"=",{"v":19,"d":"19.00"}]
["18.5.14","FNDE: Tala plana perfurada 50mm. ORSE: Tala plana perfurada 50 mm para eletrocalha metálica (ref.: mopa ou similar).","un",{"v":38,"d":"38.00"},0,{"v":1,"d":"100%"},{"v":38,"d":"38.00"},"*",{"v":1,"d":"100%"},"=",{"v":38,"d":"38.00"}]
["18.5.15","FNDE: Tala plana perfurada 75mm. ORSE: Tala plana perfurada 50 mm para eletrocalha metálica (ref.: mopa ou similar)","un",{"v":6,"d":"6.00"},0,{"v":1,"d":"100%"},{"v":6,"d":"6.00"},"*",{"v":1,"d":"100%"},"=",{"v":6,"d":"6.00"}]
["18.5.16","FNDE: Tala plana perfurada 100mm. ORSE: Tala plana perfurada 100 mm para eletrocalha metálica (ref.: mopa ou similar)","un",{"v":4,"d":"4.00"},0,{"v":1,"d":"100%"},{"v":4,"d":"4.00"},"*",{"v":1,"d":"100%"},"=",{"v":4,"d":"4.00"}]
["18.6","ILUMINAÇÃO E TOMADAS"]
["18.6.1","Tomada universal, circular, 2P+T, 10A, cor branca, completa","un",{"v":137,"d":"137.00"},0,{"v":1,"d":"100%"},{"v":137,"d":"137.00"},"*",{"$f":"F553","v":{"v":1,"d":"100%"}},"=",{"$f":"I553*G553","v":{"v":137,"d":"137.00"}}]
["18.6.2","Tomada universal, circular, 2P+T, 20A, cor branca, completa","un",{"v":2,"d":"2.00"},0,{"v":1,"d":"100%"},{"v":2,"d":"2.00"},"*",{"v":1,"d":"100%"},"=",{"v":2,"d":"2.00"}]
["18.6.3","Interruptor 1 tecla paralela","un",{"v":2,"d":"2.00"},0,{"v":1,"d":"100%"},{"v":2,"d":"2.00"},"*",{"v":1,"d":"100%"},"=",{"v":2,"d":"2.00"}]
["18.6.4","Interruptor 1 tecla paralela e tomada","un",{"v":36,"d":"36.00"},0,{"v":1,"d":"100%"},{"v":36,"d":"36.00"},"*",{"v":1,"d":"100%"},"=",{"v":36,"d":"36.00"}]
["18.6.5","Interruptor 1 tecla simples","un",{"v":18,"d":"18.00"},0,{"v":1,"d":"100%"},{"v":18,"d":"18.00"},"*",{"v":1,"d":"100%"},"=",{"v":18,"d":"18.00"}]
["18.6.6","Interruptor 2 teclas simples","un",{"v":6,"d":"6.00"},0,{"v":1,"d":"100%"},{"v":6,"d":"6.00"},"*",{"v":1,"d":"100%"},"=",{"v":6,"d":"6.00"}]
["18.6.7","FNDE: Luminárias sobrepor 2x36W completa. ORSE: Luminária de sobrepor com aletas, para lâmpada fluorescente, 2x32w, ref. C-2359, da Lustres Projetos ou similar, completa.","un",{"v":8,"d":"8.00"},0,{"v":1,"d":"100%"},{"v":8,"d":"8.00"},"*",{"v":1,"d":"100%"},"=",{"v":8,"d":"8.00"}]
["18.6.8","FNDE: Luminárias embutir 2x16W completa. ORSE: Luminária de embutir com aletas, para lâmpada fluorescente 2x16 W, ref C-2359, da Lustres Projeto ou similar, completa.","un",{"v":17,"d":"17.00"},0,{"v":1,"d":"100%"},{"v":17,"d":"17.00"},"*",{"v":1,"d":"100%"},"=",{"v":17,"d":"17.00"}]
["18.6.9","FNDE: Luminárias embutir 2x36W completa. ORSE: Luminária de sobrepor com aletas, para lâmpada fluorescente, 2x32w, ref. C-2359, da Lustres Projetos ou similar, completa.","un",{"v":103,"d":"103.00"},0,{"v":1,"d":"100%"},{"v":103,"d":"103.00"},"*",{"v":1,"d":"100%"},"=",{"v":103,"d":"103.00"}]
["18.6.10","FNDE: Luminária com aletas embutir 2x36 completa. SEINFRA: LUMINÁRIA DE EMBUTIR CORPO E GRADE DE PROTEÇÃO EM LIGA DE ALUMÍNIO FUNDIDO, REFLETOR EM CHAPA DE ALUMÍNIO ANODIZADO.","un",{"v":40,"d":"40.00"},0,{"v":1,"d":"100%"},{"v":40,"d":"40.00"},"*",{"v":1,"d":"100%"},"=",{"v":40,"d":"40.00"}]
["18.6.11","FNDE: Luminária de piso, com lâmpada vapor metálico 70W. SEINFRA: LUMINÁRIA DE PISO MÓVEL, CORPO EM ALUMÍNIO, REFLETOR EM ALUMÍNIO ANODIZADO COM PROTETOR DE VIDRO EM GRADE DE ALUMÍNIO.","un",{"v":9,"d":"9.00"},0,{"v":1,"d":"100%"},{"v":9,"d":"9.00"},"*",{"v":1,"d":"100%"},"=",{"v":9,"d":"9.00"}]
["18.6.12","FNDE: Projetor com lâmpada de vapor metálico 150W. SEINFRA: PROJETOR DE ALUMÍNIO, C/LÂMPADA DE VAPOR METÁLICO E FOTOCÉLULA ATÉ 400W. ","un",{"v":4,"d":"4.00"},0,{"v":1,"d":"100%"},{"v":4,"d":"4.00"},"*",{"v":1,"d":"100%"},"=",{"v":4,"d":"4.00"}]
["18.6.13","FNDE: Projetor com lâmpada de vapor metálico 250W. SEINFRA: PROJETOR DE ALUMÍNIO, C/LÂMPADA DE VAPOR METÁLICO E FOTOCÉLULA ATÉ 400W. ","un",{"v":1,"d":"1.00"},0,{"v":1,"d":"100%"},{"v":1,"d":"1.00"},"*",{"v":1,"d":"100%"},"=",{"v":1,"d":"1.00"}]
["18.6.14","FNDE: Arandelas de sobrepor com 1 lâmpada fluorescente compacta de 60W. SEINFRA: Arandela para lâmpada incandescente 60W em alumínio anodizado e pintado por processo eletrostático com refletor em alumínio anodizado alto brilho.","un",{"v":18,"d":"18.00"},0,{"v":1,"d":"100%"},{"v":18,"d":"18.00"},"*",{"v":1,"d":"100%"},"=",{"v":18,"d":"18.00"}]
[]
[]
[19,"INSTALAÇÕES DE CLIMATIZAÇÃO"]
["19.1","Tubo PVC soldável Ø 25 mm, inclusive conexões","m",153.39,0,{"v":1,"d":"100%"},153.39,"*",{"$f":"F570","v":{"v":1,"d":"100%"}},"=",{"$f":"I570*G570","v":153.39}]
["19.2","Joelho 45 - 25mm, fornecimento e instalação","un",{"v":23,"d":"23.00"},0,{"v":1,"d":"100%"},{"v":23,"d":"23.00"},"*",{"$f":"F571","v":{"v":1,"d":"100%"}},"=",{"$f":"I571*G571","v":{"v":23,"d":"23.00"}}]
["19.3","Joelho 90 - 25mm, fornecimento e instalação","un",{"v":28,"d":"28.00"},0,{"v":1,"d":"100%"},{"v":28,"d":"28.00"},"*",{"$f":"F572","v":{"v":1,"d":"100%"}},"=",{"$f":"I572*G572","v":{"v":28,"d":"28.00"}}]
["19.4","Caixa de areia 40x40x40 com fundo de brita nº 1","un",{"v":7,"d":"7.00"},0,{"v":1,"d":"100%"},{"v":7,"d":"7.00"},"*",{"$f":"F573","v":{"v":1,"d":"100%"}},"=",{"$f":"I573*G573","v":{"v":7,"d":"7.00"}}]
[]
[]
[20,"INSTALAÇÕES DE REDE ESTRUTURADA"]
["20.1","EQUIPAMENTOS PASSIVOS",null,null,0]
["20.1.1","FNDE: Patch Panel 19\"  - 24 portas, Categoria 6. AGETOP: PACH PANEL PADRÃO 19\" CAT. 6, COM 24 PORTAS.","un ",{"v":3,"d":"3.00"},0,{"v":1,"d":"100%"},{"v":3,"d":"3.00"},"*",{"$f":"F578","v":{"v":1,"d":"100%"}},"=",{"$f":"I578*G578","v":{"v":3,"d":"3.00"}}]
["20.1.2","Switch de 48 portas (fornecimento)","un ",{"v":1,"d":"1.00"},0,{"v":1,"d":"100%"},{"v":1,"d":"1.00"},"*",{"v":1,"d":"100%"},"=",{"v":1,"d":"1.00"}]
["20.1.3","FNDE: Guias de cabos simples. AGETOP: Organizador de cabos (Guia).","un ",{"v":2,"d":"2.00"},0,{"v":1,"d":"100%"},{"v":2,"d":"2.00"},"*",{"v":1,"d":"100%"},"=",{"v":2,"d":"2.00"}]
["20.1.4","FNDE: Guia de Cabos Vertical, fechado. ORSE: Guia frontal para cabos.","un ",{"v":1,"d":"1.00"},0,{"v":1,"d":"100%"},{"v":1,"d":"1.00"},"*",{"v":1,"d":"100%"},"=",{"v":1,"d":"1.00"}]
["20.1.5","FNDE: Guia de Cabos Vertical. ORSE: Guia frontal para cabos.","un ",{"v":2,"d":"2.00"},0,{"v":1,"d":"100%"},{"v":2,"d":"2.00"},"*",{"v":1,"d":"100%"},"=",{"v":2,"d":"2.00"}]
["20.1.6","FNDE: Guia de Cabos Superior, fechado. ORSE: Guia frontal para cabos.","un ",{"v":1,"d":"1.00"},0,{"v":1,"d":"100%"},{"v":1,"d":"1.00"},"*",{"v":1,"d":"100%"},"=",{"v":1,"d":"1.00"}]
["20.1.7","FNDE: Anel organizador de cabos. SEINFRA: ORGANIZADOR DE CABOS HORIZONTAL, ABERTO, PADRÃO RACK 19\".","un ",{"v":2,"d":"2.00"},0,{"v":1,"d":"100%"},{"v":2,"d":"2.00"},"*",{"v":1,"d":"100%"},"=",{"v":2,"d":"2.00"}]
["20.1.8","FNDE: Bandeja deslizante perfurada. SEINFRA: BANDEJA MÓVEL, PADRÃO 19\".","un ",{"v":2,"d":"2.00"},0,{"v":1,"d":"100%"},{"v":2,"d":"2.00"},"*",{"v":1,"d":"100%"},"=",{"v":2,"d":"2.00"}]
["20.1.9","Mini-rack de parede 19\" x 8u x 450mm - fornecimento e instalação","un ",{"v":1,"d":"1.00"},0,{"v":1,"d":"100%"},{"v":1,"d":"1.00"},"*",{"v":1,"d":"100%"},"=",{"v":1,"d":"1.00"}]
["20.2","CABOS EM PAR TRANÇADOS",{"$nulls":3},{"v":1,"d":"100%"}]
["20.2.1","FNDE: Cabo UTP -6 (24AWG). SEINFRA: CABO  LÓGICO 4 PARES, CATEGORIA 6 - UTP.","m",{"v":1268.5,"d":"1,268.50"},0,{"v":1,"d":"100%"},{"$f":"D588","v":{"v":1268.5,"d":"1,268.50"}},"*",{"$f":"F588","v":{"v":1,"d":"100%"}},"=",{"$f":"I588*G588","v":{"v":1268.5,"d":"1,268.50"}}]
["20.2.2","FNDE: Cabo coaxial. SEINFRA: CABO LÓGICO /VÍDEO COAXIAL 50 - OHMS.","m",{"v":341,"d":"341.00"},0,{"v":1,"d":"100%"},{"v":341,"d":"341.00"},"*",{"$f":"F589","v":{"v":1,"d":"100%"}},"=",{"$f":"I589*G589","v":{"v":341,"d":"341.00"}}]
["20.3","CABOS DE CONEXÃO",{"$nulls":3},{"v":1,"d":"100%"}]
["20.3.1","FNDE: Cabos de conexões – Patch cord categoria 6  - 2,5 metros. AGETOP: Patch cord UTP-4 P, CAT 6, FLEXÍVEL 2.0 M","un ",{"v":35,"d":"35.00"},0,{"v":1,"d":"100%"},{"v":35,"d":"35.00"},"*",{"$f":"F591","v":{"v":1,"d":"100%"}},"=",{"$f":"I591*G591","v":{"v":35,"d":"35.00"}}]
["20.4","TOMADAS",{"$nulls":3},{"v":1,"d":"100%"}]
["20.4.1","FNDE: Tomada modular RJ-45 Categoria 6 (completa). AGETOP: TOMADA LÓGICA RJ-45 TIPO KEYSTONE JACK , CAT.6.","un ",{"v":28,"d":"28.00"},0,{"v":1,"d":"100%"},{"v":28,"d":"28.00"},"*",{"$f":"F593","v":{"v":1,"d":"100%"}},"=",{"$f":"I593*G593","v":{"v":28,"d":"28.00"}}]
["20.4.2","Conector de TV Tipo F (Coaxial) com placa","un ",{"v":14,"d":"14.00"},0,{"v":1,"d":"100%"},{"v":14,"d":"14.00"},"*",{"$f":"F594","v":{"v":1,"d":"100%"}},"=",{"$f":"I594*G594","v":{"v":14,"d":"14.00"}}]
["20.4.3","Central PABX 24 portas (QUADRO DE DISTRIBUIÇÃO CB-24E - 150A)","un ",{"v":1,"d":"1.00"},0,{"v":1,"d":"100%"},{"v":1,"d":"1.00"},"*",{"$f":"F595","v":{"v":1,"d":"100%"}},"=",{"$f":"I595*G595","v":{"v":1,"d":"1.00"}}]
["20.5","CAIXAS E ACESSÓRIOS",{"$nulls":3},{"v":1,"d":"100%"}]
["20.5.1","FNDE: Caixa de passagem em alvenaria 30x30x12 com tampa de ferro fundido. AGETOP: Caixa de passagem metálica 30x30x12 cm.","un ",{"v":5,"d":"5.00"},0,{"v":1,"d":"100%"},{"v":5,"d":"5.00"},"*",{"$f":"F597","v":{"v":1,"d":"100%"}},"=",{"$f":"I597*G597","v":{"v":5,"d":"5.00"}}]
["20.5.2","FNDE: Caixa de passagem PVC 4x2\" - fornecimento e instalação. ORSE: Caixa de passagem PVC 4\" x 2\", sistema \"x\" com tampa.","un ",{"v":41,"d":"41.00"},0,{"v":1,"d":"100%"},{"v":41,"d":"41.00"},"*",{"$f":"F598","v":{"v":1,"d":"100%"}},"=",{"$f":"I598*G598","v":{"v":41,"d":"41.00"}}]
["20.6","ELETRODUTOS E ACESSÓRIOS",{"$nulls":3},{"v":1,"d":"100%"}]
["20.6.1","FNDE: Eletroduto PVC flexivel 1\", inclusive conexões. SINAPI: ELETRODUTO FLEXÍVEL CORRUGADO , PVC, DN 32 MM (1\"), FORNECIMENTO E INSTALAÇÃO.","m",{"v":1.3,"d":"1.30"},0,{"v":1,"d":"100%"},{"v":1.3,"d":"1.30"},"*",{"$f":"F600","v":{"v":1,"d":"100%"}},"=",{"$f":"I600*G600","v":{"v":1.3,"d":"1.30"}}]
["20.6.2","FNDE: Eletroduto PVC flexivel 3/4\", inclusive conexões. SINAPI: ELETRODUTO FLEXÍVEL CORRUGADO , PVC, DN 25 MM (3/4\"), FORNECIMENTO E INSTALAÇÃO.","m",{"v":119.3,"d":"119.30"},0,{"v":1,"d":"100%"},{"v":119.3,"d":"119.30"},"*",{"v":1,"d":"100%"},"=",{"v":119.3,"d":"119.30"}]
["20.6.3","Eletroduto Aço Galvanizado , Ø 1\", fornecimento e instalação","m",{"v":50.4,"d":"50.40"},0,{"v":1,"d":"100%"},{"v":50.4,"d":"50.40"},"*",{"v":1,"d":"100%"},"=",{"v":50.4,"d":"50.40"}]
["20.6.4","FNDE: Eletroduto Aço Galvanizado , Ø 1.1/4\", fornecimento e instalação. SINAPI: ELETRODUTO DE AÇO GALVANIZADO ELETROLÍTICO DN 40 MM (1 1/2), TIPO SEMI-PESADO - FORNECIMENTO E INSTALAÇÃO.","m",{"v":4.1,"d":"4.10"},0,{"v":1,"d":"100%"},{"v":4.1,"d":"4.10"},"*",{"v":1,"d":"100%"},"=",{"v":4.1,"d":"4.10"}]
["20.6.5","Eletroduto Aço Galvanizado , Ø 2\", fornecimento e instalação","m",{"v":22,"d":"22.00"},0,{"v":1,"d":"100%"},{"v":22,"d":"22.00"},"*",{"v":1,"d":"100%"},"=",{"v":22,"d":"22.00"}]
["20.6.6","FNDE: Eletrocalha lisa com tampa 50 x 25 mm, inclusive conexões. SEINFRA: DUTO PERFURADO - ELETROCALHA CHAPA DE AÇO (50 X 50)MM.","m",77.74,0,{"v":1,"d":"100%"},77.74,"*",{"v":1,"d":"100%"},"=",77.74]
[]
[]
[21,"SISTEMA DE EXAUSTÃO MECÂNICA"]
["21.1","FNDE: Coifa de Centro em Aço Inox de 1500x1000x600. ORSE: Coifa em aço inox escovado AISI 304, tipo encostada, com filtros inerciais, descarga vertical superior com diam=30 cm, Exaustor, duto, chapéu chinês, filtro, dimensões: larg=1400 x  prof=1200 x alt=600 mm.","un",{"v":1,"d":"1.00"},0,{"v":1,"d":"100%"},{"v":1,"d":"1.00"},"*",{"$f":"F609","v":{"v":1,"d":"100%"}},"=",{"$f":"I609*G609","v":{"v":1,"d":"1.00"}}]
[]
[]
[22,"SISTEMA DE PROTEÇÃO CONTRA DESCARGAS ATMOSFÉRICAS (SPDA)"]
["22.1","FNDE: Pára-raios tipo Franklin em aço inox 3 pontas em haste de 3 m. x 1.1/2\" tipo simples. SINAPI: PARA-RAIOS TIPO FRANKLIN - CABO E SUPORTE ISOLADOR.","m",{"v":3,"d":"3.00"},0,{"v":1,"d":"100%"},{"v":3,"d":"3.00"},"*",{"$f":"F613","v":{"v":1,"d":"100%"}},"=",{"$f":"I613*G613","v":{"v":3,"d":"3.00"}}]
["22.2","FNDE: Vergalhão CA - 25 # 10 mm2. SEINFRA: VERGALHÃO ROSCA TOTAL DE 3/8\".","m",{"v":42,"d":"42.00"},0,{"v":1,"d":"100%"},{"v":42,"d":"42.00"},"*",{"v":1,"d":"100%"},"=",{"v":42,"d":"42.00"}]
["22.3","FNDE: Conector mini-Bar em bronze estanhado Tel-583. SEINFRA: CONECTOR SPLIT - BOLT P/CABOS ATÉ 35MM².","un",{"v":12,"d":"12.00"},0,{"v":1,"d":"100%"},{"v":12,"d":"12.00"},"*",{"v":1,"d":"100%"},"=",{"v":12,"d":"12.00"}]
["22.4","Parafuso fenda em aço inox 4,2 x 32mm e bucha de nylon","cj",{"v":24,"d":"24.00"},0,{"v":1,"d":"100%"},{"v":24,"d":"24.00"},"*",{"v":1,"d":"100%"},"=",{"v":24,"d":"24.00"}]
["22.5","FNDE: Presilha em latão. ORSE: Presilha de latão, L = 20 mm, para fixação de cabos de cobre, furo d = 5mm, para cabos 35 mm² a 50 mm², ref:TEL-744 ou similar (SPDA).","un",{"v":24,"d":"24.00"},0,{"v":1,"d":"100%"},{"v":24,"d":"24.00"},"*",{"v":1,"d":"100%"},"=",{"v":24,"d":"24.00"}]
["22.6","FNDE: Caixa de equalização de potências 200x200mm em aço com barramento, expessura  6 mm. ORSE: Caixa de equalização p/ aterramento 20x20x10 cm de sobrepor p/ 11 terminais de pressão c/ barramento.","un",{"v":1,"d":"1.00"},0,{"v":1,"d":"100%"},{"v":1,"d":"1.00"},"*",{"v":1,"d":"100%"},"=",{"v":1,"d":"1.00"}]
["22.7","ESCAVAÇÃO MANUAL DE VALAS AF_03/2016","m³",{"v":39,"d":"39.00"},0,{"v":1,"d":"100%"},{"v":39,"d":"39.00"},"*",{"v":1,"d":"100%"},"=",{"v":39,"d":"39.00"}]
["22.8","HASTE COPPERWELD 5/8 X 3,0 M COM CONECTOR","un",{"v":13,"d":"13.00"},0,{"v":1,"d":"100%"},{"v":13,"d":"13.00"},"*",{"v":1,"d":"100%"},"=",{"v":13,"d":"13.00"}]
["22.9","Cabo de cobre nu 16 mm2","m",{"v":5,"d":"5.00"},0,{"v":1,"d":"100%"},{"v":5,"d":"5.00"},"*",{"v":1,"d":"100%"},"=",{"v":5,"d":"5.00"}]
["22.10","Cabo de cobre nu 35 mm2 (FORNECIMENTO E INSTALAÇÃO)","m",{"v":330,"d":"330.00"},0,{"v":1,"d":"100%"},{"v":330,"d":"330.00"},"*",{"v":1,"d":"100%"},"=",{"v":330,"d":"330.00"}]
["22.11","Cabo de cobre nu 50 mm2 (FORNECIMENTO E INSTALAÇÃO)","m",{"v":260,"d":"260.00"},0,{"v":1,"d":"100%"},{"v":260,"d":"260.00"},"*",{"v":1,"d":"100%"},"=",{"v":260,"d":"260.00"}]
["22.12","FNDE: Caixa de inspeção, PVC de 12\", com tampa de ferro fundido,conforme detalhe no projeto. SEINFRA: Caixa de inspeção no passeio c/tubo PVC  D=300 mm tampa FoFo.","un",{"v":4,"d":"4.00"},0,{"v":1,"d":"100%"},{"v":4,"d":"4.00"},"*",{"v":1,"d":"100%"},"=",{"v":4,"d":"4.00"}]
["22.13","FNDE: Conector de bronze para haste de 5/8\" e cabo de 50 mm². SINAPI: TERMINAL OU CONECTOR DE PRESSÃO - PARA CABO 50 MM2 - FORNECIMENTO E INSTALAÇÃO.","un",{"v":12,"d":"12.00"},0,{"v":1,"d":"100%"},{"v":12,"d":"12.00"},"*",{"v":1,"d":"100%"},"=",{"v":12,"d":"12.00"}]
[]
[]
[23,"SERVIÇOS COMPLEMENTARES"]
["23.1","GERAIS",null,0]
["23.1.1","FNDE: Conjunto de mastros para bandeiras em tubo ferro galvanizado telescópico (alt= 7m (3mx2\" + 4mx1 1/2\"). SEINFRA: CONJUNTO DE MASTRO P/TRÊS BANDEIRAS E PEDESTAL.","un",{"v":1,"d":"1.00"},0,{"v":1,"d":"100%"},{"v":1,"d":"1.00"},"*",{"$f":"F630","v":{"v":1,"d":"100%"}},"=",{"$f":"I630*G630","v":{"v":1,"d":"1.00"}}]
["23.1.2","FNDE: Bancada em granito cinza andorinha - espessura 2cm, conforme projeto.SEINFRA: GRANITO POLIDO E=2 CM , CINZA ARGAMASSA DE CIMENTO E AREIA 1:4, C/REJUNTAMENTO.","m²",48.53,0,{"v":1,"d":"100%"},48.53,"*",{"v":1,"d":"100%"},"=",48.53]
["23.1.3","FNDE: Prateleira,acabamentos em granito cinza andorinha - espessura 2cm, conforme projeto. SEINFRA: GRANITO POLIDO E=2 CM , CINZA ARGAMASSA DE CIMENTO E AREIA 1:4, C/REJUNTAMENTO.","m²",56.26,0,{"v":1,"d":"100%"},56.26,"*",{"v":1,"d":"100%"},"=",56.26]
["23.1.4","PRATELEIRA EM MADEIRA DE LEIPLAINADA","m²",48.02,0,{"v":1,"d":"100%"},48.02,"*",{"v":1,"d":"100%"},"=",48.02]
["23.1.5","FNDE: Bancos de concreto. SEINFRA: BANCO EM ALVENARIA , TAMPO EM CONCRETO , C/ENCOSTO H=80 CM, PINTADO. ","m²",7.22,0,{"v":1,"d":"100%"},7.22,"*",{"v":1,"d":"100%"},"=",7.22]
["23.1.6","Banco e acabamento em granito","m²",3.62,0,{"v":1,"d":"100%"},3.62,"*",{"v":1,"d":"100%"},"=",3.62]
["23.1.7","Peitoril em granito cinza, largura=17,00cm espessura variável e pingadeira","m",{"v":106.8,"d":"106.80"},0,{"v":1,"d":"100%"},{"v":106.8,"d":"106.80"},"*",{"v":1,"d":"100%"},"=",{"v":106.8,"d":"106.80"}]
[{"$nulls":6},0,"*",{"v":0,"d":"0%"},"=",0]
[{"$nulls":6},0,"*",{"v":0,"d":"0%"},"=",0]
[24,"CAIXA DÁGUA - 30.000L"]
["24.1","Reservatório metálico cilíndrico.","un",{"v":1,"d":"1.00"},0,{"v":1,"d":"100%"},{"v":1,"d":"1.00"},"*",{"$f":"F640","v":{"v":1,"d":"100%"}},"=",{"$f":"I640*G640","v":{"v":1,"d":"1.00"}}]
[]
[]
[25,"ADMINISTRAÇÃO"]
["2.5.1","Engenheiro civil de obra pleno com encargos complementares.","h",{"v":220,"d":"220.00"},{"v":22,"d":"22.00"},{"v":0.55,"d":"55%"},{"v":220,"d":"220.00"},"*",{"$f":"F644","v":{"v":0.55,"d":"55%"}},"=",{"$f":"I644*G644","v":{"v":121.00000000000001,"d":"121.00"}}]
["2.5.2","Mestre de obras com encargos complementares.","h",{"v":1320,"d":"1,320.00"},{"v":132,"d":"132.00"},{"v":0.55,"d":"55%"},{"v":1320,"d":"1,320.00"},"*",{"$f":"F645","v":{"v":0.55,"d":"55%"}},"=",{"$f":"I645*G645","v":{"v":726.0000000000001,"d":"726.00"}}]
[]
[]
[26,"SERVIÇOS FINAIS"]
["26..1","Limpeza final da obra","m²",{"v":1510.23,"d":"1,510.23"},0,{"v":1,"d":"100%"},{"v":1510.23,"d":"1,510.23"},"*",{"$f":"F649","v":{"v":1,"d":"100%"}},"=",{"$f":"I649*G649","v":{"v":1510.23,"d":"1,510.23"}}]
[]
[]
[]
[]
[{"$nulls":5},"(%)","MEMORIAL DE CÁLCULO"]
[{"$nulls":5},"Medido no Período"]
[{"$nulls":5},{"$f":"ORÇAMENTO!K656","v":{"v":0.003832017933681344,"d":"0.38%"}}]
["______________________________________________________"]
["LUIZ ANTÔNIO PEREIRA DE OLIVEIRA"]
["CREA 1003785239-D/GO"]
[]
["______________________________________________________"]
["ENGº RANNIER RICARDO LISBOA"]
["CREA 19802-D/GO"]

{"sheet":"CRONOGRAMA","index":2,"n_rows":68,"n_cols":14,"rows_kept":68,"merged":[[0,0,1,13],[7,0,7,13],[64,0,64,1],[65,0,65,13],[66,0,66,13],[67,0,67,13]]}
["CRONOGRAMA FÍSICO FINANCEIRO "]
[]
[]
["Obra: Proinfância - Tipo  1"]
["Município: Ipameri - Goiás"]
["Elaborado em: 03/07/2017"]
["EMPRESA: VIVA Engenharia LTDA                                                            CNPJ: 03.188.338/0001-07  "]
["Planejamento"]
[]
["ITEM","DESCRIÇÃO DOS SERVIÇOS","VALOR (R$)","% ITEM",1,2,3,4,5,6,7,8,9,10]
[]
[1,"SERVIÇOS PRELIMINARES ",{"$f":"ORÇAMENTO!E19","v":{"v":25704.519685812505,"d":"25,704.52"}},{"$f":"(C12/$C$65)","v":{"v":0.011404285381838774,"d":"1.14%"}},{"v":1,"d":"100.00%"}]
[{"$nulls":4},{"$f":"C12*E12","v":{"v":25704.519685812505,"d":"25,704.52"}}]
[2,"MOVIMENTO DE TERRAS PARA FUNDAÇÕES",{"$f":"ORÇAMENTO!E35","v":{"v":14228.037672374996,"d":"14,228.04"}},{"$f":"(C14/$C$65)","v":{"v":0.006312531960240305,"d":"0.63%"}},{"v":0.15,"d":"15%"},{"v":0.85,"d":"85%"}]
[{"$nulls":4},{"$f":"$C14*E14","v":{"v":2134.205650856249,"d":"2,134.21"}},{"$f":"$C14*F14","v":{"v":12093.832021518747,"d":"12,093.83"}}]
[3,"FUNDAÇÕES ",{"$f":"ORÇAMENTO!E80","v":{"v":118330.82474012503,"d":"118,330.82"}},{"$f":"(C16/$C$65)","v":{"v":0.05249965808735078,"d":"5.25%"}},null,{"v":0.7,"d":"70%"},{"v":0.3,"d":"30%"}]
[{"$nulls":5},{"$f":"C16*F16","v":{"v":82831.57731808751,"d":"82,831.58"}},{"$f":"C16*G16","v":{"v":35499.24742203751,"d":"35,499.25"}}]
[4,"SUPERESTRUTURA ",{"$f":"ORÇAMENTO!E120","v":{"v":151684.86550206246,"d":"151,684.87"}},{"$f":"(C18/$C$65)","v":{"v":0.06729779491838311,"d":"6.73%"}},null,{"v":0.1,"d":"10%"},{"v":0.7,"d":"70%"},{"v":0.2,"d":"20%"}]
[{"$nulls":5},{"$f":"C18*F18","v":{"v":15168.486550206246,"d":"15,168.49"}},{"$f":"C18*G18","v":{"v":106179.40585144372,"d":"106,179.41"}},{"$f":"C18*H18","v":{"v":30336.97310041249,"d":"30,336.97"}}]
[5,"SISTEMA DE VEDAÇÃO VERTICAL INTERNO E EXTERNO (PAREDES)",{"$f":"ORÇAMENTO!E133","v":{"v":81894.82535337502,"d":"81,894.83"}},{"v":0.036334153333400926,"d":"3.63%"},null,null,{"v":0.15,"d":"15%"},{"v":0.4,"d":"40%"},{"v":0.45,"d":"45%"}]
[{"$nulls":6},{"$f":"$C20*G20","v":{"v":12284.223803006253,"d":"12,284.22"}},{"v":32757.93014135001,"d":"32,757.93"},{"v":36852.67140901876,"d":"36,852.67"}]
[6,"ESQUADRIAS ",{"$f":"ORÇAMENTO!E186","v":{"v":292382.0903227501,"d":"292,382.09"}},{"v":0.12972071990979916,"d":"12.97%"},{"$nulls":4},{"v":0.1,"d":"10%"},{"v":0.4,"d":"40%"},{"v":0.3,"d":"30%"},{"v":0.2,"d":"20%"}]
[{"$nulls":7},{"$f":"$C22*H22","v":0},{"$f":"$C22*I22","v":{"v":29238.209032275012,"d":"29,238.21"}},{"$f":"$C22*J22","v":{"v":116952.83612910005,"d":"116,952.84"}},{"$f":"$C22*K22","v":{"v":87714.62709682503,"d":"87,714.63"}},{"$f":"$C22*L22","v":{"v":58476.418064550024,"d":"58,476.42"}}]
[7,"SISTEMAS DE COBERTURA ",{"$f":"ORÇAMENTO!E195","v":{"v":339677.06313168746,"d":"339,677.06"}},{"v":0.15070400898238695,"d":"15.07%"},null,null,{"v":0.25,"d":"25%"},{"v":0.35,"d":"35%"},{"v":0.25,"d":"25%"},{"v":0.15,"d":"15%"}]
[{"$nulls":6},{"$f":"$C24*G24","v":{"v":84919.26578292187,"d":"84,919.27"}},{"$f":"$C24*H24","v":{"v":118886.9720960906,"d":"118,886.97"}},{"$f":"$C24*I24","v":{"v":84919.26578292187,"d":"84,919.27"}},{"$f":"J24*C24","v":{"v":50951.55946975312,"d":"50,951.56"}}]
[8,"IMPERMEABILIZAÇÃO ",{"$f":"ORÇAMENTO!E199","v":{"v":6277.430964374999,"d":"6,277.43"}},{"v":0.00278509830401684,"d":"0.28%"},null,null,{"v":1,"d":"100%"}]
[{"$nulls":6},{"$f":"$C26*G26","v":{"v":6277.430964374999,"d":"6,277.43"}}]
[9,"REVESTIMENTOS INTERNOS E EXTERNOS",{"$f":"ORÇAMENTO!E214","v":{"v":272433.9127760625,"d":"272,433.91"}},{"v":0.120870342140804,"d":"12.09%"},{"$nulls":3},{"v":0.15,"d":"15%"},{"v":0.2,"d":"20%"},{"v":0.2,"d":"20%"},{"v":0.2,"d":"20%"},{"v":0.2,"d":"20%"},{"v":0.05,"d":"5%"}]
[{"$nulls":7},{"$f":"$C28*H28","v":{"v":40865.086916409375,"d":"40,865.09"}},{"$f":"$C28*I28","v":{"v":54486.7825552125,"d":"54,486.78"}},{"$f":"$C28*J28","v":{"v":54486.7825552125,"d":"54,486.78"}},{"$f":"K28*C28","v":{"v":54486.7825552125,"d":"54,486.78"}},{"$f":"L28*C28","v":{"v":54486.7825552125,"d":"54,486.78"}},{"$f":"M28*C28","v":{"v":13621.695638803125,"d":"13,621.70"}}]
[10,"SISTEMAS DE PISOS INTERNOS E EXTERNOS (PAVIMENTAÇÃO)",{"$f":"ORÇAMENTO!E239","v":{"v":255868.42803687506,"d":"255,868.43"}},{"v":0.11352075857482666,"d":"11.35%"},{"$nulls":3},{"v":0.15,"d":"15%"},{"v":0.15,"d":"15%"},{"v":0.25,"d":"25%"},{"v":0.2,"d":"20%"},{"v":0.25,"d":"25%"}]
[{"$nulls":7},{"$f":"$C30*H30","v":{"v":38380.26420553126,"d":"38,380.26"}},{"$f":"$C30*I30","v":{"v":38380.26420553126,"d":"38,380.26"}},{"$f":"$C30*J30","v":{"v":63967.107009218766,"d":"63,967.11"}},{"$f":"K30*C30","v":{"v":51173.68560737502,"d":"51,173.69"}},{"$f":"L30*C30","v":{"v":63967.107009218766,"d":"63,967.11"}}]
[11,"PINTURA ",{"$f":"ORÇAMENTO!E248","v":{"v":78674.4934498125,"d":"78,674.49"}},{"v":0.03490539354713121,"d":"3.49%"},{"$nulls":6},{"v":0.3,"d":"30%"},{"v":0.25,"d":"25%"},{"v":0.4,"d":"40%"},{"v":0.05,"d":"5%"}]
[{"$nulls":10},{"$f":"K32*$C32","v":{"v":23602.34803494375,"d":"23,602.35"}},{"$f":"L32*$C32","v":{"v":19668.623362453123,"d":"19,668.62"}},{"v":31469.797379925,"d":"31,469.80"},{"v":3933.724672490625,"d":"3,933.72"}]
[12,"INSTALAÇÃO HIDRÁULICA ",{"$f":"ORÇAMENTO!E332","v":{"v":39234.032045562504,"d":"39,234.03"}},{"v":0.01740690367284952,"d":"1.74%"},{"$nulls":3},{"v":0.1,"d":"10%"},{"v":0.2,"d":"20%"},{"v":0.3,"d":"30%"},{"v":0.2,"d":"20%"},{"v":0.1,"d":"10%"},{"v":0.1,"d":"10%"}]
[{"$nulls":7},{"$f":"$C34*H34","v":{"v":3923.403204556251,"d":"3,923.40"}},{"$f":"$C34*I34","v":{"v":7846.806409112502,"d":"7,846.81"}},{"$f":"$C34*J34","v":{"v":11770.20961366875,"d":"11,770.21"}},{"$f":"K34*C34","v":{"v":7846.806409112502,"d":"7,846.81"}},{"$f":"L34*C34","v":{"v":3923.403204556251,"d":"3,923.40"}},{"$f":"M34*C34","v":{"v":3923.403204556251,"d":"392340.32%"}}]
[13,"DRENAGEM DE ÁGUAS PLUVIAIS",{"$f":"ORÇAMENTO!E346","v":{"v":17419.613086375,"d":"17,419.61"}},{"v":0.00772853339826779,"d":"0.77%"},{"$nulls":4},{"v":0.2,"d":"20%"},{"v":0.2,"d":"20%"},{"v":0.3,"d":"30%"},{"v":0.25,"d":"25%"},{"v":0.05,"d":"5%"}]
[{"$nulls":8},{"$f":"$C36*I36","v":{"v":3483.9226172750004,"d":"3,483.92"}},{"$f":"$C36*J36","v":{"v":3483.9226172750004,"d":"3,483.92"}},{"$f":"$C36*K36","v":{"v":5225.8839259125,"d":"5,225.88"}},{"$f":"$C36*L36","v":{"v":4354.90327159375,"d":"4,354.90"}},{"$f":"M36*C36","v":{"v":870.9806543187501,"d":"870.98"}}]
[14,"INSTALAÇÃO SANITÁRIA ",{"$f":"ORÇAMENTO!E389","v":{"v":46833.053134312504,"d":"46,833.05"}},{"v":0.02077834986900422,"d":"2.08%"},{"$nulls":3},{"v":0.2,"d":"20%"},{"v":0.2,"d":"20%"},{"v":0.2,"d":"20%"},{"v":0.2,"d":"20%"},{"v":0.2,"d":"20%"}]
[{"$nulls":7},{"$f":"$C38*H38","v":{"v":9366.6106268625,"d":"9,366.61"}},{"$f":"$C38*I38","v":{"v":9366.6106268625,"d":"9,366.61"}},{"$f":"$C38*J38","v":{"v":9366.6106268625,"d":"9,366.61"}},{"$f":"$C38*K38","v":{"v":9366.6106268625,"d":"9,366.61"}},{"$f":"$C38*L38","v":{"v":9366.6106268625,"d":"9,366.61"}}]
[15,"LOUÇAS E METAIS ",{"$f":"ORÇAMENTO!E422","v":{"v":61616.88864374999,"d":"61,616.89"}},{"v":0.02733747181520594,"d":"2.73%"},{"$nulls":5},{"v":0.1,"d":"10%"},{"v":0.2,"d":"20%"},{"v":0.3,"d":"30%"},{"v":0.4,"d":"40%"}]
[{"$nulls":9},{"$f":"$C40*J40","v":{"v":6161.688864374999,"d":"6,161.69"}},{"v":12323.377728749998,"d":"12,323.38"},{"$f":"L40*C40","v":{"v":18485.066593124997,"d":"18,485.07"}},{"$f":"M40*C40","v":{"v":24646.755457499996,"d":"24,646.76"}}]
[16,"INSTALAÇÃO DE GÁS COMBUSTÍVEL",{"$f":"ORÇAMENTO!E445","v":{"v":6001.529734000001,"d":"6,001.53"}},{"v":2.6626896223197606E-3,"d":"0.27%"},{"$nulls":3},{"v":0.3,"d":"30%"},{"v":0.3,"d":"30%"},null,null,{"v":0.2,"d":"20%"},{"v":0.2,"d":"20%"}]
[{"$nulls":7},{"$f":"$C42*H42","v":{"v":1800.4589202000002,"d":"1,800.46"}},{"$f":"$C42*I42","v":{"v":1800.4589202000002,"d":"1,800.46"}},null,null,{"$f":"L42*C42","v":{"v":1200.3059468000001,"d":"1,200.31"}},{"$f":"M42*C42","v":{"v":1200.3059468000001,"d":"1,200.31"}}]
[17,"SISTEMA DE PROTEÇÃO CONTRA INCÊNDIO",{"$f":"ORÇAMENTO!E477","v":{"v":35544.809329687494,"d":"35,544.81"}},{"v":0.015770111808879272,"d":"1.58%"},{"$nulls":3},{"v":0.05,"d":"5%"},{"v":0.1,"d":"10%"},{"v":0.1,"d":"10%"},{"v":0.2,"d":"20%"},{"v":0.3,"d":"30%"},{"v":0.25,"d":"25%"}]
[{"$nulls":7},{"$f":"H44*$C44","v":{"v":1777.2404664843748,"d":"1,777.24"}},{"$f":"I44*$C44","v":{"v":3554.4809329687496,"d":"3,554.48"}},{"v":3554.4809329687496,"d":"3,554.48"},{"v":7108.961865937499,"d":"7,108.96"},{"v":10663.442798906248,"d":"10,663.44"},{"v":8886.202332421874,"d":"8,886.20"}]
[18,"INSTALAÇÕES ELÉTRICAS - 220V",{"$f":"ORÇAMENTO!E567","v":{"v":186457.34344062497,"d":"186,457.34"}},{"v":0.08272524762678507,"d":"8.27%"},{"$nulls":3},{"v":0.05,"d":"5%"},{"v":0.05,"d":"5%"},{"v":0.1,"d":"10%"},{"v":0.2,"d":"20%"},{"v":0.25,"d":"25%"},{"v":0.25,"d":"25%"},{"v":0.1,"d":"10%"}]
[{"$nulls":7},{"$f":"H46*$C46","v":{"v":9322.867172031249,"d":"9,322.87"}},{"$f":"I46*$C46","v":{"v":9322.867172031249,"d":"9,322.87"}},{"$f":"J46*$C46","v":{"v":18645.734344062497,"d":"18,645.73"}},{"$f":"K46*$C46","v":{"v":37291.468688124995,"d":"37,291.47"}},{"$f":"L46*$C46","v":{"v":46614.33586015624,"d":"46,614.34"}},{"v":46614.33586015624,"d":"46,614.34"},{"$f":"N46*C46","v":{"v":18645.734344062497,"d":"18,645.73"}}]
[19,"INSTALAÇÕES DE CLIMATIZAÇÃO",{"$f":"ORÇAMENTO!E574","v":{"v":1547.4305226875,"d":"1,547.43"}},{"v":6.8654616016951134E-4,"d":"0.07%"},{"$nulls":4},{"v":0.2,"d":"20%"},{"$nulls":3},{"v":0.8,"d":"80%"}]
[{"$nulls":8},{"$f":"I48*C48","v":{"v":309.4861045375,"d":"309.49"}},{"$nulls":3},{"$f":"M48*C48","v":{"v":1237.94441815,"d":"1,237.94"}}]
[20,"INSTALAÇÕES DE REDE ESTRUTURADA",{"$f":"ORÇAMENTO!E606","v":{"v":33199.69759712501,"d":"33,199.70"}},{"v":0.014729659632478468,"d":"1.47%"},{"$nulls":6},{"v":0.2,"d":"20%"},{"v":0.3,"d":"30%"},{"v":0.3,"d":"30%"},{"v":0.2,"d":"20%"}]
[{"$nulls":10},{"$f":"K50*$C50","v":{"v":6639.939519425002,"d":"6,639.94"}},{"$f":"L50*$C50","v":{"v":9959.909279137502,"d":"9,959.91"}},{"v":9959.909279137502,"d":"9,959.91"},{"v":6639.939519425002,"d":"6,639.94"}]
[21,"SISTEMA DE EXAUSTÃO MECÂNICA",{"$f":"ORÇAMENTO!E610","v":{"v":7065.0407125,"d":"7,065.04"}},{"v":3.1345359300423248E-3,"d":"0.31%"},{"$nulls":9},{"v":1,"d":"100%"}]
[{"$nulls":13},{"$f":"N52*C52","v":{"v":7065.0407125,"d":"7,065.04"}}]
[22,"SISTEMA DE PROTEÇÃO CONTRA DESC. ATMOSFÉRICAS (SPDA)",{"$f":"ORÇAMENTO!E626","v":{"v":24675.318668750006,"d":"24,675.32"}},{"v":0.010947661322827946,"d":"1.09%"},null,{"v":0.15,"d":"15%"},{"v":0.1,"d":"10%"},{"$nulls":3},{"v":0.3,"d":"30%"},{"v":0.2,"d":"20%"},{"v":0.15,"d":"15%"},{"v":0.1,"d":"10%"}]
[{"$nulls":5},{"$f":"F54*C54","v":{"v":3701.297800312501,"d":"3,701.30"}},{"$f":"G54*C54","v":{"v":2467.5318668750006,"d":"2,467.53"}},{"$nulls":3},{"$f":"K54*C54","v":{"v":7402.595600625002,"d":"7,402.60"}},{"$f":"L54*C54","v":{"v":4935.063733750001,"d":"4,935.06"}},{"$f":"M54*C54","v":{"v":3701.297800312501,"d":"3,701.30"}},{"$f":"N54*C54","v":{"v":2467.5318668750006,"d":"2,467.53"}}]
[23,"SERVIÇOS COMPLEMENTARES",{"$f":"ORÇAMENTO!E637","v":{"v":43442.08371718751,"d":"43,442.08"}},{"v":0.019273883595108992,"d":"1.93%"},{"v":0.15,"d":"15%"},{"v":0.25,"d":"25%"},{"$nulls":5},{"v":0.15,"d":"15%"},{"v":0.3,"d":"30%"},{"v":0.15,"d":"15%"}]
[{"$nulls":4},{"$f":"E56*C56","v":{"v":6516.312557578126,"d":"6,516.31"}},{"$f":"F56*C56","v":{"v":10860.520929296878,"d":"10,860.52"}},{"$nulls":5},{"$f":"L56*C56","v":{"v":6516.312557578126,"d":"6,516.31"}},{"$f":"M56*C56","v":{"v":13032.625115156252,"d":"13,032.63"}},{"$f":"N56*C56","v":{"v":6516.312557578126,"d":"6,516.31"}}]
[26,"SERVIÇOS FINAIS",{"$f":"ORÇAMENTO!E650","v":{"v":3398.0175,"d":"3,398.02"}},{"v":1.5075932861671525E-3,"d":"0.15%"},{"$nulls":8},{"v":0.4,"d":"40%"},{"v":0.6,"d":"60%"}]
[{"$nulls":12},{"$f":"M58*C58","v":{"v":1359.207,"d":"1,359.21"}},{"$f":"N58*C58","v":{"v":2038.8104999999998,"d":"2,038.81"}}]
[24,"CAIXA D'ÁGUA",{"$f":"ORÇAMENTO!E641","v":{"v":20364.8125,"d":"20,364.81"}},{"$f":"(C60/$C$65)","v":{"v":0.009035225568747925,"d":"0.90%"}},{"$nulls":8},{"v":0.5,"d":"50%"},{"v":0.5,"d":"50%"}]
[{"$nulls":12},{"$f":"$C$60*M60","v":{"v":10182.40625,"d":"10,182.41"}},{"$f":"$C$60*N60","v":{"v":10182.40625,"d":"10,182.41"}}]
[25,"ADMINISTRAÇÃO",{"$f":"ORÇAMENTO!E646","v":{"v":89978.98800000001,"d":"89,978.99"}},{"v":0.03992084155096753,"d":"3.99%"},{"v":0.1,"d":"10%"},{"v":0.1,"d":"10%"},{"v":0.1,"d":"10%"},{"v":0.1,"d":"10%"},{"v":0.1,"d":"10%"},{"v":0.1,"d":"10%"},{"v":0.1,"d":"10%"},{"v":0.1,"d":"10%"},{"v":0.1,"d":"10%"},{"v":0.1,"d":"10%"}]
[{"$nulls":4},{"$f":"$C$62*E62","v":{"v":8997.8988,"d":"8,997.90"}},{"$f":"$C$62*F62","v":{"v":8997.8988,"d":"8,997.90"}},{"v":8997.8988,"d":"8,997.90"},{"v":8997.8988,"d":"8,997.90"},{"v":8997.8988,"d":"8,997.90"},{"v":8997.8988,"d":"8,997.90"},{"v":8997.8988,"d":"8,997.90"},{"v":8997.8988,"d":"8,997.90"},{"v":8997.8988,"d":"8,997.90"},{"v":8997.8988,"d":"8,997.90"}]
[]
["Valores totais",null,{"$f":"SUM(C12:C62)","v":{"v":2253935.150267875,"d":"2,253,935.15"}},{"$f":"SUM(D12:D62)","v":{"v":1,"d":"100.00%"}},{"$f":"E13+E15+E17+E19+E21+E23+E25+E27+E29+E31+E33+E35+E37+E39+E41+E43+E45+E47+E49+E51+E53+E55+E57+E59+E61+E63","v":{"v":43352.936694246884,"d":"43,352.94"}},{"v":133653.6134194219,"d":"133,653.61"},{"v":256625.00449065937,"d":"256,625.00"},{"v":296415.7056499282,"d":"296,415.71"},{"v":288559.7245679469,"d":"288,559.72"},{"v":348338.8309624969,"d":"348,338.83"},{"v":319180.98645910627,"d":"319,180.99"},{"v":321616.1836639001,"d":"321,616.18"},{"$f":"M13+M15+M17+M19+M21+M23+M25+M27+M29+M31+M33+M35+M37+M39+M41+M43+M45+M47+M49+M51+M53+M55+M57+M61+M59+M63","v":{"v":179704.76513723747,"d":"R$ 179,704.77"}},{"$f":"N13+N15+N17+N19+N21+N23+N25+N27+N29+N31+N33+N35+N37+N39+N41+N43+N45+N47+N49+N51+N53+N55+N57+N59+N61+N63","v":{"v":66487.39922293124,"d":"66,487.40"}}]
["______________________________________________________"]
["LUIZ ANTÔNIO PEREIRA DE OLIVEIRA"]
["CREA 1003785239-D/GO"]